{"text_format":"2","workbook":"xlsx","n_sheets":5,"sheets":["ORÇAMENTO","CPU","AUX-VEIC","BDI","CRONOG"],"not_rendered":{"charts":0,"images":4,"macros":0,"external_links":240,"defined_names":32337,"comments":2,"pivot_tables":0},"unopened":[],"bounds":{"document_bytes":16777216,"sheet_cells":100000,"run_cost":"one","rows_first":2000,"rows_last":500,"rows_between":2000,"halvings":0,"cell_chars":16384,"cell_head_chars":4096},"cells_cut":0,"cells_raw":0,"read":"whole","date_system":"1900"}

{"sheet":"ORÇAMENTO","index":0,"n_rows":195,"n_cols":12,"rows_kept":195,"cut":false,"hidden":false,"merged":[[7,12,7,13],[194,9,194,10],[1,4,1,11],[2,4,2,11],[3,4,3,11],[6,1,6,11],[4,9,4,10],[5,9,5,10],[4,2,4,8],[5,2,5,8],[187,4,187,5]]}
[]
[{"$nulls":4},"               Ministério da Integração e do Desenvolvimento Regional"]
[{"$nulls":4},"               Companhia de Desenvolvimento dos Vales do São Francisco e do Parnaíba"]
[{"$nulls":4},"               1ª Superintendência Regional"]
[null,"OBRA:","EXECUÇÃO DAS OBRAS E SERVIÇOS DE CONSTRUÇÃO DE PONTES E GALERIAS, INCLUINDO A CONCLUSÃO DE ESTRUTURAS JÁ INICIADAS, LOCALIZADAS NA ÁREA DA BARRAGEM DE APROVEITAMENTO MÚLTIPLO JEQUITAÍ I, NO MUNICÍPIO DE FRANCISCO DUMONT, NO ESTADO DE MINAS GERAIS - ITEM 1: PONTES A e B",{"$nulls":6},"BDI-SERVIÇO %",null,{"$f":"BDI!C17","v":0.26140000000000002}]
[null,"DATA:","2026-03-01",{"$nulls":6},"BDI - FORN. %",null,{"$f":"BDI!C62","v":0.15}]
[null,"PLANILHA DE ORÇAMENTAÇÃO"]
[null,"ITEM","CÓDIGO","FONTE","DISCRIMINAÇÃO","TIPO","UNID.","QUANT.","VR.UNIT.S/BDI","PR. UNIT.C/BDI","C. TOT.S/BDI","P. TOT.C/BDI"]
["A","1",null,null,"MOBILIZAÇÃO E SERVIÇOS PRELIMINARES",{"$nulls":6},{"$f":"ROUND(H9*J9,2)","v":0}]
["A1","1.1",null,null,"CANTEIRO DE OBRAS  "]
[1,"1.1.1","CA0001","CODEVASF","ADMINISTRAÇÃO LOCAL  E MANUTENÇÃO DO CANTEIRO DE OBRAS","SERV","unid.",1,{"$f":"VLOOKUP(A11,CPU!A:P,11,0)","v":475629.65},{"$f":"TRUNC(IF(F11=\"SERV\",I11*(1+$L$5),$L$6*I11),2)","v":599959.24},{"$f":"TRUNC(H11*I11,2)","v":475629.65},{"$f":"TRUNC(H11*J11,2)","v":599959.24}]
[2,"1.1.2","CA0002","CODEVASF","MOBILIZAÇÃO E DESMOBILIZAÇÃO DE PESSOAL E EQUIPAMENTOS AUTOPROPELIDOS","SERV","unid.",1,{"$f":"VLOOKUP(A12,CPU!A:P,11,0)","v":14376.92},{"$f":"TRUNC(IF(F12=\"SERV\",I12*(1+$L$5),$L$6*I12),2)","v":18135.04},{"$f":"TRUNC(H12*I12,2)","v":14376.92},{"$f":"TRUNC(H12*J12,2)","v":18135.04}]
[2.5,"1.1.3","CA0003","CODEVASF","MOBILIZAÇÃO E DESMOBILIZAÇÃO DE GUINDASTES ESPECIAIS PARA LANÇAMENTO DAS VIGAS PRÉ-MOLDADAS","SERV","unid.",4,{"$f":"VLOOKUP(A13,CPU!A:P,11,0)","v":60800.17},{"$f":"TRUNC(IF(F13=\"SERV\",I13*(1+$L$5),$L$6*I13),2)","v":76693.33},{"$f":"TRUNC(H13*I13,2)","v":243200.68},{"$f":"TRUNC(H13*J13,2)","v":306773.32}]
[3,"1.1.4","CA0004","CODEVASF","EXECUÇÃO DE CANTEIRO DE OBRA EM CHAPA DE MADEIRA COMPENSADA, INCLUSIVE MOBILIÁRIO E EQUIPAMENTOS","SERV","unid.",1,{"$f":"VLOOKUP(A14,CPU!A:P,11,0)","v":62450.2},78774.679999999993,62450.2,78774.679999999993]
[4,"1.1.5","103689","SINAPI","PLACA DE OBRA EM CHAPA DE ACO GALVANIZADO","SERV","m²",9,{"$f":"VLOOKUP(A15,CPU!A:P,11,0)","v":509.57},642.77,4586.13,5784.93]
[2.6,"1.1.6","CA0005","CODEVASF","CAMINHONETE COM MOTOR A DIESEL, POTÊNCIA 180 CV, CABINE DUPLA, 4X4 - PARA USO DA FISCALIZAÇÃO","SERV","mês",10,{"$f":"VLOOKUP(A16,CPU!A:P,11,0)","v":4448.05},{"$f":"TRUNC(IF(F16=\"SERV\",I16*(1+$L$5),$L$6*I16),2)","v":5610.77},{"$f":"TRUNC(H16*I16,2)","v":44480.5},{"$f":"TRUNC(H16*J16,2)","v":56107.7}]
["A2","1.2","",null,"TRANSPORTE DE EQUIPAMENTOS",null,"",null,"              "]
[5,"1.2.1","5914640","SICRO","TRANSPORTE DE EQUIPAMENTOS COM CAVALO MECÂNICO COM SEMI-REBOQUE, CAPACIDADE DE 30T - RODOVIA PAVIMENTADA","SERV","txkm",20000,{"$f":"VLOOKUP(A18,CPU!A:P,11,0)","v":0.57999999999999996},0.73,{"$f":"TRUNC(H18*I18,2)","v":11600},{"$f":"TRUNC(H18*J18,2)","v":14600}]
[6,"1.2.2","5914639","SICRO","TRANSPORTE DE EQUIPAMENTOS COM CAVALO MECÂNICO COM SEMI-REBOQUE, CAPACIDADE DE 30T - RODOVIA EM REVESTIMENTO PRIMÁRIO","SERV","txkm",2500,{"$f":"VLOOKUP(A19,CPU!A:P,11,0)","v":0.72},0.9,{"$f":"TRUNC(H19*I19,2)","v":1800},{"$f":"TRUNC(H19*J19,2)","v":2250}]
["A3","1.3",null,null,"SERVIÇOS PRELIMINARES"]
[7,"1.3.1",1600966,"SICRO","REMOÇÃO DE CERCAS E MOURÕES, DE FORMA MANUAL, SEM REAPROVEITAMENTO","SERV","m",960,{"$f":"VLOOKUP(A21,CPU!A:P,11,0)","v":0.75},{"$f":"TRUNC(IF(F21=\"SERV\",I21*(1+$L$5),$L$6*I21),2)","v":0.94},{"$f":"TRUNC(H21*I21,2)","v":720},{"$f":"TRUNC(H21*J21,2)","v":902.4}]
[8,"1.3.2","98529","SINAPI","CORTE RASO E RECORTE DE ÁRVORE COM DIÂMETRO DE TRONCO MAIOR OU IGUAL A 0,20 M E MENOR QUE 0,40","SERV","unid.",200,{"$f":"VLOOKUP(A22,CPU!A:P,11,0)","v":81.16},102.37,16232,20474]
[9,"1.3.3","98530","SINAPI","CORTE RASO E RECORTE DE ÁRVORE COM DIÂMETRO DE TRONCO MAIOR OU IGUAL A 0,40 M E MENOR QUE 0,60","SERV","unid.",100,{"$f":"VLOOKUP(A23,CPU!A:P,11,0)","v":159.29},200.92,15929,20092]
[10,"1.3.4","98531","SINAPI","CORTE RASO E RECORTE DE ÁRVORE COM DIÂMETRO DE TRONCO MAIOR OU IGUAL A 0,60 M","SERV","unid.",30,{"$f":"VLOOKUP(A24,CPU!A:P,11,0)","v":424.5},{"$f":"TRUNC(IF(F24=\"SERV\",I24*(1+$L$5),$L$6*I24),2)","v":535.46},12735,16063.8]
[11,"1.3.5",5502985,"SICRO","LIMPEZA MECANIZADA DE CAMADA VEGETAL, VEGETAÇÃO E PEQUENAS ÁRVORES (DIÂMETRO DE TRONCO MENOR QUE 0,20 M), COM TRATOR DE ESTEIRAS","SERV","m²",12000,{"$f":"VLOOKUP(A25,CPU!A:P,11,0)","v":0.77},0.97,{"$f":"TRUNC(H25*I25,2)","v":9240},{"$f":"TRUNC(H25*J25,2)","v":11640}]
[41,"1.3.6",5914351,"SICRO","CARGA, MANOBRA E DESCARGA DE AGREGADOS, ROCHA OU SOLOS EM CAMINHÃO BASCULANTE","SERV","ton",4000,{"$f":"VLOOKUP(A26,CPU!A:P,11,0)","v":2.92},3.68,11680,14720]
[83,"1.3.7","5915320","SICRO","TRANSPORTE COM CAMINHÃO BASCULANTE - RODOVIA EM REVESTIMENTO PRIMÁRIO","SERV","txkm",37000,{"$f":"VLOOKUP(A27,CPU!A:P,11,0)","v":0.75},0.94,27750,34780]
[82,"1.3.8","5915321","SICRO","TRANSPORTE COM CAMINHÃO BASCULANTE - RODOVIA PAVIMENTADA","SERV","txkm",15000,{"$f":"VLOOKUP(A28,CPU!A:P,11,0)","v":0.68},{"$f":"TRUNC(IF(F28=\"SERV\",I28*(1+$L$5),$L$6*I28),2)","v":0.85},{"$f":"TRUNC(H28*I28,2)","v":10200},{"$f":"TRUNC(H28*J28,2)","v":12750}]
[14,"1.3.9","4413942","SICRO","ESPALHAMENTO DE MATERIAL EM BOTA FORA","SERV","m³",2500,{"$f":"VLOOKUP(A29,CPU!A:P,11,0)","v":2.75},3.46,6875,8650]
[12,"1.3.10","CA0011","CPU","AQUISIÇÃO DE PEDRA DE MÃO COMERCIAL, PARA ENROCAMENTO, GABIÃO E DISSIPADORES - EXCLUSIVE TRANSPORTE","SERV","m³",75,{"$f":"VLOOKUP(A30,CPU!A:P,11,0)","v":165.48},208.73,12411,15654.75]
[16,"1.3.11","CA0006","CPU","SERVIÇOS TOPOGRÁFICOS PARA PAVIMENTAÇÃO E OEA, INCLUSIVE LEVANTAMENTO PLANIALTIMÉTRICO CADASTRAL, GERAÇÃO DE NOTAS DE SERVIÇO, SEÇÕES TRANSVERSAIS E GREIDE, ESTAQUEAMENTO E ACOMPANHAMENTO EXECUTIVO","SERV","m²",6200,{"$f":"VLOOKUP(A31,CPU!A:P,11,0)","v":0.4},{"$f":"TRUNC(IF(F31=\"SERV\",I31*(1+$L$5),$L$6*I31),2)","v":0.5},{"$f":"TRUNC(H31*I31,2)","v":2480},{"$f":"TRUNC(H31*J31,2)","v":3100}]
["A4","1.4",null,null,"PLANO DE RIGGING"]
[17,"1.4.1","CA0010","CPU","ELABORAÇÃO DO PLANO DE RIGGING - POR ESTRUTURA","SERV","unid.",2,{"$f":"VLOOKUP(A33,CPU!A:P,11,0)","v":2542.5500000000002},{"$f":"TRUNC(IF(F33=\"SERV\",I33*(1+$L$5),$L$6*I33),2)","v":3207.17},{"$f":"TRUNC(H33*I33,2)","v":5085.1000000000004},{"$f":"TRUNC(H33*J33,2)","v":6414.34}]
[11,"1.4.2",5502985,"SICRO","LIMPEZA MECANIZADA DE CAMADA VEGETAL, VEGETAÇÃO E PEQUENAS ÁRVORES (DIÂMETRO DE TRONCO MENOR QUE 0,20 M), COM TRATOR DE ESTEIRAS","SERV","m²",1800,{"$f":"VLOOKUP(A34,CPU!A:P,11,0)","v":0.77},0.97,1386,1746]
[70,"1.4.3","5501906","SICRO","ESCAVAÇÃO, CARGA E TRANSPORTE DE MATERIAL DE 1A CATEGORIA - DMT DE 1.000 A 1.200M - CAMINHO DE SERVIÇO EM REVESTIMENTO PRIMÁRIO","SERV","m³",700,{"$f":"VLOOKUP(A35,CPU!A:P,11,0)","v":12.46},15.71,8722,10997]
[41,"1.4.4",5914351,"SICRO","CARGA, MANOBRA E DESCARGA DE AGREGADOS, ROCHA OU SOLOS EM CAMINHÃO BASCULANTE","SERV","ton",900,{"$f":"VLOOKUP(A36,CPU!A:P,11,0)","v":2.92},{"$f":"TRUNC(IF(F36=\"SERV\",I36*(1+$L$5),$L$6*I36),2)","v":3.68},{"$f":"TRUNC(H36*I36,2)","v":2628},{"$f":"TRUNC(H36*J36,2)","v":3312}]
[83,"1.4.5","5915320","SICRO","TRANSPORTE COM CAMINHÃO BASCULANTE - RODOVIA EM REVESTIMENTO PRIMÁRIO","SERV","txkm",12000,{"$f":"VLOOKUP(A37,CPU!A:P,11,0)","v":0.75},0.94,9000,11280]
[72,"1.4.6","4011227","SICRO","SUB-BASE DE SOLO ESTABILIZADO GRANULOMETRICAMENTE SEM MISTURA COM MATERIAL DE JAZIDA - 100% PROCTOR INTERMEDIÁRIO","SERV","m³",340,{"$f":"VLOOKUP(A38,CPU!A:P,11,0)","v":15.35},19.36,5219,6582.4]
[73,"1.4.7","4011219","SICRO","BASE DE SOLO ESTABILIZADO GRANULOMETRICAMENTE SEM MISTURA COM MATERIAL DE JAZIDA - 100% PROCTOR MODIFICADO","SERV","m³",340,{"$f":"VLOOKUP(A39,CPU!A:P,11,0)","v":16.77},21.15,5701.8,7191]
[132,"1.4.8","4011211","SICRO","REFORÇO DO SUBLEITO COM MATERIAL DE JAZIDA - 100% PROCTOR INTERMEDIÁRIO","SERV","m³",900,{"$f":"VLOOKUP(A40,CPU!A:P,11,0)","v":15.35},19.36,13815,17424]
[14,"1.4.9","4413942","SICRO","ESPALHAMENTO DE MATERIAL EM BOTA FORA","SERV","m³",540,{"$f":"VLOOKUP(A41,CPU!A:P,11,0)","v":2.75},3.46,1485,1868.4]
["B","2","",null,"PONTE A",null,"",null,"              "]
["B1","2.1",null,null,"OBRAS DE ARTE CORRENTE E DRENAGEM"]
[31,"2.1.1","RO-40666","DER-MG","SARJETA DE CONCRETO EM CORTE TIPO DR.SCC 90/10 - EXECUÇÃO INCLUINDO ESCAVAÇÃO, FORNECIMENTO E TRANSPORTE DE TODOS OS MATERIAIS","SERV","m",180,{"$f":"VLOOKUP(A44,CPU!A:P,11,0)","v":63.12},{"$f":"TRUNC(IF(F44=\"SERV\",I44*(1+$L$5),$L$6*I44),2)","v":79.61},{"$f":"TRUNC(H44*I44,2)","v":11361.6},{"$f":"TRUNC(H44*J44,2)","v":14329.8}]
[32,"2.1.2","RO-40613","DER-MG","SARJETA DE CONCRETO EM ATERRO TIPO DR.SCA 30/10 - EXECUÇÃO INCLUINDO ESCAVAÇÃO, FORNECIMENTO E TRANSPORTE DE TODOS OS MATERIAIS","SERV","m",320,{"$f":"VLOOKUP(A45,CPU!A:P,11,0)","v":37.14},46.84,11884.8,14988.8]
[33,"2.1.3","CA0007","DER-MG","SAÍDA D'ÁGUA EM TALUDE DE CORTE PARA SARJETA DO TIPO SDC PARA SCC 90/10","SERV","unid.",4,{"$f":"VLOOKUP(A46,CPU!A:P,11,0)","v":568.33000000000004},716.89,2273.3200000000002,2867.56]
[34,"2.1.4","ED-48598","DER-MG","DESCIDA D'ÁGUA TIPO CALHA DN 500 - EXCLUSIVE BOTA FORA","SERV","m",30,{"$f":"VLOOKUP(A47,CPU!A:P,11,0)","v":480.78},606.45000000000005,14423.4,18193.5]
[35,"2.1.5","RO-40514","DER-MG","VALETA DE PROTEÇÃO DE ATERRO TIPO DR.VPA - EXECUÇÃO, INCLUSIVE ESCAVAÇÃO","SERV","m",80,{"$f":"VLOOKUP(A48,CPU!A:P,11,0)","v":33.979999999999997},42.86,{"$f":"TRUNC(H48*I48,2)","v":2718.4},{"$f":"TRUNC(H48*J48,2)","v":3428.8}]
[36,"2.1.6","CA0008","DER-MG","DISSIPADOR DE ENERGIA PARA SAÍDA D'ÁGUA E VALETA DE PROTEÇÃO, TIPO DEN 01","SERV","unid.",3,{"$f":"VLOOKUP(A49,CPU!A:P,11,0)","v":319.13},{"$f":"TRUNC(IF(F49=\"SERV\",I49*(1+$L$5),$L$6*I49),2)","v":402.55},{"$f":"TRUNC(H49*I49,2)","v":957.39},{"$f":"TRUNC(H49*J49,2)","v":1207.6500000000001}]
[37,"2.1.7","CA0009","DER-MG","DISSIPADOR DE ENERGIA PARA DESCIDA D'ÁGUA E BOCAS DE BUEIRO, TIPO DEN 04","SERV","unid.",3,{"$f":"VLOOKUP(A50,CPU!A:P,11,0)","v":261.08999999999997},329.33,783.27,987.99]
[38,"2.1.8","2003730","SICRO","CAIXA COLETORA DE TALVEGUE - CCT02 - AREIA E BRITA COMERCIAIS","SERV","unid.",1,{"$f":"VLOOKUP(A51,CPU!A:P,11,0)","v":3576.52},4511.42,3576.52,4511.42]
[39,"2.1.9","0804013","SICRO","CORPO DE BSTC D = 0,40M PA1 - AREIA E BRITA COMERCIAIS","SERV","m",12,{"$f":"VLOOKUP(A52,CPU!A:P,11,0)","v":270.31},340.96,3243.72,4091.52]
[39.4,"2.1.10",2003866,"SICRO","APLICAÇÃO DE GEOTÊXTIL NÃO TECIDO AGULHADO COM RESISTÊNCIA À TRAÇÃO LONGITUDINAL DE 14KN/M","SERV","m²",720,{"$f":"VLOOKUP(A53,CPU!A:P,11,0)","v":7.5},{"$f":"TRUNC(IF(F53=\"SERV\",I53*(1+$L$5),$L$6*I53),2)","v":9.4600000000000009},{"$f":"TRUNC(H53*I53,2)","v":5400},{"$f":"TRUNC(H53*J53,2)","v":6811.2}]
[39.5,"2.1.11","3205866a","SICRO","GABIÃO CAIXA 1,0M X 1,0M - PEDRA DE MÃO DISPONÍVEL NO LOCAL - FORNECIMENTO E ASSENTAMENTO","SERV","m³",48,{"$f":"VLOOKUP(A54,CPU!A:P,11,0)","v":534.08000000000004},673.68,25635.84,32336.639999999999]
[40,"2.1.12","3205876a","SICRO","GABIÃO COLCHÃO ESPESSURA 0,30M - PEDRA DE MÃO DISPONÍVEL NO LOCAL - FORNECIMENTO E ASSENTAMENTO","SERV","m²",420,{"$f":"VLOOKUP(A55,CPU!A:P,11,0)","v":237.15},299.14,99603,125638.8]
[41,"2.1.13",5914351,"SICRO","CARGA, MANOBRA E DESCARGA DE AGREGADOS, ROCHA OU SOLOS EM CAMINHÃO BASCULANTE","SERV","ton",300,{"$f":"VLOOKUP(A56,CPU!A:P,11,0)","v":2.92},3.68,{"$f":"TRUNC(H56*I56,2)","v":876},{"$f":"TRUNC(H56*J56,2)","v":1104}]
[42,"2.1.14","5914335","SICRO","TRANSPORTE DE MATERIAL DE 3A CATEGORIA COM CAMINHÃO BASCULANTE PARA ROCHA - RODOVIA EM REVESTIMENTO PRIMÁRIO","SERV","txkm",1500,{"$f":"VLOOKUP(A57,CPU!A:P,11,0)","v":0.96},{"$f":"TRUNC(IF(F57=\"SERV\",I57*(1+$L$5),$L$6*I57),2)","v":1.21},{"$f":"TRUNC(H57*I57,2)","v":1440},{"$f":"TRUNC(H57*J57,2)","v":1815}]
[43,"2.1.15","5914336","SICRO","TRANSPORTE DE MATERIAL DE 3A CATEGORIA COM CAMINHÃO BASCULANTE PARA ROCHA - RODOVIA PAVIMENTADA","SERV","txkm",300,{"$f":"VLOOKUP(A58,CPU!A:P,11,0)","v":0.82},1.03,246,309]
["B2","2.2",null,null,"ESTRUTURAS"]
[46,"2.2.1",3108017,"SICRO","FORMA DE COMPENSADO PLASTIFICADO 14MM, USO GERAL - CONFECÇÃO, INSTALAÇÃO E RETIRADA","SERV","m²",1400,{"$f":"VLOOKUP(A60,CPU!A:P,11,0)","v":79.34},{"$f":"TRUNC(IF(F60=\"SERV\",I60*(1+$L$5),$L$6*I60),2)","v":100.07},{"$f":"TRUNC(H60*I60,2)","v":111076},{"$f":"TRUNC(H60*J60,2)","v":140098}]
[47,"2.2.2","1106057","SICRO","CONCRETO MAGRO - CONFECÇÃO EM BETONEIRA E LANÇAMENTO MANUAL - AREIA E BRITA COMERCIAIS","SERV","m³",5,{"$f":"VLOOKUP(A61,CPU!A:P,11,0)","v":460.03},580.28,{"$f":"TRUNC(H61*I61,2)","v":2300.15},{"$f":"TRUNC(H61*J61,2)","v":2901.4}]
[48,"2.2.3","1116263","SICRO","CONCRETO PARA BOMBEAMENTO FCK = 25 MPA - CONFECÇÃO EM CENTRAL DOSADORA - AREIA E BRITA COMERCIAIS","SERV","m³",14,{"$f":"VLOOKUP(A62,CPU!A:P,11,0)","v":428.22},{"$f":"TRUNC(IF(F62=\"SERV\",I62*(1+$L$5),$L$6*I62),2)","v":540.15},{"$f":"TRUNC(H62*I62,2)","v":5995.08},{"$f":"TRUNC(H62*J62,2)","v":7562.1}]
[49,"2.2.4","1116264","SICRO","CONCRETO PARA BOMBEAMENTO FCK = 30 MPA - CONFECÇÃO EM CENTRAL DOSADORA - AREIA E BRITA COMERCIAIS","SERV","m³",50,{"$f":"VLOOKUP(A63,CPU!A:P,11,0)","v":444.89},561.17999999999995,22244.5,28059]
[50,"2.2.5","1116265","SICRO","CONCRETO PARA BOMBEAMENTO FCK = 35 MPA - CONFECÇÃO EM CENTRAL DOSADORA - AREIA E BRITA COMERCIAIS","SERV","m³",180,{"$f":"VLOOKUP(A64,CPU!A:P,11,0)","v":466.3},588.19000000000005,83934,105874.2]
[51,"2.2.6",1107860,"SICRO","LANÇAMENTO MECÂNICO DE CONCRETO COM BOMBA","SERV","m³",230,{"$f":"VLOOKUP(A65,CPU!A:P,11,0)","v":63.98},80.7,14715.4,18561]
[52,"2.2.7","1106087","SICRO","LANÇAMENTO MANUAL DE CONCRETO","SERV","m³",14,{"$f":"VLOOKUP(A66,CPU!A:P,11,0)","v":56.32},71.040000000000006,788.48,994.56]
[53,"2.2.8","0407819","SICRO","ARMAÇÃO EM AÇO CA-50 - FORNECIMENTO, PREPARO E COLOCAÇÃO","SERV","kg",35000,{"$f":"VLOOKUP(A67,CPU!A:P,11,0)","v":12.35},15.57,432250,544950]
[119,"2.2.9","0407819a","SICRO","ARMAÇÃO EM AÇO CA-50 - EXCLUSIVE FORNECIMENTO, CORTE E DOBRA","SERV","kg",7000,{"$f":"VLOOKUP(A68,CPU!A:P,11,0)","v":5.45},6.87,38150,48090]
[54,"2.2.10","1108055","SICRO","ARGAMASSA AUTOADENSÁVEL PARA GRAUTEAMENTO - CONFECÇÃO E LANÇAMENTO MANUAL","SERV","m³",1,{"$f":"VLOOKUP(A69,CPU!A:P,11,0)","v":3582.27},{"$f":"TRUNC(IF(F69=\"SERV\",I69*(1+$L$5),$L$6*I69),2)","v":4518.67},{"$f":"TRUNC(H69*I69,2)","v":3582.27},{"$f":"TRUNC(H69*J69,2)","v":4518.67}]
[54.5,"2.2.11","0307084","SICRO","LÁBIOS POLIMÉRICOS EM JUNTA DE PAVIMENTO DE CONCRETO - L=20MM E H=30MM - CONFECÇÃO E ASSENTAMENTO","SERV","m",42,{"$f":"VLOOKUP(A70,CPU!A:P,11,0)","v":31.71},39.99,1331.82,1679.58]
[55,"2.2.12","0307735","SICRO","JUNTA DE DILATAÇÃO EM ELASTÔMERO E PERFIL VV - L = 35MM E H = 60MM - FORNECIMENTO E INSTALAÇÃO","SERV","m",21,{"$f":"VLOOKUP(A71,CPU!A:P,11,0)","v":452.98},571.38,9512.58,11998.98]
[56,"2.2.13","307732","SICRO","APARELHO DE APOIO DE NEOPRENE FRETADO PARA ESTRUTURAS PRÉ-MOLDADAS - FORNECIMENTO E INSTALAÇÃO","SERV","dm³",46,{"$f":"VLOOKUP(A72,CPU!A:P,11,0)","v":125.33},158.09,5765.18,7272.14]
[57,"2.2.14","4507956","SICRO","CORDOALHA CP 190 RB D = 12,7MM - FORNECIMENTO E INSTALAÇÃO","SERV","kg",5600,{"$f":"VLOOKUP(A73,CPU!A:P,11,0)","v":10.49},13.23,58744,74088]
[58,"2.2.15","4507755","SICRO","ANCORAGEM ATIVA COM 12 CORDOALHAS ADERENTES D = 12,7MM - FORNECIMENTO E INSTALAÇÃO","SERV","unid.",32,{"$f":"VLOOKUP(A74,CPU!A:P,11,0)","v":987.02},1245.02,31584.639999999999,39840.639999999999]
[59,"2.2.16","4507835","SICRO","BAINHA METÁLICA REDONDA D = 65MM PARA 12 CORDOALHAS D = 12,7MM - FORNECIMENTO, INSTALAÇÃO E INJEÇÃO DE NATA DE CIMENTO","SERV","m",560,{"$f":"VLOOKUP(A75,CPU!A:P,11,0)","v":36.35},45.85,20356,25676]
[60,"2.2.17","3806421 + 5915401a","SICRO","CARGA, DESCARGA, MANOBRA E LANÇAMENTO DE VIGA METÁLICA OU PRÉ-MOLDADA DE ATÉ 750KN COM UTILIZAÇÃO DE GUINDASTES E CAVALO MECÂNICO COM REBOQUES DE 5 E 4 EIXOS COM CAPACIDADE DE 130T CADA","SERV","unid.",4,{"$f":"VLOOKUP(A76,CPU!A:P,11,0)","v":10934.56},{"$f":"TRUNC(IF(F76=\"SERV\",I76*(1+$L$5),$L$6*I76),2)","v":13792.85},{"$f":"TRUNC(H76*I76,2)","v":43738.239999999998},{"$f":"TRUNC(H76*J76,2)","v":55171.4}]
[61,"2.2.18","3806426","SICRO","LANÇAMENTO DE PRÉ-LAJE E PLACAS PRÉ-MOLDADAS COM UTILIZAÇÃO DE GUINDAUTO","SERV","ton",72,{"$f":"VLOOKUP(A77,CPU!A:P,11,0)","v":63.25},79.78,4554,5744.16]
[62,"2.2.19","2007971","SICRO","DRENO DE PVC D = 100MM PARA OAE - FORNECIMENTO E INSTALAÇÃO","SERV","m",140,{"$f":"VLOOKUP(A78,CPU!A:P,11,0)","v":89.78},113.24,12569.2,15853.6]
[63,"2.2.20","5919538","SICRO","CARGA, MANOBRA E DESCARGA DE CONCRETO COM CAMINHÃO BETONEIRA EM CENTRAL DE CONCRETO E DESCARGA LIVRE","SERV","ton",620,{"$f":"VLOOKUP(A79,CPU!A:P,11,0)","v":18.89},23.82,11711.8,14768.4]
[64,"2.2.21","5914569","SICRO","TRANSPORTE COM CAMINHÃO BETONEIRA - RODOVIA PAVIMENTADA","SERV","txkm",80000,{"$f":"VLOOKUP(A80,CPU!A:P,11,0)","v":0.8},1,64000,80000]
[65,"2.2.22","5914554","SICRO","TRANSPORTE COM CAMINHÃO BETONEIRA - RODOVIA EM REVESTIMENTO PRIMÁRIO","SERV","txkm",10000,{"$f":"VLOOKUP(A81,CPU!A:P,11,0)","v":0.98},{"$f":"TRUNC(IF(F81=\"SERV\",I81*(1+$L$5),$L$6*I81),2)","v":1.23},{"$f":"TRUNC(H81*I81,2)","v":9800},{"$f":"TRUNC(H81*J81,2)","v":12300}]
[133,"2.2.23","5915015","SICRO","CARGA, MANOBRA E DESCARGA DE MATERIAIS DIVERSOS EM CAMINHÃO CARROCERIA COM GUINDAUTO","SERV","ton",50,{"$f":"VLOOKUP(A82,CPU!A:P,11,0)","v":21.2},{"$f":"TRUNC(IF(F82=\"SERV\",I82*(1+$L$5),$L$6*I82),2)","v":26.74},{"$f":"TRUNC(H82*I82,2)","v":1060},{"$f":"TRUNC(H82*J82,2)","v":1337}]
[120,"2.2.24","5914583","SICRO","TRANSPORTE COM CAMINHÃO CARROCERIA COM GUINDAUTO DE 10 t.m - RODOVIA PAVIMENTADA","SERV","txkm",6000,{"$f":"VLOOKUP(A83,CPU!A:P,11,0)","v":1.35},1.7,8100,10200]
[121,"2.2.25","5914581","SICRO","TRANSPORTE COM CAMINHÃO CARROCERIA COM GUINDAUTO DE 10 t.m - RODOVIA LEITO NATURAL","SERV","txkm",700,{"$f":"VLOOKUP(A84,CPU!A:P,11,0)","v":2.0699999999999998},2.61,1449,1827]
[66,"2.2.26","4805754","SICRO","COMPACTAÇÃO MANUAL COM SOQUETE VIBRATÓRIO","SERV","m³",270,{"$f":"VLOOKUP(A85,CPU!A:P,11,0)","v":7.51},9.4700000000000006,2027.7,2556.9]
[67,"2.2.27","3719529","SICRO","BARREIRA SIMPLES DE CONCRETO ARMADO, PRÉ-MOLDADA","SERV","m",90,{"$f":"VLOOKUP(A86,CPU!A:P,11,0)","v":199.59},251.76,17963.099999999999,22658.400000000001]
["B3","2.3",0,0,"TERRAPLANAGEM E PAVIMENTAÇÃO ASFÁLTICA"]
[70,"2.3.1","5501906","SICRO","ESCAVAÇÃO, CARGA E TRANSPORTE DE MATERIAL DE 1A CATEGORIA - DMT DE 1.000 A 1.200M - CAMINHO DE SERVIÇO EM REVESTIMENTO PRIMÁRIO","SERV","m³",9000,{"$f":"VLOOKUP(A88,CPU!A:P,11,0)","v":12.46},{"$f":"TRUNC(IF(F88=\"SERV\",I88*(1+$L$5),$L$6*I88),2)","v":15.71},{"$f":"TRUNC(H88*I88,2)","v":112140},{"$f":"TRUNC(H88*J88,2)","v":141390}]
[71,"2.3.2","5503041","SICRO","COMPACTAÇÃO DE ATERROS A 100% DO PROCTOR NORMAL","SERV","m³",8400,{"$f":"VLOOKUP(A89,CPU!A:P,11,0)","v":6.57},{"$f":"TRUNC(IF(F89=\"SERV\",I89*(1+$L$5),$L$6*I89),2)","v":8.2799999999999994},{"$f":"TRUNC(H89*I89,2)","v":55188},{"$f":"TRUNC(H89*J89,2)","v":69552}]
[72,"2.3.3","4011227","SICRO","SUB-BASE DE SOLO ESTABILIZADO GRANULOMETRICAMENTE SEM MISTURA COM MATERIAL DE JAZIDA - 100% PROCTOR INTERMEDIÁRIO","SERV","m³",400,{"$f":"VLOOKUP(A90,CPU!A:P,11,0)","v":15.35},19.36,6140,7744]
[73,"2.3.4","4011219","SICRO","BASE DE SOLO ESTABILIZADO GRANULOMETRICAMENTE SEM MISTURA COM MATERIAL DE JAZIDA - 100% PROCTOR MODIFICADO","SERV","m³",400,{"$f":"VLOOKUP(A91,CPU!A:P,11,0)","v":16.77},21.15,6708,8460]
[74,"2.3.5","4011352","SICRO","IMPRIMAÇÃO COM EMULSÃO ASFÁLTICA (EAI)","SERV","m²",2700,{"$f":"VLOOKUP(A92,CPU!A:P,11,0)","v":0.62},0.78,1674,2106]
[75,"2.3.6","4011353","SICRO","PINTURA DE LIGAÇÃO","SERV","m²",3000,{"$f":"VLOOKUP(A93,CPU!A:P,11,0)","v":0.43},0.54,1290,1620]
[76,"2.3.7","4011464","SICRO","CONCRETO ASFÁLTICO FAIXA C - MASSA COMERCIAL","SERV","ton",390,{"$f":"VLOOKUP(A94,CPU!A:P,11,0)","v":21.1},26.61,8229,10377.9]
[77,"2.3.8","5914610","SICRO","CARGA, MANOBRA E DESCARGA DE MISTURA BETUMINOSA A QUENTE EM CAMINHÃO COM CAÇAMBA TÉRMICA - CARGA EM USINA DE ASFALTO E DESCARGA MANUAL","SERV","ton",390,{"$f":"VLOOKUP(A95,CPU!A:P,11,0)","v":28.49},35.93,11111.1,14012.7]
[78,"2.3.9","5914612","SICRO","TRANSPORTE DE MISTURA BETUMINOSA A QUENTE COM CAMINHÃO CAÇAMBA TÉRMICA - RODOVIA PAVIMENTADA","SERV","txkm",48000,{"$f":"VLOOKUP(A96,CPU!A:P,11,0)","v":0.9},1.1299999999999999,43200,54240]
[79,"2.3.10","5914613","SICRO","TRANSPORTE DE MISTURA BETUMINOSA A QUENTE COM CAMINHÃO CAÇAMBA TÉRMICA - RODOVIA EM REVESTIMENTO PRIMÁRIO","SERV","txkm",5800,{"$f":"VLOOKUP(A97,CPU!A:P,11,0)","v":1.1000000000000001},1.38,6380,8004]
[80,"2.3.11","5914622","SICRO","TRANSPORTE DE MATERIAL BETUMINOSO COM CAMINHÃO TANQUE DISTRIBUIDOR - RODOVIA PAVIMENTADA","SERV","txkm",1800,{"$f":"VLOOKUP(A98,CPU!A:P,11,0)","v":2.2400000000000002},2.82,4032,5076]
[81,"2.3.12","5914621","SICRO","TRANSPORTE DE MATERIAL BETUMINOSO COM CAMINHÃO TANQUE DISTRIBUIDOR - RODOVIA EM REVESTIMENTO PRIMÁRIO","SERV","txkm",80,{"$f":"VLOOKUP(A99,CPU!A:P,11,0)","v":2.73},{"$f":"TRUNC(IF(F99=\"SERV\",I99*(1+$L$5),$L$6*I99),2)","v":3.44},{"$f":"TRUNC(H99*I99,2)","v":218.4},{"$f":"TRUNC(H99*J99,2)","v":275.2}]
[82,"2.3.13","5915321","SICRO","TRANSPORTE COM CAMINHÃO BASCULANTE - RODOVIA PAVIMENTADA","SERV","txkm",18000,{"$f":"VLOOKUP(A100,CPU!A:P,11,0)","v":0.68},0.85,12240,15300]
[83,"2.3.14","5915320","SICRO","TRANSPORTE COM CAMINHÃO BASCULANTE - RODOVIA EM REVESTIMENTO PRIMÁRIO","SERV","txkm",72000,{"$f":"VLOOKUP(A101,CPU!A:P,11,0)","v":0.75},0.94,54000,67680]
["B4","2.4",0,0,"SINALIZAÇÃO E OBRAS COMPLEMENTARES"]
[85,"2.4.1",3713608,"SICRO","CERCA COM 4 FIOS DE ARAME FARPADO E MOURÃO DE MADEIRA A CADA 2,5M, ESTICADOR A CADA 50M","SERV","m",560,{"$f":"VLOOKUP(A103,CPU!A:P,11,0)","v":23},{"$f":"TRUNC(IF(F103=\"SERV\",I103*(1+$L$5),$L$6*I103),2)","v":29.01},{"$f":"TRUNC(H103*I103,2)","v":12880},{"$f":"TRUNC(H103*J103,2)","v":16245.6}]
[86,"2.4.2",3713604,"SICRO","DEFENSA SEMIMALEÁVEL SIMPLES - FORNECIMENTO E IMPLANTAÇÃO","SERV","m",275,{"$f":"VLOOKUP(A104,CPU!A:P,11,0)","v":331.88},{"$f":"TRUNC(IF(F104=\"SERV\",I104*(1+$L$5),$L$6*I104),2)","v":418.63},{"$f":"TRUNC(H104*I104,2)","v":91267},{"$f":"TRUNC(H104*J104,2)","v":115123.25}]
[87,"2.4.3",3713605,"SICRO","ANCORAGEM DE DEFENSA SEMIMALEÁVEL SIMPLES - FORNECIMENTO E IMPLANTAÇÃO","SERV","m",32,{"$f":"VLOOKUP(A105,CPU!A:P,11,0)","v":392.66},495.3,12565.12,15849.6]
[88,"2.4.4","3713690","SICRO","TERMINAL DE ANCORAGEM DE DEFENSA METÁLICA EM BARREIRA DE CONCRETO, TIPO D - FORNECIMENTO E IMPLANTAÇÃO","SERV","unid.",4,{"$f":"VLOOKUP(A106,CPU!A:P,11,0)","v":501.13},632.12,2004.52,2528.48]
[89,"2.4.5","5213477a","SICRO","PLACA DELINEADORA EM AÇO - 80MM X 72MM - PELÍCULA RETROREFLETIVA TIPO I + IV - FORNECIMENTO E IMPLANTAÇÃO","SERV","unid.",36,{"$f":"VLOOKUP(A107,CPU!A:P,11,0)","v":73.77},93.05,2655.72,3349.8]
[90,"2.4.6","5213572","SICRO","PLACA EM AÇO Nº 16 GALVANIZADO COM PELÍCULA RETRORREFLETIVA TIPO III + III - FORNECIMENTO E INSTALAÇÃO","SERV","m²",1.5,{"$f":"VLOOKUP(A108,CPU!A:P,11,0)","v":583.76},736.35,875.64,1104.52]
[91,"2.4.7","5216111","SICRO","SUPORTE PARA PLACA DE SINALIZAÇÃO EM MADEIRA DE LEI TRATADA 8 X 8CM - FORNECIMENTO E INSTALAÇÃO","SERV","unid.",4,{"$f":"VLOOKUP(A109,CPU!A:P,11,0)","v":134.74},169.96,538.96,679.84]
[92,"2.4.8","5213408","SICRO","PINTURA DE FAIXA COM TERMOPLÁSTICO POR ASPERSÃO - ESPESSURA 1,5MM","SERV","m²",120,{"$f":"VLOOKUP(A110,CPU!A:P,11,0)","v":47.07},59.37,{"$f":"TRUNC(H110*I110,2)","v":5648.4},{"$f":"TRUNC(H110*J110,2)","v":7124.4}]
["B5","2.5",0,0,"SINALIZAÇÃO DE OBRA","SERV"]
[90,"2.5.1","5213572","SICRO","PLACA EM AÇO Nº 16 GALVANIZADO COM PELÍCULA RETRORREFLETIVA TIPO III + III - FORNECIMENTO E INSTALAÇÃO","SERV","m²",17,{"$f":"VLOOKUP(A112,CPU!A:P,11,0)","v":583.76},{"$f":"TRUNC(IF(F112=\"SERV\",I112*(1+$L$5),$L$6*I112),2)","v":736.35},{"$f":"TRUNC(H112*I112,2)","v":9923.92},{"$f":"TRUNC(H112*J112,2)","v":12517.95}]
[91,"2.5.2","5216111","SICRO","SUPORTE PARA PLACA DE SINALIZAÇÃO EM MADEIRA DE LEI TRATADA 8 X 8CM - FORNECIMENTO E INSTALAÇÃO","SERV","unid.",14,{"$f":"VLOOKUP(A113,CPU!A:P,11,0)","v":134.74},{"$f":"TRUNC(IF(F113=\"SERV\",I113*(1+$L$5),$L$6*I113),2)","v":169.96},{"$f":"TRUNC(H113*I113,2)","v":1886.36},{"$f":"TRUNC(H113*J113,2)","v":2379.44}]
[95,"2.5.3","5213840","SICRO","DISPOSITIVO DE DIRECIONAMENTO OU BLOQUEIO COM TELA PLÁSTICA E SUPORTE FIXO - CONFECÇÃO","SERV","m",720,{"$f":"VLOOKUP(A114,CPU!A:P,11,0)","v":27.93},35.229999999999997,20109.599999999999,25365.599999999999]
["C","3","",null,"PONTE B",null,"",null,"              "]
["C1","3.1",null,null,"OBRAS DE ARTE CORRENTE E DRENAGEM"]
[31,"3.1.1","RO-40666","DER-MG","SARJETA DE CONCRETO EM CORTE TIPO DR.SCC 90/10 - EXECUÇÃO INCLUINDO ESCAVAÇÃO, FORNECIMENTO E TRANSPORTE DE TODOS OS MATERIAIS","SERV","m",240,{"$f":"VLOOKUP(A117,CPU!A:P,11,0)","v":63.12},{"$f":"TRUNC(IF(F117=\"SERV\",I117*(1+$L$5),$L$6*I117),2)","v":79.61},{"$f":"TRUNC(H117*I117,2)","v":15148.8},{"$f":"TRUNC(H117*J117,2)","v":19106.400000000001}]
[32,"3.1.2","RO-40613","DER-MG","SARJETA DE CONCRETO EM ATERRO TIPO DR.SCA 30/10 - EXECUÇÃO INCLUINDO ESCAVAÇÃO, FORNECIMENTO E TRANSPORTE DE TODOS OS MATERIAIS","SERV","m",64,{"$f":"VLOOKUP(A118,CPU!A:P,11,0)","v":37.14},46.84,2376.96,2997.76]
[33,"3.1.3","CA0007","DER-MG","SAÍDA D'ÁGUA EM TALUDE DE CORTE PARA SARJETA DO TIPO SDC PARA SCC 90/10","SERV","unid.",2,{"$f":"VLOOKUP(A119,CPU!A:P,11,0)","v":568.33000000000004},716.89,1136.6600000000001,1433.78]
[34,"3.1.4","ED-48598","DER-MG","DESCIDA D'ÁGUA TIPO CALHA DN 500 - EXCLUSIVE BOTA FORA","SERV","m",10,{"$f":"VLOOKUP(A120,CPU!A:P,11,0)","v":480.78},606.45000000000005,4807.8,6064.5]
[35,"3.1.5","RO-40514","DER-MG","VALETA DE PROTEÇÃO DE ATERRO TIPO DR.VPA - EXECUÇÃO, INCLUSIVE ESCAVAÇÃO","SERV","m",74,{"$f":"VLOOKUP(A121,CPU!A:P,11,0)","v":33.979999999999997},42.86,2514.52,3171.64]
[36,"3.1.6","CA0008","DER-MG","DISSIPADOR DE ENERGIA PARA SAÍDA D'ÁGUA E VALETA DE PROTEÇÃO, TIPO DEN 01","SERV","unid.",2,{"$f":"VLOOKUP(A122,CPU!A:P,11,0)","v":319.13},402.55,638.26,805.1]
[37,"3.1.7","CA0009","DER-MG","DISSIPADOR DE ENERGIA PARA DESCIDA D'ÁGUA E BOCAS DE BUEIRO, TIPO DEN 04","SERV","unid.",2,{"$f":"VLOOKUP(A123,CPU!A:P,11,0)","v":261.08999999999997},329.33,522.17999999999995,658.66]
[38,"3.1.8","2003730","SICRO","CAIXA COLETORA DE TALVEGUE - CCT02 - AREIA E BRITA COMERCIAIS","SERV","unid.",2,{"$f":"VLOOKUP(A124,CPU!A:P,11,0)","v":3576.52},4511.42,7153.04,9022.84]
[39,"3.1.9","0804013","SICRO","CORPO DE BSTC D = 0,40M PA1 - AREIA E BRITA COMERCIAIS","SERV","m",28,{"$f":"VLOOKUP(A125,CPU!A:P,11,0)","v":270.31},340.96,7568.68,9546.8799999999992]
[39.4,"3.1.10",2003866,"SICRO","APLICAÇÃO DE GEOTÊXTIL NÃO TECIDO AGULHADO COM RESISTÊNCIA À TRAÇÃO LONGITUDINAL DE 14KN/M","SERV","m²",680,{"$f":"VLOOKUP(A126,CPU!A:P,11,0)","v":7.5},{"$f":"TRUNC(IF(F126=\"SERV\",I126*(1+$L$5),$L$6*I126),2)","v":9.4600000000000009},{"$f":"TRUNC(H126*I126,2)","v":5100},{"$f":"TRUNC(H126*J126,2)","v":6432.8}]
[39.5,"3.1.11","3205866a","SICRO","GABIÃO CAIXA 1,0M X 1,0M - PEDRA DE MÃO DISPONÍVEL NO LOCAL - FORNECIMENTO E ASSENTAMENTO","SERV","m³",48,{"$f":"VLOOKUP(A127,CPU!A:P,11,0)","v":534.08000000000004},673.68,25635.84,32336.639999999999]
[40,"3.1.12","3205876a","SICRO","GABIÃO COLCHÃO ESPESSURA 0,30M - PEDRA DE MÃO DISPONÍVEL NO LOCAL - FORNECIMENTO E ASSENTAMENTO","SERV","m²",460,{"$f":"VLOOKUP(A128,CPU!A:P,11,0)","v":237.15},299.14,109089,137604.4]
[41,"3.1.13",5914351,"SICRO","CARGA, MANOBRA E DESCARGA DE AGREGADOS, ROCHA OU SOLOS EM CAMINHÃO BASCULANTE","SERV","ton",280,{"$f":"VLOOKUP(A129,CPU!A:P,11,0)","v":2.92},3.68,817.6,1030.4000000000001]
[42,"3.1.14","5914335","SICRO","TRANSPORTE DE MATERIAL DE 3A CATEGORIA COM CAMINHÃO BASCULANTE PARA ROCHA - RODOVIA EM REVESTIMENTO PRIMÁRIO","SERV","txkm",1400,{"$f":"VLOOKUP(A130,CPU!A:P,11,0)","v":0.96},1.21,1344,1694]
[43,"3.1.15","5914336","SICRO","TRANSPORTE DE MATERIAL DE 3A CATEGORIA COM CAMINHÃO BASCULANTE PARA ROCHA - RODOVIA PAVIMENTADA","SERV","txkm",280,{"$f":"VLOOKUP(A131,CPU!A:P,11,0)","v":0.82},1.03,229.6,288.39999999999998]
["C2","3.2",null,null,"ESTRUTURAS"]
[46,"3.2.1",3108017,"SICRO","FORMA DE COMPENSADO PLASTIFICADO 14MM, USO GERAL - CONFECÇÃO, INSTALAÇÃO E RETIRADA","SERV","m²",1300,{"$f":"VLOOKUP(A133,CPU!A:P,11,0)","v":79.34},{"$f":"TRUNC(IF(F133=\"SERV\",I133*(1+$L$5),$L$6*I133),2)","v":100.07},{"$f":"TRUNC(H133*I133,2)","v":103142},{"$f":"TRUNC(H133*J133,2)","v":130091}]
[47,"3.2.2","1106057","SICRO","CONCRETO MAGRO - CONFECÇÃO EM BETONEIRA E LANÇAMENTO MANUAL - AREIA E BRITA COMERCIAIS","SERV","m³",5,{"$f":"VLOOKUP(A134,CPU!A:P,11,0)","v":460.03},580.28,2300.15,2901.4]
[48,"3.2.3","1116263","SICRO","CONCRETO PARA BOMBEAMENTO FCK = 25 MPA - CONFECÇÃO EM CENTRAL DOSADORA - AREIA E BRITA COMERCIAIS","SERV","m³",12,{"$f":"VLOOKUP(A135,CPU!A:P,11,0)","v":428.22},540.15,5138.6400000000003,6481.8]
[49,"3.2.4","1116264","SICRO","CONCRETO PARA BOMBEAMENTO FCK = 30 MPA - CONFECÇÃO EM CENTRAL DOSADORA - AREIA E BRITA COMERCIAIS","SERV","m³",60,{"$f":"VLOOKUP(A136,CPU!A:P,11,0)","v":444.89},561.17999999999995,26693.4,33670.800000000003]
[50,"3.2.5","1116265","SICRO","CONCRETO PARA BOMBEAMENTO FCK = 35 MPA - CONFECÇÃO EM CENTRAL DOSADORA - AREIA E BRITA COMERCIAIS","SERV","m³",160,{"$f":"VLOOKUP(A137,CPU!A:P,11,0)","v":466.3},588.19000000000005,74608,94110.399999999994]
[51,"3.2.6",1107860,"SICRO","LANÇAMENTO MECÂNICO DE CONCRETO COM BOMBA","SERV","m³",220,{"$f":"VLOOKUP(A138,CPU!A:P,11,0)","v":63.98},80.7,14075.6,17754]
[52,"3.2.7","1106087","SICRO","LANÇAMENTO MANUAL DE CONCRETO","SERV","m³",12,{"$f":"VLOOKUP(A139,CPU!A:P,11,0)","v":56.32},71.040000000000006,675.84,852.48]
[53,"3.2.8","0407819","SICRO","ARMAÇÃO EM AÇO CA-50 - FORNECIMENTO, PREPARO E COLOCAÇÃO","SERV","kg",27000,{"$f":"VLOOKUP(A140,CPU!A:P,11,0)","v":12.35},15.57,333450,420390]
[119,"3.2.9","0407819a","SICRO","ARMAÇÃO EM AÇO CA-50 - EXCLUSIVE FORNECIMENTO, CORTE E DOBRA","SERV","kg",5400,{"$f":"VLOOKUP(A141,CPU!A:P,11,0)","v":5.45},{"$f":"TRUNC(IF(F141=\"SERV\",I141*(1+$L$5),$L$6*I141),2)","v":6.87},{"$f":"TRUNC(H141*I141,2)","v":29430},{"$f":"TRUNC(H141*J141,2)","v":37098}]
[54,"3.2.10","1108055","SICRO","ARGAMASSA AUTOADENSÁVEL PARA GRAUTEAMENTO - CONFECÇÃO E LANÇAMENTO MANUAL","SERV","m³",0.5,{"$f":"VLOOKUP(A142,CPU!A:P,11,0)","v":3582.27},4518.67,1791.13,2259.33]
[54.5,"3.2.11","0307084","SICRO","LÁBIOS POLIMÉRICOS EM JUNTA DE PAVIMENTO DE CONCRETO - L=20MM E H=30MM - CONFECÇÃO E ASSENTAMENTO","SERV","m",42,{"$f":"VLOOKUP(A143,CPU!A:P,11,0)","v":31.71},{"$f":"TRUNC(IF(F143=\"SERV\",I143*(1+$L$5),$L$6*I143),2)","v":39.99},{"$f":"TRUNC(H143*I143,2)","v":1331.82},{"$f":"TRUNC(H143*J143,2)","v":1679.58}]
[55,"3.2.12","0307735","SICRO","JUNTA DE DILATAÇÃO EM ELASTÔMERO E PERFIL VV - L = 35MM E H = 60MM - FORNECIMENTO E INSTALAÇÃO","SERV","m",21,{"$f":"VLOOKUP(A144,CPU!A:P,11,0)","v":452.98},571.38,9512.58,11998.98]
[56,"3.2.13","307732","SICRO","APARELHO DE APOIO DE NEOPRENE FRETADO PARA ESTRUTURAS PRÉ-MOLDADAS - FORNECIMENTO E INSTALAÇÃO","SERV","dm³",46,{"$f":"VLOOKUP(A145,CPU!A:P,11,0)","v":125.33},158.09,5765.18,7272.14]
[57,"3.2.14","4507956","SICRO","CORDOALHA CP 190 RB D = 12,7MM - FORNECIMENTO E INSTALAÇÃO","SERV","kg",4000,{"$f":"VLOOKUP(A146,CPU!A:P,11,0)","v":10.49},13.23,41960,52920]
[58,"3.2.15","4507755","SICRO","ANCORAGEM ATIVA COM 12 CORDOALHAS ADERENTES D = 12,7MM - FORNECIMENTO E INSTALAÇÃO","SERV","unid.",32,{"$f":"VLOOKUP(A147,CPU!A:P,11,0)","v":987.02},1245.02,31584.639999999999,39840.639999999999]
[59,"3.2.16","4507835","SICRO","BAINHA METÁLICA REDONDA D = 65MM PARA 12 CORDOALHAS D = 12,7MM - FORNECIMENTO, INSTALAÇÃO E INJEÇÃO DE NATA DE CIMENTO","SERV","m",480,{"$f":"VLOOKUP(A148,CPU!A:P,11,0)","v":36.35},45.85,17448,22008]
[60,"3.2.17","3806421 + 5915401a","SICRO","CARGA, DESCARGA, MANOBRA E LANÇAMENTO DE VIGA METÁLICA OU PRÉ-MOLDADA DE ATÉ 750KN COM UTILIZAÇÃO DE GUINDASTES E CAVALO MECÂNICO COM REBOQUES DE 5 E 4 EIXOS COM CAPACIDADE DE 130T CADA","SERV","unid.",4,{"$f":"VLOOKUP(A149,CPU!A:P,11,0)","v":10934.56},13792.85,43738.239999999998,55171.4]
[61,"3.2.18","3806426","SICRO","LANÇAMENTO DE PRÉ-LAJE E PLACAS PRÉ-MOLDADAS COM UTILIZAÇÃO DE GUINDAUTO","SERV","ton",62,{"$f":"VLOOKUP(A150,CPU!A:P,11,0)","v":63.25},79.78,3921.5,4946.3599999999997]
[62,"3.2.19","2007971","SICRO","DRENO DE PVC D = 100MM PARA OAE - FORNECIMENTO E INSTALAÇÃO","SERV","m",120,{"$f":"VLOOKUP(A151,CPU!A:P,11,0)","v":89.78},113.24,10773.6,13588.8]
[63,"3.2.20","5919538","SICRO","CARGA, MANOBRA E DESCARGA DE CONCRETO COM CAMINHÃO BETONEIRA EM CENTRAL DE CONCRETO E DESCARGA LIVRE","SERV","ton",580,{"$f":"VLOOKUP(A152,CPU!A:P,11,0)","v":18.89},23.82,10956.2,13815.6]
[64,"3.2.21","5914569","SICRO","TRANSPORTE COM CAMINHÃO BETONEIRA - RODOVIA PAVIMENTADA","SERV","txkm",75000,{"$f":"VLOOKUP(A153,CPU!A:P,11,0)","v":0.8},1,60000,75000]
[65,"3.2.22","5914554","SICRO","TRANSPORTE COM CAMINHÃO BETONEIRA - RODOVIA EM REVESTIMENTO PRIMÁRIO","SERV","txkm",6000,{"$f":"VLOOKUP(A154,CPU!A:P,11,0)","v":0.98},1.23,5880,7380]
[133,"3.2.23","5915015","SICRO","CARGA, MANOBRA E DESCARGA DE MATERIAIS DIVERSOS EM CAMINHÃO CARROCERIA COM GUINDAUTO","SERV","ton",30,{"$f":"VLOOKUP(A155,CPU!A:P,11,0)","v":21.2},{"$f":"TRUNC(IF(F155=\"SERV\",I155*(1+$L$5),$L$6*I155),2)","v":26.74},{"$f":"TRUNC(H155*I155,2)","v":636},{"$f":"TRUNC(H155*J155,2)","v":802.2}]
[120,"3.2.24","5914583","SICRO","TRANSPORTE COM CAMINHÃO CARROCERIA COM GUINDAUTO DE 10 t.m - RODOVIA PAVIMENTADA","SERV","txkm",3900,{"$f":"VLOOKUP(A156,CPU!A:P,11,0)","v":1.35},1.7,5265,6630]
[121,"3.2.25","5914581","SICRO","TRANSPORTE COM CAMINHÃO CARROCERIA COM GUINDAUTO DE 10 t.m - RODOVIA LEITO NATURAL","SERV","txkm",300,{"$f":"VLOOKUP(A157,CPU!A:P,11,0)","v":2.0699999999999998},2.61,621,783]
[66,"3.2.26","4805754","SICRO","COMPACTAÇÃO MANUAL COM SOQUETE VIBRATÓRIO","SERV","m³",250,{"$f":"VLOOKUP(A158,CPU!A:P,11,0)","v":7.51},9.4700000000000006,1877.5,2367.5]
[67,"3.2.27","3719529","SICRO","BARREIRA SIMPLES DE CONCRETO ARMADO, PRÉ-MOLDADA","SERV","m",80,{"$f":"VLOOKUP(A159,CPU!A:P,11,0)","v":199.59},251.76,15967.2,20140.8]
["C3","3.3",0,0,"TERRAPLANAGEM E PAVIMENTAÇÃO ASFÁLTICA"]
[70,"3.3.1","5501906","SICRO","ESCAVAÇÃO, CARGA E TRANSPORTE DE MATERIAL DE 1A CATEGORIA - DMT DE 1.000 A 1.200M - CAMINHO DE SERVIÇO EM REVESTIMENTO PRIMÁRIO","SERV","m³",1300,{"$f":"VLOOKUP(A161,CPU!A:P,11,0)","v":12.46},{"$f":"TRUNC(IF(F161=\"SERV\",I161*(1+$L$5),$L$6*I161),2)","v":15.71},{"$f":"TRUNC(H161*I161,2)","v":16198},{"$f":"TRUNC(H161*J161,2)","v":20423}]
[71,"3.3.2","5503041","SICRO","COMPACTAÇÃO DE ATERROS A 100% DO PROCTOR NORMAL","SERV","m³",1300,{"$f":"VLOOKUP(A162,CPU!A:P,11,0)","v":6.57},8.2799999999999994,8541,10764]
[72,"3.3.3","4011227","SICRO","SUB-BASE DE SOLO ESTABILIZADO GRANULOMETRICAMENTE SEM MISTURA COM MATERIAL DE JAZIDA - 100% PROCTOR INTERMEDIÁRIO","SERV","m³",270,{"$f":"VLOOKUP(A163,CPU!A:P,11,0)","v":15.35},19.36,4144.5,5227.2]
[73,"3.3.4","4011219","SICRO","BASE DE SOLO ESTABILIZADO GRANULOMETRICAMENTE SEM MISTURA COM MATERIAL DE JAZIDA - 100% PROCTOR MODIFICADO","SERV","m³",270,{"$f":"VLOOKUP(A164,CPU!A:P,11,0)","v":16.77},21.15,4527.8999999999996,5710.5]
[74,"3.3.5","4011352","SICRO","IMPRIMAÇÃO COM EMULSÃO ASFÁLTICA (EAI)","SERV","m²",1700,{"$f":"VLOOKUP(A165,CPU!A:P,11,0)","v":0.62},0.78,1054,1326]
[75,"3.3.6","4011353","SICRO","PINTURA DE LIGAÇÃO","SERV","m²",2000,{"$f":"VLOOKUP(A166,CPU!A:P,11,0)","v":0.43},0.54,860,1080]
[76,"3.3.7","4011464","SICRO","CONCRETO ASFÁLTICO FAIXA C - MASSA COMERCIAL","SERV","ton",270,{"$f":"VLOOKUP(A167,CPU!A:P,11,0)","v":21.1},26.61,5697,7184.7]
[77,"3.3.8","5914610","SICRO","CARGA, MANOBRA E DESCARGA DE MISTURA BETUMINOSA A QUENTE EM CAMINHÃO COM CAÇAMBA TÉRMICA - CARGA EM USINA DE ASFALTO E DESCARGA MANUAL","SERV","ton",270,{"$f":"VLOOKUP(A168,CPU!A:P,11,0)","v":28.49},35.93,7692.3,9701.1]
[78,"3.3.9","5914612","SICRO","TRANSPORTE DE MISTURA BETUMINOSA A QUENTE COM CAMINHÃO CAÇAMBA TÉRMICA - RODOVIA PAVIMENTADA","SERV","txkm",34000,{"$f":"VLOOKUP(A169,CPU!A:P,11,0)","v":0.9},1.1299999999999999,30600,38420]
[79,"3.3.10","5914613","SICRO","TRANSPORTE DE MISTURA BETUMINOSA A QUENTE COM CAMINHÃO CAÇAMBA TÉRMICA - RODOVIA EM REVESTIMENTO PRIMÁRIO","SERV","txkm",2700,{"$f":"VLOOKUP(A170,CPU!A:P,11,0)","v":1.1000000000000001},1.38,2970,3726]
[80,"3.3.11","5914622","SICRO","TRANSPORTE DE MATERIAL BETUMINOSO COM CAMINHÃO TANQUE DISTRIBUIDOR - RODOVIA PAVIMENTADA","SERV","txkm",1200,{"$f":"VLOOKUP(A171,CPU!A:P,11,0)","v":2.2400000000000002},2.82,2688,3384]
[81,"3.3.12","5914621","SICRO","TRANSPORTE DE MATERIAL BETUMINOSO COM CAMINHÃO TANQUE DISTRIBUIDOR - RODOVIA EM REVESTIMENTO PRIMÁRIO","SERV","txkm",32,{"$f":"VLOOKUP(A172,CPU!A:P,11,0)","v":2.73},3.44,87.36,110.08]
[82,"3.3.13","5915321","SICRO","TRANSPORTE COM CAMINHÃO BASCULANTE - RODOVIA PAVIMENTADA","SERV","txkm",1400,{"$f":"VLOOKUP(A173,CPU!A:P,11,0)","v":0.68},0.85,952,1190]
[83,"3.3.14","5915320","SICRO","TRANSPORTE COM CAMINHÃO BASCULANTE - RODOVIA EM REVESTIMENTO PRIMÁRIO","SERV","txkm",30000,{"$f":"VLOOKUP(A174,CPU!A:P,11,0)","v":0.75},0.94,22500,28200]
["C4","3.4",0,0,"SINALIZAÇÃO E OBRAS COMPLEMENTARES"]
[85,"3.4.1",3713608,"SICRO","CERCA COM 4 FIOS DE ARAME FARPADO E MOURÃO DE MADEIRA A CADA 2,5M, ESTICADOR A CADA 50M","SERV","m",400,{"$f":"VLOOKUP(A176,CPU!A:P,11,0)","v":23},{"$f":"TRUNC(IF(F176=\"SERV\",I176*(1+$L$5),$L$6*I176),2)","v":29.01},{"$f":"TRUNC(H176*I176,2)","v":9200},{"$f":"TRUNC(H176*J176,2)","v":11604}]
[86,"3.4.2",3713604,"SICRO","DEFENSA SEMIMALEÁVEL SIMPLES - FORNECIMENTO E IMPLANTAÇÃO","SERV","m",20,{"$f":"VLOOKUP(A177,CPU!A:P,11,0)","v":331.88},418.63,6637.6,8372.6]
[87,"3.4.3",3713605,"SICRO","ANCORAGEM DE DEFENSA SEMIMALEÁVEL SIMPLES - FORNECIMENTO E IMPLANTAÇÃO","SERV","m",8,{"$f":"VLOOKUP(A178,CPU!A:P,11,0)","v":392.66},495.3,3141.28,3962.4]
[88,"3.4.4","3713690","SICRO","TERMINAL DE ANCORAGEM DE DEFENSA METÁLICA EM BARREIRA DE CONCRETO, TIPO D - FORNECIMENTO E IMPLANTAÇÃO","SERV","unid.",1,{"$f":"VLOOKUP(A179,CPU!A:P,11,0)","v":501.13},632.12,501.13,632.12]
[89,"3.4.5","5213477a","SICRO","PLACA DELINEADORA EM AÇO - 80MM X 72MM - PELÍCULA RETROREFLETIVA TIPO I + IV - FORNECIMENTO E IMPLANTAÇÃO","SERV","unid.",3,{"$f":"VLOOKUP(A180,CPU!A:P,11,0)","v":73.77},93.05,221.31,279.14999999999998]
[90,"3.4.6","5213572","SICRO","PLACA EM AÇO Nº 16 GALVANIZADO COM PELÍCULA RETRORREFLETIVA TIPO III + III - FORNECIMENTO E INSTALAÇÃO","SERV","m²",1.5,{"$f":"VLOOKUP(A181,CPU!A:P,11,0)","v":583.76},736.35,875.64,1104.52]
[91,"3.4.7","5216111","SICRO","SUPORTE PARA PLACA DE SINALIZAÇÃO EM MADEIRA DE LEI TRATADA 8 X 8CM - FORNECIMENTO E INSTALAÇÃO","SERV","unid.",6,{"$f":"VLOOKUP(A182,CPU!A:P,11,0)","v":134.74},169.96,808.44,1019.76]
[92,"3.4.8","5213408","SICRO","PINTURA DE FAIXA COM TERMOPLÁSTICO POR ASPERSÃO - ESPESSURA 1,5MM","SERV","m²",80,{"$f":"VLOOKUP(A183,CPU!A:P,11,0)","v":47.07},59.37,3765.6,4749.6000000000004]
["C5","3.5",0,0,"SINALIZAÇÃO DE OBRA"]
[90,"3.5.1","5213572","SICRO","PLACA EM AÇO Nº 16 GALVANIZADO COM PELÍCULA RETRORREFLETIVA TIPO III + III - FORNECIMENTO E INSTALAÇÃO","SERV","m²",17,{"$f":"VLOOKUP(A185,CPU!A:P,11,0)","v":583.76},736.35,9923.92,12517.95]
[91,"3.5.2","5216111","SICRO","SUPORTE PARA PLACA DE SINALIZAÇÃO EM MADEIRA DE LEI TRATADA 8 X 8CM - FORNECIMENTO E INSTALAÇÃO","SERV","unid.",14,{"$f":"VLOOKUP(A186,CPU!A:P,11,0)","v":134.74},169.96,1886.36,2379.44]
[95,"3.5.3","5213840","SICRO","DISPOSITIVO DE DIRECIONAMENTO OU BLOQUEIO COM TELA PLÁSTICA E SUPORTE FIXO - CONFECÇÃO","SERV","m",600,{"$f":"VLOOKUP(A187,CPU!A:P,11,0)","v":27.93},35.229999999999997,16758,21138]
["D","4","",null,"FORNECIMENTO DE MATERIAIS BETUMINOSOS E MASSA ASFÁLTICA (BDI DIFERENCIADO)",null,"",null,"              "]
["D1","4.1",null,null,"EMULSÕES ASFÁLTICAS"]
[126,"4.1.1","FORN.0001","ANP","EMULSÃO ASFÁLTICA PARA IMPRIMAÇÃO (EAI)","FORN","ton",58,{"$f":"VLOOKUP(A190,CPU!A:P,11,0)","v":2465.69},{"$f":"TRUNC(IF(F190=\"SERV\",I190*(1+$L$5),(1+$L$6)*I190),2)","v":2835.54},{"$f":"TRUNC(H190*I190,2)","v":143010.01999999999},{"$f":"TRUNC(H190*J190,2)","v":164461.32}]
[127,"4.1.2","FORN.0002","ANP","EMULSÃO ASFÁLTICA TIPO RR-1C","FORN","ton",24,{"$f":"VLOOKUP(A191,CPU!A:P,11,0)","v":2953.58},{"$f":"TRUNC(IF(F191=\"SERV\",I191*(1+$L$5),(1+$L$6)*I191),2)","v":3396.61},70885.919999999998,81518.64]
["D2","4.2",0,0,"MASSA ASFÁLTICA"]
[128,"4.2.1","FORN.0003","COTAÇÃO","CONCRETO BETUMINOSO USINADO A QUENTE - FAIXA C - COMERCIAL","FORN","ton",680,{"$f":"VLOOKUP(A193,CPU!A:P,11,0)","v":693.6},797.64,471648,542395.19999999995]
[]
[{"$nulls":9},"TOTAL:",null,{"$f":"TRUNC(SUM(L11:L193),2)","v":5740065.7800000003}]

{"sheet":"CPU","index":1,"n_rows":3477,"n_cols":11,"rows_kept":3477,"cut":false,"hidden":false,"merged":[[141,7,141,9],[144,3,144,7],[145,7,145,9],[156,3,156,7],[158,8,158,9],[161,3,161,7],[162,1,163,2],[162,3,163,3],[162,4,163,4],[162,5,162,7],[162,9,163,9],[166,3,166,7],[167,5,167,7],[123,11,123,12],[124,2,124,9],[124,11,124,12],[125,1,126,3],[125,4,125,5],[126,4,126,5],[127,2,127,7],[127,8,127,9],[128,1,129,2],[128,3,129,3],[128,4,128,5],[128,6,128,7],[130,13,130,15],[133,7,133,9],[136,3,136,7],[137,3,137,7],[138,3,138,7],[138,11,138,13],[1123,2,1123,9],[3439,0,3476,0],[3475,5,3475,7],[3474,3,3474,7],[3470,9,3471,9],[3470,4,3471,4],[3470,3,3471,3],[3470,1,3471,2],[3470,5,3470,7],[3469,3,3469,7],[3466,8,3466,9],[3464,3,3464,7],[3461,7,3461,9],[3460,3,3460,7],[3457,7,3457,9],[3454,11,3454,13],[3454,3,3454,7],[3453,3,3453,7],[3452,3,3452,7],[3449,7,3449,9],[3446,13,3446,15],[3444,3,3445,3],[3444,1,3445,2],[3444,6,3444,7],[3444,4,3444,5],[3443,8,3443,9],[3443,2,3443,7],[3442,4,3442,5],[3441,1,3442,3],[3441,4,3441,5],[3440,2,3440,9],[3439,11,3439,12],[3396,0,3437,0],[3396,11,3396,12],[3397,2,3397,9],[3398,1,3399,3],[3398,4,3398,5],[3399,4,3399,5],[3400,2,3400,7],[3400,8,3400,9],[3401,1,3402,2],[3401,3,3402,3],[3401,4,3401,5],[3401,6,3401,7],[3435,3,3435,7],[3436,5,3436,7],[3403,13,3403,15],[3410,7,3410,9],[3413,3,3413,7],[3414,3,3414,7],[3415,3,3415,7],[3415,11,3415,13],[3418,7,3418,9],[3421,3,3421,7],[3422,7,3422,9],[3425,3,3425,7],[3427,8,3427,9],[3430,3,3430,7],[3431,1,3432,2],[3431,3,3432,3],[3431,4,3432,4],[3431,5,3431,7],[3431,9,3432,9],[1059,11,1059,13],[1062,7,1062,9],[1064,7,1064,8],[1065,3,1065,7],[1066,7,1066,9],[1069,3,1069,7],[1071,8,1071,9],[1074,3,1074,7],[1075,1,1076,2],[1075,3,1076,3],[1075,4,1076,4],[1075,5,1075,7],[1075,9,1076,9],[1079,3,1079,7],[1080,5,1080,7],[1044,0,1081,0],[1044,11,1044,12],[1045,2,1045,9],[1046,1,1047,3],[1046,4,1046,5],[1047,4,1047,5],[1048,2,1048,7],[1048,8,1048,9],[1049,1,1050,2],[1049,3,1050,3],[1049,4,1049,5],[1049,6,1049,7],[1051,13,1051,15],[1054,7,1054,9],[1057,3,1057,7],[1058,3,1058,7],[1059,3,1059,7],[1098,11,1098,13],[1101,7,1101,9],[1103,7,1103,8],[1104,3,1104,7],[1105,7,1105,9],[1108,3,1108,7],[1110,8,1110,9],[1113,3,1113,7],[1114,1,1115,2],[1114,3,1115,3],[1114,4,1115,4],[1114,5,1114,7],[1114,9,1115,9],[1118,3,1118,7],[1119,5,1119,7],[1667,0,1706,0],[1667,11,1667,12],[1668,2,1668,9],[1669,1,1670,3],[1669,4,1669,5],[1670,4,1670,5],[1671,2,1671,7],[1671,8,1671,9],[1672,1,1673,2],[1672,3,1673,3],[1672,4,1672,5],[1672,6,1672,7],[1674,13,1674,15],[1678,7,1678,9],[1681,3,1681,7],[1682,3,1682,7],[1683,3,1683,7],[1683,11,1683,13],[1686,7,1686,9],[1690,3,1690,7],[1691,7,1691,9],[1694,3,1694,7],[1696,8,1696,9],[1699,3,1699,7],[1700,1,1701,2],[1700,3,1701,3],[1700,4,1701,4],[1700,5,1700,7],[1700,9,1701,9],[1704,3,1704,7],[1705,5,1705,7],[32,8,32,9],[35,3,35,7],[36,1,37,2],[36,3,37,3],[36,4,37,4],[36,5,36,7],[36,9,37,9],[55,7,55,9],[58,3,58,7],[59,3,59,7],[60,3,60,7],[191,3,191,7],[192,7,192,9],[198,3,198,7],[200,8,200,9],[203,3,203,7],[204,1,205,2],[105,3,105,7],[5,1,6,2],[5,3,6,3],[5,4,5,5],[5,6,5,7],[7,13,7,15],[10,7,10,9],[28,11,28,12],[29,11,29,12],[30,11,30,12],[31,11,31,12],[27,11,27,12],[27,7,27,9],[30,3,30,7],[0,0,42,0],[0,11,0,12],[1,2,1,9],[1,11,1,12],[2,1,3,3],[2,4,2,5],[2,10,2,11],[3,4,3,5],[4,2,4,7],[4,8,4,9],[40,3,40,7],[41,5,41,7],[18,3,18,7],[19,3,19,7],[20,3,20,7],[20,11,20,13],[23,7,23,9],[26,3,26,7],[7,11,8,12],[76,1,77,2],[76,3,77,3],[76,4,77,4],[76,5,76,7],[76,9,77,9],[44,0,82,0],[44,11,44,12],[45,2,45,9],[45,11,45,12],[46,1,47,3],[46,4,46,5],[208,3,208,7],[209,5,209,7],[174,8,174,9],[175,1,176,2],[175,3,176,3],[175,4,175,5],[175,6,175,7],[106,7,106,9],[109,3,109,7],[111,8,111,9],[114,3,114,7],[115,1,116,2],[115,3,116,3],[115,4,116,4],[115,5,115,7],[115,9,116,9],[119,3,119,7],[120,5,120,7],[80,3,80,7],[81,5,81,7],[123,0,168,0],[177,13,177,15],[185,11,185,13],[188,7,188,9],[204,3,205,3],[204,4,205,4],[204,5,204,7],[60,11,60,13],[63,7,63,9],[48,8,48,9],[49,1,50,2],[49,3,50,3],[49,4,49,5],[49,6,49,7],[51,13,51,15],[47,4,47,5],[48,2,48,7],[84,0,121,0],[84,11,84,12],[85,2,85,9],[170,0,210,0],[170,11,170,12],[171,2,171,9],[171,11,171,12],[172,1,173,3],[172,4,172,5],[173,4,173,5],[174,2,174,7],[66,3,66,7],[67,7,67,9],[70,3,70,7],[72,8,72,9],[75,3,75,7],[222,7,222,9],[225,3,225,7],[226,3,226,7],[227,3,227,7],[227,11,227,13],[230,7,230,9],[216,8,216,9],[217,1,218,2],[217,3,218,3],[217,4,217,5],[217,6,217,7],[219,13,219,15],[204,9,205,9],[180,7,180,9],[183,3,183,7],[184,3,184,7],[185,3,185,7],[212,11,212,12],[213,2,213,9],[213,11,213,12],[214,1,215,3],[214,4,214,5],[215,4,215,5],[216,2,216,7],[258,4,258,5],[258,6,258,7],[260,13,260,15],[310,7,310,9],[296,8,296,9],[297,1,298,2],[297,3,298,3],[297,4,297,5],[297,6,297,7],[299,13,299,15],[235,3,235,7],[236,7,236,9],[239,3,239,7],[241,8,241,9],[244,3,244,7],[245,1,246,2],[245,3,246,3],[245,4,246,4],[245,5,245,7],[245,9,246,9],[212,0,251,0],[323,1,324,2],[323,3,324,3],[323,4,324,4],[323,5,323,7],[323,9,324,9],[284,1,285,2],[284,3,285,3],[284,4,285,4],[284,5,284,7],[284,9,285,9],[302,7,302,9],[305,3,305,7],[306,3,306,7],[307,3,307,7],[307,11,307,13],[263,7,263,9],[266,3,266,7],[267,3,267,7],[268,3,268,7],[268,11,268,13],[271,7,271,9],[295,4,295,5],[296,2,296,7],[274,3,274,7],[275,7,275,9],[278,3,278,7],[280,8,280,9],[283,3,283,7],[257,8,257,9],[258,1,259,2],[258,3,259,3],[336,3,337,3],[336,4,336,5],[336,6,336,7],[338,13,338,15],[346,11,346,13],[249,3,249,7],[250,5,250,7],[253,0,290,0],[253,11,253,12],[254,2,254,9],[254,11,254,12],[255,1,256,3],[255,4,255,5],[256,4,256,5],[257,2,257,7],[288,3,288,7],[289,5,289,7],[327,3,327,7],[328,5,328,7],[331,0,368,0],[331,11,331,12],[332,2,332,9],[332,11,332,12],[333,1,334,3],[333,4,333,5],[334,4,334,5],[335,2,335,7],[313,3,313,7],[314,7,314,9],[317,3,317,7],[319,8,319,9],[322,3,322,7],[385,11,385,13],[388,7,388,9],[374,8,374,9],[375,1,376,2],[391,3,391,7],[352,3,352,7],[353,7,353,9],[356,3,356,7],[358,8,358,9],[361,3,361,7],[362,1,363,2],[292,0,329,0],[292,11,292,12],[293,2,293,9],[293,11,293,12],[294,1,295,3],[294,4,294,5],[377,13,377,15],[366,3,366,7],[367,5,367,7],[370,0,407,0],[370,11,370,12],[371,2,371,9],[371,11,371,12],[372,1,373,3],[372,4,372,5],[373,4,373,5],[374,2,374,7],[405,3,405,7],[406,5,406,7],[335,8,335,9],[336,1,337,2],[392,7,392,9],[395,3,395,7],[397,8,397,9],[400,3,400,7],[401,1,402,2],[401,3,402,3],[401,4,402,4],[401,5,401,7],[401,9,402,9],[362,3,363,3],[362,4,363,4],[362,5,362,7],[362,9,363,9],[341,7,341,9],[344,3,344,7],[345,3,345,7],[346,3,346,7],[375,3,376,3],[375,4,375,5],[375,6,375,7],[349,7,349,9],[380,7,380,9],[383,3,383,7],[384,3,384,7],[385,3,385,7],[419,7,419,9],[422,3,422,7],[423,3,423,7],[424,3,424,7],[424,11,424,13],[427,7,427,9],[413,8,413,9],[414,1,415,2],[414,3,415,3],[414,4,414,5],[414,6,414,7],[416,13,416,15],[409,0,446,0],[409,11,409,12],[410,2,410,9],[410,11,410,12],[411,1,412,3],[411,4,411,5],[412,4,412,5],[413,2,413,7],[444,3,444,7],[445,5,445,7],[430,3,430,7],[431,7,431,9],[434,3,434,7],[436,8,436,9],[439,3,439,7],[440,1,441,2],[440,3,441,3],[440,4,441,4],[440,5,440,7],[440,9,441,9],[487,0,524,0],[487,11,487,12],[488,2,488,9],[469,3,469,7],[470,7,470,9],[473,3,473,7],[475,8,475,9],[478,3,478,7],[479,1,480,2],[479,3,480,3],[479,4,480,4],[479,5,479,7],[479,9,480,9],[458,7,458,9],[461,3,461,7],[462,3,462,7],[463,3,463,7],[463,11,463,13],[466,7,466,9],[448,0,485,0],[448,11,448,12],[449,2,449,9],[449,11,449,12],[450,1,451,3],[450,4,450,5],[451,4,451,5],[452,2,452,7],[522,3,522,7],[523,5,523,7],[508,3,508,7],[509,7,509,9],[512,3,512,7],[483,3,483,7],[484,5,484,7],[452,8,452,9],[453,1,454,2],[453,3,454,3],[453,4,453,5],[453,6,453,7],[497,7,497,9],[500,3,500,7],[501,3,501,7],[502,3,502,7],[488,11,488,12],[489,1,490,3],[489,4,489,5],[490,4,490,5],[491,2,491,7],[502,11,502,13],[455,13,455,15],[505,7,505,9],[491,8,491,9],[492,1,493,2],[492,3,493,3],[492,4,492,5],[492,6,492,7],[494,13,494,15],[580,11,580,13],[583,7,583,9],[569,8,569,9],[570,1,571,2],[572,13,572,15],[570,6,570,7],[565,11,567,12],[575,7,575,9],[578,3,578,7],[579,3,579,7],[580,3,580,7],[561,3,561,7],[562,5,562,7],[586,3,586,7],[587,7,587,9],[590,3,590,7],[592,8,592,9],[595,3,595,7],[596,1,597,2],[596,3,597,3],[596,4,597,4],[596,5,596,7],[596,9,597,9],[605,2,605,9],[600,3,600,7],[601,5,601,7],[514,8,514,9],[517,3,517,7],[518,1,519,2],[518,3,519,3],[518,4,519,4],[518,5,518,7],[518,9,519,9],[621,11,621,13],[624,7,624,9],[611,13,611,15],[636,3,636,7],[637,1,638,2],[637,3,638,3],[637,4,638,4],[637,5,637,7],[627,3,627,7],[628,7,628,9],[631,3,631,7],[633,8,633,9],[604,0,643,0],[604,11,604,12],[606,1,607,3],[606,4,606,5],[607,4,607,5],[608,2,608,7],[641,3,641,7],[642,5,642,7],[637,9,638,9],[608,8,608,9],[614,7,614,9],[619,3,619,7],[620,3,620,7],[621,3,621,7],[609,1,610,2],[609,3,610,3],[609,4,609,5],[609,6,609,7],[565,0,602,0],[566,2,566,9],[567,1,568,3],[567,4,567,5],[568,4,568,5],[569,2,569,7],[570,3,571,3],[570,4,570,5],[694,7,694,9],[697,3,697,7],[698,3,698,7],[699,3,699,7],[699,11,699,13],[702,7,702,9],[688,8,688,9],[689,1,690,2],[689,3,690,3],[689,4,689,5],[689,6,689,7],[691,13,691,15],[684,0,721,0],[685,2,685,9],[686,1,687,3],[686,4,686,5],[687,4,687,5],[688,2,688,7],[719,3,719,7],[720,5,720,7],[684,11,690,17],[645,0,682,0],[670,3,670,7],[672,8,672,9],[744,3,744,7],[745,7,745,9],[748,3,748,7],[750,8,750,9],[753,3,753,7],[754,1,755,2],[754,3,755,3],[754,4,755,4],[754,5,754,7],[754,9,755,9],[733,7,733,9],[736,3,736,7],[737,3,737,7],[738,3,738,7],[738,11,738,13],[741,7,741,9],[727,8,727,9],[728,1,729,2],[728,3,729,3],[728,4,728,5],[728,6,728,7],[730,13,730,15],[809,13,809,15],[723,0,760,0],[723,11,723,12],[724,2,724,9],[725,1,726,3],[725,4,725,5],[726,4,726,5],[727,2,727,7],[705,3,705,7],[706,7,706,9],[709,3,709,7],[711,8,711,9],[714,3,714,7],[715,1,716,2],[715,3,716,3],[715,4,716,4],[715,5,715,7],[715,9,716,9],[777,11,777,13],[780,7,780,9],[766,8,766,9],[767,1,768,2],[767,3,768,3],[767,4,767,5],[767,6,767,7],[769,13,769,15],[758,3,758,7],[759,5,759,7],[762,0,800,0],[762,11,762,12],[763,2,763,9],[764,1,765,3],[764,4,764,5],[765,4,765,5],[766,2,766,7],[798,3,798,7],[799,5,799,7],[783,3,783,7],[784,7,784,9],[788,3,788,7],[790,8,790,9],[793,3,793,7],[794,1,795,2],[794,3,795,3],[794,4,795,4],[794,5,794,7],[794,9,795,9],[823,3,823,7],[824,7,824,9],[828,3,828,7],[830,8,830,9],[833,3,833,7],[834,1,835,2],[834,3,835,3],[834,4,835,4],[834,5,834,7],[834,9,835,9],[863,3,863,7],[864,7,864,9],[867,3,867,7],[869,8,869,9],[872,3,872,7],[873,1,874,2],[772,7,772,9],[775,3,775,7],[776,3,776,7],[777,3,777,7],[803,2,803,9],[804,1,805,3],[804,4,804,5],[805,4,805,5],[806,2,806,7],[812,7,812,9],[815,3,815,7],[816,3,816,7],[817,3,817,7],[820,7,820,9],[806,8,806,9],[807,1,808,2],[888,13,888,15],[877,3,877,7],[878,5,878,7],[881,0,920,0],[882,2,882,9],[883,1,884,3],[883,4,883,5],[884,4,884,5],[885,2,885,7],[846,8,846,9],[847,1,848,2],[847,3,848,3],[847,4,847,5],[847,6,847,7],[849,13,849,15],[838,3,838,7],[839,5,839,7],[842,0,879,0],[842,11,842,12],[843,2,843,9],[844,1,845,3],[844,4,844,5],[845,4,845,5],[846,2,846,7],[802,0,840,0],[802,11,802,12],[817,11,817,13],[807,3,808,3],[807,4,807,5],[807,6,807,7],[857,11,857,13],[860,7,860,9],[881,11,883,12],[943,3,943,7],[944,7,944,9],[949,3,949,7],[951,8,951,9],[954,3,954,7],[955,1,956,2],[955,3,956,3],[955,4,956,4],[955,5,955,7],[955,9,956,9],[932,7,932,9],[935,3,935,7],[936,3,936,7],[937,3,937,7],[937,11,937,13],[940,7,940,9],[926,8,926,9],[927,1,928,2],[927,3,928,3],[927,4,927,5],[927,6,927,7],[891,7,891,9],[894,3,894,7],[895,3,895,7],[896,3,896,7],[896,11,896,13],[899,7,899,9],[885,8,885,9],[886,1,887,2],[902,3,902,7],[903,7,903,9],[908,3,908,7],[910,8,910,9],[913,3,913,7],[914,1,915,2],[914,3,915,3],[914,4,915,4],[914,5,914,7],[914,9,915,9],[873,3,874,3],[873,4,874,4],[873,5,873,7],[873,9,874,9],[852,7,852,9],[855,3,855,7],[856,3,856,7],[857,3,857,7],[886,3,887,3],[886,4,886,5],[886,6,886,7],[929,13,929,15],[918,3,918,7],[919,5,919,7],[1014,7,1014,9],[1017,3,1017,7],[1030,3,1030,7],[1032,8,1032,9],[922,0,961,0],[922,11,922,12],[923,2,923,9],[924,1,925,3],[924,4,924,5],[925,4,925,5],[926,2,926,7],[1007,4,1007,5],[1008,2,1008,7],[984,3,984,7],[985,7,985,9],[990,3,990,7],[992,8,992,9],[995,3,995,7],[996,1,997,2],[996,3,997,3],[996,4,997,4],[996,5,996,7],[996,9,997,9],[967,8,967,9],[968,1,969,2],[968,3,969,3],[968,4,968,5],[968,6,968,7],[973,7,973,9],[976,3,976,7],[977,3,977,7],[978,3,978,7],[978,11,978,13],[981,7,981,9],[1142,7,1142,8],[970,13,970,15],[959,3,959,7],[960,5,960,7],[1022,7,1022,9],[1008,8,1008,9],[1009,1,1010,2],[1009,3,1010,3],[1009,4,1009,5],[1009,6,1009,7],[1011,13,1011,15],[1083,11,1083,12],[1084,2,1084,9],[1085,1,1086,3],[1085,4,1085,5],[1086,4,1086,5],[1087,2,1087,7],[1087,8,1087,9],[1088,1,1089,2],[1088,3,1089,3],[1088,4,1088,5],[1088,6,1088,7],[1090,13,1090,15],[1093,7,1093,9],[1096,3,1096,7],[1006,1,1007,3],[1006,4,1006,5],[963,0,1002,0],[963,11,963,12],[964,2,964,9],[965,1,966,3],[965,4,965,5],[966,4,966,5],[967,2,967,7],[1000,3,1000,7],[1001,5,1001,7],[1040,3,1040,7],[1041,5,1041,7],[1122,0,1159,0],[1122,11,1122,12],[1124,1,1125,3],[1124,4,1124,5],[1125,4,1125,5],[1126,2,1126,7],[1025,3,1025,7],[1026,7,1026,9],[1035,3,1035,7],[1036,1,1037,2],[1036,3,1037,3],[1036,4,1037,4],[1036,5,1036,7],[1036,9,1037,9],[1143,3,1143,7],[1144,7,1144,9],[1018,3,1018,7],[1019,3,1019,7],[1004,0,1042,0],[1004,11,1004,12],[1005,2,1005,9],[1161,0,1198,0],[1161,11,1161,12],[1162,2,1162,9],[1163,1,1164,3],[1163,4,1163,5],[1164,4,1164,5],[1165,2,1165,7],[1196,3,1196,7],[1197,5,1197,7],[1126,8,1126,9],[1127,1,1128,2],[1127,3,1128,3],[1127,4,1127,5],[1127,6,1127,7],[1129,13,1129,15],[1137,11,1137,13],[1140,7,1140,9],[1171,7,1171,9],[1132,7,1132,9],[1135,3,1135,7],[1136,3,1136,7],[1137,3,1137,7],[1147,3,1147,7],[1149,8,1149,9],[1152,3,1152,7],[1019,11,1019,13],[1083,0,1120,0],[1097,3,1097,7],[1098,3,1098,7],[1260,3,1260,7],[1261,7,1261,9],[1264,3,1264,7],[1266,8,1266,9],[1269,3,1269,7],[1270,1,1271,2],[1270,3,1271,3],[1270,4,1271,4],[1270,5,1270,7],[1270,9,1271,9],[1174,3,1174,7],[1175,3,1175,7],[1176,3,1176,7],[1176,11,1176,13],[1179,7,1179,9],[1165,8,1165,9],[1166,1,1167,2],[1182,3,1182,7],[1183,7,1183,9],[1186,3,1186,7],[1188,8,1188,9],[1191,3,1191,7],[1192,1,1193,2],[1192,3,1193,3],[1192,4,1193,4],[1192,5,1192,7],[1192,9,1193,9],[1214,3,1214,7],[1249,7,1249,9],[1252,3,1252,7],[1253,3,1253,7],[1254,3,1254,7],[1254,11,1254,13],[1257,7,1257,9],[1243,8,1243,9],[1244,1,1245,2],[1244,3,1245,3],[1244,4,1244,5],[1244,6,1244,7],[1246,13,1246,15],[1153,3,1154,3],[1153,4,1154,4],[1153,5,1153,7],[1153,9,1154,9],[1166,3,1167,3],[1166,4,1166,5],[1166,6,1166,7],[1205,1,1206,2],[1205,3,1206,3],[1205,4,1205,5],[1205,6,1205,7],[1207,13,1207,15],[1153,1,1154,2],[1235,3,1235,7],[1236,5,1236,7],[1168,13,1168,15]],"merged_total":2692,"flags":["merged_cut"]}
[1,"1ª/GRD",{"$nulls":8},{"$f":"J42","v":475629.65}]
[null,"OBRA:","EXECUÇÃO DAS OBRAS E SERVIÇOS DE CONSTRUÇÃO DE PONTES E GALERIAS, INCLUINDO A CONCLUSÃO DE ESTRUTURAS JÁ INICIADAS, LOCALIZADAS NA ÁREA DA BARRAGEM DE APROVEITAMENTO MÚLTIPLO JEQUITAÍ I, NO MUNICÍPIO DE FRANCISCO DUMONT, NO ESTADO DE MINAS GERAIS - ITEM 1: PONTES A e B"]
[null,"Custo Unitário de Referência",null,null,"Minas Gerais"]
[{"$nulls":4}," Abril/2025 ",null,null,"Produção da equipe ",1,{"$f":"VLOOKUP(A1,ORÇAMENTO!A:L,7,0)","v":"unid."}]
[null,"CA0001","ADMINISTRAÇÃO LOCAL  E MANUTENÇÃO DO CANTEIRO DE OBRAS",{"$nulls":5},"Valores em reais (R$)"]
[null,"A - EQUIPAMENTOS",null,"Quantidade","Utilização",null,"Custo Horário",null,null,"Custo"]
[{"$nulls":4},"Operativa","Improdutiva","Produtivo","Improdutivo",null,"Horário Total"]
[null,92138,"Caminhonete a diesel, cabine dupla, 4x4",1408,0.25,0.75,100.83,49.73,null,{"$f":"D8*(E8*G8+F8*H8)","v":88007.039999999994}]
[null,"E9125","Veículo tipo van furgão com capacidade de 1,38 t - 100 kW",704,0.12,0.88,87.335700000000003,47.899799999999999,null,{"$f":"D9*(E9*G9+F9*H9)","v":37053.004031999997}]
[{"$nulls":7},"Custo horário total de equipamentos",null,{"$f":"SUM(J8:J9)","v":125060.04403199999}]
[null,"B - MÃO DE OBRA",null,"Quantidade","Unidade",null,"Custo Horário","Custo Horário Total"]
[null,"P9812","Engenheiro - mensalista",1.999786476868274,"mês",null,26982.6132,null,null,{"$f":"D12*G12","v":53959.464987927386}]
[null,"P9876","Técnico de segurança do trabalho - mensalista",8,"mês",null,8251.9032999999999,null,null,{"$f":"D13*G13","v":66015.2264}]
[null,"P9840","Encarregado geral - mensalista",4,"mês",null,13706.441699999999,null,null,54825.766799999998]
[null,"P9811","Encarregado especializado - mensalista",8,"mês",null,9586.3796000000002,null,null,76691.036800000002]
[null,"P9806","Auxiliar administrativo - mensalista",8,"mês",null,4706.5968999999996,null,null,37652.775199999996]
[null,"P9858","Laboratorista - mensalista",4,"mês",null,6549.5189,null,null,{"$f":"D17*G17","v":26198.0756}]
[null,"P9833","Auxiliar de laboratório - mensalista",4,"mês",null,6450.1135999999997,null,null,25800.454399999999]
[null,null,null,"Custo horário total de mão de obra",{"$nulls":5},{"$f":"SUM(J12:J18)","v":341142.80018792732}]
[null,null,null,"Custo horário total de execução",{"$nulls":5},{"$f":"J10+J19","v":466202.84421992733}]
[null,null,null,"Custo unitário de execução",{"$nulls":5},{"$f":"J20/I4","v":466202.84421992733}]
[{"$nulls":7},"Custo do FIC",null,0]
[{"$nulls":7},"Custo do FIT",null,0]
[null,"C - MATERIAL",null,"Quantidade","Unidade",null,"Preço Unitário","Custo Unitário"]
[null,"-",0,null," - ",null,0,null,null,{"$f":"D25*G25","v":0}]
[null,"-",0,null," - ",null,0,null,null,{"$f":"D26*G26","v":0}]
[null,null,null,"Custo unitário total de material",{"$nulls":5},{"$f":"SUM(J25:J26)","v":0}]
[null,"D - ATIVIDADES AUXILIARES",null,"Quantidade","Unidade",null,"Custo Unitário","Custo Unitário"]
[null,"B8957","Cesta das instalações - Laboretório de Solos e Concreto (simplificado - ensaios in situ e amostras)",4,"mês",null,842.15166666666653,null,null,{"$f":"D29*G29","v":3368.6066666666661}]
[null,"SBC 008823","Ensaio de resistência a compressão simples - concreto",60,"unid.",null,100.97,null,null,{"$f":"D30*G30","v":6058.2}]
[null,null,null,"Custo total de atividades auxiliares",{"$nulls":5},{"$f":"SUM(J29:J30)","v":9426.8066666666655}]
[{"$nulls":7},"Subtotal",null,{"$f":"J21+J27+J31+J22+J23","v":475629.65088659397}]
[null,"E - TEMPO FIXO",null,"Código","Quantidade","Unidade",null,"Custo Unitário","Custo Unitário"]
[null,"-",0,"-",null,0,null,0,null,{"$f":"ROUNDDOWN(E34*H34,4)","v":0}]
[null,"-",0,"-",null,0,null,0,null,{"$f":"ROUNDDOWN(E35*H35,4)","v":0}]
[null,null,null,"Custo unitário total de tempo fixo",{"$nulls":5},{"$f":"SUM(J34:J35)","v":0}]
[null,"F - MOMENTO DE TRANSPORTE",null,"Quantidade","Unidade","DMT",null,null,null,"Custo Unitário"]
[{"$nulls":5},"LN","RP","P"]
[null,"-",0,null,"tkm"]
[null,"-",0,null,"tkm"]
[null,null,null,"Custo unitário total de transporte"]
[{"$nulls":5},"Custo unitário direto total",null,null,null,{"$f":"TRUNC(J32+J36,2)","v":475629.65}]
[null,"Obs."]
[]
[2,"1ª/GRD",{"$nulls":8},{"$f":"J82","v":14376.92}]
[null,"OBRA:","EXECUÇÃO DAS OBRAS E SERVIÇOS DE CONSTRUÇÃO DE PONTES E GALERIAS, INCLUINDO A CONCLUSÃO DE ESTRUTURAS JÁ INICIADAS, LOCALIZADAS NA ÁREA DA BARRAGEM DE APROVEITAMENTO MÚLTIPLO JEQUITAÍ I, NO MUNICÍPIO DE FRANCISCO DUMONT, NO ESTADO DE MINAS GERAIS - ITEM 1: PONTES A e B"]
[null,"Custo Unitário de Referência",null,null,"Minas Gerais"]
[{"$nulls":4}," Abril/2025 ",null,null,"Produção da equipe ",0.5,{"$f":"VLOOKUP(A45,ORÇAMENTO!A:L,7,0)","v":"unid."}]
[null,"CA0002","MOBILIZAÇÃO E DESMOBILIZAÇÃO DE PESSOAL E EQUIPAMENTOS AUTOPROPELIDOS",{"$nulls":5},"Valores em reais (R$)"]
[null,"A - EQUIPAMENTOS",null,"Quantidade","Utilização",null,"Custo Horário",null,null,"Custo"]
[{"$nulls":4},"Operativa","Improdutiva","Produtivo","Improdutivo",null,"Horário Total"]
[null,"E9041","Caminhão guindauto com capacidade de elevação de 11,9 t e carroceria de 11,5 t - 188 kW",8,0.5,0.5,397.6644,122.861,null,{"$f":"D52*(E52*G52+F52*H52)","v":2082.1016}]
[null,"E9667","Caminhão basculante com capacidade de 14 m³ - 210 kW",16,0.8,0.2,322.66559999999998,97.340599999999995,null,{"$f":"D53*(E53*G53+F53*H53)","v":4441.6095999999998}]
[null,"E9125","Veículo tipo van furgão com capacidade de 1,38 t - 100 kW",4,0.8,0.2,87.335700000000003,47.899799999999999,null,{"$f":"D54*(E54*G54+F54*H54)","v":317.79408000000001}]
[{"$nulls":7},"Custo horário total de equipamentos",null,{"$f":"SUM(J52:J54)","v":6841.5052799999994}]
[null,"B - MÃO DE OBRA",null,"Quantidade","Unidade",null,"Custo Horário","Custo Horário Total"]
[null,"P9824","Servente",16,"h",null,21.684899999999999,null,null,{"$f":"D57*G57","v":346.95839999999998}]
[null,"-",0,null,0,null,0,null,null,{"$f":"D58*G58","v":0}]
[null,null,null,"Custo horário total de mão de obra",{"$nulls":5},{"$f":"SUM(J57:J58)","v":346.95839999999998}]
[null,null,null,"Custo horário total de execução",{"$nulls":5},{"$f":"J55+J59","v":7188.4636799999989}]
[null,null,null,"Custo unitário de execução",{"$nulls":5},{"$f":"J60/I48","v":14376.927359999998}]
[{"$nulls":7},"Custo do FIC",null,0]
[{"$nulls":7},"Custo do FIT",null,0]
[null,"C - MATERIAL",null,"Quantidade","Unidade",null,"Preço Unitário","Custo Unitário"]
[null,"-",0,null," - ",null,0,null,null,{"$f":"D65*G65","v":0}]
[null,"-",0,null," - ",null,0,null,null,{"$f":"D66*G66","v":0}]
[null,null,null,"Custo unitário total de material",{"$nulls":5},{"$f":"SUM(J65:J66)","v":0}]
[null,"D - ATIVIDADES AUXILIARES",null,"Quantidade","Unidade",null,"Custo Unitário","Custo Unitário"]
[null,"-",0,null,0,null,0,null,null,{"$f":"D69*G69","v":0}]
[null,"-",0,null,0,null,0,null,null,{"$f":"D70*G70","v":0}]
[null,null,null,"Custo total de atividades auxiliares",{"$nulls":5},{"$f":"SUM(J69:J70)","v":0}]
[{"$nulls":7},"Subtotal",null,{"$f":"J61+J67+J71+J62+J63","v":14376.927359999998}]
[null,"E - TEMPO FIXO",null,"Código","Quantidade","Unidade",null,"Custo Unitário","Custo Unitário"]
[null,"-",0,"-",null,0,null,0,null,{"$f":"ROUNDDOWN(E74*H74,4)","v":0}]
[null,"-",0,"-",null,0,null,0,null,{"$f":"ROUNDDOWN(E75*H75,4)","v":0}]
[null,null,null,"Custo unitário total de tempo fixo",{"$nulls":5},{"$f":"SUM(J74:J75)","v":0}]
[null,"F - MOMENTO DE TRANSPORTE",null,"Quantidade","Unidade","DMT",null,null,null,"Custo Unitário"]
[{"$nulls":5},"LN","RP","P"]
[null,"-",0,null,"tkm"]
[null,"-",0,null,"tkm"]
[null,null,null,"Custo unitário total de transporte"]
[{"$nulls":5},"Custo unitário direto total",null,null,null,{"$f":"TRUNC(J72+J76,2)","v":14376.92}]
[null,"Obs."]
[]
[2.5,"1ª/GRD",{"$nulls":8},{"$f":"J121","v":60800.17}]
[null,"OBRA:","EXECUÇÃO DAS OBRAS E SERVIÇOS DE CONSTRUÇÃO DE PONTES E GALERIAS, INCLUINDO A CONCLUSÃO DE ESTRUTURAS JÁ INICIADAS, LOCALIZADAS NA ÁREA DA BARRAGEM DE APROVEITAMENTO MÚLTIPLO JEQUITAÍ I, NO MUNICÍPIO DE FRANCISCO DUMONT, NO ESTADO DE MINAS GERAIS - ITEM 1: PONTES A e B"]
[null,"Custo Unitário de Referência",null,null,"Minas Gerais"]
[{"$nulls":4}," Abril/2025 ",null,null,"Produção da equipe ",0.5,{"$f":"VLOOKUP(A85,ORÇAMENTO!A:L,7,0)","v":"unid."}]
[null,"CA0003","MOBILIZAÇÃO E DESMOBILIZAÇÃO DE GUINDASTES ESPECIAIS PARA LANÇAMENTO DAS VIGAS PRÉ-MOLDADAS",{"$nulls":5},"Valores em reais (R$)"]
[null,"A - EQUIPAMENTOS",null,"Quantidade","Utilização",null,"Custo Horário",null,null,"Custo"]
[{"$nulls":4},"Operativa","Improdutiva","Produtivo","Improdutivo",null,"Horário Total"]
[null,"-",0,8,0.5,0.5,0,0,null,{"$f":"D92*(E92*G92+F92*H92)","v":0}]
[null,"-",0,4,0.8,0.2,0,0,null,{"$f":"D93*(E93*G93+F93*H93)","v":0}]
[{"$nulls":7},"Custo horário total de equipamentos",null,{"$f":"SUM(J92:J93)","v":0}]
[null,"B - MÃO DE OBRA",null,"Quantidade","Unidade",null,"Custo Horário","Custo Horário Total"]
[null,"-",0,16,0,null,0,null,null,{"$f":"D96*G96","v":0}]
[null,"-",0,null,0,null,0,null,null,{"$f":"D97*G97","v":0}]
[null,null,null,"Custo horário total de mão de obra",{"$nulls":5},{"$f":"SUM(J96:J97)","v":0}]
[null,null,null,"Custo horário total de execução",{"$nulls":5},{"$f":"J94+J98","v":0}]
[null,null,null,"Custo unitário de execução",{"$nulls":5},{"$f":"J99/I88","v":0}]
[{"$nulls":7},"Custo do FIC",null,0]
[{"$nulls":7},"Custo do FIT",null,0]
[null,"C - MATERIAL",null,"Quantidade","Unidade",null,"Preço Unitário","Custo Unitário"]
[null,"-",0,null," - ",null,0,null,null,{"$f":"D104*G104","v":0}]
[null,"-",0,null," - ",null,0,null,null,{"$f":"D105*G105","v":0}]
[null,null,null,"Custo unitário total de material",{"$nulls":5},{"$f":"SUM(J104:J105)","v":0}]
[null,"D - ATIVIDADES AUXILIARES",null,"Quantidade","Unidade",null,"Custo Unitário","Custo Unitário"]
[null,9999999,"Mobilização/Desmobilização de guindaste de 90 toneladas",1,"unid",null,60800.178232784667,null,null,{"$f":"D108*G108","v":60800.178232784667}]
[null,"-",0,null,0,null,0,null,null,{"$f":"D109*G109","v":0}]
[null,null,null,"Custo total de atividades auxiliares",{"$nulls":5},{"$f":"SUM(J108:J109)","v":60800.178232784667}]
[{"$nulls":7},"Subtotal",null,{"$f":"J100+J106+J110+J101+J102","v":60800.178232784667}]
[null,"E - TEMPO FIXO",null,"Código","Quantidade","Unidade",null,"Custo Unitário","Custo Unitário"]
[null,"-",0,"-",null,0,null,0,null,{"$f":"ROUNDDOWN(E113*H113,4)","v":0}]
[null,"-",0,"-",null,0,null,0,null,{"$f":"ROUNDDOWN(E114*H114,4)","v":0}]
[null,null,null,"Custo unitário total de tempo fixo",{"$nulls":5},{"$f":"SUM(J113:J114)","v":0}]
[null,"F - MOMENTO DE TRANSPORTE",null,"Quantidade","Unidade","DMT",null,null,null,"Custo Unitário"]
[{"$nulls":5},"LN","RP","P"]
[null,"-",0,null,"tkm"]
[null,"-",0,null,"tkm"]
[null,null,null,"Custo unitário total de transporte"]
[{"$nulls":5},"Custo unitário direto total",null,null,null,{"$f":"TRUNC(J111+J115,2)","v":60800.17}]
[null,"Obs.",null,-335544.32000000001]
[]
[2.6,"1ª/GRD",{"$nulls":8},{"$f":"J168","v":4448.05}]
[null,"OBRA:","EXECUÇÃO DAS OBRAS E SERVIÇOS DE CONSTRUÇÃO DE PONTES E GALERIAS, INCLUINDO A CONCLUSÃO DE ESTRUTURAS JÁ INICIADAS, LOCALIZADAS NA ÁREA DA BARRAGEM DE APROVEITAMENTO MÚLTIPLO JEQUITAÍ I, NO MUNICÍPIO DE FRANCISCO DUMONT, NO ESTADO DE MINAS GERAIS - ITEM 1: PONTES A e B"]
[null,"Custo Unitário de Referência",null,null,"Minas Gerais"]
[{"$nulls":4}," Abril/2025 ",null,null,"Produção da equipe ",1,{"$f":"VLOOKUP(A124,ORÇAMENTO!A:L,7,0)","v":"mês"}]
[null,"CA0005","CAMINHONETE COM MOTOR A DIESEL, POTÊNCIA 180 CV, CABINE DUPLA, 4X4 - PARA USO DA FISCALIZAÇÃO",{"$nulls":5},"Valores em reais (R$)"]
[null,"A - EQUIPAMENTOS",null,"Quantidade","Utilização",null,"Custo Horário",null,null,"Custo"]
[{"$nulls":4},"Operativa","Improdutiva","Produtivo","Improdutivo",null,"Horário Total"]
[null,"-",0,null,null,null,0,0,null,{"$f":"D131*(E131*G131+F131*H131)","v":0}]
[null,"-",0,null,null,null,0,0,null,{"$f":"D132*(E132*G132+F132*H132)","v":0}]
[{"$nulls":7},"Custo horário total de equipamentos",null,{"$f":"SUM(J131:J132)","v":0}]
[null,"B - MÃO DE OBRA",null,"Quantidade","Unidade",null,"Custo Horário","Custo Horário Total"]
[null,"-",0,null,0,null,0,null,null,{"$f":"D135*G135","v":0}]
[null,"-",0,null,0,null,0,null,null,{"$f":"D136*G136","v":0}]
[null,null,null,"Custo horário total de mão de obra",{"$nulls":5},{"$f":"SUM(J135:J136)","v":0}]
[null,null,null,"Custo horário total de execução",{"$nulls":5},{"$f":"J133+J137","v":0}]
[null,null,null,"Custo unitário de execução",{"$nulls":5},{"$f":"J138/I127","v":0}]
[{"$nulls":7},"Custo do FIC",null,0]
[{"$nulls":7},"Custo do FIT",null,0]
[null,"C - MATERIAL",null,"Quantidade","Unidade",null,"Preço Unitário","Custo Unitário"]
[null,"-",0,null," - ",null,0,null,null,{"$f":"D143*G143","v":0}]
[null,"-",0,null," - ",null,0,null,null,{"$f":"D144*G144","v":0}]
[null,null,null,"Custo unitário total de material",{"$nulls":5},{"$f":"SUM(J143:J144)","v":0}]
[null,"D - ATIVIDADES AUXILIARES",null,"Quantidade","Unidade",null,"Custo Unitário","Custo Unitário"]
[null,"-","Depreciação mensal do equipamento",1,"vb",null,1744.3958333333333,null,null,{"$f":"D147*G147","v":1744.3958333333333}]
[null,"-","Juros pelo Capital empregado",1,"vb",null,20.307514940273467,null,null,{"$f":"D148*G148","v":20.307514940273467}]
[null,"-","Conservação e manutenção **",1,"vb",null,1308.296875,null,null,1308.296875]
[null,"-","Combustível",1,"vb",null,1224,null,null,1224]
[null,"-","Lubrificantes",1,"vb",null,38.40164383561644,null,null,38.40164383561644]
[null,"-","Pneus",1,"vb",null,112.65534246575342,null,null,112.65534246575342]
[null,"-",{"$nulls":7},0]
[null,"-",{"$nulls":7},0]
[null,"-",{"$nulls":7},0]
[null,"-",{"$nulls":7},0]
[null,null,null,"Custo total de atividades auxiliares",{"$nulls":5},{"$f":"SUM(J147:J156)","v":4448.0572095749767}]
[{"$nulls":7},"Subtotal",null,{"$f":"J139+J145+J157+J140+J141","v":4448.0572095749767}]
[null,"E - TEMPO FIXO",null,"Código","Quantidade","Unidade",null,"Custo Unitário","Custo Unitário"]
[null,"-",0,"-",null,0,null,0,null,{"$f":"ROUNDDOWN(E160*H160,4)","v":0}]
[null,"-",0,"-",null,0,null,0,null,{"$f":"ROUNDDOWN(E161*H161,4)","v":0}]
[null,null,null,"Custo unitário total de tempo fixo",{"$nulls":5},{"$f":"SUM(J160:J161)","v":0}]
[null,"F - MOMENTO DE TRANSPORTE",null,"Quantidade","Unidade","DMT",null,null,null,"Custo Unitário"]
[{"$nulls":5},"LN","RP","P"]
[null,"-",0,null,"tkm"]
[null,"-",0,null,"tkm"]
[null,null,null,"Custo unitário total de transporte"]
[{"$nulls":5},"Custo unitário direto total",null,null,null,{"$f":"TRUNC(J158+J162,2)","v":4448.05}]
[null,"Obs."]
[]
[3,"1ª/GRD",{"$nulls":8},{"$f":"J210","v":62450.2}]
[null,"OBRA:","EXECUÇÃO DAS OBRAS E SERVIÇOS DE CONSTRUÇÃO DE PONTES E GALERIAS, INCLUINDO A CONCLUSÃO DE ESTRUTURAS JÁ INICIADAS, LOCALIZADAS NA ÁREA DA BARRAGEM DE APROVEITAMENTO MÚLTIPLO JEQUITAÍ I, NO MUNICÍPIO DE FRANCISCO DUMONT, NO ESTADO DE MINAS GERAIS - ITEM 1: PONTES A e B"]
[null,"Custo Unitário de Referência",null,null,"Minas Gerais"]
[{"$nulls":4}," Abril/2025 ",null,null,"Produção da equipe ",1,{"$f":"VLOOKUP(A171,ORÇAMENTO!A:L,7,0)","v":"unid."}]
[null,"CA0004","EXECUÇÃO DE CANTEIRO DE OBRA EM CHAPA DE MADEIRA COMPENSADA, INCLUSIVE MOBILIÁRIO E EQUIPAMENTOS",{"$nulls":5},"Valores em reais (R$)"]
[null,"A - EQUIPAMENTOS",null,"Quantidade","Utilização",null,"Custo Horário",null,null,"Custo"]
[{"$nulls":4},"Operativa","Improdutiva","Produtivo","Improdutivo",null,"Horário Total"]
[null,"-",0,null,null,null,0,0,null,{"$f":"D178*(E178*G178+F178*H178)","v":0}]
[null,"-",0,null,null,null,0,0,null,{"$f":"D179*(E179*G179+F179*H179)","v":0}]
[{"$nulls":7},"Custo horário total de equipamentos",null,{"$f":"SUM(J178:J179)","v":0}]
[null,"B - MÃO DE OBRA",null,"Quantidade","Unidade",null,"Custo Horário","Custo Horário Total"]
[null,"P9808","Carpinteiro",4,"h",null,27.647099999999998,null,null,{"$f":"D182*G182","v":110.58839999999999}]
[null,"P9824","Servente",8,"h",null,21.684899999999999,null,null,{"$f":"D183*G183","v":173.47919999999999}]
[null,null,null,"Custo horário total de mão de obra",{"$nulls":5},{"$f":"SUM(J182:J183)","v":284.06759999999997}]
[null,null,null,"Custo horário total de execução",{"$nulls":5},{"$f":"J180+J184","v":284.06759999999997}]
[null,null,null,"Custo unitário de execução",{"$nulls":5},{"$f":"J185/I174","v":284.06759999999997}]
[{"$nulls":7},"Custo do FIC",null,0]
[{"$nulls":7},"Custo do FIT",null,0]
[null,"C - MATERIAL",null,"Quantidade","Unidade",null,"Preço Unitário","Custo Unitário"]
[null,"M0160","Extintor de incêndio tipo espuma mecânica - V = 10 l",3.8600000000000002E-2,"un",null,593.4,null,null,{"$f":"D190*G190","v":22.905239999999999}]
[null,"M0053","Tela plástica em polipropileno na cor laranja para tapume - L = 1,2 m",100,"m",null,1.79,null,null,{"$f":"D191*G191","v":179}]
[null,null,null,"Custo unitário total de material",{"$nulls":5},{"$f":"SUM(J190:J191)","v":201.90523999999999}]
[null,"D - ATIVIDADES AUXILIARES",null,"Quantidade","Unidade",null,"Custo Unitário","Custo Unitário"]
[null,"ED-50135","Barracão de obra em chapa de compensado resinado, inclusive instalações sanitárias e mobiliário",40,"m²",null,675.66,"SETOP-MG",null,{"$f":"D194*G194","v":27026.399999999998}]
[null,"ED-50125","Área coberta em telha fibrocimento para central de corte / dobra / montagem em canteiro de obras, inclusive bancadas e instalações elétricas",20,"m²",null,153.22999999999999,"SETOP-MG",null,{"$f":"D195*G195","v":3064.6}]
[null,"ED-16350","Locação de conteiner com isolamento térmico para depósito e ferramentaria de obra - 6,0m x 2,3m x 2,5m (canteiro avançado)",16,"mês",null,858.71,"SETOP-MG",null,13739.36]
[null,"ED-50155","Locação de banheiro químico, linha padrão com higienizadora de mãos, inclusive manutenção (canteiro avançado)",16,"mês",null,1050,"SETOP-MG",null,16800]
[null,34640,"CAIXA D'AGUA / RESERVATORIO EM POLIETILENO, 2000 LITROS, COM TAMPA",1,"UNID.",null,1333.87,"SINAPI",null,1333.87]
[null,null,null,"Custo total de atividades auxiliares",{"$nulls":5},{"$f":"SUM(J194:J198)","v":61964.23}]
[{"$nulls":7},"Subtotal",null,{"$f":"J186+J192+J199+J187+J188","v":62450.202840000005}]
[null,"E - TEMPO FIXO",null,"Código","Quantidade","Unidade",null,"Custo Unitário","Custo Unitário"]
[null,"-",0,"-",null,0,null,0,null,{"$f":"ROUNDDOWN(E202*H202,4)","v":0}]
[null,"-",0,"-",null,0,null,0,null,{"$f":"ROUNDDOWN(E203*H203,4)","v":0}]
[null,null,null,"Custo unitário total de tempo fixo",{"$nulls":5},{"$f":"SUM(J202:J203)","v":0}]
[null,"F - MOMENTO DE TRANSPORTE",null,"Quantidade","Unidade","DMT",null,null,null,"Custo Unitário"]
[{"$nulls":5},"LN","RP","P"]
[null,"-",0,null,"tkm"]
[null,"-",0,null,"tkm"]
[null,null,null,"Custo unitário total de transporte"]
[{"$nulls":5},"Custo unitário direto total",null,null,null,{"$f":"TRUNC(J200+J204,2)","v":62450.2}]
[null,"Obs."]
[]
[4,"1ª/GRD",{"$nulls":8},{"$f":"J251","v":509.57}]
[null,"OBRA:","EXECUÇÃO DAS OBRAS E SERVIÇOS DE CONSTRUÇÃO DE PONTES E GALERIAS, INCLUINDO A CONCLUSÃO DE ESTRUTURAS JÁ INICIADAS, LOCALIZADAS NA ÁREA DA BARRAGEM DE APROVEITAMENTO MÚLTIPLO JEQUITAÍ I, NO MUNICÍPIO DE FRANCISCO DUMONT, NO ESTADO DE MINAS GERAIS - ITEM 1: PONTES A e B"]
[null,"Custo Unitário de Referência",null,null,"Minas Gerais"]
[{"$nulls":4}," Abril/2025 ",null,null,"Produção da equipe ",1,{"$f":"VLOOKUP(A213,ORÇAMENTO!A:L,7,1)","v":"mês"}]
[null,"103689","PLACA DE OBRA EM CHAPA DE ACO GALVANIZADO",{"$nulls":5},"Valores em reais (R$)"]
[null,"A - EQUIPAMENTOS",null,"Quantidade","Utilização",null,"Custo Horário",null,null,"Custo"]
[{"$nulls":4},"Operativa","Improdutiva","Produtivo","Improdutivo",null,"Horário Total"]
[null,"-",0,null,null,null,0,0,null,{"$f":"D220*(E220*G220+F220*H220)","v":0}]
[null,"-",0,null,null,null,0,0,null,{"$f":"D221*(E221*G221+F221*H221)","v":0}]
[{"$nulls":7},"Custo horário total de equipamentos",null,{"$f":"SUM(J220:J221)","v":0}]
[null,"B - MÃO DE OBRA",null,"Quantidade","Unidade",null,"Custo Horário","Custo Horário Total"]
[null,"P9824","Servente",1.1186,"h",null,21.684899999999999,null,null,{"$f":"D224*G224","v":24.256729140000001}]
[null,"P9808","Carpinteiro",0.37290000000000001,"h",null,27.647099999999998,null,null,{"$f":"D225*G225","v":10.30960359}]
[null,null,null,"Custo horário total de mão de obra",{"$nulls":5},{"$f":"SUM(J224:J225)","v":34.566332729999999}]
[null,null,null,"Custo horário total de execução",{"$nulls":5},{"$f":"J222+J226","v":34.566332729999999}]
[null,null,null,"Custo unitário de execução",{"$nulls":5},{"$f":"J227/I216","v":34.566332729999999}]
[{"$nulls":7},"Custo do FIC",null,0]
[{"$nulls":7},"Custo do FIT",null,0]
[null,"C - MATERIAL",null,"Quantidade","Unidade",null,"Preço Unitário","Custo Unitário"]
[null,"M1358","Sarrafo em madeira de terceira - E = 2,5 cm e L = 5 cm",3.2082999999999999,"m",null,2.1217000000000001,null,null,{"$f":"D232*G232","v":6.8070501100000005}]
[null,"M1205","Prego de ferro",2.4500000000000001E-2,"kg",null,15.2544,null,null,{"$f":"D233*G233","v":0.37373280000000003}]
[null,"M0998","Madeira estrutural de eucalipto",2.2608E-2,"m³",null,3000,null,null,67.823999999999998]
[null,4813,"Placa de obra (para construção civil) em chapa galvanizada *N. 22*, adesivada, de *2,4 X 1,2* m (sem postes para fixação)",1,"m²",null,400,"(SINAPI)",null,400]
[null,null,null,"Custo unitário total de material",{"$nulls":5},{"$f":"SUM(J232:J235)","v":475.00478291000002}]
[null,"D - ATIVIDADES AUXILIARES",null,"Quantidade","Unidade",null,"Custo Unitário","Custo Unitário"]
[null,"-",0,null,0,null,0,null,null,{"$f":"D238*G238","v":0}]
[null,"-",0,null,0,null,0,null,null,{"$f":"D239*G239","v":0}]
[null,null,null,"Custo total de atividades auxiliares",{"$nulls":5},{"$f":"SUM(J238:J239)","v":0}]
[{"$nulls":7},"Subtotal",null,{"$f":"J228+J236+J240+J229+J230","v":509.57111564000002}]
[null,"E - TEMPO FIXO",null,"Código","Quantidade","Unidade",null,"Custo Unitário","Custo Unitário"]
[null,"-",0,"-",null,0,null,0,null,{"$f":"ROUNDDOWN(E243*H243,4)","v":0}]
[null,"-",0,"-",null,0,null,0,null,{"$f":"ROUNDDOWN(E244*H244,4)","v":0}]
[null,null,null,"Custo unitário total de tempo fixo",{"$nulls":5},{"$f":"SUM(J243:J244)","v":0}]
[null,"F - MOMENTO DE TRANSPORTE",null,"Quantidade","Unidade","DMT",null,null,null,"Custo Unitário"]
[{"$nulls":5},"LN","RP","P"]
[null,"-",0,null,"tkm"]
[null,"-",0,null,"tkm"]
[null,null,null,"Custo unitário total de transporte"]
[{"$nulls":5},"Custo unitário direto total",null,null,null,{"$f":"TRUNC(J241+J245,2)","v":509.57}]
[null,"Obs."]
[]
[5,"1ª/GRD",{"$nulls":8},{"$f":"J290","v":0.57999999999999996}]
[null,"OBRA:","EXECUÇÃO DAS OBRAS E SERVIÇOS DE CONSTRUÇÃO DE PONTES E GALERIAS, INCLUINDO A CONCLUSÃO DE ESTRUTURAS JÁ INICIADAS, LOCALIZADAS NA ÁREA DA BARRAGEM DE APROVEITAMENTO MÚLTIPLO JEQUITAÍ I, NO MUNICÍPIO DE FRANCISCO DUMONT, NO ESTADO DE MINAS GERAIS - ITEM 1: PONTES A e B"]
[null,"Custo Unitário de Referência",null,null,"Minas Gerais"]
[{"$nulls":4}," Abril/2025 ",null,null,"Produção da equipe ",803.77,{"$f":"VLOOKUP(A254,ORÇAMENTO!A:L,7,1)","v":"txkm"}]
[null,"5914640","TRANSPORTE DE EQUIPAMENTOS COM CAVALO MECÂNICO COM SEMI-REBOQUE, CAPACIDADE DE 30T - RODOVIA PAVIMENTADA",{"$nulls":5},"Valores em reais (R$)"]
[null,"A - EQUIPAMENTOS",null,"Quantidade","Utilização",null,"Custo Horário",null,null,"Custo"]
[{"$nulls":4},"Operativa","Improdutiva","Produtivo","Improdutivo",null,"Horário Total"]
[null,"E9666","Cavalo mecânico com semirreboque com capacidade de 32 t - 302 kW",1,1,0,472.48610000000002,141.1146,null,{"$f":"D261*(E261*G261+F261*H261)","v":472.48610000000002}]
[null,"-",0,null,null,null,0,0,null,{"$f":"D262*(E262*G262+F262*H262)","v":0}]
[{"$nulls":7},"Custo horário total de equipamentos",null,{"$f":"SUM(J261:J262)","v":472.48610000000002}]
[null,"B - MÃO DE OBRA",null,"Quantidade","Unidade",null,"Custo Horário","Custo Horário Total"]
[null,"-",0,null,0,null,0,null,null,{"$f":"D265*G265","v":0}]
[null,"-",0,null,0,null,0,null,null,{"$f":"D266*G266","v":0}]
[null,null,null,"Custo horário total de mão de obra",{"$nulls":5},{"$f":"SUM(J265:J266)","v":0}]
[null,null,null,"Custo horário total de execução",{"$nulls":5},{"$f":"J263+J267","v":472.48610000000002}]
[null,null,null,"Custo unitário de execução",{"$nulls":5},{"$f":"J268/I257","v":0.58783744105900948}]
[{"$nulls":7},"Custo do FIC",null,0]
[{"$nulls":7},"Custo do FIT",null,0]
[null,"C - MATERIAL",null,"Quantidade","Unidade",null,"Preço Unitário","Custo Unitário"]
[null,"-",0,null," - ",null,0,null,null,{"$f":"D273*G273","v":0}]
[null,"-",0,null," - ",null,0,null,null,{"$f":"D274*G274","v":0}]
[null,null,null,"Custo unitário total de material",{"$nulls":5},{"$f":"SUM(J273:J274)","v":0}]
[null,"D - ATIVIDADES AUXILIARES",null,"Quantidade","Unidade",null,"Custo Unitário","Custo Unitário"]
[null,"-",0,null,0,null,0,null,null,{"$f":"D277*G277","v":0}]
[null,"-",0,null,0,null,0,null,null,{"$f":"D278*G278","v":0}]
[null,null,null,"Custo total de atividades auxiliares",{"$nulls":5},{"$f":"SUM(J277:J278)","v":0}]
[{"$nulls":7},"Subtotal",null,{"$f":"J269+J275+J279+J270+J271","v":0.58783744105900948}]
[null,"E - TEMPO FIXO",null,"Código","Quantidade","Unidade",null,"Custo Unitário","Custo Unitário"]
[null,"-",0,"-",null,0,null,0,null,{"$f":"ROUNDDOWN(E282*H282,4)","v":0}]
[null,"-",0,"-",null,0,null,0,null,{"$f":"ROUNDDOWN(E283*H283,4)","v":0}]
[null,null,null,"Custo unitário total de tempo fixo",{"$nulls":5},{"$f":"SUM(J282:J283)","v":0}]
[null,"F - MOMENTO DE TRANSPORTE",null,"Quantidade","Unidade","DMT",null,null,null,"Custo Unitário"]
[{"$nulls":5},"LN","RP","P"]
[null,"-",0,null,"tkm"]
[null,"-",0,null,"tkm"]
[null,null,null,"Custo unitário total de transporte"]
[{"$nulls":5},"Custo unitário direto total",null,null,null,{"$f":"TRUNC(J280+J284,2)","v":0.57999999999999996}]
[null,"Obs."]
[]
[6,"1ª/GRD",{"$nulls":8},{"$f":"J329","v":0.72}]
[null,"OBRA:","EXECUÇÃO DAS OBRAS E SERVIÇOS DE CONSTRUÇÃO DE PONTES E GALERIAS, INCLUINDO A CONCLUSÃO DE ESTRUTURAS JÁ INICIADAS, LOCALIZADAS NA ÁREA DA BARRAGEM DE APROVEITAMENTO MÚLTIPLO JEQUITAÍ I, NO MUNICÍPIO DE FRANCISCO DUMONT, NO ESTADO DE MINAS GERAIS - ITEM 1: PONTES A e B"]
[null,"Custo Unitário de Referência",null,null,"Minas Gerais"]
[{"$nulls":4}," Abril/2025 ",null,null,"Produção da equipe ",669.81,{"$f":"VLOOKUP(A293,ORÇAMENTO!A:L,7,1)","v":"txkm"}]
[null,"5914639","TRANSPORTE DE EQUIPAMENTOS COM CAVALO MECÂNICO COM SEMI-REBOQUE, CAPACIDADE DE 30T - RODOVIA EM REVESTIMENTO PRIMÁRIO",{"$nulls":5},"Valores em reais (R$)"]
[null,"A - EQUIPAMENTOS",null,"Quantidade","Utilização",null,"Custo Horário",null,null,"Custo"]
[{"$nulls":4},"Operativa","Improdutiva","Produtivo","Improdutivo",null,"Horário Total"]
[null,"E9666","Cavalo mecânico com semirreboque com capacidade de 32 t - 302 kW",1,1,0,472.48610000000002,141.1146,null,{"$f":"D300*(E300*G300+F300*H300)","v":472.48610000000002}]
[null,"-",0,null,null,null,0,0,null,{"$f":"D301*(E301*G301+F301*H301)","v":0}]
[{"$nulls":7},"Custo horário total de equipamentos",null,{"$f":"SUM(J300:J301)","v":472.48610000000002}]
[null,"B - MÃO DE OBRA",null,"Quantidade","Unidade",null,"Custo Horário","Custo Horário Total"]
[null,"-",0,null,0,null,0,null,null,{"$f":"D304*G304","v":0}]
[null,"-",0,null,0,null,0,null,null,{"$f":"D305*G305","v":0}]
[null,null,null,"Custo horário total de mão de obra",{"$nulls":5},{"$f":"SUM(J304:J305)","v":0}]
[null,null,null,"Custo horário total de execução",{"$nulls":5},{"$f":"J302+J306","v":472.48610000000002}]
[null,null,null,"Custo unitário de execução",{"$nulls":5},{"$f":"J307/I296","v":0.70540317403442776}]
[{"$nulls":7},"Custo do FIC",null,1.7299999999999999E-2]
[{"$nulls":7},"Custo do FIT",null,0]
[null,"C - MATERIAL",null,"Quantidade","Unidade",null,"Preço Unitário","Custo Unitário"]
[null,"-",0,null," - ",null,0,null,null,{"$f":"D312*G312","v":0}]
[null,"-",0,null," - ",null,0,null,null,{"$f":"D313*G313","v":0}]
[null,null,null,"Custo unitário total de material",{"$nulls":5},{"$f":"SUM(J312:J313)","v":0}]
[null,"D - ATIVIDADES AUXILIARES",null,"Quantidade","Unidade",null,"Custo Unitário","Custo Unitário"]
[null,"-",0,null,0,null,0,null,null,{"$f":"D316*G316","v":0}]
[null,"-",0,null,0,null,0,null,null,{"$f":"D317*G317","v":0}]
[null,null,null,"Custo total de atividades auxiliares",{"$nulls":5},{"$f":"SUM(J316:J317)","v":0}]
[{"$nulls":7},"Subtotal",null,{"$f":"J308+J314+J318+J309+J310","v":0.72270317403442774}]
[null,"E - TEMPO FIXO",null,"Código","Quantidade","Unidade",null,"Custo Unitário","Custo Unitário"]
[null,"-",0,"-",null,0,null,0,null,{"$f":"ROUNDDOWN(E321*H321,4)","v":0}]
[null,"-",0,"-",null,0,null,0,null,{"$f":"ROUNDDOWN(E322*H322,4)","v":0}]
[null,null,null,"Custo unitário total de tempo fixo",{"$nulls":5},{"$f":"SUM(J321:J322)","v":0}]
[null,"F - MOMENTO DE TRANSPORTE",null,"Quantidade","Unidade","DMT",null,null,null,"Custo Unitário"]
[{"$nulls":5},"LN","RP","P"]
[null,"-",0,null,"tkm"]
[null,"-",0,null,"tkm"]
[null,null,null,"Custo unitário total de transporte"]
[{"$nulls":5},"Custo unitário direto total",null,null,null,{"$f":"TRUNC(J319+J323,2)","v":0.72}]
[null,"Obs."]
[]
[7,"1ª/GRD",{"$nulls":8},{"$f":"J368","v":0.75}]
[null,"OBRA:","EXECUÇÃO DAS OBRAS E SERVIÇOS DE CONSTRUÇÃO DE PONTES E GALERIAS, INCLUINDO A CONCLUSÃO DE ESTRUTURAS JÁ INICIADAS, LOCALIZADAS NA ÁREA DA BARRAGEM DE APROVEITAMENTO MÚLTIPLO JEQUITAÍ I, NO MUNICÍPIO DE FRANCISCO DUMONT, NO ESTADO DE MINAS GERAIS - ITEM 1: PONTES A e B"]
[null,"Custo Unitário de Referência",null,null,"Minas Gerais"]
[{"$nulls":4}," Abril/2025 ",null,null,"Produção da equipe ",57.1,{"$f":"VLOOKUP(A332,ORÇAMENTO!A:L,7,0)","v":"m"}]
[null,1600966,"REMOÇÃO DE CERCAS E MOURÕES, DE FORMA MANUAL, SEM REAPROVEITAMENTO",{"$nulls":5},"Valores em reais (R$)"]
[null,"A - EQUIPAMENTOS",null,"Quantidade","Utilização",null,"Custo Horário",null,null,"Custo"]
[{"$nulls":4},"Operativa","Improdutiva","Produtivo","Improdutivo",null,"Horário Total"]
[null,"-",0,null,null,null,0,0,null,{"$f":"D339*(E339*G339+F339*H339)","v":0}]
[null,"-",0,null,null,null,0,0,null,{"$f":"D340*(E340*G340+F340*H340)","v":0}]
[{"$nulls":7},"Custo horário total de equipamentos",null,{"$f":"SUM(J339:J340)","v":0}]
[null,"B - MÃO DE OBRA",null,"Quantidade","Unidade",null,"Custo Horário","Custo Horário Total"]
[null,"P9824","Servente",2,"h",null,21.684899999999999,null,null,{"$f":"D343*G343","v":43.369799999999998}]
[null,"-",0,null,0,null,0,null,null,{"$f":"D344*G344","v":0}]
[null,null,null,"Custo horário total de mão de obra",{"$nulls":5},{"$f":"SUM(J343:J344)","v":43.369799999999998}]
[null,null,null,"Custo horário total de execução",{"$nulls":5},{"$f":"J341+J345","v":43.369799999999998}]
[null,null,null,"Custo unitário de execução",{"$nulls":5},{"$f":"J346/I335","v":0.75954115586690008}]
[{"$nulls":7},"Custo do FIC",null,0]
[{"$nulls":7},"Custo do FIT",null,0]
[null,"C - MATERIAL",null,"Quantidade","Unidade",null,"Preço Unitário","Custo Unitário"]
[null,"-",0,null," - ",null,0,null,null,{"$f":"D351*G351","v":0}]
[null,"-",0,null," - ",null,0,null,null,{"$f":"D352*G352","v":0}]
[null,null,null,"Custo unitário total de material",{"$nulls":5},{"$f":"SUM(J351:J352)","v":0}]
[null,"D - ATIVIDADES AUXILIARES",null,"Quantidade","Unidade",null,"Custo Unitário","Custo Unitário"]
[null,"-",0,null,0,null,0,null,null,{"$f":"D355*G355","v":0}]
[null,"-",0,null,0,null,0,null,null,{"$f":"D356*G356","v":0}]
[null,null,null,"Custo total de atividades auxiliares",{"$nulls":5},{"$f":"SUM(J355:J356)","v":0}]
[{"$nulls":7},"Subtotal",null,{"$f":"J347+J353+J357+J348+J349","v":0.75954115586690008}]
[null,"E - TEMPO FIXO",null,"Código","Quantidade","Unidade",null,"Custo Unitário","Custo Unitário"]
[null,"-",0,"-",null,0,null,0,null,{"$f":"ROUNDDOWN(E360*H360,4)","v":0}]
[null,"-",0,"-",null,0,null,0,null,{"$f":"ROUNDDOWN(E361*H361,4)","v":0}]
[null,null,null,"Custo unitário total de tempo fixo",{"$nulls":5},{"$f":"SUM(J360:J361)","v":0}]
[null,"F - MOMENTO DE TRANSPORTE",null,"Quantidade","Unidade","DMT",null,null,null,"Custo Unitário"]
[{"$nulls":5},"LN","RP","P"]
[null,"-",0,null,"tkm"]
[null,"-",0,null,"tkm"]
[null,null,null,"Custo unitário total de transporte"]
[{"$nulls":5},"Custo unitário direto total",null,null,null,{"$f":"TRUNC(J358+J362,2)","v":0.75}]
[null,"Obs."]
[]
[8,"1ª/GRD",{"$nulls":8},{"$f":"J407","v":81.16}]
[null,"OBRA:","EXECUÇÃO DAS OBRAS E SERVIÇOS DE CONSTRUÇÃO DE PONTES E GALERIAS, INCLUINDO A CONCLUSÃO DE ESTRUTURAS JÁ INICIADAS, LOCALIZADAS NA ÁREA DA BARRAGEM DE APROVEITAMENTO MÚLTIPLO JEQUITAÍ I, NO MUNICÍPIO DE FRANCISCO DUMONT, NO ESTADO DE MINAS GERAIS - ITEM 1: PONTES A e B"]
[null,"Custo Unitário de Referência",null,null,"Minas Gerais"]
[{"$nulls":4}," Abril/2025 ",null,null,"Produção da equipe ",1,{"$f":"VLOOKUP(A371,ORÇAMENTO!A:L,7,1)","v":"unid."}]
[null,"98529","CORTE RASO E RECORTE DE ÁRVORE COM DIÂMETRO DE TRONCO MAIOR OU IGUAL A 0,20 M E MENOR QUE 0,40",{"$nulls":5},"Valores em reais (R$)"]
[null,"A - EQUIPAMENTOS",null,"Quantidade","Utilização",null,"Custo Horário",null,null,"Custo"]
[{"$nulls":4},"Operativa","Improdutiva","Produtivo","Improdutivo",null,"Horário Total"]
[null,"-",0,null,null,null,0,0,null,{"$f":"D378*(E378*G378+F378*H378)","v":0}]
[null,"-",0,null,null,null,0,0,null,{"$f":"D379*(E379*G379+F379*H379)","v":0}]
[{"$nulls":7},"Custo horário total de equipamentos",null,{"$f":"SUM(J378:J379)","v":0}]
[null,"B - MÃO DE OBRA",null,"Quantidade","Unidade",null,"Custo Horário","Custo Horário Total"]
[null,"P9815","Jardineiro",1.1535,"h",null,29.593800000000002,null,null,{"$f":"D382*G382","v":34.136448299999998}]
[null,"P9824","Servente",2.1684999999999999,"h",null,21.684899999999999,null,null,{"$f":"D383*G383","v":47.023705649999997}]
[null,null,null,"Custo horário total de mão de obra",{"$nulls":5},{"$f":"SUM(J382:J383)","v":81.160153949999994}]
[null,null,null,"Custo horário total de execução",{"$nulls":5},{"$f":"J380+J384","v":81.160153949999994}]
[null,null,null,"Custo unitário de execução",{"$nulls":5},{"$f":"J385/I374","v":81.160153949999994}]
[{"$nulls":7},"Custo do FIC",null,0]
[{"$nulls":7},"Custo do FIT",null,0]
[null,"C - MATERIAL",null,"Quantidade","Unidade",null,"Preço Unitário","Custo Unitário"]
[null,"-",0,null," - ",null,0,null,null,{"$f":"D390*G390","v":0}]
[null,"-",0,null," - ",null,0,null,null,{"$f":"D391*G391","v":0}]
[null,null,null,"Custo unitário total de material",{"$nulls":5},{"$f":"SUM(J390:J391)","v":0}]
[null,"D - ATIVIDADES AUXILIARES",null,"Quantidade","Unidade",null,"Custo Unitário","Custo Unitário"]
[null,"-",0,null,0,null,0,null,null,{"$f":"D394*G394","v":0}]
[null,"-",0,null,0,null,0,null,null,{"$f":"D395*G395","v":0}]
[null,null,null,"Custo total de atividades auxiliares",{"$nulls":5},{"$f":"SUM(J394:J395)","v":0}]
[{"$nulls":7},"Subtotal",null,{"$f":"J386+J392+J396+J387+J388","v":81.160153949999994}]
[null,"E - TEMPO FIXO",null,"Código","Quantidade","Unidade",null,"Custo Unitário","Custo Unitário"]
[null,"-",0,"-",null,0,null,0,null,{"$f":"ROUNDDOWN(E399*H399,4)","v":0}]
[null,"-",0,"-",null,0,null,0,null,{"$f":"ROUNDDOWN(E400*H400,4)","v":0}]
[null,null,null,"Custo unitário total de tempo fixo",{"$nulls":5},{"$f":"SUM(J399:J400)","v":0}]
[null,"F - MOMENTO DE TRANSPORTE",null,"Quantidade","Unidade","DMT",null,null,null,"Custo Unitário"]
[{"$nulls":5},"LN","RP","P"]
[null,"-",0,null,"tkm"]
[null,"-",0,null,"tkm"]
[null,null,null,"Custo unitário total de transporte"]
[{"$nulls":5},"Custo unitário direto total",null,null,null,{"$f":"TRUNC(J397+J401,2)","v":81.16}]
[null,"Obs."]
[]
[9,"1ª/GRD",{"$nulls":8},{"$f":"J446","v":159.29}]
[null,"OBRA:","EXECUÇÃO DAS OBRAS E SERVIÇOS DE CONSTRUÇÃO DE PONTES E GALERIAS, INCLUINDO A CONCLUSÃO DE ESTRUTURAS JÁ INICIADAS, LOCALIZADAS NA ÁREA DA BARRAGEM DE APROVEITAMENTO MÚLTIPLO JEQUITAÍ I, NO MUNICÍPIO DE FRANCISCO DUMONT, NO ESTADO DE MINAS GERAIS - ITEM 1: PONTES A e B"]
[null,"Custo Unitário de Referência",null,null,"Minas Gerais"]
[{"$nulls":4}," Abril/2025 ",null,null,"Produção da equipe ",1,{"$f":"VLOOKUP(A410,ORÇAMENTO!A:L,7,0)","v":"unid."}]
[null,"98530","CORTE RASO E RECORTE DE ÁRVORE COM DIÂMETRO DE TRONCO MAIOR OU IGUAL A 0,40 M E MENOR QUE 0,60",{"$nulls":5},"Valores em reais (R$)"]
[null,"A - EQUIPAMENTOS",null,"Quantidade","Utilização",null,"Custo Horário",null,null,"Custo"]
[{"$nulls":4},"Operativa","Improdutiva","Produtivo","Improdutivo",null,"Horário Total"]
[null,"-",0,null,null,null,0,0,null,{"$f":"D417*(E417*G417+F417*H417)","v":0}]
[null,"-",0,null,null,null,0,0,null,{"$f":"D418*(E418*G418+F418*H418)","v":0}]
[{"$nulls":7},"Custo horário total de equipamentos",null,{"$f":"SUM(J417:J418)","v":0}]
[null,"B - MÃO DE OBRA",null,"Quantidade","Unidade",null,"Custo Horário","Custo Horário Total"]
[null,"P9815","Jardineiro",2.2639,"h",null,29.593800000000002,null,null,{"$f":"D421*G421","v":66.997403820000002}]
[null,"P9824","Servente",4.2561999999999998,"h",null,21.684899999999999,null,null,{"$f":"D422*G422","v":92.295271379999988}]
[null,null,null,"Custo horário total de mão de obra",{"$nulls":5},{"$f":"SUM(J421:J422)","v":159.29267519999999}]
[null,null,null,"Custo horário total de execução",{"$nulls":5},{"$f":"J419+J423","v":159.29267519999999}]
[null,null,null,"Custo unitário de execução",{"$nulls":5},{"$f":"J424/I413","v":159.29267519999999}]
[{"$nulls":7},"Custo do FIC",null,0]
[{"$nulls":7},"Custo do FIT",null,0]
[null,"C - MATERIAL",null,"Quantidade","Unidade",null,"Preço Unitário","Custo Unitário"]
[null,"-",0,null," - ",null,0,null,null,{"$f":"D429*G429","v":0}]
[null,"-",0,null," - ",null,0,null,null,{"$f":"D430*G430","v":0}]
[null,null,null,"Custo unitário total de material",{"$nulls":5},{"$f":"SUM(J429:J430)","v":0}]
[null,"D - ATIVIDADES AUXILIARES",null,"Quantidade","Unidade",null,"Custo Unitário","Custo Unitário"]
[null,"-",0,null,0,null,0,null,null,{"$f":"D433*G433","v":0}]
[null,"-",0,null,0,null,0,null,null,{"$f":"D434*G434","v":0}]
[null,null,null,"Custo total de atividades auxiliares",{"$nulls":5},{"$f":"SUM(J433:J434)","v":0}]
[{"$nulls":7},"Subtotal",null,{"$f":"J425+J431+J435+J426+J427","v":159.29267519999999}]
[null,"E - TEMPO FIXO",null,"Código","Quantidade","Unidade",null,"Custo Unitário","Custo Unitário"]
[null,"-",0,"-",null,0,null,0,null,{"$f":"ROUNDDOWN(E438*H438,4)","v":0}]
[null,"-",0,"-",null,0,null,0,null,{"$f":"ROUNDDOWN(E439*H439,4)","v":0}]
[null,null,null,"Custo unitário total de tempo fixo",{"$nulls":5},{"$f":"SUM(J438:J439)","v":0}]
[null,"F - MOMENTO DE TRANSPORTE",null,"Quantidade","Unidade","DMT",null,null,null,"Custo Unitário"]
[{"$nulls":5},"LN","RP","P"]
[null,"-",0,null,"tkm"]
[null,"-",0,null,"tkm"]
[null,null,null,"Custo unitário total de transporte"]
[{"$nulls":5},"Custo unitário direto total",null,null,null,{"$f":"TRUNC(J436+J440,2)","v":159.29}]
[null,"Obs."]
[]
[10,"1ª/GRD",{"$nulls":8},{"$f":"J485","v":424.5}]
[null,"OBRA:","EXECUÇÃO DAS OBRAS E SERVIÇOS DE CONSTRUÇÃO DE PONTES E GALERIAS, INCLUINDO A CONCLUSÃO DE ESTRUTURAS JÁ INICIADAS, LOCALIZADAS NA ÁREA DA BARRAGEM DE APROVEITAMENTO MÚLTIPLO JEQUITAÍ I, NO MUNICÍPIO DE FRANCISCO DUMONT, NO ESTADO DE MINAS GERAIS - ITEM 1: PONTES A e B"]
[null,"Custo Unitário de Referência",null,null,"Minas Gerais"]
[{"$nulls":4}," Abril/2025 ",null,null,"Produção da equipe ",1,{"$f":"VLOOKUP(A449,ORÇAMENTO!A:L,7,0)","v":"unid."}]
[null,"98531","CORTE RASO E RECORTE DE ÁRVORE COM DIÂMETRO DE TRONCO MAIOR OU IGUAL A 0,60 M",{"$nulls":5},"Valores em reais (R$)"]
[null,"A - EQUIPAMENTOS",null,"Quantidade","Utilização",null,"Custo Horário",null,null,"Custo"]
[{"$nulls":4},"Operativa","Improdutiva","Produtivo","Improdutivo",null,"Horário Total"]
[null,"E9050","Guindaste móvel sobre pneus com 2 eixos com capacidade de 18 t - 97 kW",1,0.15,0.85,442.19510000000002,230.80350000000001,null,{"$f":"D456*(E456*G456+F456*H456)","v":262.51224000000002}]
[null,"-",0,null,null,null,0,0,null,{"$f":"D457*(E457*G457+F457*H457)","v":0}]
[{"$nulls":7},"Custo horário total de equipamentos",null,{"$f":"SUM(J456:J457)","v":262.51224000000002}]
[null,"B - MÃO DE OBRA",null,"Quantidade","Unidade",null,"Custo Horário","Custo Horário Total"]
[null,"P9815","Jardineiro",2.3022857142857145,"h",null,29.593800000000002,null,null,{"$f":"D460*G460","v":68.133382971428588}]
[null,"P9824","Servente",4.3282857142857143,"h",null,21.684899999999999,null,null,{"$f":"D461*G461","v":93.858442885714283}]
[null,null,null,"Custo horário total de mão de obra",{"$nulls":5},{"$f":"SUM(J460:J461)","v":161.99182585714289}]
[null,null,null,"Custo horário total de execução",{"$nulls":5},{"$f":"J458+J462","v":424.5040658571429}]
[null,null,null,"Custo unitário de execução",{"$nulls":5},{"$f":"J463/I452","v":424.5040658571429}]
[{"$nulls":7},"Custo do FIC",null,0]
[{"$nulls":7},"Custo do FIT",null,0]
[null,"C - MATERIAL",null,"Quantidade","Unidade",null,"Preço Unitário","Custo Unitário"]
[null,"-",0,null," - ",null,0,null,null,{"$f":"D468*G468","v":0}]
[null,"-",0,null," - ",null,0,null,null,{"$f":"D469*G469","v":0}]
[null,null,null,"Custo unitário total de material",{"$nulls":5},{"$f":"SUM(J468:J469)","v":0}]
[null,"D - ATIVIDADES AUXILIARES",null,"Quantidade","Unidade",null,"Custo Unitário","Custo Unitário"]
[null,"-",0,null,0,null,0,null,null,{"$f":"D472*G472","v":0}]
[null,"-",0,null,0,null,0,null,null,{"$f":"D473*G473","v":0}]
[null,null,null,"Custo total de atividades auxiliares",{"$nulls":5},{"$f":"SUM(J472:J473)","v":0}]
[{"$nulls":7},"Subtotal",null,{"$f":"J464+J470+J474+J465+J466","v":424.5040658571429}]
[null,"E - TEMPO FIXO",null,"Código","Quantidade","Unidade",null,"Custo Unitário","Custo Unitário"]
[null,"-",0,"-",null,0,null,0,null,{"$f":"ROUNDDOWN(E477*H477,4)","v":0}]
[null,"-",0,"-",null,0,null,0,null,{"$f":"ROUNDDOWN(E478*H478,4)","v":0}]
[null,null,null,"Custo unitário total de tempo fixo",{"$nulls":5},{"$f":"SUM(J477:J478)","v":0}]
[null,"F - MOMENTO DE TRANSPORTE",null,"Quantidade","Unidade","DMT",null,null,null,"Custo Unitário"]
[{"$nulls":5},"LN","RP","P"]
[null,"-",0,null,"tkm"]
[null,"-",0,null,"tkm"]
[null,null,null,"Custo unitário total de transporte"]
[{"$nulls":5},"Custo unitário direto total",null,null,null,{"$f":"TRUNC(J475+J479,2)","v":424.5}]
[null,"Obs."]
[]
[11,"1ª/GRD",{"$nulls":8},{"$f":"J524","v":0.77}]
[null,"OBRA:","EXECUÇÃO DAS OBRAS E SERVIÇOS DE CONSTRUÇÃO DE PONTES E GALERIAS, INCLUINDO A CONCLUSÃO DE ESTRUTURAS JÁ INICIADAS, LOCALIZADAS NA ÁREA DA BARRAGEM DE APROVEITAMENTO MÚLTIPLO JEQUITAÍ I, NO MUNICÍPIO DE FRANCISCO DUMONT, NO ESTADO DE MINAS GERAIS - ITEM 1: PONTES A e B"]
[null,"Custo Unitário de Referência",null,null,"Minas Gerais"]
[{"$nulls":4}," Abril/2025 ",null,null,"Produção da equipe ",622.95000000000005,{"$f":"VLOOKUP(A488,ORÇAMENTO!A:L,7,0)","v":"m²"}]
[null,5502985,"LIMPEZA MECANIZADA DE CAMADA VEGETAL, VEGETAÇÃO E PEQUENAS ÁRVORES (DIÂMETRO DE TRONCO MENOR QUE 0,20 M), COM TRATOR DE ESTEIRAS",{"$nulls":5},"Valores em reais (R$)"]
[null,"A - EQUIPAMENTOS",null,"Quantidade","Utilização",null,"Custo Horário",null,null,"Custo"]
[{"$nulls":4},"Operativa","Improdutiva","Produtivo","Improdutivo",null,"Horário Total"]
[null,"E9540","Trator sobre esteiras com lâmina - 127 kW",1,1,0,455.12479999999999,187.84559999999999,null,{"$f":"D495*(E495*G495+F495*H495)","v":455.12479999999999}]
[null,"-",0,null,null,null,0,0,null,{"$f":"D496*(E496*G496+F496*H496)","v":0}]
[{"$nulls":7},"Custo horário total de equipamentos",null,{"$f":"SUM(J495:J496)","v":455.12479999999999}]
[null,"B - MÃO DE OBRA",null,"Quantidade","Unidade",null,"Custo Horário","Custo Horário Total"]
[null,"P9824","Servente",1,"h",null,21.684899999999999,null,null,{"$f":"D499*G499","v":21.684899999999999}]
[null,"-",0,null,0,null,0,null,null,{"$f":"D500*G500","v":0}]
[null,null,null,"Custo horário total de mão de obra",{"$nulls":5},{"$f":"SUM(J499:J500)","v":21.684899999999999}]
[null,null,null,"Custo horário total de execução",{"$nulls":5},{"$f":"J497+J501","v":476.80970000000002}]
[null,null,null,"Custo unitário de execução",{"$nulls":5},{"$f":"J502/I491","v":0.76540605185006816}]
[{"$nulls":7},"Custo do FIC",null,1.14E-2]
[{"$nulls":7},"Custo do FIT",null,0]
[null,"C - MATERIAL",null,"Quantidade","Unidade",null,"Preço Unitário","Custo Unitário"]
[null,"-",0,null," - ",null,0,null,null,{"$f":"D507*G507","v":0}]
[null,"-",0,null," - ",null,0,null,null,{"$f":"D508*G508","v":0}]
[null,null,null,"Custo unitário total de material",{"$nulls":5},{"$f":"SUM(J507:J508)","v":0}]
[null,"D - ATIVIDADES AUXILIARES",null,"Quantidade","Unidade",null,"Custo Unitário","Custo Unitário"]
[null,"-",0,null,0,null,0,null,null,{"$f":"D511*G511","v":0}]
[null,"-",0,null,0,null,0,null,null,{"$f":"D512*G512","v":0}]
[null,null,null,"Custo total de atividades auxiliares",{"$nulls":5},{"$f":"SUM(J511:J512)","v":0}]
[{"$nulls":7},"Subtotal",null,{"$f":"J503+J509+J513+J504+J505","v":0.77680605185006812}]
[null,"E - TEMPO FIXO",null,"Código","Quantidade","Unidade",null,"Custo Unitário","Custo Unitário"]
[null,"-",0,"-",null,0,null,0,null,{"$f":"ROUNDDOWN(E516*H516,4)","v":0}]
[null,"-",0,"-",null,0,null,0,null,{"$f":"ROUNDDOWN(E517*H517,4)","v":0}]
[null,null,null,"Custo unitário total de tempo fixo",{"$nulls":5},{"$f":"SUM(J516:J517)","v":0}]
[null,"F - MOMENTO DE TRANSPORTE",null,"Quantidade","Unidade","DMT",null,null,null,"Custo Unitário"]
[{"$nulls":5},"LN","RP","P"]
[null,"-",0,null,"tkm"]
[null,"-",0,null,"tkm"]
[null,null,null,"Custo unitário total de transporte"]
[{"$nulls":5},"Custo unitário direto total",null,null,null,{"$f":"TRUNC(J514+J518,2)","v":0.77}]
[null,"Obs."]
[]
[12,"1ª/GRD",{"$nulls":8},{"$f":"J563","v":165.48}]
[null,"OBRA:","EXECUÇÃO DAS OBRAS E SERVIÇOS DE CONSTRUÇÃO DE PONTES E GALERIAS, INCLUINDO A CONCLUSÃO DE ESTRUTURAS JÁ INICIADAS, LOCALIZADAS NA ÁREA DA BARRAGEM DE APROVEITAMENTO MÚLTIPLO JEQUITAÍ I, NO MUNICÍPIO DE FRANCISCO DUMONT, NO ESTADO DE MINAS GERAIS - ITEM 1: PONTES A e B"]
[null,"Custo Unitário de Referência",null,null,"Minas Gerais"]
[{"$nulls":4}," Abril/2025 ",null,null,"Produção da equipe ",1,{"$f":"VLOOKUP(A527,ORÇAMENTO!A:L,7,0)","v":"m³"}]
[null,"CA0011","AQUISIÇÃO DE PEDRA DE MÃO COMERCIAL, PARA ENROCAMENTO, GABIÃO E DISSIPADORES - EXCLUSIVE TRANSPORTE",{"$nulls":5},"Valores em reais (R$)"]
[null,"A - EQUIPAMENTOS",null,"Quantidade","Utilização",null,"Custo Horário",null,null,"Custo"]
[{"$nulls":4},"Operativa","Improdutiva","Produtivo","Improdutivo",null,"Horário Total"]
[null,"-",0,null,null,null,0,0,null,{"$f":"D534*(E534*G534+F534*H534)","v":0}]
[null,"-",0,null,null,null,0,0,null,{"$f":"D535*(E535*G535+F535*H535)","v":0}]
[{"$nulls":7},"Custo horário total de equipamentos",null,{"$f":"SUM(J534:J535)","v":0}]
[null,"B - MÃO DE OBRA",null,"Quantidade","Unidade",null,"Custo Horário","Custo Horário Total"]
[null,"-",0,null,0,null,0,null,null,{"$f":"D538*G538","v":0}]
[null,"-",0,null,0,null,0,null,null,{"$f":"D539*G539","v":0}]
[null,null,null,"Custo horário total de mão de obra",{"$nulls":5},{"$f":"SUM(J538:J539)","v":0}]
[null,null,null,"Custo horário total de execução",{"$nulls":5},{"$f":"J536+J540","v":0}]
[null,null,null,"Custo unitário de execução",{"$nulls":5},{"$f":"J541/I530","v":0}]
[{"$nulls":7},"Custo do FIC",null,5.5E-2]
[{"$nulls":7},"Custo do FIT",null,0]
[null,"C - MATERIAL",null,"Quantidade","Unidade",null,"Preço Unitário","Custo Unitário"]
[null,"M1097","Pedra de mão ou rachão",1.02,"m³",null,159.40690000000001,null,null,{"$f":"D546*G546","v":162.59503800000002}]
[null,"-",0,null," - ",null,0,null,null,{"$f":"D547*G547","v":0}]
[null,null,null,"Custo unitário total de material",{"$nulls":5},{"$f":"SUM(J546:J547)","v":162.59503800000002}]
[null,"D - ATIVIDADES AUXILIARES",null,"Quantidade","Unidade",null,"Custo Unitário","Custo Unitário"]
[null,"-",0,null,0,null,0,null,null,{"$f":"D550*G550","v":0}]
[null,"-",0,null,0,null,0,null,null,{"$f":"D551*G551","v":0}]
[null,null,null,"Custo total de atividades auxiliares",{"$nulls":5},{"$f":"SUM(J550:J551)","v":0}]
[{"$nulls":7},"Subtotal",null,{"$f":"J542+J548+J552+J543+J544","v":162.65003800000002}]
[null,"E - TEMPO FIXO",null,"Código","Quantidade","Unidade",null,"Custo Unitário","Custo Unitário"]
[null,"M1097","Pedra de mão ou rachão",5914647,1.53,"m³",null,1.85,null,{"$f":"ROUNDDOWN(E555*H555,4)","v":2.8304999999999998}]
[null,"-",0,"-",null,0,null,0,null,{"$f":"ROUNDDOWN(E556*H556,4)","v":0}]
[null,null,null,"Custo unitário total de tempo fixo",{"$nulls":5},{"$f":"SUM(J555:J556)","v":2.8304999999999998}]
[null,"F - MOMENTO DE TRANSPORTE",null,"Quantidade","Unidade","DMT",null,null,null,"Custo Unitário"]
[{"$nulls":5},"LN","RP","P"]
[null,"-",0,null,"tkm"]
[null,"-",0,null,"tkm"]
[null,null,null,"Custo unitário total de transporte"]
[{"$nulls":5},"Custo unitário direto total",null,null,null,{"$f":"TRUNC(J553+J557,2)","v":165.48}]
[null,"Obs."]
[]
[14,"1ª/GRD",{"$nulls":8},{"$f":"J602","v":2.75}]
[null,"OBRA:","EXECUÇÃO DAS OBRAS E SERVIÇOS DE CONSTRUÇÃO DE PONTES E GALERIAS, INCLUINDO A CONCLUSÃO DE ESTRUTURAS JÁ INICIADAS, LOCALIZADAS NA ÁREA DA BARRAGEM DE APROVEITAMENTO MÚLTIPLO JEQUITAÍ I, NO MUNICÍPIO DE FRANCISCO DUMONT, NO ESTADO DE MINAS GERAIS - ITEM 1: PONTES A e B"]
[null,"Custo Unitário de Referência",null,null,"Minas Gerais"]
[{"$nulls":4}," Abril/2025 ",null,null,"Produção da equipe ",176.81,{"$f":"VLOOKUP(A566,ORÇAMENTO!A:L,7,0)","v":"m³"}]
[null,"4413942","ESPALHAMENTO DE MATERIAL EM BOTA FORA",{"$nulls":5},"Valores em reais (R$)"]
[null,"A - EQUIPAMENTOS",null,"Quantidade","Utilização",null,"Custo Horário",null,null,"Custo"]
[{"$nulls":4},"Operativa","Improdutiva","Produtivo","Improdutivo",null,"Horário Total"]
[null,"E9540","Trator sobre esteiras com lâmina - 127 kW",1,1,0,455.12479999999999,187.84559999999999,null,{"$f":"D573*(E573*G573+F573*H573)","v":455.12479999999999}]
[null,"-",0,null,null,null,0,0,null,{"$f":"D574*(E574*G574+F574*H574)","v":0}]
[{"$nulls":7},"Custo horário total de equipamentos",null,{"$f":"SUM(J573:J574)","v":455.12479999999999}]
[null,"B - MÃO DE OBRA",null,"Quantidade","Unidade",null,"Custo Horário","Custo Horário Total"]
[null,"P9824","Servente",1,"h",null,21.684899999999999,null,null,{"$f":"D577*G577","v":21.684899999999999}]
[null,"-",0,null,0,null,0,null,null,{"$f":"D578*G578","v":0}]
[null,null,null,"Custo horário total de mão de obra",{"$nulls":5},{"$f":"SUM(J577:J578)","v":21.684899999999999}]
[null,null,null,"Custo horário total de execução",{"$nulls":5},{"$f":"J575+J579","v":476.80970000000002}]
[null,null,null,"Custo unitário de execução",{"$nulls":5},{"$f":"J580/I569","v":2.6967349131836436}]
[{"$nulls":7},"Custo do FIC",null,5.5E-2]
[{"$nulls":7},"Custo do FIT",null,0]
[null,"C - MATERIAL",null,"Quantidade","Unidade",null,"Preço Unitário","Custo Unitário"]
[null,"-",0,null," - ",null,0,null,null,{"$f":"D585*G585","v":0}]
[null,"-",0,null," - ",null,0,null,null,{"$f":"D586*G586","v":0}]
[null,null,null,"Custo unitário total de material",{"$nulls":5},{"$f":"SUM(J585:J586)","v":0}]
[null,"D - ATIVIDADES AUXILIARES",null,"Quantidade","Unidade",null,"Custo Unitário","Custo Unitário"]
[null,"-",0,null,0,null,0,null,null,{"$f":"D589*G589","v":0}]
[null,"-",0,null,0,null,0,null,null,{"$f":"D590*G590","v":0}]
[null,null,null,"Custo total de atividades auxiliares",{"$nulls":5},{"$f":"SUM(J589:J590)","v":0}]
[{"$nulls":7},"Subtotal",null,{"$f":"J581+J587+J591+J582+J583","v":2.7517349131836437}]
[null,"E - TEMPO FIXO",null,"Código","Quantidade","Unidade",null,"Custo Unitário","Custo Unitário"]
[null,"-",0,"-",null," - ",null,0,null,{"$f":"ROUNDDOWN(E594*H594,4)","v":0}]
[null,"-",0,"-",null,0,null,0,null,{"$f":"ROUNDDOWN(E595*H595,4)","v":0}]
[null,null,null,"Custo unitário total de tempo fixo",{"$nulls":5},{"$f":"SUM(J594:J595)","v":0}]
[null,"F - MOMENTO DE TRANSPORTE",null,"Quantidade","Unidade","DMT",null,null,null,"Custo Unitário"]
[{"$nulls":5},"LN","RP","P"]
[null,"-",0,null,"tkm"]
[null,"-",0,null,"tkm"]
[null,null,null,"Custo unitário total de transporte"]
[{"$nulls":5},"Custo unitário direto total",null,null,null,{"$f":"TRUNC(J592+J596,2)","v":2.75}]
[null,"Obs."]
[]
[16,"1ª/GRD",{"$nulls":8},{"$f":"J643","v":0.4}]
[null,"OBRA:","EXECUÇÃO DAS OBRAS E SERVIÇOS DE CONSTRUÇÃO DE PONTES E GALERIAS, INCLUINDO A CONCLUSÃO DE ESTRUTURAS JÁ INICIADAS, LOCALIZADAS NA ÁREA DA BARRAGEM DE APROVEITAMENTO MÚLTIPLO JEQUITAÍ I, NO MUNICÍPIO DE FRANCISCO DUMONT, NO ESTADO DE MINAS GERAIS - ITEM 1: PONTES A e B"]
[null,"Custo Unitário de Referência",null,null,"Minas Gerais"]
[{"$nulls":4}," Abril/2025 ",null,null,"Produção da equipe ",1,{"$f":"VLOOKUP(A605,ORÇAMENTO!A:L,7,0)","v":"m²"}]
[null,"CA0006","SERVIÇOS TOPOGRÁFICOS PARA PAVIMENTAÇÃO E OEA, INCLUSIVE LEVANTAMENTO PLANIALTIMÉTRICO CADASTRAL, GERAÇÃO DE NOTAS DE SERVIÇO, SEÇÕES TRANSVERSAIS E GREIDE, ESTAQUEAMENTO E ACOMPANHAMENTO EXECUTIVO",{"$nulls":5},"Valores em reais (R$)"]
[null,"A - EQUIPAMENTOS",null,"Quantidade","Utilização",null,"Custo Horário",null,null,"Custo"]
[{"$nulls":4},"Operativa","Improdutiva","Produtivo","Improdutivo",null,"Horário Total"]
[null,92145,"Caminhonete cabine simples com motor 1.6 flex, câmbio manual, potência 101/104 cv, 2 portas",5.0000000000000001E-4,1,0,76.5,0,null,{"$f":"D612*(E612*G612+F612*H612)","v":3.8249999999999999E-2}]
[null,"-",0,null,null,null,0,0,null,{"$f":"D613*(E613*G613+F613*H613)","v":0}]
[{"$nulls":7},"Custo horário total de equipamentos",null,{"$f":"SUM(J612:J613)","v":3.8249999999999999E-2}]
[null,"B - MÃO DE OBRA",null,"Quantidade","Unidade",null,"Custo Horário","Custo Horário Total"]
[null,"P9949","Topógrafo - mensalista",9.2592592592592591E-6,"mês",null,7071.0056999999997,null,null,{"$f":"D616*G616","v":6.5472274999999996E-2}]
[null,"P9950","Auxiliar de topografia - mensalista",9.2592592592592591E-6,"mês",null,6461.7082,null,null,{"$f":"D617*G617","v":5.9830631481481482E-2}]
[null,"P9824","Servente",7.4999999999999997E-3,"h",null,21.684899999999999,null,null,0.16263675]
[null,"P9848","Desenhista - mensalista",7.4074074074074075E-6,"mês",null,10938.037899999999,null,null,8.1022502962962956E-2]
[null,null,null,"Custo horário total de mão de obra",{"$nulls":5},{"$f":"SUM(J616:J619)","v":0.36896215944444444}]
[null,null,null,"Custo horário total de execução",{"$nulls":5},{"$f":"J614+J620","v":0.40721215944444444}]
[null,null,null,"Custo unitário de execução",{"$nulls":5},{"$f":"J621/I608","v":0.40721215944444444}]
[{"$nulls":7},"Custo do FIC",null,0]
[{"$nulls":7},"Custo do FIT",null,0]
[null,"C - MATERIAL",null,"Quantidade","Unidade",null,"Preço Unitário","Custo Unitário"]
[null,"-",0,null," - ",null,0,null,null,{"$f":"D626*G626","v":0}]
[null,"-",0,null," - ",null,0,null,null,{"$f":"D627*G627","v":0}]
[null,null,null,"Custo unitário total de material",{"$nulls":5},{"$f":"SUM(J626:J627)","v":0}]
[null,"D - ATIVIDADES AUXILIARES",null,"Quantidade","Unidade",null,"Custo Unitário","Custo Unitário"]
[null,"-",0,1.1002700000000001,0,null,0,null,null,{"$f":"D630*G630","v":0}]
[null,"-",0,null,0,null,0,null,null,{"$f":"D631*G631","v":0}]
[null,null,null,"Custo total de atividades auxiliares",{"$nulls":5},{"$f":"SUM(J630:J631)","v":0}]
[{"$nulls":7},"Subtotal",null,{"$f":"J622+J628+J632+J623+J624","v":0.40721215944444444}]
[null,"E - TEMPO FIXO",null,"Código","Quantidade","Unidade",null,"Custo Unitário","Custo Unitário"]
[null,"-",0,"-",null,0,null,0,null,{"$f":"ROUNDDOWN(E635*H635,4)","v":0}]
[null,"-",0,"-",null,0,null,0,null,{"$f":"ROUNDDOWN(E636*H636,4)","v":0}]
[null,null,null,"Custo unitário total de tempo fixo",{"$nulls":5},{"$f":"SUM(J635:J636)","v":0}]
[null,"F - MOMENTO DE TRANSPORTE",null,"Quantidade","Unidade","DMT",null,null,null,"Custo Unitário"]
[{"$nulls":5},"LN","RP","P"]
[null,"-",0,null,"tkm"]
[null,"-",0,null,"tkm"]
[null,null,null,"Custo unitário total de transporte"]
[{"$nulls":5},"Custo unitário direto total",null,null,null,{"$f":"TRUNC(J633+J637,2)","v":0.4}]
[null,"Obs."]
[]
[17,"1ª/GRD",{"$nulls":8},{"$f":"J682","v":2542.5500000000002}]
[null,"OBRA:","EXECUÇÃO DAS OBRAS E SERVIÇOS DE CONSTRUÇÃO DE PONTES E GALERIAS, INCLUINDO A CONCLUSÃO DE ESTRUTURAS JÁ INICIADAS, LOCALIZADAS NA ÁREA DA BARRAGEM DE APROVEITAMENTO MÚLTIPLO JEQUITAÍ I, NO MUNICÍPIO DE FRANCISCO DUMONT, NO ESTADO DE MINAS GERAIS - ITEM 1: PONTES A e B"]
[null,"Custo Unitário de Referência",null,null,"Minas Gerais"]
[{"$nulls":4}," Abril/2025 ",null,null,"Produção da equipe ",1,{"$f":"VLOOKUP(A646,ORÇAMENTO!A:L,7,0)","v":"unid."}]
[null,"CA0010","ELABORAÇÃO DO PLANO DE RIGGING - POR ESTRUTURA",{"$nulls":5},"Valores em reais (R$)"]
[null,"A - EQUIPAMENTOS",null,"Quantidade","Utilização",null,"Custo Horário",null,null,"Custo"]
[{"$nulls":4},"Operativa","Improdutiva","Produtivo","Improdutivo",null,"Horário Total"]
[null,"-",0,null,null,null,0,0,null,{"$f":"D653*(E653*G653+F653*H653)","v":0}]
[null,"-",0,null,null,null,0,0,null,{"$f":"D654*(E654*G654+F654*H654)","v":0}]
[{"$nulls":7},"Custo horário total de equipamentos",null,{"$f":"SUM(J653:J654)","v":0}]
[null,"B - MÃO DE OBRA",null,"Quantidade","Unidade",null,"Custo Horário","Custo Horário Total"]
[null,"-",0,null,0,null,0,null,null,{"$f":"D657*G657","v":0}]
[null,"-",0,null,0,null,0,null,null,{"$f":"D658*G658","v":0}]
[null,null,null,"Custo horário total de mão de obra",{"$nulls":5},{"$f":"SUM(J657:J658)","v":0}]
[null,null,null,"Custo horário total de execução",{"$nulls":5},{"$f":"J655+J659","v":0}]
[null,null,null,"Custo unitário de execução",{"$nulls":5},{"$f":"J660/I649","v":0}]
[{"$nulls":7},"Custo do FIC",null,0]
[{"$nulls":7},"Custo do FIT",null,0]
[null,"C - MATERIAL",null,"Quantidade","Unidade",null,"Preço Unitário","Custo Unitário"]
[null,"-",0,null," - ",null,0,null,null,{"$f":"D665*G665","v":0}]
[null,"-",0,null," - ",null,0,null,null,{"$f":"D666*G666","v":0}]
[null,null,null,"Custo unitário total de material",{"$nulls":5},{"$f":"SUM(J665:J666)","v":0}]
[null,"D - ATIVIDADES AUXILIARES",null,"Quantidade","Unidade",null,"Custo Unitário","Custo Unitário"]
[null,9999998,"Elaboração do plano de Rigging para operação de guindastes",1,"unid",null,2542.5529079164498,"COTAÇÃO",null,{"$f":"D669*G669","v":2542.5529079164498}]
[null,"-",0,null,0,null,0,null,null,{"$f":"D670*G670","v":0}]
[null,null,null,"Custo total de atividades auxiliares",{"$nulls":5},{"$f":"SUM(J669:J670)","v":2542.5529079164498}]
[{"$nulls":7},"Subtotal",null,{"$f":"J661+J667+J671+J662+J663","v":2542.5529079164498}]
[null,"E - TEMPO FIXO",null,"Código","Quantidade","Unidade",null,"Custo Unitário","Custo Unitário"]
[null,"-",0,"-",null,0,null,0,null,{"$f":"ROUNDDOWN(E674*H674,4)","v":0}]
[null,"-",0,"-",null,0,null,0,null,{"$f":"ROUNDDOWN(E675*H675,4)","v":0}]
[null,null,null,"Custo unitário total de tempo fixo",{"$nulls":5},{"$f":"SUM(J674:J675)","v":0}]
[null,"F - MOMENTO DE TRANSPORTE",null,"Quantidade","Unidade","DMT",null,null,null,"Custo Unitário"]
[{"$nulls":5},"LN","RP","P"]
[null,"-",0,null,"tkm"]
[null,"-",0,null,"tkm"]
[null,null,null,"Custo unitário total de transporte"]
[{"$nulls":5},"Custo unitário direto total",null,null,null,{"$f":"TRUNC(J672+J676,2)","v":2542.5500000000002}]
[null,"Obs."]
[]
[31,"1ª/GRD",{"$nulls":8},{"$f":"J721","v":63.12}]
[null,"OBRA:","EXECUÇÃO DAS OBRAS E SERVIÇOS DE CONSTRUÇÃO DE PONTES E GALERIAS, INCLUINDO A CONCLUSÃO DE ESTRUTURAS JÁ INICIADAS, LOCALIZADAS NA ÁREA DA BARRAGEM DE APROVEITAMENTO MÚLTIPLO JEQUITAÍ I, NO MUNICÍPIO DE FRANCISCO DUMONT, NO ESTADO DE MINAS GERAIS - ITEM 1: PONTES A e B"]
[null,"Custo Unitário de Referência",null,null,"Minas Gerais"]
[{"$nulls":4}," Abril/2025 ",null,null,"Produção da equipe ",1,{"$f":"VLOOKUP(A685,ORÇAMENTO!A:L,7,0)","v":"m"}]
[null,"RO-40666","SARJETA DE CONCRETO EM CORTE TIPO DR.SCC 90/10 - EXECUÇÃO INCLUINDO ESCAVAÇÃO, FORNECIMENTO E TRANSPORTE DE TODOS OS MATERIAIS",{"$nulls":5},"Valores em reais (R$)"]
[null,"A - EQUIPAMENTOS",null,"Quantidade","Utilização",null,"Custo Horário",null,null,"Custo"]
[{"$nulls":4},"Operativa","Improdutiva","Produtivo","Improdutivo",null,"Horário Total"]
[null,"-",0,null,null,null,0,0,null,{"$f":"D692*(E692*G692+F692*H692)","v":0}]
[null,"-",0,null,null,null,0,0,null,{"$f":"D693*(E693*G693+F693*H693)","v":0}]
[{"$nulls":7},"Custo horário total de equipamentos",null,{"$f":"SUM(J692:J693)","v":0}]
[null,"B - MÃO DE OBRA",null,"Quantidade","Unidade",null,"Custo Horário","Custo Horário Total"]
[null,"P9821","Pedreiro",0.2,"h",null,27.839500000000001,null,null,{"$f":"D696*G696","v":5.5679000000000007}]
[null,"P9824","Servente",0.2,"h",null,21.684899999999999,null,null,{"$f":"D697*G697","v":4.3369799999999996}]
[null,null,null,"Custo horário total de mão de obra",{"$nulls":5},{"$f":"SUM(J696:J697)","v":9.9048800000000004}]
[null,null,null,"Custo horário total de execução",{"$nulls":5},{"$f":"J694+J698","v":9.9048800000000004}]
[null,null,null,"Custo unitário de execução",{"$nulls":5},{"$f":"J699/I688","v":9.9048800000000004}]
[{"$nulls":7},"Custo do FIC",null,0]
[{"$nulls":7},"Custo do FIT",null,0]
[null,"C - MATERIAL",null,"Quantidade","Unidade",null,"Preço Unitário","Custo Unitário"]
[null,"-",0,null," - ",null,0,null,null,{"$f":"D704*G704","v":0}]
[null,"-",0,null," - ",null,0,null,null,{"$f":"D705*G705","v":0}]
[null,null,null,"Custo unitário total de material",{"$nulls":5},{"$f":"SUM(J704:J705)","v":0}]
[null,"D - ATIVIDADES AUXILIARES",null,"Quantidade","Unidade",null,"Custo Unitário","Custo Unitário"]
[null,1107888,"Concreto fck = 15 MPa - confecção em betoneira e lançamento manual - areia e brita comerciais",8.6999999999999994E-2,"m³",null,461.7,null,null,{"$f":"D708*G708","v":40.167899999999996}]
[null,4805749,"Escavação manual de vala em material de 1ª categoria",0.153,"m³",null,74.48,null,null,{"$f":"D709*G709","v":11.395440000000001}]
[null,null,null,"Custo total de atividades auxiliares",{"$nulls":5},{"$f":"SUM(J708:J709)","v":51.563339999999997}]
[{"$nulls":7},"Subtotal",null,{"$f":"J700+J706+J710+J701+J702","v":61.468219999999995}]
[null,"E - TEMPO FIXO",null,"Código","Quantidade","Unidade",null,"Custo Unitário","Custo Unitário"]
[null,1107888,"Concreto fck = 15 MPa - confecção em betoneira e lançamento manual - areia e brita comerciais",5919538,8.6999999999999994E-2,"m³",null,19.100000000000001,null,{"$f":"ROUNDDOWN(E713*H713,4)","v":1.6617}]
[null,"-",0,"-",null,0,null,0,null,{"$f":"ROUNDDOWN(E714*H714,4)","v":0}]
[null,null,null,"Custo unitário total de tempo fixo",{"$nulls":5},{"$f":"SUM(J713:J714)","v":1.6617}]
[null,"F - MOMENTO DE TRANSPORTE",null,"Quantidade","Unidade","DMT",null,null,null,"Custo Unitário"]
[{"$nulls":5},"LN","RP","P"]
[null,"-",0,null,"tkm"]
[null,"-",0,null,"tkm"]
[null,null,null,"Custo unitário total de transporte"]
[{"$nulls":5},"Custo unitário direto total",null,null,null,{"$f":"TRUNC(J711+J715,2)","v":63.12}]
[null,"Obs."]
[]
[32,"1ª/GRD",{"$nulls":8},{"$f":"J760","v":37.14}]
[null,"OBRA:","EXECUÇÃO DAS OBRAS E SERVIÇOS DE CONSTRUÇÃO DE PONTES E GALERIAS, INCLUINDO A CONCLUSÃO DE ESTRUTURAS JÁ INICIADAS, LOCALIZADAS NA ÁREA DA BARRAGEM DE APROVEITAMENTO MÚLTIPLO JEQUITAÍ I, NO MUNICÍPIO DE FRANCISCO DUMONT, NO ESTADO DE MINAS GERAIS - ITEM 1: PONTES A e B"]
[null,"Custo Unitário de Referência",null,null,"Minas Gerais"]
[{"$nulls":4}," Abril/2025 ",null,null,"Produção da equipe ",1,{"$f":"VLOOKUP(A724,ORÇAMENTO!A:L,7,0)","v":"m"}]
[null,"RO-40613","SARJETA DE CONCRETO EM ATERRO TIPO DR.SCA 30/10 - EXECUÇÃO INCLUINDO ESCAVAÇÃO, FORNECIMENTO E TRANSPORTE DE TODOS OS MATERIAIS",{"$nulls":5},"Valores em reais (R$)"]
[null,"A - EQUIPAMENTOS",null,"Quantidade","Utilização",null,"Custo Horário",null,null,"Custo"]
[{"$nulls":4},"Operativa","Improdutiva","Produtivo","Improdutivo",null,"Horário Total"]
[null,"-",0,null,null,null,0,0,null,{"$f":"D731*(E731*G731+F731*H731)","v":0}]
[null,"-",0,null,null,null,0,0,null,{"$f":"D732*(E732*G732+F732*H732)","v":0}]
[{"$nulls":7},"Custo horário total de equipamentos",null,{"$f":"SUM(J731:J732)","v":0}]
[null,"B - MÃO DE OBRA",null,"Quantidade","Unidade",null,"Custo Horário","Custo Horário Total"]
[null,"P9821","Pedreiro",0.2,"h",null,27.839500000000001,null,null,{"$f":"D735*G735","v":5.5679000000000007}]
[null,"P9824","Servente",0.2,"h",null,21.684899999999999,null,null,{"$f":"D736*G736","v":4.3369799999999996}]
[null,null,null,"Custo horário total de mão de obra",{"$nulls":5},{"$f":"SUM(J735:J736)","v":9.9048800000000004}]
[null,null,null,"Custo horário total de execução",{"$nulls":5},{"$f":"J733+J737","v":9.9048800000000004}]
[null,null,null,"Custo unitário de execução",{"$nulls":5},{"$f":"J738/I727","v":9.9048800000000004}]
[{"$nulls":7},"Custo do FIC",null,0]
[{"$nulls":7},"Custo do FIT",null,0]
[null,"C - MATERIAL",null,"Quantidade","Unidade",null,"Preço Unitário","Custo Unitário"]
[null,"-",0,1.1000000000000001," - ",null,0,null,null,{"$f":"D743*G743","v":0}]
[null,"-",0,1.4999999999999999E-2," - ",null,0,null,null,{"$f":"D744*G744","v":0}]
[null,null,null,"Custo unitário total de material",{"$nulls":5},{"$f":"SUM(J743:J744)","v":0}]
[null,"D - ATIVIDADES AUXILIARES",null,"Quantidade","Unidade",null,"Custo Unitário","Custo Unitário"]
[null,1107888,"Concreto fck = 15 MPa - confecção em betoneira e lançamento manual - areia e brita comerciais",0.05,"m³",null,461.7,null,null,{"$f":"D747*G747","v":23.085000000000001}]
[null,4805749,"Escavação manual de vala em material de 1ª categoria",4.2999999999999997E-2,"m³",null,74.48,null,null,{"$f":"D748*G748","v":3.2026399999999997}]
[null,null,null,"Custo total de atividades auxiliares",{"$nulls":5},{"$f":"SUM(J747:J748)","v":26.28764}]
[{"$nulls":7},"Subtotal",null,{"$f":"J739+J745+J749+J740+J741","v":36.192520000000002}]
[null,"E - TEMPO FIXO",null,"Código","Quantidade","Unidade",null,"Custo Unitário","Custo Unitário"]
[null,1107888,"Concreto fck = 15 MPa - confecção em betoneira e lançamento manual - areia e brita comerciais",5919538,0.05,"m³",null,19.100000000000001,null,{"$f":"ROUNDDOWN(E752*H752,4)","v":0.95499999999999996}]
[null,"-",0,"-",null," - ",null,0,null,{"$f":"ROUNDDOWN(E753*H753,4)","v":0}]
[null,null,null,"Custo unitário total de tempo fixo",{"$nulls":5},{"$f":"SUM(J752:J753)","v":0.95499999999999996}]
[null,"F - MOMENTO DE TRANSPORTE",null,"Quantidade","Unidade","DMT",null,null,null,"Custo Unitário"]
[{"$nulls":5},"LN","RP","P"]
[null,"-",0,null,"tkm"]
[null,"-",0,null,"tkm"]
[null,null,null,"Custo unitário total de transporte"]
[{"$nulls":5},"Custo unitário direto total",null,null,null,{"$f":"TRUNC(J750+J754,2)","v":37.14}]
[null,"Obs."]
[]
[33,"1ª/GRD",{"$nulls":8},{"$f":"J800","v":568.33000000000004}]
[null,"OBRA:","EXECUÇÃO DAS OBRAS E SERVIÇOS DE CONSTRUÇÃO DE PONTES E GALERIAS, INCLUINDO A CONCLUSÃO DE ESTRUTURAS JÁ INICIADAS, LOCALIZADAS NA ÁREA DA BARRAGEM DE APROVEITAMENTO MÚLTIPLO JEQUITAÍ I, NO MUNICÍPIO DE FRANCISCO DUMONT, NO ESTADO DE MINAS GERAIS - ITEM 1: PONTES A e B"]
[null,"Custo Unitário de Referência",null,null,"Minas Gerais"]
[{"$nulls":4}," Abril/2025 ",null,null,"Produção da equipe ",1,{"$f":"VLOOKUP(A763,ORÇAMENTO!A:L,7,0)","v":"unid."}]
[null,"CA0007","SAÍDA D'ÁGUA EM TALUDE DE CORTE PARA SARJETA DO TIPO SDC PARA SCC 90/10",{"$nulls":5},"Valores em reais (R$)"]
[null,"A - EQUIPAMENTOS",null,"Quantidade","Utilização",null,"Custo Horário",null,null,"Custo"]
[{"$nulls":4},"Operativa","Improdutiva","Produtivo","Improdutivo",null,"Horário Total"]
[null,"-",0,null,null,null,0,0,null,{"$f":"D770*(E770*G770+F770*H770)","v":0}]
[null,"-",0,null,null,null,0,0,null,{"$f":"D771*(E771*G771+F771*H771)","v":0}]
[{"$nulls":7},"Custo horário total de equipamentos",null,{"$f":"SUM(J770:J771)","v":0}]
[null,"B - MÃO DE OBRA",null,"Quantidade","Unidade",null,"Custo Horário","Custo Horário Total"]
[null,"P9821","Pedreiro",0.2,"h",null,27.839500000000001,null,null,{"$f":"D774*G774","v":5.5679000000000007}]
[null,"P9824","Servente",0.2,"h",null,21.684899999999999,null,null,{"$f":"D775*G775","v":4.3369799999999996}]
[null,null,null,"Custo horário total de mão de obra",{"$nulls":5},{"$f":"SUM(J774:J775)","v":9.9048800000000004}]
[null,null,null,"Custo horário total de execução",{"$nulls":5},{"$f":"J772+J776","v":9.9048800000000004}]
[null,null,null,"Custo unitário de execução",{"$nulls":5},{"$f":"J777/I766","v":9.9048800000000004}]
[{"$nulls":7},"Custo do FIC",null,0]
[{"$nulls":7},"Custo do FIT",null,0]
[null,"C - MATERIAL",null,"Quantidade","Unidade",null,"Preço Unitário","Custo Unitário"]
[null,"-",0,1.1000000000000001," - ",null,0,null,null,{"$f":"D782*G782","v":0}]
[null,"-",0,1.4999999999999999E-2," - ",null,0,null,null,{"$f":"D783*G783","v":0}]
[null,null,null,"Custo unitário total de material",{"$nulls":5},{"$f":"SUM(J782:J783)","v":0}]
[null,"D - ATIVIDADES AUXILIARES",null,"Quantidade","Unidade",null,"Custo Unitário","Custo Unitário"]
[null,1107888,"Concreto fck = 15 MPa - confecção em betoneira e lançamento manual - areia e brita comerciais",0.39200000000000002,"m³",null,461.7,null,null,{"$f":"D786*G786","v":180.9864}]
[null,3108013,"Fôrmas de compensado plastificado 12 mm - uso geral - utilização de 3 vezes - confecção, instalação e retirada",3.7522000000000002,"m²",null,78.86,null,null,{"$f":"D787*G787","v":295.89849200000003}]
[null,4805749,"Escavação manual de vala em material de 1ª categoria",0.99429999999999996,"m³",null,74.48,null,null,{"$f":"D788*G788","v":74.055464000000001}]
[null,null,null,"Custo total de atividades auxiliares",{"$nulls":5},{"$f":"SUM(J786:J788)","v":550.94035600000007}]
[{"$nulls":7},"Subtotal",null,{"$f":"J778+J784+J789+J779+J780","v":560.84523600000011}]
[null,"E - TEMPO FIXO",null,"Código","Quantidade","Unidade",null,"Custo Unitário","Custo Unitário"]
[null,1107888,"Concreto fck = 15 MPa - confecção em betoneira e lançamento manual - areia e brita comerciais",5919538,0.39200000000000002,"m³",null,19.100000000000001,null,{"$f":"ROUNDDOWN(E792*H792,4)","v":7.4871999999999996}]
[null,"-",0,"-",null," - ",null,0,null,{"$f":"ROUNDDOWN(E793*H793,4)","v":0}]
[null,null,null,"Custo unitário total de tempo fixo",{"$nulls":5},{"$f":"SUM(J792:J793)","v":7.4871999999999996}]
[null,"F - MOMENTO DE TRANSPORTE",null,"Quantidade","Unidade","DMT",null,null,null,"Custo Unitário"]
[{"$nulls":5},"LN","RP","P"]
[null,"-",0,null,"tkm"]
[null,"-",0,null,"tkm"]
[null,null,null,"Custo unitário total de transporte"]
[{"$nulls":5},"Custo unitário direto total",null,null,null,{"$f":"TRUNC(J790+J794,2)","v":568.33000000000004}]
[null,"Obs."]
[]
[34,"1ª/GRD",{"$nulls":8},{"$f":"J840","v":480.78}]
[null,"OBRA:","EXECUÇÃO DAS OBRAS E SERVIÇOS DE CONSTRUÇÃO DE PONTES E GALERIAS, INCLUINDO A CONCLUSÃO DE ESTRUTURAS JÁ INICIADAS, LOCALIZADAS NA ÁREA DA BARRAGEM DE APROVEITAMENTO MÚLTIPLO JEQUITAÍ I, NO MUNICÍPIO DE FRANCISCO DUMONT, NO ESTADO DE MINAS GERAIS - ITEM 1: PONTES A e B"]
[null,"Custo Unitário de Referência",null,null,"Minas Gerais"]
[{"$nulls":4}," Abril/2025 ",null,null,"Produção da equipe ",1,{"$f":"VLOOKUP(A803,ORÇAMENTO!A:L,7,0)","v":"m"}]
[null,"ED-48598","DESCIDA D'ÁGUA TIPO CALHA DN 500 - EXCLUSIVE BOTA FORA",{"$nulls":5},"Valores em reais (R$)"]
[null,"A - EQUIPAMENTOS",null,"Quantidade","Utilização",null,"Custo Horário",null,null,"Custo"]
[{"$nulls":4},"Operativa","Improdutiva","Produtivo","Improdutivo",null,"Horário Total"]
[null,"-",0,null,null,null,0,0,null,{"$f":"D810*(E810*G810+F810*H810)","v":0}]
[null,"-",0,null,null,null,0,0,null,{"$f":"D811*(E811*G811+F811*H811)","v":0}]
[{"$nulls":7},"Custo horário total de equipamentos",null,{"$f":"SUM(J810:J811)","v":0}]
[null,"B - MÃO DE OBRA",null,"Quantidade","Unidade",null,"Custo Horário","Custo Horário Total"]
[null,"-",0,null,0,null,0,null,null,{"$f":"D814*G814","v":0}]
[null,"-",0,null,0,null,0,null,null,{"$f":"D815*G815","v":0}]
[null,null,null,"Custo horário total de mão de obra",{"$nulls":5},{"$f":"SUM(J814:J815)","v":0}]
[null,null,null,"Custo horário total de execução",{"$nulls":5},{"$f":"J812+J816","v":0}]
[null,null,null,"Custo unitário de execução",{"$nulls":5},{"$f":"J817/I806","v":0}]
[{"$nulls":7},"Custo do FIC",null,0]
[{"$nulls":7},"Custo do FIT",null,0]
[null,"C - MATERIAL",null,"Quantidade","Unidade",null,"Preço Unitário","Custo Unitário"]
[null,"-",0,null," - ",null,0,null,null,{"$f":"D822*G822","v":0}]
[null,"-",0,null," - ",null,0,null,null,{"$f":"D823*G823","v":0}]
[null,null,null,"Custo unitário total de material",{"$nulls":5},{"$f":"SUM(J822:J823)","v":0}]
[null,"D - ATIVIDADES AUXILIARES",null,"Quantidade","Unidade",null,"Custo Unitário","Custo Unitário"]
[null,4805749,"Escavação manual de vala em material de 1ª categoria",0.72,"m³",null,74.48,null,null,{"$f":"D826*G826","v":53.625599999999999}]
[null,3108013,"Fôrmas de compensado plastificado 12 mm - uso geral - utilização de 3 vezes - confecção, instalação e retirada",2.8,"m²",null,78.86,null,null,{"$f":"D827*G827","v":220.80799999999999}]
[null,1107892,"Concreto fck = 20 MPa - confecção em betoneira e lançamento manual - areia e brita comerciais",0.32,"m³",null,477.72,null,null,{"$f":"D828*G828","v":152.87040000000002}]
[null,null,null,"Custo total de atividades auxiliares",{"$nulls":5},{"$f":"SUM(J826:J828)","v":427.30400000000003}]
[{"$nulls":7},"Subtotal",null,{"$f":"J818+J824+J829+J819+J820","v":427.30400000000003}]
[null,"E - TEMPO FIXO",null,"Código","Quantidade","Unidade",null,"Custo Unitário","Custo Unitário"]
[null,1107888,"Concreto fck = 15 MPa - confecção em betoneira e lançamento manual - areia e brita comerciais",5919538,2.8,"m³",null,19.100000000000001,null,{"$f":"ROUNDDOWN(E832*H832,4)","v":53.48}]
[null,"-",0,"-",null," - ",null,0,null,{"$f":"ROUNDDOWN(E833*H833,4)","v":0}]
[null,null,null,"Custo unitário total de tempo fixo",{"$nulls":5},{"$f":"SUM(J832:J833)","v":53.48}]
[null,"F - MOMENTO DE TRANSPORTE",null,"Quantidade","Unidade","DMT",null,null,null,"Custo Unitário"]
[{"$nulls":5},"LN","RP","P"]
[null,"-",0,null,"tkm"]
[null,"-",0,null,"tkm"]
[null,null,null,"Custo unitário total de transporte"]
[{"$nulls":5},"Custo unitário direto total",null,null,null,{"$f":"TRUNC(J830+J834,2)","v":480.78}]
[null,"Obs."]
[]
[35,"1ª/GRD",{"$nulls":8},{"$f":"J879","v":33.979999999999997}]
[null,"OBRA:","EXECUÇÃO DAS OBRAS E SERVIÇOS DE CONSTRUÇÃO DE PONTES E GALERIAS, INCLUINDO A CONCLUSÃO DE ESTRUTURAS JÁ INICIADAS, LOCALIZADAS NA ÁREA DA BARRAGEM DE APROVEITAMENTO MÚLTIPLO JEQUITAÍ I, NO MUNICÍPIO DE FRANCISCO DUMONT, NO ESTADO DE MINAS GERAIS - ITEM 1: PONTES A e B"]
[null,"Custo Unitário de Referência",null,null,"Minas Gerais"]
[{"$nulls":4}," Abril/2025 ",null,null,"Produção da equipe ",1,{"$f":"VLOOKUP(A843,ORÇAMENTO!A:L,7,0)","v":"m"}]
[null,"RO-40514","VALETA DE PROTEÇÃO DE ATERRO TIPO DR.VPA - EXECUÇÃO, INCLUSIVE ESCAVAÇÃO",{"$nulls":5},"Valores em reais (R$)"]
[null,"A - EQUIPAMENTOS",null,"Quantidade","Utilização",null,"Custo Horário",null,null,"Custo"]
[{"$nulls":4},"Operativa","Improdutiva","Produtivo","Improdutivo",null,"Horário Total"]
[null,"-",0,null,null,null,0,0,null,{"$f":"D850*(E850*G850+F850*H850)","v":0}]
[null,"-",0,null,null,null,0,0,null,{"$f":"D851*(E851*G851+F851*H851)","v":0}]
[{"$nulls":7},"Custo horário total de equipamentos",null,{"$f":"SUM(J850:J851)","v":0}]
[null,"B - MÃO DE OBRA",null,"Quantidade","Unidade",null,"Custo Horário","Custo Horário Total"]
[null,"-",0,null,0,null,0,null,null,{"$f":"D854*G854","v":0}]
[null,"-",0,null,0,null,0,null,null,{"$f":"D855*G855","v":0}]
[null,null,null,"Custo horário total de mão de obra",{"$nulls":5},{"$f":"SUM(J854:J855)","v":0}]
[null,null,null,"Custo horário total de execução",{"$nulls":5},{"$f":"J852+J856","v":0}]
[null,null,null,"Custo unitário de execução",{"$nulls":5},{"$f":"J857/I846","v":0}]
[{"$nulls":7},"Custo do FIC",null,0]
[{"$nulls":7},"Custo do FIT",null,0]
[null,"C - MATERIAL",null,"Quantidade","Unidade",null,"Preço Unitário","Custo Unitário"]
[null,"-",0,null," - ",null,0,null,null,{"$f":"D862*G862","v":0}]
[null,"-",0,null," - ",null,0,null,null,{"$f":"D863*G863","v":0}]
[null,null,null,"Custo unitário total de material",{"$nulls":5},{"$f":"SUM(J862:J863)","v":0}]
[null,"D - ATIVIDADES AUXILIARES",null,"Quantidade","Unidade",null,"Custo Unitário","Custo Unitário"]
[null,4805757,"Escavação mecânica de vala em material de 1ª categoria",0.6,"m³",null,6.98,null,null,{"$f":"D866*G866","v":4.1879999999999997}]
[null,4805749,"Escavação manual de vala em material de 1ª categoria",0.4,"m³",null,74.48,null,null,{"$f":"D867*G867","v":29.792000000000002}]
[null,null,null,"Custo total de atividades auxiliares",{"$nulls":5},{"$f":"SUM(J866:J867)","v":33.980000000000004}]
[{"$nulls":7},"Subtotal",null,{"$f":"J858+J864+J868+J859+J860","v":33.980000000000004}]
[null,"E - TEMPO FIXO",null,"Código","Quantidade","Unidade",null,"Custo Unitário","Custo Unitário"]
[null,"-",0,"-",null,0,null,0,null,{"$f":"ROUNDDOWN(E871*H871,4)","v":0}]
[null,"-",0,"-",null," - ",null,0,null,{"$f":"ROUNDDOWN(E872*H872,4)","v":0}]
[null,null,null,"Custo unitário total de tempo fixo",{"$nulls":5},{"$f":"SUM(J871:J872)","v":0}]
[null,"F - MOMENTO DE TRANSPORTE",null,"Quantidade","Unidade","DMT",null,null,null,"Custo Unitário"]
[{"$nulls":5},"LN","RP","P"]
[null,"-",0,null,"tkm"]
[null,"-",0,null,"tkm"]
[null,null,null,"Custo unitário total de transporte"]
[{"$nulls":5},"Custo unitário direto total",null,null,null,{"$f":"TRUNC(J869+J873,2)","v":33.979999999999997}]
[null,"Obs."]
[]
[36,"1ª/GRD",{"$nulls":8},{"$f":"J920","v":319.13}]
[null,"OBRA:","EXECUÇÃO DAS OBRAS E SERVIÇOS DE CONSTRUÇÃO DE PONTES E GALERIAS, INCLUINDO A CONCLUSÃO DE ESTRUTURAS JÁ INICIADAS, LOCALIZADAS NA ÁREA DA BARRAGEM DE APROVEITAMENTO MÚLTIPLO JEQUITAÍ I, NO MUNICÍPIO DE FRANCISCO DUMONT, NO ESTADO DE MINAS GERAIS - ITEM 1: PONTES A e B"]
[null,"Custo Unitário de Referência",null,null,"Minas Gerais"]
[{"$nulls":4}," Abril/2025 ",null,null,"Produção da equipe ",1,{"$f":"VLOOKUP(A882,ORÇAMENTO!A:L,7,0)","v":"unid."}]
[null,"CA0008","DISSIPADOR DE ENERGIA PARA SAÍDA D'ÁGUA E VALETA DE PROTEÇÃO, TIPO DEN 01",{"$nulls":5},"Valores em reais (R$)"]
[null,"A - EQUIPAMENTOS",null,"Quantidade","Utilização",null,"Custo Horário",null,null,"Custo"]
[{"$nulls":4},"Operativa","Improdutiva","Produtivo","Improdutivo",null,"Horário Total"]
[null,"-",0,null,null,null,0,0,null,{"$f":"D889*(E889*G889+F889*H889)","v":0}]
[null,"-",0,null,null,null,0,0,null,{"$f":"D890*(E890*G890+F890*H890)","v":0}]
[{"$nulls":7},"Custo horário total de equipamentos",null,{"$f":"SUM(J889:J890)","v":0}]
[null,"B - MÃO DE OBRA",null,"Quantidade","Unidade",null,"Custo Horário","Custo Horário Total"]
[null,"-",0,null,0,null,0,null,null,{"$f":"D893*G893","v":0}]
[null,"-",0,null,0,null,0,null,null,{"$f":"D894*G894","v":0}]
[null,null,null,"Custo horário total de mão de obra",{"$nulls":5},{"$f":"SUM(J893:J894)","v":0}]
[null,null,null,"Custo horário total de execução",{"$nulls":5},{"$f":"J891+J895","v":0}]
[null,null,null,"Custo unitário de execução",{"$nulls":5},{"$f":"J896/I885","v":0}]
[{"$nulls":7},"Custo do FIC",null,0]
[{"$nulls":7},"Custo do FIT",null,0]
[null,"C - MATERIAL",null,"Quantidade","Unidade",null,"Preço Unitário","Custo Unitário"]
[null,"M1097","Pedra de mão ou rachão",0.1099,"m³",null,159.40690000000001,null,null,{"$f":"D901*G901","v":17.51881831}]
[null,"-",0,null," - ",null,0,null,null,{"$f":"D902*G902","v":0}]
[null,null,null,"Custo unitário total de material",{"$nulls":5},{"$f":"SUM(J901:J902)","v":17.51881831}]
[null,"D - ATIVIDADES AUXILIARES",null,"Quantidade","Unidade",null,"Custo Unitário","Custo Unitário"]
[null,4805749,"Escavação manual de vala em material de 1ª categoria",0.46200000000000002,"m³",null,74.48,null,null,{"$f":"D905*G905","v":34.409760000000006}]
[null,3108013,"Fôrmas de compensado plastificado 12 mm - uso geral - utilização de 3 vezes - confecção, instalação e retirada",7.1999999999999998E-3,"m²",null,78.86,null,null,{"$f":"D906*G906","v":0.56779199999999996}]
[null,1107892,"Concreto fck = 20 MPa - confecção em betoneira e lançamento manual - areia e brita comerciais",0.46350000000000002,"m³",null,477.72,null,null,221.42322000000001]
[null,4805755,"Apiloamento manual",2.3099999999999999E-2,"m³",null,33.520000000000003,null,null,0.774312]
[null,null,null,"Custo total de atividades auxiliares",{"$nulls":5},{"$f":"SUM(J905:J908)","v":257.17508400000003}]
[{"$nulls":7},"Subtotal",null,{"$f":"J897+J903+J909+J898+J899","v":274.69390231}]
[null,"E - TEMPO FIXO",null,"Código","Quantidade","Unidade",null,"Custo Unitário","Custo Unitário"]
[null,"M1097","Pedra de mão ou rachão",5914655,0.19782,"t",null,33.92,null,{"$f":"ROUNDDOWN(E912*H912,4)","v":6.71}]
[null,1107892,"Concreto fck = 20 MPa - confecção em betoneira e lançamento manual - areia e brita comerciais",5914655,1.1124000000000001,"t",null,33.92,null,{"$f":"ROUNDDOWN(E913*H913,4)","v":37.732599999999998}]
[null,null,null,"Custo unitário total de tempo fixo",{"$nulls":5},{"$f":"SUM(J912:J913)","v":44.442599999999999}]
[null,"F - MOMENTO DE TRANSPORTE",null,"Quantidade","Unidade","DMT",null,null,null,"Custo Unitário"]
[{"$nulls":5},"LN","RP","P"]
[null,"M1097","Pedra de mão ou rachão",0.19782,"tkm"]
[null,1107892,"Concreto fck = 20 MPa - confecção em betoneira e lançamento manual - areia e brita comerciais",1.1124000000000001,"tkm"]
[null,null,null,"Custo unitário total de transporte"]
[{"$nulls":5},"Custo unitário direto total",null,null,null,{"$f":"TRUNC(J910+J914,2)","v":319.13}]
[null,"Obs."]
[]
[37,"1ª/GRD",{"$nulls":8},{"$f":"J961","v":261.08999999999997}]
[null,"OBRA:","EXECUÇÃO DAS OBRAS E SERVIÇOS DE CONSTRUÇÃO DE PONTES E GALERIAS, INCLUINDO A CONCLUSÃO DE ESTRUTURAS JÁ INICIADAS, LOCALIZADAS NA ÁREA DA BARRAGEM DE APROVEITAMENTO MÚLTIPLO JEQUITAÍ I, NO MUNICÍPIO DE FRANCISCO DUMONT, NO ESTADO DE MINAS GERAIS - ITEM 1: PONTES A e B"]
[null,"Custo Unitário de Referência",null,null,"Minas Gerais"]
[{"$nulls":4}," Abril/2025 ",null,null,"Produção da equipe ",1,{"$f":"VLOOKUP(A923,ORÇAMENTO!A:L,7,0)","v":"unid."}]
[null,"CA0009","DISSIPADOR DE ENERGIA PARA DESCIDA D'ÁGUA E BOCAS DE BUEIRO, TIPO DEN 04",{"$nulls":5},"Valores em reais (R$)"]
[null,"A - EQUIPAMENTOS",null,"Quantidade","Utilização",null,"Custo Horário",null,null,"Custo"]
[{"$nulls":4},"Operativa","Improdutiva","Produtivo","Improdutivo",null,"Horário Total"]
[null,"-",0,null,null,null,0,0,null,{"$f":"D930*(E930*G930+F930*H930)","v":0}]
[null,"-",0,null,null,null,0,0,null,{"$f":"D931*(E931*G931+F931*H931)","v":0}]
[{"$nulls":7},"Custo horário total de equipamentos",null,{"$f":"SUM(J930:J931)","v":0}]
[null,"B - MÃO DE OBRA",null,"Quantidade","Unidade",null,"Custo Horário","Custo Horário Total"]
[null,"-",0,null,0,null,0,null,null,{"$f":"D934*G934","v":0}]
[null,"-",0,null,0,null,0,null,null,{"$f":"D935*G935","v":0}]
[null,null,null,"Custo horário total de mão de obra",{"$nulls":5},{"$f":"SUM(J934:J935)","v":0}]
[null,null,null,"Custo horário total de execução",{"$nulls":5},{"$f":"J932+J936","v":0}]
[null,null,null,"Custo unitário de execução",{"$nulls":5},{"$f":"J937/I926","v":0}]
[{"$nulls":7},"Custo do FIC",null,0]
[{"$nulls":7},"Custo do FIT",null,0]
[null,"C - MATERIAL",null,"Quantidade","Unidade",null,"Preço Unitário","Custo Unitário"]
[null,"M1097","Pedra de mão ou rachão",0.09,"m³",null,159.40690000000001,null,null,{"$f":"D942*G942","v":14.346621000000001}]
[null,"-",0,null," - ",null,0,null,null,{"$f":"D943*G943","v":0}]
[null,null,null,"Custo unitário total de material",{"$nulls":5},{"$f":"SUM(J942:J943)","v":14.346621000000001}]
[null,"D - ATIVIDADES AUXILIARES",null,"Quantidade","Unidade",null,"Custo Unitário","Custo Unitário"]
[null,4805749,"Escavação manual de vala em material de 1ª categoria",0.378,"m³",null,74.48,null,null,{"$f":"D946*G946","v":28.153440000000003}]
[null,3108013,"Fôrmas de compensado plastificado 12 mm - uso geral - utilização de 3 vezes - confecção, instalação e retirada",5.7000000000000002E-3,"m²",null,78.86,null,null,{"$f":"D947*G947","v":0.44950200000000001}]
[null,1107892,"Concreto fck = 20 MPa - confecção em betoneira e lançamento manual - areia e brita comerciais",0.37919999999999998,"m³",null,477.72,null,null,181.15142399999999]
[null,4805755,"Apiloamento manual",1.89E-2,"m³",null,33.520000000000003,null,null,0.63352800000000009]
[null,null,null,"Custo total de atividades auxiliares",{"$nulls":5},{"$f":"SUM(J946:J949)","v":210.38789400000002}]
[{"$nulls":7},"Subtotal",null,{"$f":"J938+J944+J950+J939+J940","v":224.73451500000002}]
[null,"E - TEMPO FIXO",null,"Código","Quantidade","Unidade",null,"Custo Unitário","Custo Unitário"]
[null,"M1097","Pedra de mão ou rachão",5914655,0.16200000000000001,"t",null,33.92,null,{"$f":"ROUNDDOWN(E953*H953,4)","v":5.4950000000000001}]
[null,1107892,"Concreto fck = 20 MPa - confecção em betoneira e lançamento manual - areia e brita comerciais",5914655,0.91007999999999989,"t",null,33.92,null,{"$f":"ROUNDDOWN(E954*H954,4)","v":30.869900000000001}]
[null,null,null,"Custo unitário total de tempo fixo",{"$nulls":5},{"$f":"SUM(J953:J954)","v":36.364899999999999}]
[null,"F - MOMENTO DE TRANSPORTE",null,"Quantidade","Unidade","DMT",null,null,null,"Custo Unitário"]
[{"$nulls":5},"LN","RP","P"]
[null,"M1097","Pedra de mão ou rachão",0.16200000000000001,"tkm"]
[null,1107892,"Concreto fck = 20 MPa - confecção em betoneira e lançamento manual - areia e brita comerciais",0.91007999999999989,"tkm"]
[null,null,null,"Custo unitário total de transporte"]
[{"$nulls":5},"Custo unitário direto total",null,null,null,{"$f":"TRUNC(J951+J955,2)","v":261.08999999999997}]
[null,"Obs."]
[]
[38,"1ª/GRD",{"$nulls":8},{"$f":"J1002","v":3576.52}]
[null,"OBRA:","EXECUÇÃO DAS OBRAS E SERVIÇOS DE CONSTRUÇÃO DE PONTES E GALERIAS, INCLUINDO A CONCLUSÃO DE ESTRUTURAS JÁ INICIADAS, LOCALIZADAS NA ÁREA DA BARRAGEM DE APROVEITAMENTO MÚLTIPLO JEQUITAÍ I, NO MUNICÍPIO DE FRANCISCO DUMONT, NO ESTADO DE MINAS GERAIS - ITEM 1: PONTES A e B"]
[null,"Custo Unitário de Referência",null,null,"Minas Gerais"]
[{"$nulls":4}," Abril/2025 ",null,null,"Produção da equipe ",1,{"$f":"VLOOKUP(A964,ORÇAMENTO!A:L,7,0)","v":"unid."}]
[null,"2003730","CAIXA COLETORA DE TALVEGUE - CCT02 - AREIA E BRITA COMERCIAIS",{"$nulls":5},"Valores em reais (R$)"]
[null,"A - EQUIPAMENTOS",null,"Quantidade","Utilização",null,"Custo Horário",null,null,"Custo"]
[{"$nulls":4},"Operativa","Improdutiva","Produtivo","Improdutivo",null,"Horário Total"]
[null,"-",0,null,null,null,0,0,null,{"$f":"D971*(E971*G971+F971*H971)","v":0}]
[null,"-",0,null,null,null,0,0,null,{"$f":"D972*(E972*G972+F972*H972)","v":0}]
[{"$nulls":7},"Custo horário total de equipamentos",null,{"$f":"SUM(J971:J972)","v":0}]
[null,"B - MÃO DE OBRA",null,"Quantidade","Unidade",null,"Custo Horário","Custo Horário Total"]
[null,"-",0,null,0,null,0,null,null,{"$f":"D975*G975","v":0}]
[null,"-",0,null,0,null,0,null,null,{"$f":"D976*G976","v":0}]
[null,null,null,"Custo horário total de mão de obra",{"$nulls":5},{"$f":"SUM(J975:J976)","v":0}]
[null,null,null,"Custo horário total de execução",{"$nulls":5},{"$f":"J973+J977","v":0}]
[null,null,null,"Custo unitário de execução",{"$nulls":5},{"$f":"J978/I967","v":0}]
[{"$nulls":7},"Custo do FIC",null,0]
[{"$nulls":7},"Custo do FIT",null,0]
[null,"C - MATERIAL",null,"Quantidade","Unidade",null,"Preço Unitário","Custo Unitário"]
[null,"-",0,null," - ",null,0,null,null,{"$f":"D983*G983","v":0}]
[null,"-",0,null," - ",null,0,null,null,{"$f":"D984*G984","v":0}]
[null,null,null,"Custo unitário total de material",{"$nulls":5},{"$f":"SUM(J983:J984)","v":0}]
[null,"D - ATIVIDADES AUXILIARES",null,"Quantidade","Unidade",null,"Custo Unitário","Custo Unitário"]
[null,4805755,"Apiloamento manual",5,"m³",null,33.520000000000003,null,null,{"$f":"D987*G987","v":167.60000000000002}]
[null,1107892,"Concreto fck = 20 MPa - confecção em betoneira e lançamento manual - areia e brita comerciais",2.16,"m³",null,477.72,null,null,{"$f":"D988*G988","v":1031.8752000000002}]
[null,4805751,"Escavação manual em material de 1ª categoria na profundidade de 1 a 2 m",15,"m³",null,55.86,null,null,837.9]
[null,3103302,"Fôrmas de tábuas de pinho para dispositivos de drenagem - utilização de 3 vezes - confecção, instalação e retirada",20.3,"m²",null,75.819999999999993,null,null,{"$f":"D990*G990","v":1539.146}]
[null,null,null,"Custo total de atividades auxiliares",{"$nulls":5},{"$f":"SUM(J987:J990)","v":3576.5212000000001}]
[{"$nulls":7},"Subtotal",null,{"$f":"J979+J985+J991+J980+J981","v":3576.5212000000001}]
[null,"E - TEMPO FIXO",null,"Código","Quantidade","Unidade",null,"Custo Unitário","Custo Unitário"]
[null,"-",0,"-",null,0,null,0,null,{"$f":"ROUNDDOWN(E994*H994,4)","v":0}]
[null,"-",0,"-",null,0,null,0,null,{"$f":"ROUNDDOWN(E995*H995,4)","v":0}]
[null,null,null,"Custo unitário total de tempo fixo",{"$nulls":5},{"$f":"SUM(J994:J995)","v":0}]
[null,"F - MOMENTO DE TRANSPORTE",null,"Quantidade","Unidade","DMT",null,null,null,"Custo Unitário"]
[{"$nulls":5},"LN","RP","P"]
[null,"-",0,null,"tkm"]
[null,"-",0,null,"tkm"]
[null,null,null,"Custo unitário total de transporte"]
[{"$nulls":5},"Custo unitário direto total",null,null,null,{"$f":"TRUNC(J992+J996,2)","v":3576.52}]
[null,"Obs."]
[]
[39,"1ª/GRD",{"$nulls":8},{"$f":"J1042","v":270.31}]
[null,"OBRA:","EXECUÇÃO DAS OBRAS E SERVIÇOS DE CONSTRUÇÃO DE PONTES E GALERIAS, INCLUINDO A CONCLUSÃO DE ESTRUTURAS JÁ INICIADAS, LOCALIZADAS NA ÁREA DA BARRAGEM DE APROVEITAMENTO MÚLTIPLO JEQUITAÍ I, NO MUNICÍPIO DE FRANCISCO DUMONT, NO ESTADO DE MINAS GERAIS - ITEM 1: PONTES A e B"]
[null,"Custo Unitário de Referência",null,null,"Minas Gerais"]
[{"$nulls":4}," Abril/2025 ",null,null,"Produção da equipe ",12.45,{"$f":"VLOOKUP(A1005,ORÇAMENTO!A:L,7,0)","v":"m"}]
[null,"0804013","CORPO DE BSTC D = 0,40M PA1 - AREIA E BRITA COMERCIAIS",{"$nulls":5},"Valores em reais (R$)"]
[null,"A - EQUIPAMENTOS",null,"Quantidade","Utilização",null,"Custo Horário",null,null,"Custo"]
[{"$nulls":4},"Operativa","Improdutiva","Produtivo","Improdutivo",null,"Horário Total"]
[null,"E9686","Caminhão guindauto com capacidade de elevação de 6,2 t e carroceria de 7 t - 136 kW",1,1,0,321.74520000000001,111.5652,null,{"$f":"D1012*(E1012*G1012+F1012*H1012)","v":321.74520000000001}]
[null,"-",0,null,null,null,0,0,null,{"$f":"D1013*(E1013*G1013+F1013*H1013)","v":0}]
[{"$nulls":7},"Custo horário total de equipamentos",null,{"$f":"SUM(J1012:J1013)","v":321.74520000000001}]
[null,"B - MÃO DE OBRA",null,"Quantidade","Unidade",null,"Custo Horário","Custo Horário Total"]
[null,"P9824","Servente",3,"h",null,21.684899999999999,null,null,{"$f":"D1016*G1016","v":65.054699999999997}]
[null,"-",0,null,0,null,0,null,null,{"$f":"D1017*G1017","v":0}]
[null,null,null,"Custo horário total de mão de obra",{"$nulls":5},{"$f":"SUM(J1016:J1017)","v":65.054699999999997}]
[null,null,null,"Custo horário total de execução",{"$nulls":5},{"$f":"J1014+J1018","v":386.79989999999998}]
[null,null,null,"Custo unitário de execução",{"$nulls":5},{"$f":"J1019/I1008","v":31.068265060240964}]
[{"$nulls":7},"Custo do FIC",null,0]
[{"$nulls":7},"Custo do FIT",null,0]
[null,"C - MATERIAL",null,"Quantidade","Unidade",null,"Preço Unitário","Custo Unitário"]
[null,"M2163","Tubo de concreto armado PA1 - D = 0,40 m",1,"m",null,135.49160000000001,null,null,{"$f":"D1024*G1024","v":135.49160000000001}]
[null,"-",0,null," - ",null,0,null,null,{"$f":"D1025*G1025","v":0}]
[null,null,null,"Custo unitário total de material",{"$nulls":5},{"$f":"SUM(J1024:J1025)","v":135.49160000000001}]
[null,"D - ATIVIDADES AUXILIARES",null,"Quantidade","Unidade",null,"Custo Unitário","Custo Unitário"]
[null,1109671,"Argamassa de cimento e areia 1:4 - confecção em betoneira e lançamento manual - areia comercial",1.65E-3,"m³",null,459.88,null,null,{"$f":"D1028*G1028","v":0.75880199999999998}]
[null,1106165,"Concreto ciclópico fck = 20 MPa - confecção em betoneira e lançamento manual - areia, brita e pedra de mão comerciais",0.151,"m³",null,431.03,null,null,{"$f":"D1029*G1029","v":65.085529999999991}]
[null,3103302,"Fôrmas de tábuas de pinho para dispositivos de drenagem - utilização de 3 vezes - confecção, instalação e retirada",0.5,"m²",null,75.819999999999993,null,null,{"$f":"D1030*G1030","v":37.909999999999997}]
[null,null,null,"Custo total de atividades auxiliares",{"$nulls":5},{"$f":"SUM(J1028:J1030)","v":103.75433199999999}]
[{"$nulls":7},"Subtotal",null,{"$f":"J1020+J1026+J1031+J1021+J1022","v":270.31419706024099}]
[null,"E - TEMPO FIXO",null,"Código","Quantidade","Unidade",null,"Custo Unitário","Custo Unitário"]
[null,"-",0,"-",null,0,null,0,null,{"$f":"ROUNDDOWN(E1034*H1034,4)","v":0}]
[null,"-",0,"-",null,0,null,0,null,{"$f":"ROUNDDOWN(E1035*H1035,4)","v":0}]
[null,null,null,"Custo unitário total de tempo fixo",{"$nulls":5},{"$f":"SUM(J1034:J1035)","v":0}]
[null,"F - MOMENTO DE TRANSPORTE",null,"Quantidade","Unidade","DMT",null,null,null,"Custo Unitário"]
[{"$nulls":5},"LN","RP","P"]
[null,"-",0,null,"tkm"]
[null,"-",0,null,"tkm"]
[null,null,null,"Custo unitário total de transporte"]
[{"$nulls":5},"Custo unitário direto total",null,null,null,{"$f":"TRUNC(J1032+J1036,2)","v":270.31}]
[null,"Obs."]
[]
[39.4,"1ª/GRD",{"$nulls":8},{"$f":"J1081","v":7.5}]
[null,"OBRA:","EXECUÇÃO DAS OBRAS E SERVIÇOS DE CONSTRUÇÃO DE PONTES E GALERIAS, INCLUINDO A CONCLUSÃO DE ESTRUTURAS JÁ INICIADAS, LOCALIZADAS NA ÁREA DA BARRAGEM DE APROVEITAMENTO MÚLTIPLO JEQUITAÍ I, NO MUNICÍPIO DE FRANCISCO DUMONT, NO ESTADO DE MINAS GERAIS - ITEM 1: PONTES A e B"]
[null,"Custo Unitário de Referência",null,null,"Minas Gerais"]
[{"$nulls":4}," Abril/2025 ",null,null,"Produção da equipe ",180,{"$f":"VLOOKUP(A1045,ORÇAMENTO!A:L,7,0)","v":"m²"}]
[null,2003866,"APLICAÇÃO DE GEOTÊXTIL NÃO TECIDO AGULHADO COM RESISTÊNCIA À TRAÇÃO LONGITUDINAL DE 14KN/M",{"$nulls":5},"Valores em reais (R$)"]
[null,"A - EQUIPAMENTOS",null,"Quantidade","Utilização",null,"Custo Horário",null,null,"Custo"]
[{"$nulls":4},"Operativa","Improdutiva","Produtivo","Improdutivo",null,"Horário Total"]
[null,"-",0,null,null,null,0,0,null,{"$f":"D1052*(E1052*G1052+F1052*H1052)","v":0}]
[null,"-",0,null,null,null,0,0,null,{"$f":"D1053*(E1053*G1053+F1053*H1053)","v":0}]
[{"$nulls":7},"Custo horário total de equipamentos",null,{"$f":"SUM(J1052:J1053)","v":0}]
[null,"B - MÃO DE OBRA",null,"Quantidade","Unidade",null,"Custo Horário","Custo Horário Total"]
[null,"P9824","Servente",3,"h",null,21.684899999999999,null,null,{"$f":"D1056*G1056","v":65.054699999999997}]
[null,"-",0,null,0,null,0,null,null,{"$f":"D1057*G1057","v":0}]
[null,null,null,"Custo horário total de mão de obra",{"$nulls":5},{"$f":"SUM(J1056:J1057)","v":65.054699999999997}]
[null,null,null,"Custo horário total de execução",{"$nulls":5},{"$f":"J1054+J1058","v":65.054699999999997}]
[null,null,null,"Custo unitário de execução",{"$nulls":5},{"$f":"J1059/I1048","v":0.36141499999999999}]
[{"$nulls":7},"Custo do FIC",null,0]
[{"$nulls":7},"Custo do FIT",null,0]
[null,"C - MATERIAL",null,"Quantidade","Unidade",null,"Preço Unitário","Custo Unitário"]
[null,"M2051","Geotêxtil não-tecido agulhado em poliéster - resistência à tração longitudinal de 14 kN/m",1.05,"m²",null,6.7979000000000003,null,null,{"$f":"D1064*G1064","v":7.1377950000000006}]
[null,"-",0,null," - ",null,0,null,null,{"$f":"D1065*G1065","v":0}]
[null,null,null,"Custo unitário total de material",{"$nulls":5},{"$f":"SUM(J1064:J1065)","v":7.1377950000000006}]
[null,"D - ATIVIDADES AUXILIARES",null,"Quantidade","Unidade",null,"Custo Unitário","Custo Unitário"]
[null,"-",0,null,0,null,0,null,null,{"$f":"D1068*G1068","v":0}]
[null,"-",0,null,0,null,0,null,null,{"$f":"D1069*G1069","v":0}]
[null,null,null,"Custo total de atividades auxiliares",{"$nulls":5},{"$f":"SUM(J1068:J1069)","v":0}]
[{"$nulls":7},"Subtotal",null,{"$f":"J1060+J1066+J1070+J1061+J1062","v":7.4992100000000006}]
[null,"E - TEMPO FIXO",null,"Código","Quantidade","Unidade",null,"Custo Unitário","Custo Unitário"]
[null,"M2051","Geotêxtil não-tecido agulhado em poliéster - resistência à tração longitudinal de 14 kN/m",5914655,2.5999999999999998E-4,"t",null,33.92,null,{"$f":"ROUNDDOWN(E1073*H1073,4)","v":8.8000000000000005E-3}]
[null,"-",0,"-",null," - ",null,0,null,{"$f":"ROUNDDOWN(E1074*H1074,4)","v":0}]
[null,null,null,"Custo unitário total de tempo fixo",{"$nulls":5},{"$f":"SUM(J1073:J1074)","v":8.8000000000000005E-3}]
[null,"F - MOMENTO DE TRANSPORTE",null,"Quantidade","Unidade","DMT",null,null,null,"Custo Unitário"]
[{"$nulls":5},"LN","RP","P"]
[null,"M2051","Geotêxtil não-tecido agulhado em poliéster - resistência à tração longitudinal de 14 kN/m",2.5999999999999998E-4,"tkm"]
[null,"-",0,0,"tkm"]
[null,null,null,"Custo unitário total de transporte"]
[{"$nulls":5},"Custo unitário direto total",null,null,null,{"$f":"TRUNC(J1071+J1075,2)","v":7.5}]
[null,"Obs."]
[]
[39.5,"1ª/GRD",{"$nulls":8},{"$f":"J1120","v":534.08000000000004}]
[null,"OBRA:","EXECUÇÃO DAS OBRAS E SERVIÇOS DE CONSTRUÇÃO DE PONTES E GALERIAS, INCLUINDO A CONCLUSÃO DE ESTRUTURAS JÁ INICIADAS, LOCALIZADAS NA ÁREA DA BARRAGEM DE APROVEITAMENTO MÚLTIPLO JEQUITAÍ I, NO MUNICÍPIO DE FRANCISCO DUMONT, NO ESTADO DE MINAS GERAIS - ITEM 1: PONTES A e B"]
[null,"Custo Unitário de Referência",null,null,"Minas Gerais"]
[{"$nulls":4}," Abril/2025 ",null,null,"Produção da equipe ",4.5,{"$f":"VLOOKUP(A1084,ORÇAMENTO!A:L,7,0)","v":"m³"}]
[null,"3205866a","GABIÃO CAIXA 1,0M X 1,0M - PEDRA DE MÃO DISPONÍVEL NO LOCAL - FORNECIMENTO E ASSENTAMENTO",{"$nulls":5},"Valores em reais (R$)"]
[null,"A - EQUIPAMENTOS",null,"Quantidade","Utilização",null,"Custo Horário",null,null,"Custo"]
[{"$nulls":4},"Operativa","Improdutiva","Produtivo","Improdutivo",null,"Horário Total"]
[null,"E9526","Retroescavadeira de pneus - capacidade da caçamba da pá-carregadeira de 0,76 m³ e da retroescavadeira de 0,29 m³ - 58 kW ",1,1,0,156.566,80.653599999999997,null,{"$f":"D1091*(E1091*G1091+F1091*H1091)","v":156.566}]
[null,"-",0,null,null,null,0,0,null,{"$f":"D1092*(E1092*G1092+F1092*H1092)","v":0}]
[{"$nulls":7},"Custo horário total de equipamentos",null,{"$f":"SUM(J1091:J1092)","v":156.566}]
[null,"B - MÃO DE OBRA",null,"Quantidade","Unidade",null,"Custo Horário","Custo Horário Total"]
[null,"P9821","Pedreiro",4,"h",null,27.839500000000001,null,null,{"$f":"D1095*G1095","v":111.358}]
[null,"P9824","Servente",8,"h",null,21.684899999999999,null,null,{"$f":"D1096*G1096","v":173.47919999999999}]
[null,null,null,"Custo horário total de mão de obra",{"$nulls":5},{"$f":"SUM(J1095:J1096)","v":284.8372}]
[null,null,null,"Custo horário total de execução",{"$nulls":5},{"$f":"J1093+J1097","v":441.40319999999997}]
[null,null,null,"Custo unitário de execução",{"$nulls":5},{"$f":"J1098/I1087","v":98.08959999999999}]
[{"$nulls":7},"Custo do FIC",null,0]
[{"$nulls":7},"Custo do FIT",null,0]
[null,"C - MATERIAL",null,"Quantidade","Unidade",null,"Preço Unitário","Custo Unitário"]
[null,"M0233","Gabião tipo caixa em liga de zinco e alumínio revestido com polímero de malha hexagonal - C = 2,00 m, L = 1,00 m e H = 1,00 m",0.5,"un",null,865.2047,null,null,{"$f":"D1103*G1103","v":432.60235}]
[null,"M1097","Pedra de mão ou rachão",1.1499999999999999,"m³",null,0,"FORNECIMENTO NÃO INCLUSO",null,{"$f":"D1104*G1104","v":0}]
[null,null,null,"Custo unitário total de material",{"$nulls":5},{"$f":"SUM(J1103:J1104)","v":432.60235}]
[null,"D - ATIVIDADES AUXILIARES",null,"Quantidade","Unidade",null,"Custo Unitário","Custo Unitário"]
[null,"-",0,null,0,null,0,null,null,{"$f":"D1107*G1107","v":0}]
[null,"-",0,null,0,null,0,null,null,{"$f":"D1108*G1108","v":0}]
[null,null,null,"Custo total de atividades auxiliares",{"$nulls":5},{"$f":"SUM(J1107:J1108)","v":0}]
[{"$nulls":7},"Subtotal",null,{"$f":"J1099+J1105+J1109+J1100+J1101","v":530.69195000000002}]
[null,"E - TEMPO FIXO",null,"Código","Quantidade","Unidade",null,"Custo Unitário","Custo Unitário"]
[null,"M0233","Gabião tipo caixa em liga de zinco e alumínio revestido com polímero de malha hexagonal - C = 2,00 m, L = 1,00 m e H = 1,00 m",5914655,6.0000000000000001E-3,"un",null,33.92,null,{"$f":"ROUNDDOWN(E1112*H1112,4)","v":0.20349999999999999}]
[null,"M1097","Pedra de mão ou rachão",5914647,1.7250000000000001,"m³",null,1.85,null,{"$f":"ROUNDDOWN(E1113*H1113,4)","v":3.1911999999999998}]
[null,null,null,"Custo unitário total de tempo fixo",{"$nulls":5},{"$f":"SUM(J1112:J1113)","v":3.3946999999999998}]
[null,"F - MOMENTO DE TRANSPORTE",null,"Quantidade","Unidade","DMT",null,null,null,"Custo Unitário"]
[{"$nulls":5},"LN","RP","P"]
[null,"M0233","Gabião tipo caixa em liga de zinco e alumínio revestido com polímero de malha hexagonal - C = 2,00 m, L = 1,00 m e H = 1,00 m",6.0000000000000001E-3,"tkm"]
[null,"M1097","Pedra de mão ou rachão",1.7250000000000001,"tkm"]
[null,null,null,"Custo unitário total de transporte"]
[{"$nulls":5},"Custo unitário direto total",null,null,null,{"$f":"TRUNC(J1110+J1114,2)","v":534.08000000000004}]
[null,"Obs."]
[]
[40,"1ª/GRD",{"$nulls":8},{"$f":"J1159","v":237.15}]
[null,"OBRA:","EXECUÇÃO DAS OBRAS E SERVIÇOS DE CONSTRUÇÃO DE PONTES E GALERIAS, INCLUINDO A CONCLUSÃO DE ESTRUTURAS JÁ INICIADAS, LOCALIZADAS NA ÁREA DA BARRAGEM DE APROVEITAMENTO MÚLTIPLO JEQUITAÍ I, NO MUNICÍPIO DE FRANCISCO DUMONT, NO ESTADO DE MINAS GERAIS - ITEM 1: PONTES A e B"]
[null,"Custo Unitário de Referência",null,null,"Minas Gerais"]
[{"$nulls":4}," Abril/2025 ",null,null,"Produção da equipe ",11,{"$f":"VLOOKUP(A1123,ORÇAMENTO!A:L,7,0)","v":"m²"}]
[null,"3205876a","GABIÃO COLCHÃO ESPESSURA 0,30M - PEDRA DE MÃO DISPONÍVEL NO LOCAL - FORNECIMENTO E ASSENTAMENTO",{"$nulls":5},"Valores em reais (R$)"]
[null,"A - EQUIPAMENTOS",null,"Quantidade","Utilização",null,"Custo Horário",null,null,"Custo"]
[{"$nulls":4},"Operativa","Improdutiva","Produtivo","Improdutivo",null,"Horário Total"]
[null,"E9526","Retroescavadeira de pneus - capacidade da caçamba da pá-carregadeira de 0,76 m³ e da retroescavadeira de 0,29 m³ - 58 kW ",1,1,0,156.566,80.653599999999997,null,{"$f":"D1130*(E1130*G1130+F1130*H1130)","v":156.566}]
[null,"-",0,null,null,null,0,0,null,{"$f":"D1131*(E1131*G1131+F1131*H1131)","v":0}]
[{"$nulls":7},"Custo horário total de equipamentos",null,{"$f":"SUM(J1130:J1131)","v":156.566}]
[null,"B - MÃO DE OBRA",null,"Quantidade","Unidade",null,"Custo Horário","Custo Horário Total"]
[null,"P9821","Pedreiro",4,"h",null,27.839500000000001,null,null,{"$f":"D1134*G1134","v":111.358}]
[null,"P9824","Servente",8,"h",null,21.684899999999999,null,null,{"$f":"D1135*G1135","v":173.47919999999999}]
[null,null,null,"Custo horário total de mão de obra",{"$nulls":5},{"$f":"SUM(J1134:J1135)","v":284.8372}]
[null,null,null,"Custo horário total de execução",{"$nulls":5},{"$f":"J1132+J1136","v":441.40319999999997}]
[null,null,null,"Custo unitário de execução",{"$nulls":5},{"$f":"J1137/I1126","v":40.127563636363632}]
[{"$nulls":7},"Custo do FIC",null,0]
[{"$nulls":7},"Custo do FIT",null,0]
[null,"C - MATERIAL",null,"Quantidade","Unidade",null,"Preço Unitário","Custo Unitário"]
[null,"M0236","Gabião tipo colchão em liga de zinco e alumínio revestido com polímero de malha hexagonal - E = 0,30 m",1,"m²",null,195.93870000000001,null,null,{"$f":"D1142*G1142","v":195.93870000000001}]
[null,"M1097","Pedra de mão ou rachão",0.34499999999999997,"m³",null,0,"FORNECIMENTO NÃO INCLUSO",null,{"$f":"D1143*G1143","v":0}]
[null,null,null,"Custo unitário total de material",{"$nulls":5},{"$f":"SUM(J1142:J1143)","v":195.93870000000001}]
[null,"D - ATIVIDADES AUXILIARES",null,"Quantidade","Unidade",null,"Custo Unitário","Custo Unitário"]
[null,"-",0,null,0,null,0,null,null,{"$f":"D1146*G1146","v":0}]
[null,"-",0,null,0,null,0,null,null,{"$f":"D1147*G1147","v":0}]
[null,null,null,"Custo total de atividades auxiliares",{"$nulls":5},{"$f":"SUM(J1146:J1147)","v":0}]
[{"$nulls":7},"Subtotal",null,{"$f":"J1138+J1144+J1148+J1139+J1140","v":236.06626363636366}]
[null,"E - TEMPO FIXO",null,"Código","Quantidade","Unidade",null,"Custo Unitário","Custo Unitário"]
[null,"M0236","Gabião tipo colchão em liga de zinco e alumínio revestido com polímero de malha hexagonal - E = 0,30 m",5914655,3.82E-3,"t",null,33.92,null,{"$f":"ROUNDDOWN(E1151*H1151,4)","v":0.1295}]
[null,"M1097","Pedra de mão ou rachão",5914647,0.51749999999999996,"t",null,1.85,null,{"$f":"ROUNDDOWN(E1152*H1152,4)","v":0.95730000000000004}]
[null,null,null,"Custo unitário total de tempo fixo",{"$nulls":5},{"$f":"SUM(J1151:J1152)","v":1.0868}]
[null,"F - MOMENTO DE TRANSPORTE",null,"Quantidade","Unidade","DMT",null,null,null,"Custo Unitário"]
[{"$nulls":5},"LN","RP","P"]
[null,"M0236","Gabião tipo colchão em liga de zinco e alumínio revestido com polímero de malha hexagonal - E = 0,30 m",3.82E-3,"tkm"]
[null,"M1097","Pedra de mão ou rachão",0.51749999999999996,"tkm"]
[null,null,null,"Custo unitário total de transporte"]
[{"$nulls":5},"Custo unitário direto total",null,null,null,{"$f":"TRUNC(J1149+J1153,2)","v":237.15}]
[null,"Obs."]
[]
[41,"1ª/GRD",{"$nulls":8},{"$f":"J1198","v":2.92}]
[null,"OBRA:","EXECUÇÃO DAS OBRAS E SERVIÇOS DE CONSTRUÇÃO DE PONTES E GALERIAS, INCLUINDO A CONCLUSÃO DE ESTRUTURAS JÁ INICIADAS, LOCALIZADAS NA ÁREA DA BARRAGEM DE APROVEITAMENTO MÚLTIPLO JEQUITAÍ I, NO MUNICÍPIO DE FRANCISCO DUMONT, NO ESTADO DE MINAS GERAIS - ITEM 1: PONTES A e B"]
[null,"Custo Unitário de Referência",null,null,"Minas Gerais"]
[{"$nulls":4}," Abril/2025 ",null,null,"Produção da equipe ",457.16,{"$f":"VLOOKUP(A1162,ORÇAMENTO!A:L,7,0)","v":"ton"}]
[null,5914351,"CARGA, MANOBRA E DESCARGA DE AGREGADOS, ROCHA OU SOLOS EM CAMINHÃO BASCULANTE",{"$nulls":5},"Valores em reais (R$)"]
[null,"A - EQUIPAMENTOS",null,"Quantidade","Utilização",null,"Custo Horário",null,null,"Custo"]
[{"$nulls":4},"Operativa","Improdutiva","Produtivo","Improdutivo",null,"Horário Total"]
[null,"E9667","Caminhão basculante com capacidade de 14 m³ - 210 kW",3,0.77,0.23,322.66559999999998,97.340599999999995,null,{"$f":"D1169*(E1169*G1169+F1169*H1169)","v":812.52254999999991}]
[null,"E9511","Carregadeira de pneus com capacidade de 3,40 m³ - 195 kW",1,1,0,522.5317,257.15769999999998,null,{"$f":"D1170*(E1170*G1170+F1170*H1170)","v":522.5317}]
[{"$nulls":7},"Custo horário total de equipamentos",null,{"$f":"SUM(J1169:J1170)","v":1335.0542499999999}]
[null,"B - MÃO DE OBRA",null,"Quantidade","Unidade",null,"Custo Horário","Custo Horário Total"]
[null,"-",0,null,0,null,0,null,null,{"$f":"D1173*G1173","v":0}]
[null,"-",0,null,0,null,0,null,null,{"$f":"D1174*G1174","v":0}]
[null,null,null,"Custo horário total de mão de obra",{"$nulls":5},{"$f":"SUM(J1173:J1174)","v":0}]
[null,null,null,"Custo horário total de execução",{"$nulls":5},{"$f":"J1171+J1175","v":1335.0542499999999}]
[null,null,null,"Custo unitário de execução",{"$nulls":5},{"$f":"J1176/I1165","v":2.9203216598127568}]
[{"$nulls":7},"Custo do FIC",null,0]
[{"$nulls":7},"Custo do FIT",null,0]
[null,"C - MATERIAL",null,"Quantidade","Unidade",null,"Preço Unitário","Custo Unitário"]
[null,"-",0,null," - ",null,0,null,null,{"$f":"D1181*G1181","v":0}]
[null,"-",0,null," - ",null,0,null,null,{"$f":"D1182*G1182","v":0}]
[null,null,null,"Custo unitário total de material",{"$nulls":5},{"$f":"SUM(J1181:J1182)","v":0}]
[null,"D - ATIVIDADES AUXILIARES",null,"Quantidade","Unidade",null,"Custo Unitário","Custo Unitário"]
[null,"-",0,null,0,null,0,null,null,{"$f":"D1185*G1185","v":0}]
[null,"-",0,null,0,null,0,null,null,{"$f":"D1186*G1186","v":0}]
[null,null,null,"Custo total de atividades auxiliares",{"$nulls":5},{"$f":"SUM(J1185:J1186)","v":0}]
[{"$nulls":7},"Subtotal",null,{"$f":"J1177+J1183+J1187+J1178+J1179","v":2.9203216598127568}]
[null,"E - TEMPO FIXO",null,"Código","Quantidade","Unidade",null,"Custo Unitário","Custo Unitário"]
[null,"-",0,"-",null,0,null,0,null,{"$f":"ROUNDDOWN(E1190*H1190,4)","v":0}]
[null,"-",0,"-",null,0,null,0,null,{"$f":"ROUNDDOWN(E1191*H1191,4)","v":0}]
[null,null,null,"Custo unitário total de tempo fixo",{"$nulls":5},{"$f":"SUM(J1190:J1191)","v":0}]
[null,"F - MOMENTO DE TRANSPORTE",null,"Quantidade","Unidade","DMT",null,null,null,"Custo Unitário"]
[{"$nulls":5},"LN","RP","P"]
[null,"-",0,null,"tkm"]
[null,"-",0,null,"tkm"]
[null,null,null,"Custo unitário total de transporte"]
[{"$nulls":5},"Custo unitário direto total",null,null,null,{"$f":"TRUNC(J1188+J1192,2)","v":2.92}]
[null,"Obs."]
[]
[42,"1ª/GRD",{"$nulls":8},{"$f":"J1237","v":0.96}]
[null,"OBRA:","EXECUÇÃO DAS OBRAS E SERVIÇOS DE CONSTRUÇÃO DE PONTES E GALERIAS, INCLUINDO A CONCLUSÃO DE ESTRUTURAS JÁ INICIADAS, LOCALIZADAS NA ÁREA DA BARRAGEM DE APROVEITAMENTO MÚLTIPLO JEQUITAÍ I, NO MUNICÍPIO DE FRANCISCO DUMONT, NO ESTADO DE MINAS GERAIS - ITEM 1: PONTES A e B"]
[null,"Custo Unitário de Referência",null,null,"Minas Gerais"]
[{"$nulls":4}," Abril/2025 ",null,null,"Produção da equipe ",373.5,{"$f":"VLOOKUP(A1201,ORÇAMENTO!A:L,7,0)","v":"txkm"}]
[null,"5914335","TRANSPORTE DE MATERIAL DE 3A CATEGORIA COM CAMINHÃO BASCULANTE PARA ROCHA - RODOVIA EM REVESTIMENTO PRIMÁRIO",{"$nulls":5},"Valores em reais (R$)"]
[null,"A - EQUIPAMENTOS",null,"Quantidade","Utilização",null,"Custo Horário",null,null,"Custo"]
[{"$nulls":4},"Operativa","Improdutiva","Produtivo","Improdutivo",null,"Horário Total"]
[null,"E9672","Caminhão basculante para rocha com capacidade de 12 m³ - 210 kW",1,1,0,352.36559999999997,112.3145,null,{"$f":"D1208*(E1208*G1208+F1208*H1208)","v":352.36559999999997}]
[null,"-",0,null,null,null,0,0,null,{"$f":"D1209*(E1209*G1209+F1209*H1209)","v":0}]
[{"$nulls":7},"Custo horário total de equipamentos",null,{"$f":"SUM(J1208:J1209)","v":352.36559999999997}]
[null,"B - MÃO DE OBRA",null,"Quantidade","Unidade",null,"Custo Horário","Custo Horário Total"]
[null,"-",0,null,0,null,0,null,null,{"$f":"D1212*G1212","v":0}]
[null,"-",0,null,0,null,0,null,null,{"$f":"D1213*G1213","v":0}]
[null,null,null,"Custo horário total de mão de obra",{"$nulls":5},{"$f":"SUM(J1212:J1213)","v":0}]
[null,null,null,"Custo horário total de execução",{"$nulls":5},{"$f":"J1210+J1214","v":352.36559999999997}]
[null,null,null,"Custo unitário de execução",{"$nulls":5},{"$f":"J1215/I1204","v":0.94341526104417661}]
[{"$nulls":7},"Custo do FIC",null,1.83E-2]
[{"$nulls":7},"Custo do FIT",null,0]
[null,"C - MATERIAL",null,"Quantidade","Unidade",null,"Preço Unitário","Custo Unitário"]
[null,"-",0,null," - ",null,0,null,null,{"$f":"D1220*G1220","v":0}]
[null,"-",0,null," - ",null,0,null,null,{"$f":"D1221*G1221","v":0}]
[null,null,null,"Custo unitário total de material",{"$nulls":5},{"$f":"SUM(J1220:J1221)","v":0}]
[null,"D - ATIVIDADES AUXILIARES",null,"Quantidade","Unidade",null,"Custo Unitário","Custo Unitário"]
[null,"-",0,null,0,null,0,null,null,{"$f":"D1224*G1224","v":0}]
[null,"-",0,null,0,null,0,null,null,{"$f":"D1225*G1225","v":0}]
[null,null,null,"Custo total de atividades auxiliares",{"$nulls":5},{"$f":"SUM(J1224:J1225)","v":0}]
[{"$nulls":7},"Subtotal",null,{"$f":"J1216+J1222+J1226+J1217+J1218","v":0.96171526104417659}]
[null,"E - TEMPO FIXO",null,"Código","Quantidade","Unidade",null,"Custo Unitário","Custo Unitário"]
[null,"-",0,"-",null,0,null,0,null,{"$f":"ROUNDDOWN(E1229*H1229,4)","v":0}]
[null,"-",0,"-",null,0,null,0,null,{"$f":"ROUNDDOWN(E1230*H1230,4)","v":0}]
[null,null,null,"Custo unitário total de tempo fixo",{"$nulls":5},{"$f":"SUM(J1229:J1230)","v":0}]
[null,"F - MOMENTO DE TRANSPORTE",null,"Quantidade","Unidade","DMT",null,null,null,"Custo Unitário"]
[{"$nulls":5},"LN","RP","P"]
[null,"-",0,null,"tkm"]
[null,"-",0,null,"tkm"]
[null,null,null,"Custo unitário total de transporte"]
[{"$nulls":5},"Custo unitário direto total",null,null,null,{"$f":"TRUNC(J1227+J1231,2)","v":0.96}]
[null,"Obs."]
[]
[43,"1ª/GRD",{"$nulls":8},{"$f":"J1276","v":0.82}]
[null,"OBRA:","EXECUÇÃO DAS OBRAS E SERVIÇOS DE CONSTRUÇÃO DE PONTES E GALERIAS, INCLUINDO A CONCLUSÃO DE ESTRUTURAS JÁ INICIADAS, LOCALIZADAS NA ÁREA DA BARRAGEM DE APROVEITAMENTO MÚLTIPLO JEQUITAÍ I, NO MUNICÍPIO DE FRANCISCO DUMONT, NO ESTADO DE MINAS GERAIS - ITEM 1: PONTES A e B"]
[null,"Custo Unitário de Referência",null,null,"Minas Gerais"]
[{"$nulls":4}," Abril/2025 ",null,null,"Produção da equipe ",425.79,{"$f":"VLOOKUP(A1240,ORÇAMENTO!A:L,7,0)","v":"txkm"}]
[null,"5914336","TRANSPORTE DE MATERIAL DE 3A CATEGORIA COM CAMINHÃO BASCULANTE PARA ROCHA - RODOVIA PAVIMENTADA",{"$nulls":5},"Valores em reais (R$)"]
[null,"A - EQUIPAMENTOS",null,"Quantidade","Utilização",null,"Custo Horário",null,null,"Custo"]
[{"$nulls":4},"Operativa","Improdutiva","Produtivo","Improdutivo",null,"Horário Total"]
[null,"E9672","Caminhão basculante para rocha com capacidade de 12 m³ - 210 kW",1,1,0,352.36559999999997,112.3145,null,{"$f":"D1247*(E1247*G1247+F1247*H1247)","v":352.36559999999997}]
[null,"-",0,null,null,null,0,0,null,{"$f":"D1248*(E1248*G1248+F1248*H1248)","v":0}]
[{"$nulls":7},"Custo horário total de equipamentos",null,{"$f":"SUM(J1247:J1248)","v":352.36559999999997}]
[null,"B - MÃO DE OBRA",null,"Quantidade","Unidade",null,"Custo Horário","Custo Horário Total"]
[null,"-",0,null,0,null,0,null,null,{"$f":"D1251*G1251","v":0}]
[null,"-",0,null,0,null,0,null,null,{"$f":"D1252*G1252","v":0}]
[null,null,null,"Custo horário total de mão de obra",{"$nulls":5},{"$f":"SUM(J1251:J1252)","v":0}]
[null,null,null,"Custo horário total de execução",{"$nulls":5},{"$f":"J1249+J1253","v":352.36559999999997}]
[null,null,null,"Custo unitário de execução",{"$nulls":5},{"$f":"J1254/I1243","v":0.82755724652997942}]
[{"$nulls":7},"Custo do FIC",null,0]
[{"$nulls":7},"Custo do FIT",null,0]
[null,"C - MATERIAL",null,"Quantidade","Unidade",null,"Preço Unitário","Custo Unitário"]
[null,"-",0,null," - ",null,0,null,null,{"$f":"D1259*G1259","v":0}]
[null,"-",0,null," - ",null,0,null,null,{"$f":"D1260*G1260","v":0}]
[null,null,null,"Custo unitário total de material",{"$nulls":5},{"$f":"SUM(J1259:J1260)","v":0}]
[null,"D - ATIVIDADES AUXILIARES",null,"Quantidade","Unidade",null,"Custo Unitário","Custo Unitário"]
[null,"-",0,null,0,null,0,null,null,{"$f":"D1263*G1263","v":0}]
[null,"-",0,null,0,null,0,null,null,{"$f":"D1264*G1264","v":0}]
[null,null,null,"Custo total de atividades auxiliares",{"$nulls":5},{"$f":"SUM(J1263:J1264)","v":0}]
[{"$nulls":7},"Subtotal",null,{"$f":"J1255+J1261+J1265+J1256+J1257","v":0.82755724652997942}]
[null,"E - TEMPO FIXO",null,"Código","Quantidade","Unidade",null,"Custo Unitário","Custo Unitário"]
[null,"-",0,"-",null,0,null,0,null,{"$f":"ROUNDDOWN(E1268*H1268,4)","v":0}]
[null,"-",0,"-",null,0,null,0,null,{"$f":"ROUNDDOWN(E1269*H1269,4)","v":0}]
[null,null,null,"Custo unitário total de tempo fixo",{"$nulls":5},{"$f":"SUM(J1268:J1269)","v":0}]
[null,"F - MOMENTO DE TRANSPORTE",null,"Quantidade","Unidade","DMT",null,null,null,"Custo Unitário"]
[{"$nulls":5},"LN","RP","P"]
[null,"-",0,null,"tkm"]
[null,"-",0,null,"tkm"]
[null,null,null,"Custo unitário total de transporte"]
[{"$nulls":5},"Custo unitário direto total",null,null,null,{"$f":"TRUNC(J1266+J1270,2)","v":0.82}]
[null,"Obs."]
[]
[46,"1ª/GRD",{"$nulls":8},{"$f":"J1330","v":79.34}]
[null,"OBRA:","EXECUÇÃO DAS OBRAS E SERVIÇOS DE CONSTRUÇÃO DE PONTES E GALERIAS, INCLUINDO A CONCLUSÃO DE ESTRUTURAS JÁ INICIADAS, LOCALIZADAS NA ÁREA DA BARRAGEM DE APROVEITAMENTO MÚLTIPLO JEQUITAÍ I, NO MUNICÍPIO DE FRANCISCO DUMONT, NO ESTADO DE MINAS GERAIS - ITEM 1: PONTES A e B"]
[null,"Custo Unitário de Referência",null,null,"Minas Gerais"]
[{"$nulls":4}," Abril/2025 ",null,null,"Produção da equipe ",1,{"$f":"VLOOKUP(A1279,ORÇAMENTO!A:L,7,0)","v":"m²"}]
[null,3108017,"FORMA DE COMPENSADO PLASTIFICADO 14MM, USO GERAL - CONFECÇÃO, INSTALAÇÃO E RETIRADA",{"$nulls":5},"Valores em reais (R$)"]
[null,"A - EQUIPAMENTOS",null,"Quantidade","Utilização",null,"Custo Horário",null,null,"Custo"]
[{"$nulls":4},"Operativa","Improdutiva","Produtivo","Improdutivo",null,"Horário Total"]
[null,"E9066","Grupo gerador - 14 kVA",4.0160000000000001E-2,1,0,21.014500000000002,6.157,null,{"$f":"D1286*(E1286*G1286+F1286*H1286)","v":0.84394232000000013}]
[null,"E9535","Serra circular com bancada - D = 30 cm - 4 kW",4.0160000000000001E-2,1,0,27.200299999999999,26.836200000000002,null,{"$f":"D1287*(E1287*G1287+F1287*H1287)","v":1.0923640480000001}]
[{"$nulls":7},"Custo horário total de equipamentos",null,{"$f":"SUM(J1286:J1287)","v":1.9363063680000003}]
[null,"B - MÃO DE OBRA",null,"Quantidade","Unidade",null,"Custo Horário","Custo Horário Total"]
[null,"P9801","Ajudante",0.7,"h",null,23.715,null,null,{"$f":"D1290*G1290","v":16.6005}]
[null,"P9808","Carpinteiro",0.7,"h",null,27.647099999999998,null,null,{"$f":"D1291*G1291","v":19.352969999999999}]
[null,null,null,"Custo horário total de mão de obra",{"$nulls":5},{"$f":"SUM(J1290:J1291)","v":35.953469999999996}]
[null,null,null,"Custo horário total de execução",{"$nulls":5},{"$f":"J1288+J1292","v":37.889776368}]
[null,null,null,"Custo unitário de execução",{"$nulls":5},{"$f":"J1293/I1282","v":37.889776368}]
[{"$nulls":7},"Custo do FIC",null,0]
[{"$nulls":7},"Custo do FIT",null,0]
[null,"C - MATERIAL",null,"Quantidade","Unidade",null,"Preço Unitário","Custo Unitário"]
[null,"M0284","Caibro de pinho - L = 7,5 cm e E = 7,5 cm",0.44922000000000001,"m",null,8.3402999999999992,null,null,{"$f":"D1298*G1298","v":3.7466295659999997}]
[null,"M0459","Compensado plastificado - E = 14 mm",0.40429999999999999,"m²",null,46.688099999999999,null,null,{"$f":"D1299*G1299","v":18.87599883}]
[null,"M0560","Desmoldante para fôrmas de madeira",1.111E-2,"l",null,11.3888,null,null,0.12652956800000001]
[null,"M0310","Peça de madeira - L = 7,5 cm e E = 2,5 cm",0.19908000000000001,"m",null,3.2216999999999998,null,null,0.64137603599999993]
[null,"M1205","Prego de ferro",0.20394999999999999,"kg",null,15.2544,null,null,3.1111348799999998]
[null,"M0290","Tábua - E = 2,5 cm e L = 10 cm",2.0900300000000001,"m",null,4.1909000000000001,null,null,8.7591067270000007]
[null,"M0286","Tábua - E = 2,5 cm e L = 30 cm",0.35937999999999998,"m",null,15.6488,null,null,{"$f":"D1304*G1304","v":5.6238657439999997}]
[null,null,null,"Custo unitário total de material",{"$nulls":5},{"$f":"SUM(J1298:J1304)","v":40.884641350999999}]
[null,"D - ATIVIDADES AUXILIARES",null,"Quantidade","Unidade",null,"Custo Unitário","Custo Unitário"]
[null,"-",0,null,0,null,0,null,null,{"$f":"D1307*G1307","v":0}]
[null,"-",0,null,0,null,0,null,null,{"$f":"D1308*G1308","v":0}]
[null,null,null,"Custo total de atividades auxiliares",{"$nulls":5},{"$f":"SUM(J1307:J1308)","v":0}]
[{"$nulls":7},"Subtotal",null,{"$f":"J1294+J1305+J1309+J1295+J1296","v":78.774417718999999}]
[null,"E - TEMPO FIXO",null,"Código","Quantidade","Unidade",null,"Custo Unitário","Custo Unitário"]
[null,"M0284","Caibro de pinho - L = 7,5 cm e E = 7,5 cm",5914655,2.5300000000000001E-3,"m",null,33.92,null,{"$f":"ROUNDDOWN(E1312*H1312,4)","v":8.5800000000000001E-2}]
[null,"M0459","Compensado plastificado - E = 14 mm",5914655,5.6600000000000001E-3,"m²",null,33.92,null,{"$f":"ROUNDDOWN(E1313*H1313,4)","v":0.19189999999999999}]
[null,"M0560","Desmoldante para fôrmas de madeira",5914655,1.0000000000000001E-5,"l",null,33.92,null,2.9999999999999997E-4]
[null,"M0310","Peça de madeira - L = 7,5 cm e E = 2,5 cm",5914655,3.6999999999999999E-4,"m",null,33.92,null,1.2500000000000001E-2]
[null,"M1205","Prego de ferro",5914655,2.0000000000000001E-4,"kg",null,33.92,null,6.7000000000000002E-3]
[null,"M0290","Tábua - E = 2,5 cm e L = 10 cm",5914655,5.2300000000000003E-3,"m",null,33.92,null,0.1774]
[null,"M0286","Tábua - E = 2,5 cm e L = 30 cm",5914655,2.7000000000000001E-3,"m",null,33.92,null,9.1499999999999998E-2]
[null,null,null,"Custo unitário total de tempo fixo",{"$nulls":5},{"$f":"SUM(J1312:J1318)","v":0.56610000000000005}]
[null,"F - MOMENTO DE TRANSPORTE",null,"Quantidade","Unidade","DMT",null,null,null,"Custo Unitário"]
[{"$nulls":5},"LN","RP","P"]
[null,"M0284","Caibro de pinho - L = 7,5 cm e E = 7,5 cm",2.5300000000000001E-3,"tkm"]
[null,"M0459","Compensado plastificado - E = 14 mm",5.6600000000000001E-3,"tkm"]
[null,"M0560","Desmoldante para fôrmas de madeira",1.0000000000000001E-5,"tkm"]
[null,"M0310","Peça de madeira - L = 7,5 cm e E = 2,5 cm",3.6999999999999999E-4,"tkm"]
[null,"M1205","Prego de ferro",2.0000000000000001E-4,"tkm"]
[null,"M0290","Tábua - E = 2,5 cm e L = 10 cm",5.2300000000000003E-3,"tkm"]
[null,"M0286","Tábua - E = 2,5 cm e L = 30 cm",2.7000000000000001E-3,"tkm"]
[null,null,null,"Custo unitário total de transporte"]
[{"$nulls":5},"Custo unitário direto total",null,null,null,{"$f":"TRUNC(J1310+J1319,2)","v":79.34}]
[null,"Obs."]
[]
[47,"1ª/GRD",{"$nulls":8},{"$f":"J1372","v":460.03}]
[null,"OBRA:","EXECUÇÃO DAS OBRAS E SERVIÇOS DE CONSTRUÇÃO DE PONTES E GALERIAS, INCLUINDO A CONCLUSÃO DE ESTRUTURAS JÁ INICIADAS, LOCALIZADAS NA ÁREA DA BARRAGEM DE APROVEITAMENTO MÚLTIPLO JEQUITAÍ I, NO MUNICÍPIO DE FRANCISCO DUMONT, NO ESTADO DE MINAS GERAIS - ITEM 1: PONTES A e B"]
[null,"Custo Unitário de Referência",null,null,"Minas Gerais"]
[{"$nulls":4}," Abril/2025 ",null,null,"Produção da equipe ",3.9289900000000002,{"$f":"VLOOKUP(A1333,ORÇAMENTO!A:L,7,0)","v":"m³"}]
[null,"1106057","CONCRETO MAGRO - CONFECÇÃO EM BETONEIRA E LANÇAMENTO MANUAL - AREIA E BRITA COMERCIAIS",{"$nulls":5},"Valores em reais (R$)"]
[null,"A - EQUIPAMENTOS",null,"Quantidade","Utilização",null,"Custo Horário",null,null,"Custo"]
[{"$nulls":4},"Operativa","Improdutiva","Produtivo","Improdutivo",null,"Horário Total"]
[null,"E9519","Betoneira com motor a gasolina com capacidade de 600 l - 10 kW",1,1,0,55.4191,32.742100000000001,null,{"$f":"D1340*(E1340*G1340+F1340*H1340)","v":55.4191}]
[null,"E9071","Transportador manual carrinho de mão com capacidade de 80 l",4,0.88,0.12,0.70299999999999996,0.47570000000000001,null,{"$f":"D1341*(E1341*G1341+F1341*H1341)","v":2.702896}]
[null,"E9064","Transportador manual gerica com capacidade de 180 l",3,0.41,0.59,1.56,1.0556000000000001,null,3.7872120000000002]
[{"$nulls":7},"Custo horário total de equipamentos",null,{"$f":"SUM(J1340:J1342)","v":61.909208000000007}]
[null,"B - MÃO DE OBRA",null,"Quantidade","Unidade",null,"Custo Horário","Custo Horário Total"]
[null,"P9821","Pedreiro",1,"h",null,27.839500000000001,null,null,{"$f":"D1345*G1345","v":27.839500000000001}]
[null,"P9824","Servente",9,"h",null,21.684899999999999,null,null,{"$f":"D1346*G1346","v":195.16409999999999}]
[null,null,null,"Custo horário total de mão de obra",{"$nulls":5},{"$f":"SUM(J1345:J1346)","v":223.00360000000001}]
[null,null,null,"Custo horário total de execução",{"$nulls":5},{"$f":"J1343+J1347","v":284.91280800000004}]
[null,null,null,"Custo unitário de execução",{"$nulls":5},{"$f":"J1348/I1336","v":72.515534017648307}]
[{"$nulls":7},"Custo do FIC",null,0]
[{"$nulls":7},"Custo do FIT",null,0]
[null,"C - MATERIAL",null,"Quantidade","Unidade",null,"Preço Unitário","Custo Unitário"]
[null,"M0082","Areia média lavada",0.59948000000000001,"m³",null,157.22040000000001,null,null,{"$f":"D1353*G1353","v":94.250485392000016}]
[null,"M0192","Brita 2",0.73507999999999996,"m³",null,168.52109999999999,null,null,{"$f":"D1354*G1354","v":123.87649018799999}]
[null,"M0424","Cimento Portland CP II - 32 - saco",280.53417999999999,"kg",null,0.55669999999999997,null,null,156.17337800599998]
[null,null,null,"Custo unitário total de material",{"$nulls":5},{"$f":"SUM(J1353:J1355)","v":374.30035358600003}]
[null,"D - ATIVIDADES AUXILIARES",null,"Quantidade","Unidade",null,"Custo Unitário","Custo Unitário"]
[null,"-",0,null,0,null,0,null,null,{"$f":"D1358*G1358","v":0}]
[null,null,null,"Custo total de atividades auxiliares",{"$nulls":5},{"$f":"SUM(J1358:J1358)","v":0}]
[{"$nulls":7},"Subtotal",null,{"$f":"J1349+J1356+J1359+J1350+J1351","v":446.81588760364832}]
[null,"E - TEMPO FIXO",null,"Código","Quantidade","Unidade",null,"Custo Unitário","Custo Unitário"]
[null,"M0082","Areia média lavada",5914647,0.89922000000000002,"m³",null,1.85,null,{"$f":"ROUNDDOWN(E1362*H1362,4)","v":1.6635}]
[null,"M0192","Brita 2",5914647,1.1026199999999999,"m³",null,1.85,null,{"$f":"ROUNDDOWN(E1363*H1363,4)","v":2.0398000000000001}]
[null,"M0424","Cimento Portland CP II - 32 - saco",5914655,0.28053,"kg",null,33.92,null,9.5154999999999994]
[null,null,null,"Custo unitário total de tempo fixo",{"$nulls":5},{"$f":"SUM(J1362:J1364)","v":13.2188}]
[null,"F - MOMENTO DE TRANSPORTE",null,"Quantidade","Unidade","DMT",null,null,null,"Custo Unitário"]
[{"$nulls":5},"LN","RP","P"]
[null,"M0082","Areia média lavada",0.89922000000000002,"tkm"]
[null,"M0192","Brita 2",1.1026199999999999,"tkm"]
[null,"M0424","Cimento Portland CP II - 32 - saco",0.28053,"tkm"]
[null,null,null,"Custo unitário total de transporte"]
[{"$nulls":5},"Custo unitário direto total",null,null,null,{"$f":"TRUNC(J1360+J1365,2)","v":460.03}]
[null,"Obs."]
[]
[48,"1ª/GRD",{"$nulls":8},{"$f":"J1417","v":428.22}]
[null,"OBRA:","EXECUÇÃO DAS OBRAS E SERVIÇOS DE CONSTRUÇÃO DE PONTES E GALERIAS, INCLUINDO A CONCLUSÃO DE ESTRUTURAS JÁ INICIADAS, LOCALIZADAS NA ÁREA DA BARRAGEM DE APROVEITAMENTO MÚLTIPLO JEQUITAÍ I, NO MUNICÍPIO DE FRANCISCO DUMONT, NO ESTADO DE MINAS GERAIS - ITEM 1: PONTES A e B"]
[null,"Custo Unitário de Referência",null,null,"Minas Gerais"]
[{"$nulls":4}," Abril/2025 ",null,null,"Produção da equipe ",33.200000000000003,{"$f":"VLOOKUP(A1375,ORÇAMENTO!A:L,7,0)","v":"m³"}]
[null,"1116263","CONCRETO PARA BOMBEAMENTO FCK = 25 MPA - CONFECÇÃO EM CENTRAL DOSADORA - AREIA E BRITA COMERCIAIS",{"$nulls":5},"Valores em reais (R$)"]
[null,"A - EQUIPAMENTOS",null,"Quantidade","Utilização",null,"Custo Horário",null,null,"Custo"]
[{"$nulls":4},"Operativa","Improdutiva","Produtivo","Improdutivo",null,"Horário Total"]
[null,"E9584","Carregadeira de pneus com capacidade de 1,72 m³ - 113 kW",1,0.42,0.57999999999999996,217.29580000000001,109.75360000000001,null,{"$f":"D1382*(E1382*G1382+F1382*H1382)","v":154.921324}]
[null,"E9590","Central de concreto com capacidade de 40 m³/h - dosadora fixa",1,1,0,137.7081,99.532799999999995,null,{"$f":"D1383*(E1383*G1383+F1383*H1383)","v":137.7081}]
[null,"E9754","Grupo gerador - 68 kVA",1,1,0,70.654300000000006,9.4520999999999997,null,70.654300000000006]
[{"$nulls":7},"Custo horário total de equipamentos",null,{"$f":"SUM(J1382:J1384)","v":363.28372400000001}]
[null,"B - MÃO DE OBRA",null,"Quantidade","Unidade",null,"Custo Horário","Custo Horário Total"]
[null,"P9824","Servente",1,"h",null,21.684899999999999,null,null,{"$f":"D1387*G1387","v":21.684899999999999}]
[null,"-",0,null,0,null,0,null,null,{"$f":"D1388*G1388","v":0}]
[null,null,null,"Custo horário total de mão de obra",{"$nulls":5},{"$f":"SUM(J1387:J1388)","v":21.684899999999999}]
[null,null,null,"Custo horário total de execução",{"$nulls":5},{"$f":"J1385+J1389","v":384.96862399999998}]
[null,null,null,"Custo unitário de execução",{"$nulls":5},{"$f":"J1390/I1378","v":11.595440481927708}]
[{"$nulls":7},"Custo do FIC",null,0]
[{"$nulls":7},"Custo do FIT",null,0]
[null,"C - MATERIAL",null,"Quantidade","Unidade",null,"Preço Unitário","Custo Unitário"]
[null,"M0030","Aditivo plastificante e retardador de pega para concreto e argamassa",1.38493,"kg",null,6.7175000000000002,null,null,{"$f":"D1395*G1395","v":9.3032672749999996}]
[null,"M0082","Areia média lavada",0.59280999999999995,"m³",null,157.22040000000001,null,null,{"$f":"D1396*G1396","v":93.201825323999998}]
[null,"M0191","Brita 1",0.68813000000000002,"m³",null,178.40889999999999,null,null,122.768516357]
[null,"M1954","Cimento Portland CP II - 32 - a granel",346.23135000000002,"kg",null,0.52290000000000003,null,null,181.04437291500003]
[null,null,null,"Custo unitário total de material",{"$nulls":5},{"$f":"SUM(J1395:J1398)","v":406.31798187100003}]
[null,"D - ATIVIDADES AUXILIARES",null,"Quantidade","Unidade",null,"Custo Unitário","Custo Unitário"]
[null,"-",0,null,0,null,0,null,null,{"$f":"D1401*G1401","v":0}]
[null,null,null,"Custo total de atividades auxiliares",{"$nulls":5},{"$f":"SUM(J1401:J1401)","v":0}]
[{"$nulls":7},"Subtotal",null,{"$f":"J1391+J1399+J1402+J1392+J1393","v":417.91342235292774}]
[null,"E - TEMPO FIXO",null,"Código","Quantidade","Unidade",null,"Custo Unitário","Custo Unitário"]
[null,"M0030","Aditivo plastificante e retardador de pega para concreto e argamassa",5914655,1.3799999999999999E-3,"kg",null,33.92,null,{"$f":"ROUNDDOWN(E1405*H1405,4)","v":4.6800000000000001E-2}]
[null,"M0082","Areia média lavada",5914647,0.88922000000000001,"m³",null,1.85,null,{"$f":"ROUNDDOWN(E1406*H1406,4)","v":1.645}]
[null,"M0191","Brita 1",5914647,1.0322,"m³",null,1.85,null,1.9095]
[null,"M1954","Cimento Portland CP II - 32 - a granel",5914363,0.34622999999999998,"kg",null,19.38,null,6.7099000000000002]
[null,null,null,"Custo unitário total de tempo fixo",{"$nulls":5},{"$f":"SUM(J1405:J1408)","v":10.311199999999999}]
[null,"F - MOMENTO DE TRANSPORTE",null,"Quantidade","Unidade","DMT",null,null,null,"Custo Unitário"]
[{"$nulls":5},"LN","RP","P"]
[null,"M0030","Aditivo plastificante e retardador de pega para concreto e argamassa",1.3799999999999999E-3,"tkm"]
[null,"M0082","Areia média lavada",0.88922000000000001,"tkm"]
[null,"M0191","Brita 1",1.0322,"tkm"]
[null,"M1954","Cimento Portland CP II - 32 - a granel",0.34622999999999998,"tkm"]
[null,null,null,"Custo unitário total de transporte"]
[{"$nulls":5},"Custo unitário direto total",null,null,null,{"$f":"TRUNC(J1403+J1409,2)","v":428.22}]
[null,"Obs."]
[]
[49,"1ª/GRD",{"$nulls":8},{"$f":"J1463","v":444.89}]
[null,"OBRA:","EXECUÇÃO DAS OBRAS E SERVIÇOS DE CONSTRUÇÃO DE PONTES E GALERIAS, INCLUINDO A CONCLUSÃO DE ESTRUTURAS JÁ INICIADAS, LOCALIZADAS NA ÁREA DA BARRAGEM DE APROVEITAMENTO MÚLTIPLO JEQUITAÍ I, NO MUNICÍPIO DE FRANCISCO DUMONT, NO ESTADO DE MINAS GERAIS - ITEM 1: PONTES A e B"]
[null,"Custo Unitário de Referência",null,null,"Minas Gerais"]
[{"$nulls":4}," Abril/2025 ",null,null,"Produção da equipe ",33.200000000000003,{"$f":"VLOOKUP(A1420,ORÇAMENTO!A:L,7,0)","v":"m³"}]
[null,"1116264","CONCRETO PARA BOMBEAMENTO FCK = 30 MPA - CONFECÇÃO EM CENTRAL DOSADORA - AREIA E BRITA COMERCIAIS",{"$nulls":5},"Valores em reais (R$)"]
[null,"A - EQUIPAMENTOS",null,"Quantidade","Utilização",null,"Custo Horário",null,null,"Custo"]
[{"$nulls":4},"Operativa","Improdutiva","Produtivo","Improdutivo",null,"Horário Total"]
[null,"E9584","Carregadeira de pneus com capacidade de 1,72 m³ - 113 kW",1,0.42,0.57999999999999996,217.29580000000001,109.75360000000001,null,{"$f":"D1427*(E1427*G1427+F1427*H1427)","v":154.921324}]
[null,"E9590","Central de concreto com capacidade de 40 m³/h - dosadora fixa",1,1,0,137.7081,99.532799999999995,null,{"$f":"D1428*(E1428*G1428+F1428*H1428)","v":137.7081}]
[null,"E9754","Grupo gerador - 68 kVA",1,1,0,70.654300000000006,9.4520999999999997,null,70.654300000000006]
[{"$nulls":7},"Custo horário total de equipamentos",null,{"$f":"SUM(J1427:J1429)","v":363.28372400000001}]
[null,"B - MÃO DE OBRA",null,"Quantidade","Unidade",null,"Custo Horário","Custo Horário Total"]
[null,"P9824","Servente",1,"h",null,21.684899999999999,null,null,{"$f":"D1432*G1432","v":21.684899999999999}]
[null,"-",0,null,0,null,0,null,null,{"$f":"D1433*G1433","v":0}]
[null,null,null,"Custo horário total de mão de obra",{"$nulls":5},{"$f":"SUM(J1432:J1433)","v":21.684899999999999}]
[null,null,null,"Custo horário total de execução",{"$nulls":5},{"$f":"J1430+J1434","v":384.96862399999998}]
[null,null,null,"Custo unitário de execução",{"$nulls":5},{"$f":"J1435/I1423","v":11.595440481927708}]
[{"$nulls":7},"Custo do FIC",null,0]
[{"$nulls":7},"Custo do FIT",null,0]
[null,"C - MATERIAL",null,"Quantidade","Unidade",null,"Preço Unitário","Custo Unitário"]
[null,"M0030","Aditivo plastificante e retardador de pega para concreto e argamassa",1.52423,"kg",null,6.7175000000000002,null,null,{"$f":"D1440*G1440","v":10.239015025}]
[null,"M0082","Areia média lavada",0.57311000000000001,"m³",null,157.22040000000001,null,null,{"$f":"D1441*G1441","v":90.104583444000014}]
[null,"M0191","Brita 1",0.68813000000000002,"m³",null,178.40889999999999,null,null,122.768516357]
[null,"M1954","Cimento Portland CP II - 32 - a granel",381.05671999999998,"kg",null,0.52290000000000003,null,null,199.25455888799999]
[null,null,null,"Custo unitário total de material",{"$nulls":5},{"$f":"SUM(J1440:J1443)","v":422.366673714}]
[null,"D - ATIVIDADES AUXILIARES",null,"Quantidade","Unidade",null,"Custo Unitário","Custo Unitário"]
[null,"-",0,null,0,null,0,null,null,{"$f":"D1446*G1446","v":0}]
[null,"-",0,null,0,null,0,null,null,{"$f":"D1447*G1447","v":0}]
[null,null,null,"Custo total de atividades auxiliares",{"$nulls":5},{"$f":"SUM(J1446:J1447)","v":0}]
[{"$nulls":7},"Subtotal",null,{"$f":"J1436+J1444+J1448+J1437+J1438","v":433.96211419592771}]
[null,"E - TEMPO FIXO",null,"Código","Quantidade","Unidade",null,"Custo Unitário","Custo Unitário"]
[null,"M0030","Aditivo plastificante e retardador de pega para concreto e argamassa",5914655,1.5200000000000001E-3,"kg",null,33.92,null,{"$f":"ROUNDDOWN(E1451*H1451,4)","v":5.1499999999999997E-2}]
[null,"M0082","Areia média lavada",5914647,0.85967000000000005,"m³",null,1.85,null,{"$f":"ROUNDDOWN(E1452*H1452,4)","v":1.5903}]
[null,"M0191","Brita 1",5914647,1.0322,"m³",null,1.85,null,1.9095]
[null,"M1954","Cimento Portland CP II - 32 - a granel",5914363,0.38106000000000001,"kg",null,19.38,null,7.3849]
[null,null,null,"Custo unitário total de tempo fixo",{"$nulls":5},{"$f":"SUM(J1451:J1454)","v":10.936199999999999}]
[null,"F - MOMENTO DE TRANSPORTE",null,"Quantidade","Unidade","DMT",null,null,null,"Custo Unitário"]
[{"$nulls":5},"LN","RP","P"]
[null,"M0030","Aditivo plastificante e retardador de pega para concreto e argamassa",1.5200000000000001E-3,"tkm"]
[null,"M0082","Areia média lavada",0.85967000000000005,"tkm"]
[null,"M0191","Brita 1",1.0322,"tkm"]
[null,"M1954","Cimento Portland CP II - 32 - a granel",0.38106000000000001,"tkm"]
[null,null,null,"Custo unitário total de transporte"]
[{"$nulls":5},"Custo unitário direto total",null,null,null,{"$f":"TRUNC(J1449+J1455,2)","v":444.89}]
[null,"Obs."]
[]
[50,"1ª/GRD",{"$nulls":8},{"$f":"J1509","v":466.3}]
[null,"OBRA:","EXECUÇÃO DAS OBRAS E SERVIÇOS DE CONSTRUÇÃO DE PONTES E GALERIAS, INCLUINDO A CONCLUSÃO DE ESTRUTURAS JÁ INICIADAS, LOCALIZADAS NA ÁREA DA BARRAGEM DE APROVEITAMENTO MÚLTIPLO JEQUITAÍ I, NO MUNICÍPIO DE FRANCISCO DUMONT, NO ESTADO DE MINAS GERAIS - ITEM 1: PONTES A e B"]
[null,"Custo Unitário de Referência",null,null,"Minas Gerais"]
[{"$nulls":4}," Abril/2025 ",null,null,"Produção da equipe ",33.200000000000003,{"$f":"VLOOKUP(A1466,ORÇAMENTO!A:L,7,0)","v":"m³"}]
[null,"1116265","CONCRETO PARA BOMBEAMENTO FCK = 35 MPA - CONFECÇÃO EM CENTRAL DOSADORA - AREIA E BRITA COMERCIAIS",{"$nulls":5},"Valores em reais (R$)"]
[null,"A - EQUIPAMENTOS",null,"Quantidade","Utilização",null,"Custo Horário",null,null,"Custo"]
[{"$nulls":4},"Operativa","Improdutiva","Produtivo","Improdutivo",null,"Horário Total"]
[null,"E9584","Carregadeira de pneus com capacidade de 1,72 m³ - 113 kW",1,0.41,0.59,217.29580000000001,109.75360000000001,null,{"$f":"D1473*(E1473*G1473+F1473*H1473)","v":153.84590200000002}]
[null,"E9590","Central de concreto com capacidade de 40 m³/h - dosadora fixa",1,1,0,137.7081,99.532799999999995,null,{"$f":"D1474*(E1474*G1474+F1474*H1474)","v":137.7081}]
[null,"E9754","Grupo gerador - 68 kVA",1,1,0,70.654300000000006,9.4520999999999997,null,70.654300000000006]
[{"$nulls":7},"Custo horário total de equipamentos",null,{"$f":"SUM(J1473:J1475)","v":362.208302}]
[null,"B - MÃO DE OBRA",null,"Quantidade","Unidade",null,"Custo Horário","Custo Horário Total"]
[null,"P9824","Servente",1,"h",null,21.684899999999999,null,null,{"$f":"D1478*G1478","v":21.684899999999999}]
[null,"-",0,null,0,null,0,null,null,{"$f":"D1479*G1479","v":0}]
[null,null,null,"Custo horário total de mão de obra",{"$nulls":5},{"$f":"SUM(J1478:J1479)","v":21.684899999999999}]
[null,null,null,"Custo horário total de execução",{"$nulls":5},{"$f":"J1476+J1480","v":383.89320199999997}]
[null,null,null,"Custo unitário de execução",{"$nulls":5},{"$f":"J1481/I1469","v":11.563048253012047}]
[{"$nulls":7},"Custo do FIC",null,0]
[{"$nulls":7},"Custo do FIT",null,0]
[null,"C - MATERIAL",null,"Quantidade","Unidade",null,"Preço Unitário","Custo Unitário"]
[null,"M0030","Aditivo plastificante e retardador de pega para concreto e argamassa",1.7033499999999999,"kg",null,6.7175000000000002,null,null,{"$f":"D1486*G1486","v":11.442253624999999}]
[null,"M0082","Areia média lavada",0.54778000000000004,"m³",null,157.22040000000001,null,null,{"$f":"D1487*G1487","v":86.12219071200002}]
[null,"M0191","Brita 1",0.68813000000000002,"m³",null,178.40889999999999,null,null,122.768516357]
[null,"M1954","Cimento Portland CP II - 32 - a granel",425.83814999999998,"kg",null,0.52290000000000003,null,null,222.670768635]
[null,null,null,"Custo unitário total de material",{"$nulls":5},{"$f":"SUM(J1486:J1489)","v":443.00372932900001}]
[null,"D - ATIVIDADES AUXILIARES",null,"Quantidade","Unidade",null,"Custo Unitário","Custo Unitário"]
[null,"-",0,null,0,null,0,null,null,{"$f":"D1492*G1492","v":0}]
[null,"-",0,null,0,null,0,null,null,{"$f":"D1493*G1493","v":0}]
[null,null,null,"Custo total de atividades auxiliares",{"$nulls":5},{"$f":"SUM(J1492:J1493)","v":0}]
[{"$nulls":7},"Subtotal",null,{"$f":"J1482+J1490+J1494+J1483+J1484","v":454.56677758201204}]
[null,"E - TEMPO FIXO",null,"Código","Quantidade","Unidade",null,"Custo Unitário","Custo Unitário"]
[null,"M0030","Aditivo plastificante e retardador de pega para concreto e argamassa",5914655,1.6999999999999999E-3,"kg",null,33.92,null,{"$f":"ROUNDDOWN(E1497*H1497,4)","v":5.7599999999999998E-2}]
[null,"M0082","Areia média lavada",5914647,0.82167000000000001,"m³",null,1.85,null,{"$f":"ROUNDDOWN(E1498*H1498,4)","v":1.52}]
[null,"M0191","Brita 1",5914647,1.0322,"m³",null,1.85,null,1.9095]
[null,"M1954","Cimento Portland CP II - 32 - a granel",5914363,0.42584,"kg",null,19.38,null,8.2527000000000008]
[null,null,null,"Custo unitário total de tempo fixo",{"$nulls":5},{"$f":"SUM(J1497:J1500)","v":11.739800000000001}]
[null,"F - MOMENTO DE TRANSPORTE",null,"Quantidade","Unidade","DMT",null,null,null,"Custo Unitário"]
[{"$nulls":5},"LN","RP","P"]
[null,"M0030","Aditivo plastificante e retardador de pega para concreto e argamassa",1.6999999999999999E-3,"tkm"]
[null,"M0082","Areia média lavada",0.82167000000000001,"tkm"]
[null,"M0191","Brita 1",1.0322,"tkm"]
[null,"M1954","Cimento Portland CP II - 32 - a granel",0.42584,"tkm"]
[null,null,null,"Custo unitário total de transporte"]
[{"$nulls":5},"Custo unitário direto total",null,null,null,{"$f":"TRUNC(J1495+J1501,2)","v":466.3}]
[null,"Obs."]
[]
[51,"1ª/GRD",{"$nulls":8},{"$f":"J1548","v":63.98}]
[null,"OBRA:","EXECUÇÃO DAS OBRAS E SERVIÇOS DE CONSTRUÇÃO DE PONTES E GALERIAS, INCLUINDO A CONCLUSÃO DE ESTRUTURAS JÁ INICIADAS, LOCALIZADAS NA ÁREA DA BARRAGEM DE APROVEITAMENTO MÚLTIPLO JEQUITAÍ I, NO MUNICÍPIO DE FRANCISCO DUMONT, NO ESTADO DE MINAS GERAIS - ITEM 1: PONTES A e B"]
[null,"Custo Unitário de Referência",null,null,"Minas Gerais"]
[{"$nulls":4}," Abril/2025 ",null,null,"Produção da equipe ",33.200000000000003,{"$f":"VLOOKUP(A1512,ORÇAMENTO!A:L,7,0)","v":"m³"}]
[null,1107860,"LANÇAMENTO MECÂNICO DE CONCRETO COM BOMBA",{"$nulls":5},"Valores em reais (R$)"]
[null,"A - EQUIPAMENTOS",null,"Quantidade","Utilização",null,"Custo Horário",null,null,"Custo"]
[{"$nulls":4},"Operativa","Improdutiva","Produtivo","Improdutivo",null,"Horário Total"]
[null,"E9787","Bomba para concreto com lança montada sobre chassi com capacidade de 50 m³/h - 136 kW",1,0.8,0.2,550.62159999999994,236.0659,null,{"$f":"D1519*(E1519*G1519+F1519*H1519)","v":487.71046000000001}]
[null,"-",0,null,null,null,0,0,null,{"$f":"D1520*(E1520*G1520+F1520*H1520)","v":0}]
[{"$nulls":7},"Custo horário total de equipamentos",null,{"$f":"SUM(J1519:J1520)","v":487.71046000000001}]
[null,"B - MÃO DE OBRA",null,"Quantidade","Unidade",null,"Custo Horário","Custo Horário Total"]
[null,"P9821","Pedreiro",1,"h",null,27.839500000000001,null,null,{"$f":"D1523*G1523","v":27.839500000000001}]
[null,"P9824","Servente",4,"h",null,21.684899999999999,null,null,{"$f":"D1524*G1524","v":86.739599999999996}]
[null,null,null,"Custo horário total de mão de obra",{"$nulls":5},{"$f":"SUM(J1523:J1524)","v":114.5791}]
[null,null,null,"Custo horário total de execução",{"$nulls":5},{"$f":"J1521+J1525","v":602.28956000000005}]
[null,null,null,"Custo unitário de execução",{"$nulls":5},{"$f":"J1526/I1515","v":18.141251807228915}]
[{"$nulls":7},"Custo do FIC",null,0]
[{"$nulls":7},"Custo do FIT",null,0]
[null,"C - MATERIAL",null,"Quantidade","Unidade",null,"Preço Unitário","Custo Unitário"]
[null,"-",0,null," - ",null,0,null,null,{"$f":"D1531*G1531","v":0}]
[null,"-",0,null," - ",null,0,null,null,{"$f":"D1532*G1532","v":0}]
[null,null,null,"Custo unitário total de material",{"$nulls":5},{"$f":"SUM(J1531:J1532)","v":0}]
[null,"D - ATIVIDADES AUXILIARES",null,"Quantidade","Unidade",null,"Custo Unitário","Custo Unitário"]
[null,1110000,"Concreto",1,"m³",null,0,null,null,{"$f":"D1535*G1535","v":0}]
[null,"-",0,null,0,null,0,null,null,{"$f":"D1536*G1536","v":0}]
[null,null,null,"Custo total de atividades auxiliares",{"$nulls":5},{"$f":"SUM(J1535:J1536)","v":0}]
[{"$nulls":7},"Subtotal",null,{"$f":"J1527+J1533+J1537+J1528+J1529","v":18.141251807228915}]
[null,"E - TEMPO FIXO",null,"Código","Quantidade","Unidade",null,"Custo Unitário","Custo Unitário"]
[null,1110000,"Concreto",5919538,2.4,"m³",null,19.100000000000001,null,{"$f":"ROUNDDOWN(E1540*H1540,4)","v":45.84}]
[null,"-",0,"-",null,0,null,0,null,{"$f":"ROUNDDOWN(E1541*H1541,4)","v":0}]
[null,null,null,"Custo unitário total de tempo fixo",{"$nulls":5},{"$f":"SUM(J1540:J1541)","v":45.84}]
[null,"F - MOMENTO DE TRANSPORTE",null,"Quantidade","Unidade","DMT",null,null,null,"Custo Unitário"]
[{"$nulls":5},"LN","RP","P"]
[null,1110000,"Concreto",2.4,"tkm"]
[null,"-",0,null,"tkm"]
[null,null,null,"Custo unitário total de transporte"]
[{"$nulls":5},"Custo unitário direto total",null,null,null,{"$f":"TRUNC(J1538+J1542,2)","v":63.98}]
[null,"Obs."]
[]
[52,"1ª/GRD",{"$nulls":8},{"$f":"J1587","v":56.32}]
[null,"OBRA:","EXECUÇÃO DAS OBRAS E SERVIÇOS DE CONSTRUÇÃO DE PONTES E GALERIAS, INCLUINDO A CONCLUSÃO DE ESTRUTURAS JÁ INICIADAS, LOCALIZADAS NA ÁREA DA BARRAGEM DE APROVEITAMENTO MÚLTIPLO JEQUITAÍ I, NO MUNICÍPIO DE FRANCISCO DUMONT, NO ESTADO DE MINAS GERAIS - ITEM 1: PONTES A e B"]
[null,"Custo Unitário de Referência",null,null,"Minas Gerais"]
[{"$nulls":4}," Abril/2025 ",null,null,"Produção da equipe ",33.200000000000003,{"$f":"VLOOKUP(A1551,ORÇAMENTO!A:L,7,0)","v":"m³"}]
[null,"1106087","LANÇAMENTO MANUAL DE CONCRETO",{"$nulls":5},"Valores em reais (R$)"]
[null,"A - EQUIPAMENTOS",null,"Quantidade","Utilização",null,"Custo Horário",null,null,"Custo"]
[{"$nulls":4},"Operativa","Improdutiva","Produtivo","Improdutivo",null,"Horário Total"]
[null,"E9064","Transportador manual gerica com capacidade de 180 l",11,0.94,0.06,1.56,1.0556000000000001,null,{"$f":"D1558*(E1558*G1558+F1558*H1558)","v":16.827096000000001}]
[null,"-",0,null,null,null,0,0,null,{"$f":"D1559*(E1559*G1559+F1559*H1559)","v":0}]
[{"$nulls":7},"Custo horário total de equipamentos",null,{"$f":"SUM(J1558:J1559)","v":16.827096000000001}]
[null,"B - MÃO DE OBRA",null,"Quantidade","Unidade",null,"Custo Horário","Custo Horário Total"]
[null,"P9821","Pedreiro",1,"h",null,27.839500000000001,null,null,{"$f":"D1562*G1562","v":27.839500000000001}]
[null,"P9824","Servente",14,"h",null,21.684899999999999,null,null,{"$f":"D1563*G1563","v":303.58859999999999}]
[null,null,null,"Custo horário total de mão de obra",{"$nulls":5},{"$f":"SUM(J1562:J1563)","v":331.42809999999997}]
[null,null,null,"Custo horário total de execução",{"$nulls":5},{"$f":"J1560+J1564","v":348.25519599999996}]
[null,null,null,"Custo unitário de execução",{"$nulls":5},{"$f":"J1565/I1554","v":10.489614337349396}]
[{"$nulls":7},"Custo do FIC",null,0]
[{"$nulls":7},"Custo do FIT",null,0]
[null,"C - MATERIAL",null,"Quantidade","Unidade",null,"Preço Unitário","Custo Unitário"]
[null,"-",0,null," - ",null,0,null,null,{"$f":"D1570*G1570","v":0}]
[null,"-",0,null," - ",null,0,null,null,{"$f":"D1571*G1571","v":0}]
[null,null,null,"Custo unitário total de material",{"$nulls":5},{"$f":"SUM(J1570:J1571)","v":0}]
[null,"D - ATIVIDADES AUXILIARES",null,"Quantidade","Unidade",null,"Custo Unitário","Custo Unitário"]
[null,1110000,"Concreto",1,"m³",null,0,null,null,{"$f":"D1574*G1574","v":0}]
[null,"-",0,null,0,null,0,null,null,{"$f":"D1575*G1575","v":0}]
[null,null,null,"Custo total de atividades auxiliares",{"$nulls":5},{"$f":"SUM(J1574:J1575)","v":0}]
[{"$nulls":7},"Subtotal",null,{"$f":"J1566+J1572+J1576+J1567+J1568","v":10.489614337349396}]
[null,"E - TEMPO FIXO",null,"Código","Quantidade","Unidade",null,"Custo Unitário","Custo Unitário"]
[null,1110000,"Concreto",5919538,2.4,"m³",null,19.100000000000001,null,{"$f":"ROUNDDOWN(E1579*H1579,4)","v":45.84}]
[null,"-",0,"-",null,0,null,0,null,{"$f":"ROUNDDOWN(E1580*H1580,4)","v":0}]
[null,null,null,"Custo unitário total de tempo fixo",{"$nulls":5},{"$f":"SUM(J1579:J1580)","v":45.84}]
[null,"F - MOMENTO DE TRANSPORTE",null,"Quantidade","Unidade","DMT",null,null,null,"Custo Unitário"]
[{"$nulls":5},"LN","RP","P"]
[null,1110000,"Concreto",2.4,"tkm"]
[null,"-",0,null,"tkm"]
[null,null,null,"Custo unitário total de transporte"]
[{"$nulls":5},"Custo unitário direto total",null,null,null,{"$f":"TRUNC(J1577+J1581,2)","v":56.32}]
[null,"Obs."]
[]
[53,"1ª/GRD",{"$nulls":8},{"$f":"J1626","v":12.35}]
[null,"OBRA:","EXECUÇÃO DAS OBRAS E SERVIÇOS DE CONSTRUÇÃO DE PONTES E GALERIAS, INCLUINDO A CONCLUSÃO DE ESTRUTURAS JÁ INICIADAS, LOCALIZADAS NA ÁREA DA BARRAGEM DE APROVEITAMENTO MÚLTIPLO JEQUITAÍ I, NO MUNICÍPIO DE FRANCISCO DUMONT, NO ESTADO DE MINAS GERAIS - ITEM 1: PONTES A e B"]
[null,"Custo Unitário de Referência",null,null,"Minas Gerais"]
[{"$nulls":4}," Abril/2025 ",null,null,"Produção da equipe ",1,{"$f":"VLOOKUP(A1590,ORÇAMENTO!A:L,7,0)","v":"kg"}]
[null,"0407819","ARMAÇÃO EM AÇO CA-50 - FORNECIMENTO, PREPARO E COLOCAÇÃO",{"$nulls":5},"Valores em reais (R$)"]
[null,"A - EQUIPAMENTOS",null,"Quantidade","Utilização",null,"Custo Horário",null,null,"Custo"]
[{"$nulls":4},"Operativa","Improdutiva","Produtivo","Improdutivo",null,"Horário Total"]
[null,"-",0,null,null,null,0,0,null,{"$f":"D1597*(E1597*G1597+F1597*H1597)","v":0}]
[null,"-",0,null,null,null,0,0,null,{"$f":"D1598*(E1598*G1598+F1598*H1598)","v":0}]
[{"$nulls":7},"Custo horário total de equipamentos",null,{"$f":"SUM(J1597:J1598)","v":0}]
[null,"B - MÃO DE OBRA",null,"Quantidade","Unidade",null,"Custo Horário","Custo Horário Total"]
[null,"P9801","Ajudante",0.09,"h",null,23.715,null,null,{"$f":"D1601*G1601","v":2.13435}]
[null,"P9805","Armador",0.09,"h",null,35.150199999999998,null,null,{"$f":"D1602*G1602","v":3.1635179999999998}]
[null,null,null,"Custo horário total de mão de obra",{"$nulls":5},{"$f":"SUM(J1601:J1602)","v":5.2978679999999994}]
[null,null,null,"Custo horário total de execução",{"$nulls":5},{"$f":"J1599+J1603","v":5.2978679999999994}]
[null,null,null,"Custo unitário de execução",{"$nulls":5},{"$f":"J1604/I1593","v":5.2978679999999994}]
[{"$nulls":7},"Custo do FIC",null,0]
[{"$nulls":7},"Custo do FIT",null,0]
[null,"C - MATERIAL",null,"Quantidade","Unidade",null,"Preço Unitário","Custo Unitário"]
[null,"M0004","Aço CA 50",1.1000000000000001,"kg",null,6.2323000000000004,null,null,{"$f":"D1609*G1609","v":6.8555300000000008}]
[null,"M0075","Arame liso recozido em aço-carbono - D = 1,24 mm (18 BWG)",1.4999999999999999E-2,"kg",null,10.790100000000001,null,null,{"$f":"D1610*G1610","v":0.16185150000000001}]
[null,null,null,"Custo unitário total de material",{"$nulls":5},{"$f":"SUM(J1609:J1610)","v":7.0173815000000008}]
[null,"D - ATIVIDADES AUXILIARES",null,"Quantidade","Unidade",null,"Custo Unitário","Custo Unitário"]
[null,"-",0,null,0,null,0,null,null,{"$f":"D1613*G1613","v":0}]
[null,"-",0,null,0,null,0,null,null,{"$f":"D1614*G1614","v":0}]
[null,null,null,"Custo total de atividades auxiliares",{"$nulls":5},{"$f":"SUM(J1613:J1614)","v":0}]
[{"$nulls":7},"Subtotal",null,{"$f":"J1605+J1611+J1615+J1606+J1607","v":12.3152495}]
[null,"E - TEMPO FIXO",null,"Código","Quantidade","Unidade",null,"Custo Unitário","Custo Unitário"]
[null,"M0004","Aço CA 50",5914655,1.1000000000000001E-3,"kg",null,33.92,null,{"$f":"ROUNDDOWN(E1618*H1618,4)","v":3.73E-2}]
[null,"M0075","Arame liso recozido em aço-carbono - D = 1,24 mm (18 BWG)",5914655,2.0000000000000002E-5,"kg",null,33.92,null,{"$f":"ROUNDDOWN(E1619*H1619,4)","v":5.9999999999999995E-4}]
[null,null,null,"Custo unitário total de tempo fixo",{"$nulls":5},{"$f":"SUM(J1618:J1619)","v":3.7900000000000003E-2}]
[null,"F - MOMENTO DE TRANSPORTE",null,"Quantidade","Unidade","DMT",null,null,null,"Custo Unitário"]
[{"$nulls":5},"LN","RP","P"]
[null,"M0004","Aço CA 50",null,"tkm"]
[null,"M0075","Arame liso recozido em aço-carbono - D = 1,24 mm (18 BWG)",null,"tkm"]
[null,null,null,"Custo unitário total de transporte"]
[{"$nulls":5},"Custo unitário direto total",null,null,null,{"$f":"TRUNC(J1616+J1620,2)","v":12.35}]
[null,"Obs."]
[]
[54,"1ª/GRD",{"$nulls":8},{"$f":"J1665","v":3582.27}]
[null,"OBRA:","EXECUÇÃO DAS OBRAS E SERVIÇOS DE CONSTRUÇÃO DE PONTES E GALERIAS, INCLUINDO A CONCLUSÃO DE ESTRUTURAS JÁ INICIADAS, LOCALIZADAS NA ÁREA DA BARRAGEM DE APROVEITAMENTO MÚLTIPLO JEQUITAÍ I, NO MUNICÍPIO DE FRANCISCO DUMONT, NO ESTADO DE MINAS GERAIS - ITEM 1: PONTES A e B"]
[null,"Custo Unitário de Referência",null,null,"Minas Gerais"]
[{"$nulls":4}," Abril/2025 ",null,null,"Produção da equipe ",1.2176,{"$f":"VLOOKUP(A1629,ORÇAMENTO!A:L,7,0)","v":"m³"}]
[null,"1108055","ARGAMASSA AUTOADENSÁVEL PARA GRAUTEAMENTO - CONFECÇÃO E LANÇAMENTO MANUAL",{"$nulls":5},"Valores em reais (R$)"]
[null,"A - EQUIPAMENTOS",null,"Quantidade","Utilização",null,"Custo Horário",null,null,"Custo"]
[{"$nulls":4},"Operativa","Improdutiva","Produtivo","Improdutivo",null,"Horário Total"]
[null,"E9788","Misturador de argamassa com capacidade de 0,250 m³ - 3,70 kW",1,1,0,38.326900000000002,30.539899999999999,null,{"$f":"D1636*(E1636*G1636+F1636*H1636)","v":38.326900000000002}]
[null,"E9064","Transportador manual gerica com capacidade de 180 l",2,0.17,0.83,1.56,1.0556000000000001,null,{"$f":"D1637*(E1637*G1637+F1637*H1637)","v":2.2826960000000001}]
[{"$nulls":7},"Custo horário total de equipamentos",null,{"$f":"SUM(J1636:J1637)","v":40.609596000000003}]
[null,"B - MÃO DE OBRA",null,"Quantidade","Unidade",null,"Custo Horário","Custo Horário Total"]
[null,"P9821","Pedreiro",1,"h",null,27.839500000000001,null,null,{"$f":"D1640*G1640","v":27.839500000000001}]
[null,"P9824","Servente",2,"h",null,21.684899999999999,null,null,{"$f":"D1641*G1641","v":43.369799999999998}]
[null,null,null,"Custo horário total de mão de obra",{"$nulls":5},{"$f":"SUM(J1640:J1641)","v":71.209299999999999}]
[null,null,null,"Custo horário total de execução",{"$nulls":5},{"$f":"J1638+J1642","v":111.818896}]
[null,null,null,"Custo unitário de execução",{"$nulls":5},{"$f":"J1643/I1632","v":91.835492772667536}]
[{"$nulls":7},"Custo do FIC",null,0]
[{"$nulls":7},"Custo do FIT",null,0]
[null,"C - MATERIAL",null,"Quantidade","Unidade",null,"Preço Unitário","Custo Unitário"]
[null,"M0084","Argamassa pré-dosada autoadensável para grauteamento",1968.75,"kg",null,1.7390000000000001,null,null,{"$f":"D1648*G1648","v":3423.65625}]
[null,"-",0,null," - ",null,0,null,null,{"$f":"D1649*G1649","v":0}]
[null,null,null,"Custo unitário total de material",{"$nulls":5},{"$f":"SUM(J1648:J1649)","v":3423.65625}]
[null,"D - ATIVIDADES AUXILIARES",null,"Quantidade","Unidade",null,"Custo Unitário","Custo Unitário"]
[null,"-",0,null,0,null,0,null,null,{"$f":"D1652*G1652","v":0}]
[null,"-",0,null,0,null,0,null,null,{"$f":"D1653*G1653","v":0}]
[null,null,null,"Custo total de atividades auxiliares",{"$nulls":5},{"$f":"SUM(J1652:J1653)","v":0}]
[{"$nulls":7},"Subtotal",null,{"$f":"J1644+J1650+J1654+J1645+J1646","v":3515.4917427726677}]
[null,"E - TEMPO FIXO",null,"Código","Quantidade","Unidade",null,"Custo Unitário","Custo Unitário"]
[null,"M0084","Argamassa pré-dosada autoadensável para grauteamento",5914655,1.96875,"kg",null,33.92,null,{"$f":"ROUNDDOWN(E1657*H1657,4)","v":66.78}]
[null,"-",0,"-",null,0,null,0,null,{"$f":"ROUNDDOWN(E1658*H1658,4)","v":0}]
[null,null,null,"Custo unitário total de tempo fixo",{"$nulls":5},{"$f":"SUM(J1657:J1658)","v":66.78}]
[null,"F - MOMENTO DE TRANSPORTE",null,"Quantidade","Unidade","DMT",null,null,null,"Custo Unitário"]
[{"$nulls":5},"LN","RP","P"]
[null,"M0084","Argamassa pré-dosada autoadensável para grauteamento",1.96875,"tkm"]
[null,"-",0,null,"tkm"]
[null,null,null,"Custo unitário total de transporte"]
[{"$nulls":5},"Custo unitário direto total",null,null,null,{"$f":"TRUNC(J1655+J1659,2)","v":3582.27}]
[null,"Obs."]
[]
[54.5,"1ª/GRD",{"$nulls":8},{"$f":"J1706","v":31.71}]
[null,"OBRA:","EXECUÇÃO DAS OBRAS E SERVIÇOS DE CONSTRUÇÃO DE PONTES E GALERIAS, INCLUINDO A CONCLUSÃO DE ESTRUTURAS JÁ INICIADAS, LOCALIZADAS NA ÁREA DA BARRAGEM DE APROVEITAMENTO MÚLTIPLO JEQUITAÍ I, NO MUNICÍPIO DE FRANCISCO DUMONT, NO ESTADO DE MINAS GERAIS - ITEM 1: PONTES A e B"]
[null,"Custo Unitário de Referência",null,null,"Minas Gerais"]
[{"$nulls":4}," Abril/2025 ",null,null,"Produção da equipe ",5,{"$f":"VLOOKUP(A1668,ORÇAMENTO!A:L,7,0)","v":"m"}]
[null,"0307084","LÁBIOS POLIMÉRICOS EM JUNTA DE PAVIMENTO DE CONCRETO - L=20MM E H=30MM - CONFECÇÃO E ASSENTAMENTO",{"$nulls":5},"Valores em reais (R$)"]
[null,"A - EQUIPAMENTOS",null,"Quantidade","Utilização",null,"Custo Horário",null,null,"Custo"]
[{"$nulls":4},"Operativa","Improdutiva","Produtivo","Improdutivo",null,"Horário Total"]
[null,"E9764","Grupo gerador - 7,2 kVA",0.60241,1,0,10.9619,0.75670000000000004,null,{"$f":"D1675*(E1675*G1675+F1675*H1675)","v":6.6035581790000002}]
[null,"E9675","Martelete perfurador/rompedor elétrico - 1,50 kW",0.60241,1,0,2.3081,1.2366999999999999,null,{"$f":"D1676*(E1676*G1676+F1676*H1676)","v":1.3904225210000001}]
[null,"E9591","Serra para corte de concreto e asfalto - 10 kW",0.12048,1,0,24.021100000000001,3.2814000000000001,null,{"$f":"D1677*(E1677*G1677+F1677*H1677)","v":2.8940621280000003}]
[{"$nulls":7},"Custo horário total de equipamentos",null,{"$f":"SUM(J1675:J1677)","v":10.888042828}]
[null,"B - MÃO DE OBRA",null,"Quantidade","Unidade",null,"Custo Horário","Custo Horário Total"]
[null,"P9821","Pedreiro",1,"h",null,27.839500000000001,null,null,{"$f":"D1680*G1680","v":27.839500000000001}]
[null,"P9824","Servente",2,"h",null,21.684899999999999,null,null,{"$f":"D1681*G1681","v":43.369799999999998}]
[null,null,null,"Custo horário total de mão de obra",{"$nulls":5},{"$f":"SUM(J1680:J1681)","v":71.209299999999999}]
[null,null,null,"Custo horário total de execução",{"$nulls":5},{"$f":"J1678+J1682","v":82.097342827999995}]
[null,null,null,"Custo unitário de execução",{"$nulls":5},{"$f":"J1683/I1671","v":16.419468565599999}]
[{"$nulls":7},"Custo do FIC",null,0]
[{"$nulls":7},"Custo do FIT",null,0]
[null,"C - MATERIAL",null,"Quantidade","Unidade",null,"Preço Unitário","Custo Unitário"]
[null,"M1379","Argamassa polimérica monocomponente para reparos estruturais",2.4,"kg",null,4.8924000000000003,null,null,{"$f":"D1688*G1688","v":11.741760000000001}]
[null,"M1385","Disco de corte diamantado para concreto e asfalto - D = 350 mm",6.6699999999999997E-3,"un",null,461.38,null,null,{"$f":"D1689*G1689","v":3.0774045999999999}]
[null,"M1391","Ponteiro para martelete - D = 22 mm e C = 1,00 m",8.0000000000000004E-4,"un",null,491.53449999999998,null,null,{"$f":"D1690*G1690","v":0.39322760000000001}]
[null,null,null,"Custo unitário total de material",{"$nulls":5},{"$f":"SUM(J1688:J1690)","v":15.2123922}]
[null,"D - ATIVIDADES AUXILIARES",null,"Quantidade","Unidade",null,"Custo Unitário","Custo Unitário"]
[null,"-",0,null,0,null,0,null,null,{"$f":"D1693*G1693","v":0}]
[null,"-",0,null,0,null,0,null,null,{"$f":"D1694*G1694","v":0}]
[null,null,null,"Custo total de atividades auxiliares",{"$nulls":5},{"$f":"SUM(J1693:J1694)","v":0}]
[{"$nulls":7},"Subtotal",null,{"$f":"J1684+J1691+J1695+J1685+J1686","v":31.631860765599999}]
[null,"E - TEMPO FIXO",null,"Código","Quantidade","Unidade",null,"Custo Unitário","Custo Unitário"]
[null,"M1379","Argamassa polimérica monocomponente para reparos estruturais",5914655,2.3999999999999998E-3,"kg",null,33.92,null,{"$f":"ROUNDDOWN(E1698*H1698,4)","v":8.14E-2}]
[null,"-",0,"-",null," - ",null,0,null,{"$f":"ROUNDDOWN(E1699*H1699,4)","v":0}]
[null,null,null,"Custo unitário total de tempo fixo",{"$nulls":5},{"$f":"SUM(J1698:J1699)","v":8.14E-2}]
[null,"F - MOMENTO DE TRANSPORTE",null,"Quantidade","Unidade","DMT",null,null,null,"Custo Unitário"]
[{"$nulls":5},"LN","RP","P"]
[null,"M1379","Argamassa polimérica monocomponente para reparos estruturais",2.3999999999999998E-3,"tkm"]
[null,"-",0]
[null,null,null,"Custo unitário total de transporte"]
[{"$nulls":5},"Custo unitário direto total",null,null,null,{"$f":"TRUNC(J1696+J1700,2)","v":31.71}]
[null,"Obs."]
[]
[55,"1ª/GRD",{"$nulls":8},{"$f":"J1745","v":452.98}]
[null,"OBRA:","EXECUÇÃO DAS OBRAS E SERVIÇOS DE CONSTRUÇÃO DE PONTES E GALERIAS, INCLUINDO A CONCLUSÃO DE ESTRUTURAS JÁ INICIADAS, LOCALIZADAS NA ÁREA DA BARRAGEM DE APROVEITAMENTO MÚLTIPLO JEQUITAÍ I, NO MUNICÍPIO DE FRANCISCO DUMONT, NO ESTADO DE MINAS GERAIS - ITEM 1: PONTES A e B"]
[null,"Custo Unitário de Referência",null,null,"Minas Gerais"]
[{"$nulls":4}," Abril/2025 ",null,null,"Produção da equipe ",2,{"$f":"VLOOKUP(A1709,ORÇAMENTO!A:L,7,0)","v":"m"}]
[null,"0307735","JUNTA DE DILATAÇÃO EM ELASTÔMERO E PERFIL VV - L = 35MM E H = 60MM - FORNECIMENTO E INSTALAÇÃO",{"$nulls":5},"Valores em reais (R$)"]
[null,"A - EQUIPAMENTOS",null,"Quantidade","Utilização",null,"Custo Horário",null,null,"Custo"]
[{"$nulls":4},"Operativa","Improdutiva","Produtivo","Improdutivo",null,"Horário Total"]
[null,"-",0,null,null,null,0,0,null,{"$f":"D1716*(E1716*G1716+F1716*H1716)","v":0}]
[null,"-",0,null,null,null,0,0,null,{"$f":"D1717*(E1717*G1717+F1717*H1717)","v":0}]
[{"$nulls":7},"Custo horário total de equipamentos",null,{"$f":"SUM(J1716:J1717)","v":0}]
[null,"B - MÃO DE OBRA",null,"Quantidade","Unidade",null,"Custo Horário","Custo Horário Total"]
[null,"P9821","Pedreiro",1,"h",null,27.839500000000001,null,null,{"$f":"D1720*G1720","v":27.839500000000001}]
[null,"P9824","Servente",1,"h",null,21.684899999999999,null,null,{"$f":"D1721*G1721","v":21.684899999999999}]
[null,null,null,"Custo horário total de mão de obra",{"$nulls":5},{"$f":"SUM(J1720:J1721)","v":49.5244}]
[null,null,null,"Custo horário total de execução",{"$nulls":5},{"$f":"J1718+J1722","v":49.5244}]
[null,null,null,"Custo unitário de execução",{"$nulls":5},{"$f":"J1723/I1712","v":24.7622}]
[{"$nulls":7},"Custo do FIC",null,0]
[{"$nulls":7},"Custo do FIT",null,0]
[null,"C - MATERIAL",null,"Quantidade","Unidade",null,"Preço Unitário","Custo Unitário"]
[null,"M1150","Adesivo estrutural à base de resina epóxi bicomponente tipo ADE-52 ou similar",0.93600000000000005,"kg",null,134.8125,null,null,{"$f":"D1728*G1728","v":126.18450000000001}]
[null,"M1142","Junta de dilatação em elastômero e perfil VV - L = 35 mm e H = 60 mm",1,"m",null,301.95240000000001,null,null,{"$f":"D1729*G1729","v":301.95240000000001}]
[null,null,null,"Custo unitário total de material",{"$nulls":5},{"$f":"SUM(J1728:J1729)","v":428.13690000000003}]
[null,"D - ATIVIDADES AUXILIARES",null,"Quantidade","Unidade",null,"Custo Unitário","Custo Unitário"]
[null,"-",0,null,0,null,0,null,null,{"$f":"D1732*G1732","v":0}]
[null,"-",0,null,0,null,0,null,null,{"$f":"D1733*G1733","v":0}]
[null,null,null,"Custo total de atividades auxiliares",{"$nulls":5},{"$f":"SUM(J1732:J1733)","v":0}]
[{"$nulls":7},"Subtotal",null,{"$f":"J1724+J1730+J1734+J1725+J1726","v":452.89910000000003}]
[null,"E - TEMPO FIXO",null,"Código","Quantidade","Unidade",null,"Custo Unitário","Custo Unitário"]
[null,"M1150","Adesivo estrutural à base de resina epóxi bicomponente tipo ADE-52 ou similar",5914655,9.3999999999999997E-4,"t",null,33.92,null,{"$f":"ROUNDDOWN(E1737*H1737,4)","v":3.1800000000000002E-2}]
[null,"M1152","Junta de dilatação em elastômero e perfil VV - L = 50 mm e H = 80 mm",5914655,1.47E-3,"t",null,33.92,null,{"$f":"ROUNDDOWN(E1738*H1738,4)","v":4.9799999999999997E-2}]
[null,null,null,"Custo unitário total de tempo fixo",{"$nulls":5},{"$f":"SUM(J1737:J1738)","v":8.1600000000000006E-2}]
[null,"F - MOMENTO DE TRANSPORTE",null,"Quantidade","Unidade","DMT",null,null,null,"Custo Unitário"]
[{"$nulls":5},"LN","RP","P"]
[null,"M1150","Adesivo estrutural à base de resina epóxi bicomponente tipo ADE-52 ou similar",9.3999999999999997E-4,"tkm"]
[null,"M1152","Junta de dilatação em elastômero e perfil VV - L = 50 mm e H = 80 mm",1.47E-3,"tkm"]
[null,null,null,"Custo unitário total de transporte"]
[{"$nulls":5},"Custo unitário direto total",null,null,null,{"$f":"TRUNC(J1735+J1739,2)","v":452.98}]
[null,"Obs."]
[]
[56,"1ª/GRD",{"$nulls":8},{"$f":"J1784","v":125.33}]
[null,"OBRA:","EXECUÇÃO DAS OBRAS E SERVIÇOS DE CONSTRUÇÃO DE PONTES E GALERIAS, INCLUINDO A CONCLUSÃO DE ESTRUTURAS JÁ INICIADAS, LOCALIZADAS NA ÁREA DA BARRAGEM DE APROVEITAMENTO MÚLTIPLO JEQUITAÍ I, NO MUNICÍPIO DE FRANCISCO DUMONT, NO ESTADO DE MINAS GERAIS - ITEM 1: PONTES A e B"]
[null,"Custo Unitário de Referência",null,null,"Minas Gerais"]
[{"$nulls":4}," Abril/2025 ",null,null,"Produção da equipe ",6,{"$f":"VLOOKUP(A1748,ORÇAMENTO!A:L,7,0)","v":"dm³"}]
[null,"307732","APARELHO DE APOIO DE NEOPRENE FRETADO PARA ESTRUTURAS PRÉ-MOLDADAS - FORNECIMENTO E INSTALAÇÃO",{"$nulls":5},"Valores em reais (R$)"]
[null,"A - EQUIPAMENTOS",null,"Quantidade","Utilização",null,"Custo Horário",null,null,"Custo"]
[{"$nulls":4},"Operativa","Improdutiva","Produtivo","Improdutivo",null,"Horário Total"]
[null,"-",0,null,null,null,0,0,null,{"$f":"D1755*(E1755*G1755+F1755*H1755)","v":0}]
[null,"-",0,null,null,null,0,0,null,{"$f":"D1756*(E1756*G1756+F1756*H1756)","v":0}]
[{"$nulls":7},"Custo horário total de equipamentos",null,{"$f":"SUM(J1755:J1756)","v":0}]
[null,"B - MÃO DE OBRA",null,"Quantidade","Unidade",null,"Custo Horário","Custo Horário Total"]
[null,"P9821","Pedreiro",1,"h",null,27.839500000000001,null,null,{"$f":"D1759*G1759","v":27.839500000000001}]
[null,"-",0,null,0,null,0,null,null,{"$f":"D1760*G1760","v":0}]
[null,null,null,"Custo horário total de mão de obra",{"$nulls":5},{"$f":"SUM(J1759:J1760)","v":27.839500000000001}]
[null,null,null,"Custo horário total de execução",{"$nulls":5},{"$f":"J1757+J1761","v":27.839500000000001}]
[null,null,null,"Custo unitário de execução",{"$nulls":5},{"$f":"J1762/I1751","v":4.6399166666666671}]
[{"$nulls":7},"Custo do FIC",null,0]
[{"$nulls":7},"Custo do FIT",null,0]
[null,"C - MATERIAL",null,"Quantidade","Unidade",null,"Preço Unitário","Custo Unitário"]
[null,"M0798","Apoio de neoprene fretado",1,"dm³",null,120.5873,null,null,{"$f":"D1767*G1767","v":120.5873}]
[null,"-",0,null," - ",null,0,null,null,{"$f":"D1768*G1768","v":0}]
[null,null,null,"Custo unitário total de material",{"$nulls":5},{"$f":"SUM(J1767:J1768)","v":120.5873}]
[null,"D - ATIVIDADES AUXILIARES",null,"Quantidade","Unidade",null,"Custo Unitário","Custo Unitário"]
[null,"-",0,null,0,null,0,null,null,{"$f":"D1771*G1771","v":0}]
[null,"-",0,null,0,null,0,null,null,{"$f":"D1772*G1772","v":0}]
[null,null,null,"Custo total de atividades auxiliares",{"$nulls":5},{"$f":"SUM(J1771:J1772)","v":0}]
[{"$nulls":7},"Subtotal",null,{"$f":"J1763+J1769+J1773+J1764+J1765","v":125.22721666666666}]
[null,"E - TEMPO FIXO",null,"Código","Quantidade","Unidade",null,"Custo Unitário","Custo Unitário"]
[null,"M0798","Apoio de neoprene fretado",5914655,3.2000000000000002E-3,"t",null,33.92,null,{"$f":"ROUNDDOWN(E1776*H1776,4)","v":0.1085}]
[null,"-",0,"-",null,0,null,0,null,{"$f":"ROUNDDOWN(E1777*H1777,4)","v":0}]
[null,null,null,"Custo unitário total de tempo fixo",{"$nulls":5},{"$f":"SUM(J1776:J1777)","v":0.1085}]
[null,"F - MOMENTO DE TRANSPORTE",null,"Quantidade","Unidade","DMT",null,null,null,"Custo Unitário"]
[{"$nulls":5},"LN","RP","P"]
[null,"M0798","Apoio de neoprene fretado",3.2000000000000002E-3,"tkm"]
[null,"-",0,null,"tkm"]
[null,null,null,"Custo unitário total de transporte"]
[{"$nulls":5},"Custo unitário direto total",null,null,null,{"$f":"TRUNC(J1774+J1778,2)","v":125.33}]
[null,"Obs."]
[]
[57,"1ª/GRD",{"$nulls":8},{"$f":"J1823","v":10.49}]
[null,"OBRA:","EXECUÇÃO DAS OBRAS E SERVIÇOS DE CONSTRUÇÃO DE PONTES E GALERIAS, INCLUINDO A CONCLUSÃO DE ESTRUTURAS JÁ INICIADAS, LOCALIZADAS NA ÁREA DA BARRAGEM DE APROVEITAMENTO MÚLTIPLO JEQUITAÍ I, NO MUNICÍPIO DE FRANCISCO DUMONT, NO ESTADO DE MINAS GERAIS - ITEM 1: PONTES A e B"]
[null,"Custo Unitário de Referência",null,null,"Minas Gerais"]
[{"$nulls":4}," Abril/2025 ",null,null,"Produção da equipe ",784.86,{"$f":"VLOOKUP(A1787,ORÇAMENTO!A:L,7,0)","v":"kg"}]
[null,"4507956","CORDOALHA CP 190 RB D = 12,7MM - FORNECIMENTO E INSTALAÇÃO",{"$nulls":5},"Valores em reais (R$)"]
[null,"A - EQUIPAMENTOS",null,"Quantidade","Utilização",null,"Custo Horário",null,null,"Custo"]
[{"$nulls":4},"Operativa","Improdutiva","Produtivo","Improdutivo",null,"Horário Total"]
[null,"E9764","Grupo gerador - 7,2 kVA",1,0.6,0.4,10.9619,0.75670000000000004,null,{"$f":"D1794*(E1794*G1794+F1794*H1794)","v":6.8798200000000005}]
[null,"E9717","Máquina policorte - 2,20 kW",1,0.6,0.4,0.18229999999999999,0.12479999999999999,null,{"$f":"D1795*(E1795*G1795+F1795*H1795)","v":0.1593}]
[{"$nulls":7},"Custo horário total de equipamentos",null,{"$f":"SUM(J1794:J1795)","v":7.0391200000000005}]
[null,"B - MÃO DE OBRA",null,"Quantidade","Unidade",null,"Custo Horário","Custo Horário Total"]
[null,"P9801","Ajudante",10,"h",null,23.715,null,null,{"$f":"D1798*G1798","v":237.15}]
[null,"P9805","Armador",1,"h",null,35.150199999999998,null,null,{"$f":"D1799*G1799","v":35.150199999999998}]
[null,null,null,"Custo horário total de mão de obra",{"$nulls":5},{"$f":"SUM(J1798:J1799)","v":272.30020000000002}]
[null,null,null,"Custo horário total de execução",{"$nulls":5},{"$f":"J1796+J1800","v":279.33932000000004}]
[null,null,null,"Custo unitário de execução",{"$nulls":5},{"$f":"J1801/I1790","v":0.35590974186479124}]
[{"$nulls":7},"Custo do FIC",null,0]
[{"$nulls":7},"Custo do FIT",null,0]
[null,"C - MATERIAL",null,"Quantidade","Unidade",null,"Preço Unitário","Custo Unitário"]
[null,"M0427","Cordoalha nua tipo CP 190 RB - D = 12,7 mm",1.05,"kg",null,9.6029999999999998,null,null,{"$f":"D1806*G1806","v":10.08315}]
[null,"M0076","Disco de corte abrasivo para policorte - D = 300 mm",4.6999999999999999E-4,"un",null,22.073699999999999,null,null,{"$f":"D1807*G1807","v":1.0374639E-2}]
[null,null,null,"Custo unitário total de material",{"$nulls":5},{"$f":"SUM(J1806:J1807)","v":10.093524639}]
[null,"D - ATIVIDADES AUXILIARES",null,"Quantidade","Unidade",null,"Custo Unitário","Custo Unitário"]
[null,4516138,"Gaiola metálica em cantoneira para armazenamento e manipulação de cordoalha - confecção",2.6800000000000001E-3,"kg",null,9.8000000000000007,null,null,{"$f":"D1810*G1810","v":2.6264000000000003E-2}]
[null,"-",0,null,0,null,0,null,null,{"$f":"D1811*G1811","v":0}]
[null,null,null,"Custo total de atividades auxiliares",{"$nulls":5},{"$f":"SUM(J1810:J1811)","v":2.6264000000000003E-2}]
[{"$nulls":7},"Subtotal",null,{"$f":"J1802+J1808+J1812+J1803+J1804","v":10.47569838086479}]
[null,"E - TEMPO FIXO",null,"Código","Quantidade","Unidade",null,"Custo Unitário","Custo Unitário"]
[null,"M0427","Cordoalha nua tipo CP 190 RB - D = 12,7 mm",5915015,1.0499999999999999E-3,"t",null,21.47,null,{"$f":"ROUNDDOWN(E1815*H1815,4)","v":2.2499999999999999E-2}]
[null,"-",0,"-",null,0,null,0,null,{"$f":"ROUNDDOWN(E1816*H1816,4)","v":0}]
[null,null,null,"Custo unitário total de tempo fixo",{"$nulls":5},{"$f":"SUM(J1815:J1816)","v":2.2499999999999999E-2}]
[null,"F - MOMENTO DE TRANSPORTE",null,"Quantidade","Unidade","DMT",null,null,null,"Custo Unitário"]
[{"$nulls":5},"LN","RP","P"]
[null,"M0427","Cordoalha nua tipo CP 190 RB - D = 12,7 mm",1.0499999999999999E-3,"tkm"]
[null,"-",0,null,"tkm"]
[null,null,null,"Custo unitário total de transporte"]
[{"$nulls":5},"Custo unitário direto total",null,null,null,{"$f":"TRUNC(J1813+J1817,2)","v":10.49}]
[null,"Obs."]
[]
[58,"1ª/GRD",{"$nulls":8},{"$f":"J1866","v":987.02}]
[null,"OBRA:","EXECUÇÃO DAS OBRAS E SERVIÇOS DE CONSTRUÇÃO DE PONTES E GALERIAS, INCLUINDO A CONCLUSÃO DE ESTRUTURAS JÁ INICIADAS, LOCALIZADAS NA ÁREA DA BARRAGEM DE APROVEITAMENTO MÚLTIPLO JEQUITAÍ I, NO MUNICÍPIO DE FRANCISCO DUMONT, NO ESTADO DE MINAS GERAIS - ITEM 1: PONTES A e B"]
[null,"Custo Unitário de Referência",null,null,"Minas Gerais"]
[{"$nulls":4}," Abril/2025 ",null,null,"Produção da equipe ",4.5272699999999997,{"$f":"VLOOKUP(A1826,ORÇAMENTO!A:L,7,0)","v":"unid."}]
[null,"4507755","ANCORAGEM ATIVA COM 12 CORDOALHAS ADERENTES D = 12,7MM - FORNECIMENTO E INSTALAÇÃO",{"$nulls":5},"Valores em reais (R$)"]
[null,"A - EQUIPAMENTOS",null,"Quantidade","Utilização",null,"Custo Horário",null,null,"Custo"]
[{"$nulls":4},"Operativa","Improdutiva","Produtivo","Improdutivo",null,"Horário Total"]
[null,"E9722","Conjunto bomba e macaco hidráulico para protensão com capacidade de 2.000 kN - 5 kW",1,1,0,53.049199999999999,50.641800000000003,null,{"$f":"D1833*(E1833*G1833+F1833*H1833)","v":53.049199999999999}]
[null,"E9764","Grupo gerador - 7,2 kVA",1,1,0,10.9619,0.75670000000000004,null,{"$f":"D1834*(E1834*G1834+F1834*H1834)","v":10.9619}]
[null,"E9719","Talha manual com capacidade de 3 t",1,1,0,1.3791,0.90990000000000004,null,{"$f":"D1835*(E1835*G1835+F1835*H1835)","v":1.3791}]
[{"$nulls":7},"Custo horário total de equipamentos",null,{"$f":"SUM(J1833:J1835)","v":65.390199999999993}]
[null,"B - MÃO DE OBRA",null,"Quantidade","Unidade",null,"Custo Horário","Custo Horário Total"]
[null,"P9801","Ajudante",3,"h",null,23.715,null,null,{"$f":"D1838*G1838","v":71.144999999999996}]
[null,"P9805","Armador",1,"h",null,35.150199999999998,null,null,{"$f":"D1839*G1839","v":35.150199999999998}]
[null,null,null,"Custo horário total de mão de obra",{"$nulls":5},{"$f":"SUM(J1838:J1839)","v":106.29519999999999}]
[null,null,null,"Custo horário total de execução",{"$nulls":5},{"$f":"J1836+J1840","v":171.68539999999999}]
[null,null,null,"Custo unitário de execução",{"$nulls":5},{"$f":"J1841/I1829","v":37.92250075652656}]
[{"$nulls":7},"Custo do FIC",null,0]
[{"$nulls":7},"Custo do FIT",null,0]
[null,"C - MATERIAL",null,"Quantidade","Unidade",null,"Preço Unitário","Custo Unitário"]
[null,"M0092","Ancoragem ativa para 12 cordoalhas - D = 12,7 mm",1,"un",null,922.24360000000001,null,null,{"$f":"D1846*G1846","v":922.24360000000001}]
[null,"M2462","Mangueira cristal trançada de PVC com pressão de trabalho de 1,50 MPa (250 psi) - D = 19,0 mm (3/4\")",0.5,"m",null,8.3895,null,null,{"$f":"D1847*G1847","v":4.19475}]
[null,"M2419","Parafuso de cabeça abaulada em aço inox com porca e arruela - D = 6 mm (M6) e C = 30 mm",2,"un",null,0.9546,null,null,{"$f":"D1848*G1848","v":1.9092}]
[null,null,null,"Custo unitário total de material",{"$nulls":5},{"$f":"SUM(J1846:J1848)","v":928.34755000000007}]
[null,"D - ATIVIDADES AUXILIARES",null,"Quantidade","Unidade",null,"Custo Unitário","Custo Unitário"]
[null,4516137,"Nicho de madeira para dispositivo de ancoragem de protensão - confecção e instalação",0.1449,"m²",null,138.47999999999999,null,null,{"$f":"D1851*G1851","v":20.065752}]
[null,"-",0,null,0,null,0,null,null,{"$f":"D1852*G1852","v":0}]
[null,null,null,"Custo total de atividades auxiliares",{"$nulls":5},{"$f":"SUM(J1851:J1852)","v":20.065752}]
[{"$nulls":7},"Subtotal",null,{"$f":"J1842+J1849+J1853+J1843+J1844","v":986.33580275652662}]
[null,"E - TEMPO FIXO",null,"Código","Quantidade","Unidade",null,"Custo Unitário","Custo Unitário"]
[null,"M0092","Ancoragem ativa para 12 cordoalhas - D = 12,7 mm",5914655,0.02,"t",null,33.92,null,{"$f":"ROUNDDOWN(E1856*H1856,4)","v":0.6784}]
[null,"M2462","Mangueira cristal trançada de PVC com pressão de trabalho de 1,50 MPa (250 psi) - D = 19,0 mm (3/4\")",5914655,1.4999999999999999E-4,"t",null,33.92,null,{"$f":"ROUNDDOWN(E1857*H1857,4)","v":5.0000000000000001E-3}]
[null,"M2419","Parafuso de cabeça abaulada em aço inox com porca e arruela - D = 6 mm (M6) e C = 30 mm",5914655,3.0000000000000001E-5,"t",null,33.92,null,{"$f":"ROUNDDOWN(E1858*H1858,4)","v":1E-3}]
[null,null,null,"Custo unitário total de tempo fixo",{"$nulls":5},{"$f":"SUM(J1856:J1858)","v":0.68440000000000001}]
[null,"F - MOMENTO DE TRANSPORTE",null,"Quantidade","Unidade","DMT",null,null,null,"Custo Unitário"]
[{"$nulls":5},"LN","RP","P"]
[null,"M0092","Ancoragem ativa para 12 cordoalhas - D = 12,7 mm",0.02,"tkm"]
[null,"M2462","Mangueira cristal trançada de PVC com pressão de trabalho de 1,50 MPa (250 psi) - D = 19,0 mm (3/4\")",1.4999999999999999E-4,"tkm"]
[null,"M2419","Parafuso de cabeça abaulada em aço inox com porca e arruela - D = 6 mm (M6) e C = 30 mm",3.0000000000000001E-5,"tkm"]
[null,null,null,"Custo unitário total de transporte"]
[{"$nulls":5},"Custo unitário direto total",null,null,null,{"$f":"TRUNC(J1854+J1859,2)","v":987.02}]
[null,"Obs."]
[]
[59,"1ª/GRD",{"$nulls":8},{"$f":"J1923","v":36.35}]
[null,"OBRA:","EXECUÇÃO DAS OBRAS E SERVIÇOS DE CONSTRUÇÃO DE PONTES E GALERIAS, INCLUINDO A CONCLUSÃO DE ESTRUTURAS JÁ INICIADAS, LOCALIZADAS NA ÁREA DA BARRAGEM DE APROVEITAMENTO MÚLTIPLO JEQUITAÍ I, NO MUNICÍPIO DE FRANCISCO DUMONT, NO ESTADO DE MINAS GERAIS - ITEM 1: PONTES A e B"]
[null,"Custo Unitário de Referência",null,null,"Minas Gerais"]
[{"$nulls":4}," Abril/2025 ",null,null,"Produção da equipe ",19.05,{"$f":"VLOOKUP(A1869,ORÇAMENTO!A:L,7,0)","v":"m"}]
[null,"4507835","BAINHA METÁLICA REDONDA D = 65MM PARA 12 CORDOALHAS D = 12,7MM - FORNECIMENTO, INSTALAÇÃO E INJEÇÃO DE NATA DE CIMENTO",{"$nulls":5},"Valores em reais (R$)"]
[null,"A - EQUIPAMENTOS",null,"Quantidade","Utilização",null,"Custo Horário",null,null,"Custo"]
[{"$nulls":4},"Operativa","Improdutiva","Produtivo","Improdutivo",null,"Horário Total"]
[null,"E9026","Bomba para injeção de nata de cimento com capacidade de 2 MPa - 2,20 kW",9.8019999999999996E-2,1,0,7.5705,4.367,null,{"$f":"D1876*(E1876*G1876+F1876*H1876)","v":0.74206041}]
[null,"E9764","Grupo gerador - 7,2 kVA",9.8019999999999996E-2,1,0,10.9619,0.75670000000000004,null,{"$f":"D1877*(E1877*G1877+F1877*H1877)","v":1.074485438}]
[null,"E9024","Misturador de nata cimento - 1,50 kW",9.8019999999999996E-2,1,0,28.9026,27.659099999999999,null,{"$f":"D1878*(E1878*G1878+F1878*H1878)","v":2.8330328519999997}]
[{"$nulls":7},"Custo horário total de equipamentos",null,{"$f":"SUM(J1876:J1878)","v":4.6495786999999993}]
[null,"B - MÃO DE OBRA",null,"Quantidade","Unidade",null,"Custo Horário","Custo Horário Total"]
[null,"P9801","Ajudante",6,"h",null,23.715,null,null,{"$f":"D1881*G1881","v":142.29}]
[null,"P9805","Armador",2,"h",null,35.150199999999998,null,null,{"$f":"D1882*G1882","v":70.300399999999996}]
[null,null,null,"Custo horário total de mão de obra",{"$nulls":5},{"$f":"SUM(J1881:J1882)","v":212.59039999999999}]
[null,null,null,"Custo horário total de execução",{"$nulls":5},{"$f":"J1879+J1883","v":217.23997869999999}]
[null,null,null,"Custo unitário de execução",{"$nulls":5},{"$f":"J1884/I1872","v":11.403673422572178}]
[{"$nulls":7},"Custo do FIC",null,0]
[{"$nulls":7},"Custo do FIT",null,0]
[null,"C - MATERIAL",null,"Quantidade","Unidade",null,"Preço Unitário","Custo Unitário"]
[null,"M0004","Aço CA 50",7.8399999999999997E-2,"kg",null,6.2323000000000004,null,null,{"$f":"D1889*G1889","v":0.48861231999999999}]
[null,"M0030","Aditivo plastificante e retardador de pega para concreto e argamassa",1.025E-2,"kg",null,6.7175000000000002,null,null,{"$f":"D1890*G1890","v":6.8854375000000009E-2}]
[null,"M0075","Arame liso recozido em aço-carbono - D = 1,24 mm (18 BWG)",7.1199999999999996E-3,"kg",null,10.790100000000001,null,null,7.6825511999999999E-2]
[null,"M2470","Bainha metálica para protensão - D = 65 mm",1.04,"m",null,20.6495,null,null,21.475480000000001]
[null,"M0424","Cimento Portland CP II - 32 - saco",2.5624600000000002,"kg",null,0.55669999999999997,null,null,1.4265214820000001]
[null,"M0052","Fita adesiva de PVC - L = 50 mm e C = 50 m",0.75397999999999998,"m",null,0.12,null,null,9.0477599999999991E-2]
[null,"M3134","Luva para bainha metálica - D = 65 mm",0.16,"un",null,5.8071000000000002,null,null,0.92913600000000007]
[null,"M2462","Mangueira cristal trançada de PVC com pressão de trabalho de 1,50 MPa (250 psi) - D = 19,0 mm (3/4\")",2.5000000000000001E-2,"m",null,8.3895,null,null,0.20973750000000002]
[null,"M3353","Purgador plástico",0.05,"un",null,1.3402000000000001,null,null,6.701E-2]
[null,null,null,"Custo unitário total de material",{"$nulls":5},{"$f":"SUM(J1889:J1897)","v":24.832654789000003}]
[null,"D - ATIVIDADES AUXILIARES",null,"Quantidade","Unidade",null,"Custo Unitário","Custo Unitário"]
[null,"-",0,null,0,null,0,null,null,{"$f":"D1900*G1900","v":0}]
[null,"-",0,null,0,null,0,null,null,{"$f":"D1901*G1901","v":0}]
[null,null,null,"Custo total de atividades auxiliares",{"$nulls":5},{"$f":"SUM(J1900:J1901)","v":0}]
[{"$nulls":7},"Subtotal",null,{"$f":"J1885+J1898+J1902+J1886+J1887","v":36.236328211572179}]
[null,"E - TEMPO FIXO",null,"Código","Quantidade","Unidade",null,"Custo Unitário","Custo Unitário"]
[null,"M0004","Aço CA 50",5914655,8.0000000000000007E-5,"t",null,33.92,null,{"$f":"ROUNDDOWN(E1905*H1905,4)","v":2.7000000000000001E-3}]
[null,"M0030","Aditivo plastificante e retardador de pega para concreto e argamassa",5914655,1.0000000000000001E-5,"t",null,33.92,null,{"$f":"ROUNDDOWN(E1906*H1906,4)","v":2.9999999999999997E-4}]
[null,"M0075","Arame liso recozido em aço-carbono - D = 1,24 mm (18 BWG)",5914655,1.0000000000000001E-5,"t",null,33.92,null,2.9999999999999997E-4]
[null,"M2470","Bainha metálica para protensão - D = 65 mm",5914655,6.6E-4,"t",null,33.92,null,2.23E-2]
[null,"M0424","Cimento Portland CP II - 32 - saco",5914655,2.5600000000000002E-3,"t",null,33.92,null,8.6800000000000002E-2]
[null,"M3134","Luva para bainha metálica - D = 65 mm",5914655,4.0000000000000003E-5,"t",null,33.92,null,1.2999999999999999E-3]
[null,"M2462","Mangueira cristal trançada de PVC com pressão de trabalho de 1,50 MPa (250 psi) - D = 19,0 mm (3/4\")",5914655,1.0000000000000001E-5,"t",null,33.92,null,2.9999999999999997E-4]
[null,null,null,"Custo unitário total de tempo fixo",{"$nulls":5},{"$f":"SUM(J1905:J1911)","v":0.11399999999999999}]
[null,"F - MOMENTO DE TRANSPORTE",null,"Quantidade","Unidade","DMT",null,null,null,"Custo Unitário"]
[{"$nulls":5},"LN","RP","P"]
[null,"M0004","Aço CA 50",8.0000000000000007E-5,"tkm"]
[null,"M0030","Aditivo plastificante e retardador de pega para concreto e argamassa",1.0000000000000001E-5,"tkm"]
[null,"M0075","Arame liso recozido em aço-carbono - D = 1,24 mm (18 BWG)",1.0000000000000001E-5,"tkm"]
[null,"M2470","Bainha metálica para protensão - D = 65 mm",6.6E-4,"tkm"]
[null,"M0424","Cimento Portland CP II - 32 - saco",2.5600000000000002E-3,"tkm"]
[null,"M3134","Luva para bainha metálica - D = 65 mm",4.0000000000000003E-5,"tkm"]
[null,"M2462","Mangueira cristal trançada de PVC com pressão de trabalho de 1,50 MPa (250 psi) - D = 19,0 mm (3/4\")",1.0000000000000001E-5,"tkm"]
[null,null,null,"Custo unitário total de transporte"]
[{"$nulls":5},"Custo unitário direto total",null,null,null,{"$f":"TRUNC(J1903+J1912,2)","v":36.35}]
[null,"Obs."]
[]
[60,"1ª/GRD",{"$nulls":8},{"$f":"J1963","v":10934.56}]
[null,"OBRA:","EXECUÇÃO DAS OBRAS E SERVIÇOS DE CONSTRUÇÃO DE PONTES E GALERIAS, INCLUINDO A CONCLUSÃO DE ESTRUTURAS JÁ INICIADAS, LOCALIZADAS NA ÁREA DA BARRAGEM DE APROVEITAMENTO MÚLTIPLO JEQUITAÍ I, NO MUNICÍPIO DE FRANCISCO DUMONT, NO ESTADO DE MINAS GERAIS - ITEM 1: PONTES A e B"]
[null,"Custo Unitário de Referência",null,null,"Minas Gerais"]
[{"$nulls":4}," Abril/2025 ",null,null,"Produção da equipe ",1,{"$f":"VLOOKUP(A1926,ORÇAMENTO!A:L,7,0)","v":"unid."}]
[null,"3806421 + 5915401a","CARGA, DESCARGA, MANOBRA E LANÇAMENTO DE VIGA METÁLICA OU PRÉ-MOLDADA DE ATÉ 750KN COM UTILIZAÇÃO DE GUINDASTES E CAVALO MECÂNICO COM REBOQUES DE 5 E 4 EIXOS COM CAPACIDADE DE 130T CADA",{"$nulls":5},"Valores em reais (R$)"]
[null,"A - EQUIPAMENTOS",null,"Quantidade","Utilização",null,"Custo Horário",null,null,"Custo"]
[{"$nulls":4},"Operativa","Improdutiva","Produtivo","Improdutivo",null,"Horário Total"]
[null,"E9094","Guindaste móvel sobre pneus com 6 eixos com capacidade máxima de 350 t - 450 kW",1.9277108433734937,1,0,2374.8665999999998,1291.9903999999999,null,{"$f":"D1933*(E1933*G1933+F1933*H1933)","v":4578.0560963855414}]
[null,"E9095","Guindaste móvel sobre pneus com 8 eixos com capacidade máxima de 500 t - 500 kW",1.445776164934145,1,0,3926.5084000000002,2163.5173,null,{"$f":"D1934*(E1934*G1934+F1934*H1934)","v":5676.8522561337059}]
[null,"E9170","Cavalo mecânico com dois dollys pneumáticos de 3 e 4 eixos e mesas de giro com capacidade de 77 t - 364 kW",0.72288808246707248,1,0,737.803,254.56729999999999,null,{"$f":"D1935*(E1935*G1935+F1935*H1935)","v":533.3489959084535}]
[{"$nulls":7},"Custo horário total de equipamentos",null,{"$f":"SUM(J1933:J1935)","v":10788.2573484277}]
[null,"B - MÃO DE OBRA",null,"Quantidade","Unidade",null,"Custo Horário","Custo Horário Total"]
[null,"P9824","Servente",6.7469740166152778,"h",null,21.684899999999999,null,null,{"$f":"D1938*G1938","v":146.30745685290063}]
[null,"-",0,null,0,null,0,null,null,{"$f":"D1939*G1939","v":0}]
[null,null,null,"Custo horário total de mão de obra",{"$nulls":5},{"$f":"SUM(J1938:J1939)","v":146.30745685290063}]
[null,null,null,"Custo horário total de execução",{"$nulls":5},{"$f":"J1936+J1940","v":10934.564805280601}]
[null,null,null,"Custo unitário de execução",{"$nulls":5},{"$f":"J1941/I1929","v":10934.564805280601}]
[{"$nulls":7},"Custo do FIC",null,0]
[{"$nulls":7},"Custo do FIT",null,0]
[null,"C - MATERIAL",null,"Quantidade","Unidade",null,"Preço Unitário","Custo Unitário"]
[null,"-",0,null," - ",null,0,null,null,{"$f":"D1946*G1946","v":0}]
[null,"-",0,null," - ",null,0,null,null,{"$f":"D1947*G1947","v":0}]
[null,null,null,"Custo unitário total de material",{"$nulls":5},{"$f":"SUM(J1946:J1947)","v":0}]
[null,"D - ATIVIDADES AUXILIARES",null,"Quantidade","Unidade",null,"Custo Unitário","Custo Unitário"]
[null,"-",0,null,0,null,0,null,null,{"$f":"D1950*G1950","v":0}]
[null,"-",0,null,0,null,0,null,null,{"$f":"D1951*G1951","v":0}]
[null,null,null,"Custo total de atividades auxiliares",{"$nulls":5},{"$f":"SUM(J1950:J1951)","v":0}]
[{"$nulls":7},"Subtotal",null,{"$f":"J1942+J1948+J1952+J1943+J1944","v":10934.564805280601}]
[null,"E - TEMPO FIXO",null,"Código","Quantidade","Unidade",null,"Custo Unitário","Custo Unitário"]
[null,"-",0,"-",null,0,null,0,null,{"$f":"ROUNDDOWN(E1955*H1955,4)","v":0}]
[null,"-",0,"-",null,0,null,0,null,{"$f":"ROUNDDOWN(E1956*H1956,4)","v":0}]
[null,null,null,"Custo unitário total de tempo fixo",{"$nulls":5},{"$f":"SUM(J1955:J1956)","v":0}]
[null,"F - MOMENTO DE TRANSPORTE",null,"Quantidade","Unidade","DMT",null,null,null,"Custo Unitário"]
[{"$nulls":5},"LN","RP","P"]
[null,"-",0,null,"tkm"]
[null,"-",0,null,"tkm"]
[null,null,null,"Custo unitário total de transporte"]
[{"$nulls":5},"Custo unitário direto total",null,null,null,{"$f":"TRUNC(J1953+J1957,2)","v":10934.56}]
[null,"Obs."]
[]
[61,"1ª/GRD",{"$nulls":8},{"$f":"J2002","v":63.25}]
[null,"OBRA:","EXECUÇÃO DAS OBRAS E SERVIÇOS DE CONSTRUÇÃO DE PONTES E GALERIAS, INCLUINDO A CONCLUSÃO DE ESTRUTURAS JÁ INICIADAS, LOCALIZADAS NA ÁREA DA BARRAGEM DE APROVEITAMENTO MÚLTIPLO JEQUITAÍ I, NO MUNICÍPIO DE FRANCISCO DUMONT, NO ESTADO DE MINAS GERAIS - ITEM 1: PONTES A e B"]
[null,"Custo Unitário de Referência",null,null,"Minas Gerais"]
[{"$nulls":4}," Abril/2025 ",null,null,"Produção da equipe ",6.9720000000000004,{"$f":"VLOOKUP(A1966,ORÇAMENTO!A:L,7,0)","v":"ton"}]
[null,"3806426","LANÇAMENTO DE PRÉ-LAJE E PLACAS PRÉ-MOLDADAS COM UTILIZAÇÃO DE GUINDAUTO",{"$nulls":5},"Valores em reais (R$)"]
[null,"A - EQUIPAMENTOS",null,"Quantidade","Utilização",null,"Custo Horário",null,null,"Custo"]
[{"$nulls":4},"Operativa","Improdutiva","Produtivo","Improdutivo",null,"Horário Total"]
[null,"E9041","Caminhão guindauto com capacidade de elevação de 11,9 t e carroceria de 11,5 t - 188 kW",1,1,0,397.6644,122.861,null,{"$f":"D1973*(E1973*G1973+F1973*H1973)","v":397.6644}]
[null,"-",0,null,null,null,0,0,null,{"$f":"D1974*(E1974*G1974+F1974*H1974)","v":0}]
[{"$nulls":7},"Custo horário total de equipamentos",null,{"$f":"SUM(J1973:J1974)","v":397.6644}]
[null,"B - MÃO DE OBRA",null,"Quantidade","Unidade",null,"Custo Horário","Custo Horário Total"]
[null,"P9824","Servente",2,"h",null,21.684899999999999,null,null,{"$f":"D1977*G1977","v":43.369799999999998}]
[null,"-",0,null,0,null,0,null,null,{"$f":"D1978*G1978","v":0}]
[null,null,null,"Custo horário total de mão de obra",{"$nulls":5},{"$f":"SUM(J1977:J1978)","v":43.369799999999998}]
[null,null,null,"Custo horário total de execução",{"$nulls":5},{"$f":"J1975+J1979","v":441.0342}]
[null,null,null,"Custo unitário de execução",{"$nulls":5},{"$f":"J1980/I1969","v":63.257917383820995}]
[{"$nulls":7},"Custo do FIC",null,0]
[{"$nulls":7},"Custo do FIT",null,0]
[null,"C - MATERIAL",null,"Quantidade","Unidade",null,"Preço Unitário","Custo Unitário"]
[null,"-",0,null," - ",null,0,null,null,{"$f":"D1985*G1985","v":0}]
[null,"-",0,null," - ",null,0,null,null,{"$f":"D1986*G1986","v":0}]
[null,null,null,"Custo unitário total de material",{"$nulls":5},{"$f":"SUM(J1985:J1986)","v":0}]
[null,"D - ATIVIDADES AUXILIARES",null,"Quantidade","Unidade",null,"Custo Unitário","Custo Unitário"]
[null,"-",0,null,0,null,0,null,null,{"$f":"D1989*G1989","v":0}]
[null,"-",0,null,0,null,0,null,null,{"$f":"D1990*G1990","v":0}]
[null,null,null,"Custo total de atividades auxiliares",{"$nulls":5},{"$f":"SUM(J1989:J1990)","v":0}]
[{"$nulls":7},"Subtotal",null,{"$f":"J1981+J1987+J1991+J1982+J1983","v":63.257917383820995}]
[null,"E - TEMPO FIXO",null,"Código","Quantidade","Unidade",null,"Custo Unitário","Custo Unitário"]
[null,"-",0,"-",null,0,null,0,null,{"$f":"ROUNDDOWN(E1994*H1994,4)","v":0}]
[null,"-",0,"-",null,0,null,0,null,{"$f":"ROUNDDOWN(E1995*H1995,4)","v":0}]
[null,null,null,"Custo unitário total de tempo fixo",{"$nulls":5},{"$f":"SUM(J1994:J1995)","v":0}]
[null,"F - MOMENTO DE TRANSPORTE",null,"Quantidade","Unidade","DMT",null,null,null,"Custo Unitário"]
[{"$nulls":5},"LN","RP","P"]
[null,"-",0,null,"tkm"]
[null,"-",0,null,"tkm"]
[null,null,null,"Custo unitário total de transporte"]
[{"$nulls":5},"Custo unitário direto total",null,null,null,{"$f":"TRUNC(J1992+J1996,2)","v":63.25}]
[null,"Obs."]
[]
[62,"1ª/GRD",{"$nulls":8},{"$f":"J2041","v":89.78}]
[null,"OBRA:","EXECUÇÃO DAS OBRAS E SERVIÇOS DE CONSTRUÇÃO DE PONTES E GALERIAS, INCLUINDO A CONCLUSÃO DE ESTRUTURAS JÁ INICIADAS, LOCALIZADAS NA ÁREA DA BARRAGEM DE APROVEITAMENTO MÚLTIPLO JEQUITAÍ I, NO MUNICÍPIO DE FRANCISCO DUMONT, NO ESTADO DE MINAS GERAIS - ITEM 1: PONTES A e B"]
[null,"Custo Unitário de Referência",null,null,"Minas Gerais"]
[{"$nulls":4}," Abril/2025 ",null,null,"Produção da equipe ",2,{"$f":"VLOOKUP(A2005,ORÇAMENTO!A:L,7,0)","v":"m"}]
[null,"2007971","DRENO DE PVC D = 100MM PARA OAE - FORNECIMENTO E INSTALAÇÃO",{"$nulls":5},"Valores em reais (R$)"]
[null,"A - EQUIPAMENTOS",null,"Quantidade","Utilização",null,"Custo Horário",null,null,"Custo"]
[{"$nulls":4},"Operativa","Improdutiva","Produtivo","Improdutivo",null,"Horário Total"]
[null,"-",0,1,1,0,0,0,null,{"$f":"D2012*(E2012*G2012+F2012*H2012)","v":0}]
[null,"-",0,null,null,null,0,0,null,{"$f":"D2013*(E2013*G2013+F2013*H2013)","v":0}]
[{"$nulls":7},"Custo horário total de equipamentos",null,{"$f":"SUM(J2012:J2013)","v":0}]
[null,"B - MÃO DE OBRA",null,"Quantidade","Unidade",null,"Custo Horário","Custo Horário Total"]
[null,"P9824","Servente",1,"h",null,21.684899999999999,null,null,{"$f":"D2016*G2016","v":21.684899999999999}]
[null,"-",0,null,0,null,0,null,null,{"$f":"D2017*G2017","v":0}]
[null,null,null,"Custo horário total de mão de obra",{"$nulls":5},{"$f":"SUM(J2016:J2017)","v":21.684899999999999}]
[null,null,null,"Custo horário total de execução",{"$nulls":5},{"$f":"J2014+J2018","v":21.684899999999999}]
[null,null,null,"Custo unitário de execução",{"$nulls":5},{"$f":"J2019/I2008","v":10.842449999999999}]
[{"$nulls":7},"Custo do FIC",null,0]
[{"$nulls":7},"Custo do FIT",null,0]
[null,"C - MATERIAL",null,"Quantidade","Unidade",null,"Preço Unitário","Custo Unitário"]
[null,"M1673","Tubo de PVC rosqueável para água fria - D = 100 mm (4\")",1,"m",null,78.898300000000006,null,null,{"$f":"D2024*G2024","v":78.898300000000006}]
[null,"-",0,null," - ",null,0,null,null,{"$f":"D2025*G2025","v":0}]
[null,null,null,"Custo unitário total de material",{"$nulls":5},{"$f":"SUM(J2024:J2025)","v":78.898300000000006}]
[null,"D - ATIVIDADES AUXILIARES",null,"Quantidade","Unidade",null,"Custo Unitário","Custo Unitário"]
[null,"-",0,null,0,null,0,null,null,{"$f":"D2028*G2028","v":0}]
[null,"-",0,null,0,null,0,null,null,{"$f":"D2029*G2029","v":0}]
[null,null,null,"Custo total de atividades auxiliares",{"$nulls":5},{"$f":"SUM(J2028:J2029)","v":0}]
[{"$nulls":7},"Subtotal",null,{"$f":"J2020+J2026+J2030+J2021+J2022","v":89.740750000000006}]
[null,"E - TEMPO FIXO",null,"Código","Quantidade","Unidade",null,"Custo Unitário","Custo Unitário"]
[null,"M1673","Tubo de PVC rosqueável para água fria - D = 100 mm (4\")",5914655,1.2199999999999999E-3,"t",null,33.92,null,{"$f":"ROUNDDOWN(E2033*H2033,4)","v":4.1300000000000003E-2}]
[null,"-",0,"-",null,0,null,0,null,{"$f":"ROUNDDOWN(E2034*H2034,4)","v":0}]
[null,null,null,"Custo unitário total de tempo fixo",{"$nulls":5},{"$f":"SUM(J2033:J2034)","v":4.1300000000000003E-2}]
[null,"F - MOMENTO DE TRANSPORTE",null,"Quantidade","Unidade","DMT",null,null,null,"Custo Unitário"]
[{"$nulls":5},"LN","RP","P"]
[null,"M1673","Tubo de PVC rosqueável para água fria - D = 100 mm (4\")",6.2199999999999998E-3,"tkm"]
[null,"-",0,null,"tkm"]
[null,null,null,"Custo unitário total de transporte"]
[{"$nulls":5},"Custo unitário direto total",null,null,null,{"$f":"TRUNC(J2031+J2035,2)","v":89.78}]
[null,"Obs."]
[]
[63,"1ª/GRD",{"$nulls":8},{"$f":"J2080","v":18.89}]
[null,"OBRA:","EXECUÇÃO DAS OBRAS E SERVIÇOS DE CONSTRUÇÃO DE PONTES E GALERIAS, INCLUINDO A CONCLUSÃO DE ESTRUTURAS JÁ INICIADAS, LOCALIZADAS NA ÁREA DA BARRAGEM DE APROVEITAMENTO MÚLTIPLO JEQUITAÍ I, NO MUNICÍPIO DE FRANCISCO DUMONT, NO ESTADO DE MINAS GERAIS - ITEM 1: PONTES A e B"]
[null,"Custo Unitário de Referência",null,null,"Minas Gerais"]
[{"$nulls":4}," Abril/2025 ",null,null,"Produção da equipe ",79.680000000000007,{"$f":"VLOOKUP(A2044,ORÇAMENTO!A:L,7,0)","v":"ton"}]
[null,"5919538","CARGA, MANOBRA E DESCARGA DE CONCRETO COM CAMINHÃO BETONEIRA EM CENTRAL DE CONCRETO E DESCARGA LIVRE",{"$nulls":5},"Valores em reais (R$)"]
[null,"A - EQUIPAMENTOS",null,"Quantidade","Utilização",null,"Custo Horário",null,null,"Custo"]
[{"$nulls":4},"Operativa","Improdutiva","Produtivo","Improdutivo",null,"Horário Total"]
[null,"E9600","Caminhão betoneira com capacidade de 8 m³ - 236 kW",4,0.96,0.04,387.05610000000001,121.9173,null,{"$f":"D2051*(E2051*G2051+F2051*H2051)","v":1505.8021919999999}]
[null,"-",0,null,null,null,0,0,null,{"$f":"D2052*(E2052*G2052+F2052*H2052)","v":0}]
[{"$nulls":7},"Custo horário total de equipamentos",null,{"$f":"SUM(J2051:J2052)","v":1505.8021919999999}]
[null,"B - MÃO DE OBRA",null,"Quantidade","Unidade",null,"Custo Horário","Custo Horário Total"]
[null,"-",0,null,0,null,0,null,null,{"$f":"D2055*G2055","v":0}]
[null,"-",0,null,0,null,0,null,null,{"$f":"D2056*G2056","v":0}]
[null,null,null,"Custo horário total de mão de obra",{"$nulls":5},{"$f":"SUM(J2055:J2056)","v":0}]
[null,null,null,"Custo horário total de execução",{"$nulls":5},{"$f":"J2053+J2057","v":1505.8021919999999}]
[null,null,null,"Custo unitário de execução",{"$nulls":5},{"$f":"J2058/I2047","v":18.89811987951807}]
[{"$nulls":7},"Custo do FIC",null,0]
[{"$nulls":7},"Custo do FIT",null,0]
[null,"C - MATERIAL",null,"Quantidade","Unidade",null,"Preço Unitário","Custo Unitário"]
[null,"-",0,null," - ",null,0,null,null,{"$f":"D2063*G2063","v":0}]
[null,"-",0,null," - ",null,0,null,null,{"$f":"D2064*G2064","v":0}]
[null,null,null,"Custo unitário total de material",{"$nulls":5},{"$f":"SUM(J2063:J2064)","v":0}]
[null,"D - ATIVIDADES AUXILIARES",null,"Quantidade","Unidade",null,"Custo Unitário","Custo Unitário"]
[null,"-",0,null,0,null,0,null,null,{"$f":"D2067*G2067","v":0}]
[null,"-",0,null,0,null,0,null,null,{"$f":"D2068*G2068","v":0}]
[null,null,null,"Custo total de atividades auxiliares",{"$nulls":5},{"$f":"SUM(J2067:J2068)","v":0}]
[{"$nulls":7},"Subtotal",null,{"$f":"J2059+J2065+J2069+J2060+J2061","v":18.89811987951807}]
[null,"E - TEMPO FIXO",null,"Código","Quantidade","Unidade",null,"Custo Unitário","Custo Unitário"]
[null,"-",0,"-",null,0,null,0,null,{"$f":"ROUNDDOWN(E2072*H2072,4)","v":0}]
[null,"-",0,"-",null,0,null,0,null,{"$f":"ROUNDDOWN(E2073*H2073,4)","v":0}]
[null,null,null,"Custo unitário total de tempo fixo",{"$nulls":5},{"$f":"SUM(J2072:J2073)","v":0}]
[null,"F - MOMENTO DE TRANSPORTE",null,"Quantidade","Unidade","DMT",null,null,null,"Custo Unitário"]
[{"$nulls":5},"LN","RP","P"]
[null,"-",0,null,"tkm"]
[null,"-",0,null,"tkm"]
[null,null,null,"Custo unitário total de transporte"]
[{"$nulls":5},"Custo unitário direto total",null,null,null,{"$f":"TRUNC(J2070+J2074,2)","v":18.89}]
[null,"Obs."]
[]
[64,"1ª/GRD",{"$nulls":8},{"$f":"J2119","v":0.8}]
[null,"OBRA:","EXECUÇÃO DAS OBRAS E SERVIÇOS DE CONSTRUÇÃO DE PONTES E GALERIAS, INCLUINDO A CONCLUSÃO DE ESTRUTURAS JÁ INICIADAS, LOCALIZADAS NA ÁREA DA BARRAGEM DE APROVEITAMENTO MÚLTIPLO JEQUITAÍ I, NO MUNICÍPIO DE FRANCISCO DUMONT, NO ESTADO DE MINAS GERAIS - ITEM 1: PONTES A e B"]
[null,"Custo Unitário de Referência",null,null,"Minas Gerais"]
[{"$nulls":4}," Abril/2025 ",null,null,"Produção da equipe ",478.08,{"$f":"VLOOKUP(A2083,ORÇAMENTO!A:L,7,0)","v":"txkm"}]
[null,"5914569","TRANSPORTE COM CAMINHÃO BETONEIRA - RODOVIA PAVIMENTADA",{"$nulls":5},"Valores em reais (R$)"]
[null,"A - EQUIPAMENTOS",null,"Quantidade","Utilização",null,"Custo Horário",null,null,"Custo"]
[{"$nulls":4},"Operativa","Improdutiva","Produtivo","Improdutivo",null,"Horário Total"]
[null,"E9600","Caminhão betoneira com capacidade de 8 m³ - 236 kW",1,1,0,387.05610000000001,121.9173,null,{"$f":"D2090*(E2090*G2090+F2090*H2090)","v":387.05610000000001}]
[null,"-",0,null,null,null,0,0,null,{"$f":"D2091*(E2091*G2091+F2091*H2091)","v":0}]
[{"$nulls":7},"Custo horário total de equipamentos",null,{"$f":"SUM(J2090:J2091)","v":387.05610000000001}]
[null,"B - MÃO DE OBRA",null,"Quantidade","Unidade",null,"Custo Horário","Custo Horário Total"]
[null,"-",0,null,0,null,0,null,null,{"$f":"D2094*G2094","v":0}]
[null,"-",0,null,0,null,0,null,null,{"$f":"D2095*G2095","v":0}]
[null,null,null,"Custo horário total de mão de obra",{"$nulls":5},{"$f":"SUM(J2094:J2095)","v":0}]
[null,null,null,"Custo horário total de execução",{"$nulls":5},{"$f":"J2092+J2096","v":387.05610000000001}]
[null,null,null,"Custo unitário de execução",{"$nulls":5},{"$f":"J2097/I2086","v":0.80960529618473898}]
[{"$nulls":7},"Custo do FIC",null,0]
[{"$nulls":7},"Custo do FIT",null,0]
[null,"C - MATERIAL",null,"Quantidade","Unidade",null,"Preço Unitário","Custo Unitário"]
[null,"-",0,null," - ",null,0,null,null,{"$f":"D2102*G2102","v":0}]
[null,"-",0,null," - ",null,0,null,null,{"$f":"D2103*G2103","v":0}]
[null,null,null,"Custo unitário total de material",{"$nulls":5},{"$f":"SUM(J2102:J2103)","v":0}]
[null,"D - ATIVIDADES AUXILIARES",null,"Quantidade","Unidade",null,"Custo Unitário","Custo Unitário"]
[null,"-",0,null,0,null,0,null,null,{"$f":"D2106*G2106","v":0}]
[null,"-",0,null,0,null,0,null,null,{"$f":"D2107*G2107","v":0}]
[null,null,null,"Custo total de atividades auxiliares",{"$nulls":5},{"$f":"SUM(J2106:J2107)","v":0}]
[{"$nulls":7},"Subtotal",null,{"$f":"J2098+J2104+J2108+J2099+J2100","v":0.80960529618473898}]
[null,"E - TEMPO FIXO",null,"Código","Quantidade","Unidade",null,"Custo Unitário","Custo Unitário"]
[null,"-",0,"-",null,0,null,0,null,{"$f":"ROUNDDOWN(E2111*H2111,4)","v":0}]
[null,"-",0,"-",null,0,null,0,null,{"$f":"ROUNDDOWN(E2112*H2112,4)","v":0}]
[null,null,null,"Custo unitário total de tempo fixo",{"$nulls":5},{"$f":"SUM(J2111:J2112)","v":0}]
[null,"F - MOMENTO DE TRANSPORTE",null,"Quantidade","Unidade","DMT",null,null,null,"Custo Unitário"]
[{"$nulls":5},"LN","RP","P"]
[null,"-",0,null,"tkm"]
[null,"-",0,null,"tkm"]
[null,null,null,"Custo unitário total de transporte"]
[{"$nulls":5},"Custo unitário direto total",null,null,null,{"$f":"TRUNC(J2109+J2113,2)","v":0.8}]
[null,"Obs."]
[]
[65,"1ª/GRD",{"$nulls":8},{"$f":"J2158","v":0.98}]
[null,"OBRA:","EXECUÇÃO DAS OBRAS E SERVIÇOS DE CONSTRUÇÃO DE PONTES E GALERIAS, INCLUINDO A CONCLUSÃO DE ESTRUTURAS JÁ INICIADAS, LOCALIZADAS NA ÁREA DA BARRAGEM DE APROVEITAMENTO MÚLTIPLO JEQUITAÍ I, NO MUNICÍPIO DE FRANCISCO DUMONT, NO ESTADO DE MINAS GERAIS - ITEM 1: PONTES A e B"]
[null,"Custo Unitário de Referência",null,null,"Minas Gerais"]
[{"$nulls":4}," Abril/2025 ",null,null,"Produção da equipe ",398.4,{"$f":"VLOOKUP(A2122,ORÇAMENTO!A:L,7,0)","v":"txkm"}]
[null,"5914554","TRANSPORTE COM CAMINHÃO BETONEIRA - RODOVIA EM REVESTIMENTO PRIMÁRIO",{"$nulls":5},"Valores em reais (R$)"]
[null,"A - EQUIPAMENTOS",null,"Quantidade","Utilização",null,"Custo Horário",null,null,"Custo"]
[{"$nulls":4},"Operativa","Improdutiva","Produtivo","Improdutivo",null,"Horário Total"]
[null,"E9600","Caminhão betoneira com capacidade de 8 m³ - 236 kW",1,1,0,387.05610000000001,121.9173,null,{"$f":"D2129*(E2129*G2129+F2129*H2129)","v":387.05610000000001}]
[null,"-",0,null,null,null,0,0,null,{"$f":"D2130*(E2130*G2130+F2130*H2130)","v":0}]
[{"$nulls":7},"Custo horário total de equipamentos",null,{"$f":"SUM(J2129:J2130)","v":387.05610000000001}]
[null,"B - MÃO DE OBRA",null,"Quantidade","Unidade",null,"Custo Horário","Custo Horário Total"]
[null,"-",0,null,0,null,0,null,null,{"$f":"D2133*G2133","v":0}]
[null,"-",0,null,0,null,0,null,null,{"$f":"D2134*G2134","v":0}]
[null,null,null,"Custo horário total de mão de obra",{"$nulls":5},{"$f":"SUM(J2133:J2134)","v":0}]
[null,null,null,"Custo horário total de execução",{"$nulls":5},{"$f":"J2131+J2135","v":387.05610000000001}]
[null,null,null,"Custo unitário de execução",{"$nulls":5},{"$f":"J2136/I2125","v":0.97152635542168686}]
[{"$nulls":7},"Custo do FIC",null,1.78E-2]
[{"$nulls":7},"Custo do FIT",null,0]
[null,"C - MATERIAL",null,"Quantidade","Unidade",null,"Preço Unitário","Custo Unitário"]
[null,"-",0,null," - ",null,0,null,null,{"$f":"D2141*G2141","v":0}]
[null,"-",0,null," - ",null,0,null,null,{"$f":"D2142*G2142","v":0}]
[null,null,null,"Custo unitário total de material",{"$nulls":5},{"$f":"SUM(J2141:J2142)","v":0}]
[null,"D - ATIVIDADES AUXILIARES",null,"Quantidade","Unidade",null,"Custo Unitário","Custo Unitário"]
[null,"-",0,null,0,null,0,null,null,{"$f":"D2145*G2145","v":0}]
[null,"-",0,null,0,null,0,null,null,{"$f":"D2146*G2146","v":0}]
[null,null,null,"Custo total de atividades auxiliares",{"$nulls":5},{"$f":"SUM(J2145:J2146)","v":0}]
[{"$nulls":7},"Subtotal",null,{"$f":"J2137+J2143+J2147+J2138+J2139","v":0.9893263554216869}]
[null,"E - TEMPO FIXO",null,"Código","Quantidade","Unidade",null,"Custo Unitário","Custo Unitário"]
[null,"-",0,"-",null,0,null,0,null,{"$f":"ROUNDDOWN(E2150*H2150,4)","v":0}]
[null,"-",0,"-",null,0,null,0,null,{"$f":"ROUNDDOWN(E2151*H2151,4)","v":0}]
[null,null,null,"Custo unitário total de tempo fixo",{"$nulls":5},{"$f":"SUM(J2150:J2151)","v":0}]
[null,"F - MOMENTO DE TRANSPORTE",null,"Quantidade","Unidade","DMT",null,null,null,"Custo Unitário"]
[{"$nulls":5},"LN","RP","P"]
[null,"-",0,null,"tkm"]
[null,"-",0,null,"tkm"]
[null,null,null,"Custo unitário total de transporte"]
[{"$nulls":5},"Custo unitário direto total",null,null,null,{"$f":"TRUNC(J2148+J2152,2)","v":0.98}]
[null,"Obs."]
[]
[66,"1ª/GRD",{"$nulls":8},{"$f":"J2197","v":7.51}]
[null,"OBRA:","EXECUÇÃO DAS OBRAS E SERVIÇOS DE CONSTRUÇÃO DE PONTES E GALERIAS, INCLUINDO A CONCLUSÃO DE ESTRUTURAS JÁ INICIADAS, LOCALIZADAS NA ÁREA DA BARRAGEM DE APROVEITAMENTO MÚLTIPLO JEQUITAÍ I, NO MUNICÍPIO DE FRANCISCO DUMONT, NO ESTADO DE MINAS GERAIS - ITEM 1: PONTES A e B"]
[null,"Custo Unitário de Referência",null,null,"Minas Gerais"]
[{"$nulls":4}," Abril/2025 ",null,null,"Produção da equipe ",4.6687500000000002,{"$f":"VLOOKUP(A2161,ORÇAMENTO!A:L,7,0)","v":"m³"}]
[null,"4805754","COMPACTAÇÃO MANUAL COM SOQUETE VIBRATÓRIO",{"$nulls":5},"Valores em reais (R$)"]
[null,"A - EQUIPAMENTOS",null,"Quantidade","Utilização",null,"Custo Horário",null,null,"Custo"]
[{"$nulls":4},"Operativa","Improdutiva","Produtivo","Improdutivo",null,"Horário Total"]
[null,"E9647","Compactador manual com soquete vibratório - 4,10 kW",1,1,0,12.7166,2.7597,null,{"$f":"D2168*(E2168*G2168+F2168*H2168)","v":12.7166}]
[null,"-",0,null,null,null,0,0,null,{"$f":"D2169*(E2169*G2169+F2169*H2169)","v":0}]
[{"$nulls":7},"Custo horário total de equipamentos",null,{"$f":"SUM(J2168:J2169)","v":12.7166}]
[null,"B - MÃO DE OBRA",null,"Quantidade","Unidade",null,"Custo Horário","Custo Horário Total"]
[null,"P9824","Servente",1,"h",null,21.684899999999999,null,null,{"$f":"D2172*G2172","v":21.684899999999999}]
[null,"-",0,null,0,null,0,null,null,{"$f":"D2173*G2173","v":0}]
[null,null,null,"Custo horário total de mão de obra",{"$nulls":5},{"$f":"SUM(J2172:J2173)","v":21.684899999999999}]
[null,null,null,"Custo horário total de execução",{"$nulls":5},{"$f":"J2170+J2174","v":34.401499999999999}]
[null,null,null,"Custo unitário de execução",{"$nulls":5},{"$f":"J2175/I2164","v":7.3684605087014718}]
[{"$nulls":7},"Custo do FIC",null,0.15110000000000001]
[{"$nulls":7},"Custo do FIT",null,0]
[null,"C - MATERIAL",null,"Quantidade","Unidade",null,"Preço Unitário","Custo Unitário"]
[null,"-",0,null," - ",null,0,null,null,{"$f":"D2180*G2180","v":0}]
[null,"-",0,null," - ",null,0,null,null,{"$f":"D2181*G2181","v":0}]
[null,null,null,"Custo unitário total de material",{"$nulls":5},{"$f":"SUM(J2180:J2181)","v":0}]
[null,"D - ATIVIDADES AUXILIARES",null,"Quantidade","Unidade",null,"Custo Unitário","Custo Unitário"]
[null,"-",0,null,0,null,0,null,null,{"$f":"D2184*G2184","v":0}]
[null,"-",0,null,0,null,0,null,null,{"$f":"D2185*G2185","v":0}]
[null,null,null,"Custo total de atividades auxiliares",{"$nulls":5},{"$f":"SUM(J2184:J2185)","v":0}]
[{"$nulls":7},"Subtotal",null,{"$f":"J2176+J2182+J2186+J2177+J2178","v":7.5195605087014723}]
[null,"E - TEMPO FIXO",null,"Código","Quantidade","Unidade",null,"Custo Unitário","Custo Unitário"]
[null,"-",0,"-",null,0,null,0,null,{"$f":"ROUNDDOWN(E2189*H2189,4)","v":0}]
[null,"-",0,"-",null,0,null,0,null,{"$f":"ROUNDDOWN(E2190*H2190,4)","v":0}]
[null,null,null,"Custo unitário total de tempo fixo",{"$nulls":5},{"$f":"SUM(J2189:J2190)","v":0}]
[null,"F - MOMENTO DE TRANSPORTE",null,"Quantidade","Unidade","DMT",null,null,null,"Custo Unitário"]
[{"$nulls":5},"LN","RP","P"]
[null,"-",0,null,"tkm"]
[null,"-",0,null,"tkm"]
[null,null,null,"Custo unitário total de transporte"]
[{"$nulls":5},"Custo unitário direto total",null,null,null,{"$f":"TRUNC(J2187+J2191,2)","v":7.51}]
[null,"Obs."]
[]
[67,"1ª/GRD",{"$nulls":8},{"$f":"J2236","v":199.59}]
[null,"OBRA:","EXECUÇÃO DAS OBRAS E SERVIÇOS DE CONSTRUÇÃO DE PONTES E GALERIAS, INCLUINDO A CONCLUSÃO DE ESTRUTURAS JÁ INICIADAS, LOCALIZADAS NA ÁREA DA BARRAGEM DE APROVEITAMENTO MÚLTIPLO JEQUITAÍ I, NO MUNICÍPIO DE FRANCISCO DUMONT, NO ESTADO DE MINAS GERAIS - ITEM 1: PONTES A e B"]
[null,"Custo Unitário de Referência",null,null,"Minas Gerais"]
[{"$nulls":4}," Abril/2025 ",null,null,"Produção da equipe ",75,{"$f":"VLOOKUP(A2200,ORÇAMENTO!A:L,7,0)","v":"m"}]
[null,"3719529","BARREIRA SIMPLES DE CONCRETO ARMADO, PRÉ-MOLDADA",{"$nulls":5},"Valores em reais (R$)"]
[null,"A - EQUIPAMENTOS",null,"Quantidade","Utilização",null,"Custo Horário",null,null,"Custo"]
[{"$nulls":4},"Operativa","Improdutiva","Produtivo","Improdutivo",null,"Horário Total"]
[null,"E9041","Caminhão guindauto com capacidade de elevação de 11,9 t e carroceria de 11,5 t - 188 kW",1,1,0,397.6644,122.861,null,{"$f":"D2207*(E2207*G2207+F2207*H2207)","v":397.6644}]
[null,"-",0,null,null,null,0,0,null,{"$f":"D2208*(E2208*G2208+F2208*H2208)","v":0}]
[{"$nulls":7},"Custo horário total de equipamentos",null,{"$f":"SUM(J2207:J2208)","v":397.6644}]
[null,"B - MÃO DE OBRA",null,"Quantidade","Unidade",null,"Custo Horário","Custo Horário Total"]
[null,"P9801","Ajudante",4,"h",null,23.715,null,null,{"$f":"D2211*G2211","v":94.86}]
[null,"P9830","Montador",1,"h",null,38.192900000000002,null,null,{"$f":"D2212*G2212","v":38.192900000000002}]
[null,null,null,"Custo horário total de mão de obra",{"$nulls":5},{"$f":"SUM(J2211:J2212)","v":133.05289999999999}]
[null,null,null,"Custo horário total de execução",{"$nulls":5},{"$f":"J2209+J2213","v":530.71730000000002}]
[null,null,null,"Custo unitário de execução",{"$nulls":5},{"$f":"J2214/I2203","v":7.0762306666666666}]
[{"$nulls":7},"Custo do FIC",null,0]
[{"$nulls":7},"Custo do FIT",null,0]
[null,"C - MATERIAL",null,"Quantidade","Unidade",null,"Preço Unitário","Custo Unitário"]
[null,"-",0,null," - ",null,0,null,null,{"$f":"D2219*G2219","v":0}]
[null,"-",0,null," - ",null,0,null,null,{"$f":"D2220*G2220","v":0}]
[null,null,null,"Custo unitário total de material",{"$nulls":5},{"$f":"SUM(J2219:J2220)","v":0}]
[null,"D - ATIVIDADES AUXILIARES",null,"Quantidade","Unidade",null,"Custo Unitário","Custo Unitário"]
[null,3713823,"Confecção de barreira simples de concreto, armada, pré-moldada (perfil New Jersey) - L > 3,00 m e H = 810 mm",1,"m",null,192.52,null,null,{"$f":"D2223*G2223","v":192.52}]
[null,"-",0,null,0,null,0,null,null,{"$f":"D2224*G2224","v":0}]
[null,null,null,"Custo total de atividades auxiliares",{"$nulls":5},{"$f":"SUM(J2223:J2224)","v":192.52}]
[{"$nulls":7},"Subtotal",null,{"$f":"J2215+J2221+J2225+J2216+J2217","v":199.59623066666668}]
[null,"E - TEMPO FIXO",null,"Código","Quantidade","Unidade",null,"Custo Unitário","Custo Unitário"]
[null,"-",0,"-",null,0,null,0,null,{"$f":"ROUNDDOWN(E2228*H2228,4)","v":0}]
[null,"-",0,"-",null,0,null,0,null,{"$f":"ROUNDDOWN(E2229*H2229,4)","v":0}]
[null,null,null,"Custo unitário total de tempo fixo",{"$nulls":5},{"$f":"SUM(J2228:J2229)","v":0}]
[null,"F - MOMENTO DE TRANSPORTE",null,"Quantidade","Unidade","DMT",null,null,null,"Custo Unitário"]
[{"$nulls":5},"LN","RP","P"]
[null,3713823,"Confecção de barreira simples de concreto, armada, pré-moldada (perfil New Jersey) - L > 3,00 m e H = 810 mm",0.46076,"tkm"]
[null,"-",0,null,"tkm"]
[null,null,null,"Custo unitário total de transporte"]
[{"$nulls":5},"Custo unitário direto total",null,null,null,{"$f":"TRUNC(J2226+J2230,2)","v":199.59}]
[null,"Obs."]
[]
[70,"1ª/GRD",{"$nulls":8},{"$f":"J2276","v":12.46}]
[null,"OBRA:","EXECUÇÃO DAS OBRAS E SERVIÇOS DE CONSTRUÇÃO DE PONTES E GALERIAS, INCLUINDO A CONCLUSÃO DE ESTRUTURAS JÁ INICIADAS, LOCALIZADAS NA ÁREA DA BARRAGEM DE APROVEITAMENTO MÚLTIPLO JEQUITAÍ I, NO MUNICÍPIO DE FRANCISCO DUMONT, NO ESTADO DE MINAS GERAIS - ITEM 1: PONTES A e B"]
[null,"Custo Unitário de Referência",null,null,"Minas Gerais"]
[{"$nulls":4}," Abril/2025 ",null,null,"Produção da equipe ",243.82,{"$f":"VLOOKUP(A2239,ORÇAMENTO!A:L,7,0)","v":"m³"}]
[null,"5501906","ESCAVAÇÃO, CARGA E TRANSPORTE DE MATERIAL DE 1A CATEGORIA - DMT DE 1.000 A 1.200M - CAMINHO DE SERVIÇO EM REVESTIMENTO PRIMÁRIO",{"$nulls":5},"Valores em reais (R$)"]
[null,"A - EQUIPAMENTOS",null,"Quantidade","Utilização",null,"Custo Horário",null,null,"Custo"]
[{"$nulls":4},"Operativa","Improdutiva","Produtivo","Improdutivo",null,"Horário Total"]
[null,"E9667","Caminhão basculante com capacidade de 14 m³ - 210 kW",5,0.81,0.19,322.66559999999998,97.340599999999995,null,{"$f":"D2246*(E2246*G2246+F2246*H2246)","v":1399.2692499999998}]
[null,"E9511","Carregadeira de pneus com capacidade de 3,40 m³ - 195 kW",1,1,0,522.5317,257.15769999999998,null,{"$f":"D2247*(E2247*G2247+F2247*H2247)","v":522.5317}]
[null,"E9541","Trator sobre esteiras com lâmina - 259 kW",1,1,0,1035.3036999999999,418.1626,null,1035.3036999999999]
[{"$nulls":7},"Custo horário total de equipamentos",null,{"$f":"SUM(J2246:J2248)","v":2957.1046499999998}]
[null,"B - MÃO DE OBRA",null,"Quantidade","Unidade",null,"Custo Horário","Custo Horário Total"]
[null,"P9824","Servente",1,"h",null,21.684899999999999,null,null,{"$f":"D2251*G2251","v":21.684899999999999}]
[null,"-",0,null,0,null,0,null,null,{"$f":"D2252*G2252","v":0}]
[null,null,null,"Custo horário total de mão de obra",{"$nulls":5},{"$f":"SUM(J2251:J2252)","v":21.684899999999999}]
[null,null,null,"Custo horário total de execução",{"$nulls":5},{"$f":"J2249+J2253","v":2978.78955}]
[null,null,null,"Custo unitário de execução",{"$nulls":5},{"$f":"J2254/I2242","v":12.217166557296366}]
[{"$nulls":7},"Custo do FIC",null,0.24929999999999999]
[{"$nulls":7},"Custo do FIT",null,0]
[null,"C - MATERIAL",null,"Quantidade","Unidade",null,"Preço Unitário","Custo Unitário"]
[null,"-",0,null," - ",null,0,null,null,{"$f":"D2259*G2259","v":0}]
[null,"-",0,null," - ",null,0,null,null,{"$f":"D2260*G2260","v":0}]
[null,null,null,"Custo unitário total de material",{"$nulls":5},{"$f":"SUM(J2259:J2260)","v":0}]
[null,"D - ATIVIDADES AUXILIARES",null,"Quantidade","Unidade",null,"Custo Unitário","Custo Unitário"]
[null,"-",0,null,0,null,0,null,null,{"$f":"D2263*G2263","v":0}]
[null,"-",0,null,0,null,0,null,null,{"$f":"D2264*G2264","v":0}]
[null,null,null,"Custo total de atividades auxiliares",{"$nulls":5},{"$f":"SUM(J2263:J2264)","v":0}]
[{"$nulls":7},"Subtotal",null,{"$f":"J2255+J2261+J2265+J2256+J2257","v":12.466466557296366}]
[null,"E - TEMPO FIXO",null,"Código","Quantidade","Unidade",null,"Custo Unitário","Custo Unitário"]
[null,"-",0,"-",null,0,null,0,null,{"$f":"ROUNDDOWN(E2268*H2268,4)","v":0}]
[null,"-",0,"-",null,0,null,0,null,{"$f":"ROUNDDOWN(E2269*H2269,4)","v":0}]
[null,null,null,"Custo unitário total de tempo fixo",{"$nulls":5},{"$f":"SUM(J2268:J2269)","v":0}]
[null,"F - MOMENTO DE TRANSPORTE",null,"Quantidade","Unidade","DMT",null,null,null,"Custo Unitário"]
[{"$nulls":5},"LN","RP","P"]
[null,"-",0,null,"tkm"]
[null,"-",0,null,"tkm"]
[null,null,null,"Custo unitário total de transporte"]
[{"$nulls":5},"Custo unitário direto total",null,null,null,{"$f":"TRUNC(J2266+J2270,2)","v":12.46}]
[null,"Obs."]
[]
[71,"1ª/GRD",{"$nulls":8},{"$f":"J2318","v":6.57}]
[null,"OBRA:","EXECUÇÃO DAS OBRAS E SERVIÇOS DE CONSTRUÇÃO DE PONTES E GALERIAS, INCLUINDO A CONCLUSÃO DE ESTRUTURAS JÁ INICIADAS, LOCALIZADAS NA ÁREA DA BARRAGEM DE APROVEITAMENTO MÚLTIPLO JEQUITAÍ I, NO MUNICÍPIO DE FRANCISCO DUMONT, NO ESTADO DE MINAS GERAIS - ITEM 1: PONTES A e B"]
[null,"Custo Unitário de Referência",null,null,"Minas Gerais"]
[{"$nulls":4}," Abril/2025 ",null,null,"Produção da equipe ",134.56,{"$f":"VLOOKUP(A2279,ORÇAMENTO!A:L,7,0)","v":"m³"}]
[null,"5503041","COMPACTAÇÃO DE ATERROS A 100% DO PROCTOR NORMAL",{"$nulls":5},"Valores em reais (R$)"]
[null,"A - EQUIPAMENTOS",null,"Quantidade","Utilização",null,"Custo Horário",null,null,"Custo"]
[{"$nulls":4},"Operativa","Improdutiva","Produtivo","Improdutivo",null,"Horário Total"]
[null,"E9571","Caminhão tanque com capacidade de 10.000 l - 188 kW",1,0.72,0.28000000000000003,358.54259999999999,97.3673,null,{"$f":"D2286*(E2286*G2286+F2286*H2286)","v":285.41351599999996}]
[null,"E9518","Grade de 24 discos rebocável de D = 60 cm (24\")",1,0.41,0.59,4.9439000000000002,3.4428000000000001,null,{"$f":"D2287*(E2287*G2287+F2287*H2287)","v":4.0582510000000003}]
[null,"E9524","Motoniveladora - 93 kW",1,0.23,0.77,342.05520000000001,150.57470000000001,null,194.61521500000001]
[null,"E9685","Rolo compactador pé de carneiro vibratório autopropelido por pneus de 11,6 t - 82 kW",1,1,0,248.25219999999999,114.1401,null,248.25219999999999]
[null,"E9577","Trator agrícola sobre pneus - 77 kW",1,0.41,0.59,178.655,70.547200000000004,null,114.871398]
[{"$nulls":7},"Custo horário total de equipamentos",null,{"$f":"SUM(J2286:J2290)","v":847.21057999999994}]
[null,"B - MÃO DE OBRA",null,"Quantidade","Unidade",null,"Custo Horário","Custo Horário Total"]
[null,"P9824","Servente",1,"h",null,21.684899999999999,null,null,{"$f":"D2293*G2293","v":21.684899999999999}]
[null,"-",0,null,0,null,0,null,null,{"$f":"D2294*G2294","v":0}]
[null,null,null,"Custo horário total de mão de obra",{"$nulls":5},{"$f":"SUM(J2293:J2294)","v":21.684899999999999}]
[null,null,null,"Custo horário total de execução",{"$nulls":5},{"$f":"J2291+J2295","v":868.89547999999991}]
[null,null,null,"Custo unitário de execução",{"$nulls":5},{"$f":"J2296/I2282","v":6.4573088585017828}]
[{"$nulls":7},"Custo do FIC",null,0.1174]
[{"$nulls":7},"Custo do FIT",null,0]
[null,"C - MATERIAL",null,"Quantidade","Unidade",null,"Preço Unitário","Custo Unitário"]
[null,"-",0,null," - ",null,0,null,null,{"$f":"D2301*G2301","v":0}]
[null,"-",0,null," - ",null,0,null,null,{"$f":"D2302*G2302","v":0}]
[null,null,null,"Custo unitário total de material",{"$nulls":5},{"$f":"SUM(J2301:J2302)","v":0}]
[null,"D - ATIVIDADES AUXILIARES",null,"Quantidade","Unidade",null,"Custo Unitário","Custo Unitário"]
[null,"-",0,null,0,null,0,null,null,{"$f":"D2305*G2305","v":0}]
[null,"-",0,null,0,null,0,null,null,{"$f":"D2306*G2306","v":0}]
[null,null,null,"Custo total de atividades auxiliares",{"$nulls":5},{"$f":"SUM(J2305:J2306)","v":0}]
[{"$nulls":7},"Subtotal",null,{"$f":"J2297+J2303+J2307+J2298+J2299","v":6.5747088585017828}]
[null,"E - TEMPO FIXO",null,"Código","Quantidade","Unidade",null,"Custo Unitário","Custo Unitário"]
[null,"-",0,"-",null,0,null,0,null,{"$f":"ROUNDDOWN(E2310*H2310,4)","v":0}]
[null,"-",0,"-",null,0,null,0,null,{"$f":"ROUNDDOWN(E2311*H2311,4)","v":0}]
[null,null,null,"Custo unitário total de tempo fixo",{"$nulls":5},{"$f":"SUM(J2310:J2311)","v":0}]
[null,"F - MOMENTO DE TRANSPORTE",null,"Quantidade","Unidade","DMT",null,null,null,"Custo Unitário"]
[{"$nulls":5},"LN","RP","P"]
[null,"-",0,null,"tkm"]
[null,"-",0,null,"tkm"]
[null,null,null,"Custo unitário total de transporte"]
[{"$nulls":5},"Custo unitário direto total",null,null,null,{"$f":"TRUNC(J2308+J2312,2)","v":6.57}]
[null,"Obs."]
[]
[72,"1ª/GRD",{"$nulls":8},{"$f":"J2359","v":15.35}]
[null,"OBRA:","EXECUÇÃO DAS OBRAS E SERVIÇOS DE CONSTRUÇÃO DE PONTES E GALERIAS, INCLUINDO A CONCLUSÃO DE ESTRUTURAS JÁ INICIADAS, LOCALIZADAS NA ÁREA DA BARRAGEM DE APROVEITAMENTO MÚLTIPLO JEQUITAÍ I, NO MUNICÍPIO DE FRANCISCO DUMONT, NO ESTADO DE MINAS GERAIS - ITEM 1: PONTES A e B"]
[null,"Custo Unitário de Referência",null,null,"Minas Gerais"]
[{"$nulls":4}," Abril/2025 ",null,null,"Produção da equipe ",134.56,{"$f":"VLOOKUP(A2321,ORÇAMENTO!A:L,7,0)","v":"m³"}]
[null,"4011227","SUB-BASE DE SOLO ESTABILIZADO GRANULOMETRICAMENTE SEM MISTURA COM MATERIAL DE JAZIDA - 100% PROCTOR INTERMEDIÁRIO",{"$nulls":5},"Valores em reais (R$)"]
[null,"A - EQUIPAMENTOS",null,"Quantidade","Utilização",null,"Custo Horário",null,null,"Custo"]
[{"$nulls":4},"Operativa","Improdutiva","Produtivo","Improdutivo",null,"Horário Total"]
[null,"E9571","Caminhão tanque com capacidade de 10.000 l - 188 kW",1,0.74,0.26,358.54259999999999,97.3673,null,{"$f":"D2328*(E2328*G2328+F2328*H2328)","v":290.637022}]
[null,"E9518","Grade de 24 discos rebocável de D = 60 cm (24\")",1,0.41,0.59,4.9439000000000002,3.4428000000000001,null,{"$f":"D2329*(E2329*G2329+F2329*H2329)","v":4.0582510000000003}]
[null,"E9524","Motoniveladora - 93 kW",1,0.59,0.41,342.05520000000001,150.57470000000001,null,263.54819500000002]
[null,"E9762","Rolo compactador de pneus autopropelido de 27 t - 85 kW",1,0.96,0.04,331.78800000000001,164.60919999999999,null,325.10084799999998]
[null,"E9685","Rolo compactador pé de carneiro vibratório autopropelido por pneus de 11,6 t - 82 kW",1,1,0,248.25219999999999,114.1401,null,248.25219999999999]
[null,"E9577","Trator agrícola sobre pneus - 77 kW",1,0.41,0.59,178.655,70.547200000000004,null,{"$f":"D2333*(E2333*G2333+F2333*H2333)","v":114.871398}]
[{"$nulls":7},"Custo horário total de equipamentos",null,{"$f":"SUM(J2328:J2333)","v":1246.4679139999998}]
[null,"B - MÃO DE OBRA",null,"Quantidade","Unidade",null,"Custo Horário","Custo Horário Total"]
[null,"P9824","Servente",1,"h",null,21.684899999999999,null,null,{"$f":"D2336*G2336","v":21.684899999999999}]
[null,null,null,"Custo horário total de mão de obra",{"$nulls":5},{"$f":"SUM(J2336:J2336)","v":21.684899999999999}]
[null,null,null,"Custo horário total de execução",{"$nulls":5},{"$f":"J2334+J2337","v":1268.1528139999998}]
[null,null,null,"Custo unitário de execução",{"$nulls":5},{"$f":"J2338/I2324","v":9.4244412455410203}]
[{"$nulls":7},"Custo do FIC",null,0.19120000000000001]
[{"$nulls":7},"Custo do FIT",null,0]
[null,"C - MATERIAL",null,"Quantidade","Unidade",null,"Preço Unitário","Custo Unitário"]
[null,"-",0,null," - ",null,0,null,null,{"$f":"D2343*G2343","v":0}]
[null,null,null,"Custo unitário total de material",{"$nulls":5},{"$f":"SUM(J2343:J2343)","v":0}]
[null,"D - ATIVIDADES AUXILIARES",null,"Quantidade","Unidade",null,"Custo Unitário","Custo Unitário"]
[null,4016096,"Escavação e carga de material de jazida com escavadeira hidráulica de 1,56 m³",1.1002700000000001,"m³",null,1.62,null,null,{"$f":"D2346*G2346","v":1.7824374000000003}]
[null,"-",0,null,0,null,0,null,null,{"$f":"D2347*G2347","v":0}]
[null,null,null,"Custo total de atividades auxiliares",{"$nulls":5},{"$f":"SUM(J2346:J2347)","v":1.7824374000000003}]
[{"$nulls":7},"Subtotal",null,{"$f":"J2339+J2344+J2348+J2340+J2341","v":11.398078645541021}]
[null,"E - TEMPO FIXO",null,"Código","Quantidade","Unidade",null,"Custo Unitário","Custo Unitário"]
[null,4016096,"Escavação e carga de material de jazida com escavadeira hidráulica de 1,56 m³",5914354,2.0630999999999999,"t",null,1.92,null,{"$f":"ROUNDDOWN(E2351*H2351,4)","v":3.9611000000000001}]
[null,"-",0,"-",null,0,null,0,null,{"$f":"ROUNDDOWN(E2352*H2352,4)","v":0}]
[null,null,null,"Custo unitário total de tempo fixo",{"$nulls":5},{"$f":"SUM(J2351:J2352)","v":3.9611000000000001}]
[null,"F - MOMENTO DE TRANSPORTE",null,"Quantidade","Unidade","DMT",null,null,null,"Custo Unitário"]
[{"$nulls":5},"LN","RP","P"]
[null,4016096,"Escavação e carga de material de jazida com escavadeira hidráulica de 1,56 m³",2.0630999999999999,"tkm"]
[null,"-",0,null,"tkm"]
[null,null,null,"Custo unitário total de transporte"]
[{"$nulls":5},"Custo unitário direto total",null,null,null,{"$f":"TRUNC(J2349+J2353,2)","v":15.35}]
[null,"Obs."]
[]
[73,"1ª/GRD",{"$nulls":8},{"$f":"J2400","v":16.77}]
[null,"OBRA:","EXECUÇÃO DAS OBRAS E SERVIÇOS DE CONSTRUÇÃO DE PONTES E GALERIAS, INCLUINDO A CONCLUSÃO DE ESTRUTURAS JÁ INICIADAS, LOCALIZADAS NA ÁREA DA BARRAGEM DE APROVEITAMENTO MÚLTIPLO JEQUITAÍ I, NO MUNICÍPIO DE FRANCISCO DUMONT, NO ESTADO DE MINAS GERAIS - ITEM 1: PONTES A e B"]
[null,"Custo Unitário de Referência",null,null,"Minas Gerais"]
[{"$nulls":4}," Abril/2025 ",null,null,"Produção da equipe ",112.13,{"$f":"VLOOKUP(A2362,ORÇAMENTO!A:L,7,0)","v":"m³"}]
[null,"4011219","BASE DE SOLO ESTABILIZADO GRANULOMETRICAMENTE SEM MISTURA COM MATERIAL DE JAZIDA - 100% PROCTOR MODIFICADO",{"$nulls":5},"Valores em reais (R$)"]
[null,"A - EQUIPAMENTOS",null,"Quantidade","Utilização",null,"Custo Horário",null,null,"Custo"]
[{"$nulls":4},"Operativa","Improdutiva","Produtivo","Improdutivo",null,"Horário Total"]
[null,"E9571","Caminhão tanque com capacidade de 10.000 l - 188 kW",1,0.62,0.38,358.54259999999999,97.3673,null,{"$f":"D2369*(E2369*G2369+F2369*H2369)","v":259.29598600000003}]
[null,"E9518","Grade de 24 discos rebocável de D = 60 cm (24\")",1,0.34,0.65999999999999992,4.9439000000000002,3.4428000000000001,null,{"$f":"D2370*(E2370*G2370+F2370*H2370)","v":3.9531739999999997}]
[null,"E9524","Motoniveladora - 93 kW",1,0.5,0.5,342.05520000000001,150.57470000000001,null,246.31495000000001]
[null,"E9762","Rolo compactador de pneus autopropelido de 27 t - 85 kW",1,0.96,4.0000000000000036E-2,331.78800000000001,164.60919999999999,null,325.10084799999998]
[null,"E9685","Rolo compactador pé de carneiro vibratório autopropelido por pneus de 11,6 t - 82 kW",1,1,0,248.25219999999999,114.1401,null,248.25219999999999]
[null,"E9577","Trator agrícola sobre pneus - 77 kW",1,0.34,0.65999999999999992,178.655,70.547200000000004,null,{"$f":"D2374*(E2374*G2374+F2374*H2374)","v":107.30385200000001}]
[{"$nulls":7},"Custo horário total de equipamentos",null,{"$f":"SUM(J2369:J2374)","v":1190.22101}]
[null,"B - MÃO DE OBRA",null,"Quantidade","Unidade",null,"Custo Horário","Custo Horário Total"]
[null,"P9824","Servente",1,"h",null,21.684899999999999,null,null,{"$f":"D2377*G2377","v":21.684899999999999}]
[null,null,null,"Custo horário total de mão de obra",{"$nulls":5},{"$f":"SUM(J2377:J2377)","v":21.684899999999999}]
[null,null,null,"Custo horário total de execução",{"$nulls":5},{"$f":"J2375+J2378","v":1211.9059099999999}]
[null,null,null,"Custo unitário de execução",{"$nulls":5},{"$f":"J2379/I2365","v":10.808043431731026}]
[{"$nulls":7},"Custo do FIC",null,0.21920000000000001]
[{"$nulls":7},"Custo do FIT",null,0]
[null,"C - MATERIAL",null,"Quantidade","Unidade",null,"Preço Unitário","Custo Unitário"]
[null,"-",0,null," - ",null,0,null,null,{"$f":"D2384*G2384","v":0}]
[null,null,null,"Custo unitário total de material",{"$nulls":5},{"$f":"SUM(J2384:J2384)","v":0}]
[null,"D - ATIVIDADES AUXILIARES",null,"Quantidade","Unidade",null,"Custo Unitário","Custo Unitário"]
[null,4016096,"Escavação e carga de material de jazida com escavadeira hidráulica de 1,56 m³",1.1002700000000001,"m³",null,1.62,null,null,{"$f":"D2387*G2387","v":1.7824374000000003}]
[null,"-",0,null,0,null,0,null,null,{"$f":"D2388*G2388","v":0}]
[null,null,null,"Custo total de atividades auxiliares",{"$nulls":5},{"$f":"SUM(J2387:J2388)","v":1.7824374000000003}]
[{"$nulls":7},"Subtotal",null,{"$f":"J2380+J2385+J2389+J2381+J2382","v":12.809680831731027}]
[null,"E - TEMPO FIXO",null,"Código","Quantidade","Unidade",null,"Custo Unitário","Custo Unitário"]
[null,4016096,"Escavação e carga de material de jazida com escavadeira hidráulica de 1,56 m³",5914354,2.0630999999999999,"t",null,1.92,null,{"$f":"ROUNDDOWN(E2392*H2392,4)","v":3.9611000000000001}]
[null,"-",0,"-",null,0,null,0,null,{"$f":"ROUNDDOWN(E2393*H2393,4)","v":0}]
[null,null,null,"Custo unitário total de tempo fixo",{"$nulls":5},{"$f":"SUM(J2392:J2393)","v":3.9611000000000001}]
[null,"F - MOMENTO DE TRANSPORTE",null,"Quantidade","Unidade","DMT",null,null,null,"Custo Unitário"]
[{"$nulls":5},"LN","RP","P"]
[null,4016096,"Escavação e carga de material de jazida com escavadeira hidráulica de 1,56 m³",2.0630999999999999,"tkm"]
[null,"-",0,null,"tkm"]
[null,null,null,"Custo unitário total de transporte"]
[{"$nulls":5},"Custo unitário direto total",null,null,null,{"$f":"TRUNC(J2390+J2394,2)","v":16.77}]
[null,"Obs."]
[]
[74,"1ª/GRD",{"$nulls":8},{"$f":"J2439","v":0.62}]
[null,"OBRA:","EXECUÇÃO DAS OBRAS E SERVIÇOS DE CONSTRUÇÃO DE PONTES E GALERIAS, INCLUINDO A CONCLUSÃO DE ESTRUTURAS JÁ INICIADAS, LOCALIZADAS NA ÁREA DA BARRAGEM DE APROVEITAMENTO MÚLTIPLO JEQUITAÍ I, NO MUNICÍPIO DE FRANCISCO DUMONT, NO ESTADO DE MINAS GERAIS - ITEM 1: PONTES A e B"]
[null,"Custo Unitário de Referência",null,null,"Minas Gerais"]
[{"$nulls":4}," Abril/2025 ",null,null,"Produção da equipe ",1038.46,{"$f":"VLOOKUP(A2403,ORÇAMENTO!A:L,7,0)","v":"m²"}]
[null,"4011352","IMPRIMAÇÃO COM EMULSÃO ASFÁLTICA (EAI)",{"$nulls":5},"Valores em reais (R$)"]
[null,"A - EQUIPAMENTOS",null,"Quantidade","Utilização",null,"Custo Horário",null,null,"Custo"]
[{"$nulls":4},"Operativa","Improdutiva","Produtivo","Improdutivo",null,"Horário Total"]
[null,"E9509","Caminhão tanque distribuidor de asfalto com capacidade de 6.000 l - 7 kW/136 kW",1,1,0,334.7824,110.0958,null,{"$f":"D2410*(E2410*G2410+F2410*H2410)","v":334.7824}]
[null,"E9558","Tanque de estocagem de asfalto com capacidade de 30.000 l",2,1,0,134.63939999999999,87.344399999999993,null,{"$f":"D2411*(E2411*G2411+F2411*H2411)","v":269.27879999999999}]
[{"$nulls":7},"Custo horário total de equipamentos",null,{"$f":"SUM(J2410:J2411)","v":604.06119999999999}]
[null,"B - MÃO DE OBRA",null,"Quantidade","Unidade",null,"Custo Horário","Custo Horário Total"]
[null,"P9824","Servente",2,"h",null,21.684899999999999,null,null,{"$f":"D2414*G2414","v":43.369799999999998}]
[null,"-",0,null,0,null,0,null,null,{"$f":"D2415*G2415","v":0}]
[null,null,null,"Custo horário total de mão de obra",{"$nulls":5},{"$f":"SUM(J2414:J2415)","v":43.369799999999998}]
[null,null,null,"Custo horário total de execução",{"$nulls":5},{"$f":"J2412+J2416","v":647.43100000000004}]
[null,null,null,"Custo unitário de execução",{"$nulls":5},{"$f":"J2417/I2406","v":0.62345299770814477}]
[{"$nulls":7},"Custo do FIC",null,0]
[{"$nulls":7},"Custo do FIT",null,0]
[null,"C - MATERIAL",null,"Quantidade","Unidade",null,"Preço Unitário","Custo Unitário"]
[null,"M2092","Emulsão asfáltica para imprimação",1.2999999999999999E-3,"t",null,null,"FORNECIMENTO COM BDI DIFERENCIADO",null,{"$f":"D2422*G2422","v":0}]
[null,"-",0,null," - ",null,0,null,null,{"$f":"D2423*G2423","v":0}]
[null,null,null,"Custo unitário total de material",{"$nulls":5},{"$f":"SUM(J2422:J2423)","v":0}]
[null,"D - ATIVIDADES AUXILIARES",null,"Quantidade","Unidade",null,"Custo Unitário","Custo Unitário"]
[null,"-",0,null,0,null,0,null,null,{"$f":"D2426*G2426","v":0}]
[null,"-",0,null,0,null,0,null,null,{"$f":"D2427*G2427","v":0}]
[null,null,null,"Custo total de atividades auxiliares",{"$nulls":5},{"$f":"SUM(J2426:J2427)","v":0}]
[{"$nulls":7},"Subtotal",null,{"$f":"J2418+J2424+J2428+J2419+J2420","v":0.62345299770814477}]
[null,"E - TEMPO FIXO",null,"Código","Quantidade","Unidade",null,"Custo Unitário","Custo Unitário"]
[null,"-",0,"-",null,0,null,0,null,{"$f":"ROUNDDOWN(E2431*H2431,4)","v":0}]
[null,"-",0,"-",null,0,null,0,null,{"$f":"ROUNDDOWN(E2432*H2432,4)","v":0}]
[null,null,null,"Custo unitário total de tempo fixo",{"$nulls":5},{"$f":"SUM(J2431:J2432)","v":0}]
[null,"F - MOMENTO DE TRANSPORTE",null,"Quantidade","Unidade","DMT",null,null,null,"Custo Unitário"]
[{"$nulls":5},"LN","RP","P"]
[null,"-",0,null,"tkm"]
[null,"-",0,null,"tkm"]
[null,null,null,"Custo unitário total de transporte"]
[{"$nulls":5},"Custo unitário direto total",null,null,null,{"$f":"TRUNC(J2429+J2433,2)","v":0.62}]
[null,"Obs."]
[]
[75,"1ª/GRD",{"$nulls":8},{"$f":"J2478","v":0.43}]
[null,"OBRA:","EXECUÇÃO DAS OBRAS E SERVIÇOS DE CONSTRUÇÃO DE PONTES E GALERIAS, INCLUINDO A CONCLUSÃO DE ESTRUTURAS JÁ INICIADAS, LOCALIZADAS NA ÁREA DA BARRAGEM DE APROVEITAMENTO MÚLTIPLO JEQUITAÍ I, NO MUNICÍPIO DE FRANCISCO DUMONT, NO ESTADO DE MINAS GERAIS - ITEM 1: PONTES A e B"]
[null,"Custo Unitário de Referência",null,null,"Minas Gerais"]
[{"$nulls":4}," Abril/2025 ",null,null,"Produção da equipe ",1500,{"$f":"VLOOKUP(A2442,ORÇAMENTO!A:L,7,0)","v":"m²"}]
[null,"4011353","PINTURA DE LIGAÇÃO",{"$nulls":5},"Valores em reais (R$)"]
[null,"A - EQUIPAMENTOS",null,"Quantidade","Utilização",null,"Custo Horário",null,null,"Custo"]
[{"$nulls":4},"Operativa","Improdutiva","Produtivo","Improdutivo",null,"Horário Total"]
[null,"E9509","Caminhão tanque distribuidor de asfalto com capacidade de 6.000 l - 7 kW/136 kW",1,1,0,334.7824,110.0958,null,{"$f":"D2449*(E2449*G2449+F2449*H2449)","v":334.7824}]
[null,"E9558","Tanque de estocagem de asfalto com capacidade de 30.000 l",2,1,0,134.63939999999999,87.344399999999993,null,{"$f":"D2450*(E2450*G2450+F2450*H2450)","v":269.27879999999999}]
[{"$nulls":7},"Custo horário total de equipamentos",null,{"$f":"SUM(J2449:J2450)","v":604.06119999999999}]
[null,"B - MÃO DE OBRA",null,"Quantidade","Unidade",null,"Custo Horário","Custo Horário Total"]
[null,"P9824","Servente",2,"h",null,21.684899999999999,null,null,{"$f":"D2453*G2453","v":43.369799999999998}]
[null,"-",0,null,0,null,0,null,null,{"$f":"D2454*G2454","v":0}]
[null,null,null,"Custo horário total de mão de obra",{"$nulls":5},{"$f":"SUM(J2453:J2454)","v":43.369799999999998}]
[null,null,null,"Custo horário total de execução",{"$nulls":5},{"$f":"J2451+J2455","v":647.43100000000004}]
[null,null,null,"Custo unitário de execução",{"$nulls":5},{"$f":"J2456/I2445","v":0.43162066666666671}]
[{"$nulls":7},"Custo do FIC",null,1E-3]
[{"$nulls":7},"Custo do FIT",null,0]
[null,"C - MATERIAL",null,"Quantidade","Unidade",null,"Preço Unitário","Custo Unitário"]
[null,"M1946","Emulsão asfáltica - RR-1C",4.4999999999999999E-4,"t",null,null,"FORNECIMENTO COM BDI DIFERENCIADO",null,{"$f":"D2461*G2461","v":0}]
[null,"-",0,null," - ",null,0,null,null,{"$f":"D2462*G2462","v":0}]
[null,null,null,"Custo unitário total de material",{"$nulls":5},{"$f":"SUM(J2461:J2462)","v":0}]
[null,"D - ATIVIDADES AUXILIARES",null,"Quantidade","Unidade",null,"Custo Unitário","Custo Unitário"]
[null,"-",0,null,0,null,0,null,null,{"$f":"D2465*G2465","v":0}]
[null,"-",0,null,0,null,0,null,null,{"$f":"D2466*G2466","v":0}]
[null,null,null,"Custo total de atividades auxiliares",{"$nulls":5},{"$f":"SUM(J2465:J2466)","v":0}]
[{"$nulls":7},"Subtotal",null,{"$f":"J2457+J2463+J2467+J2458+J2459","v":0.43262066666666671}]
[null,"E - TEMPO FIXO",null,"Código","Quantidade","Unidade",null,"Custo Unitário","Custo Unitário"]
[null,"-",0,"-",null,0,null,0,null,{"$f":"ROUNDDOWN(E2470*H2470,4)","v":0}]
[null,"-",0,"-",null,0,null,0,null,{"$f":"ROUNDDOWN(E2471*H2471,4)","v":0}]
[null,null,null,"Custo unitário total de tempo fixo",{"$nulls":5},{"$f":"SUM(J2470:J2471)","v":0}]
[null,"F - MOMENTO DE TRANSPORTE",null,"Quantidade","Unidade","DMT",null,null,null,"Custo Unitário"]
[{"$nulls":5},"LN","RP","P"]
[null,"-",0,null,"tkm"]
[null,"-",0,null,"tkm"]
[null,null,null,"Custo unitário total de transporte"]
[{"$nulls":5},"Custo unitário direto total",null,null,null,{"$f":"TRUNC(J2468+J2472,2)","v":0.43}]
[null,"Obs."]
[]
[76,"1ª/GRD",{"$nulls":8},{"$f":"J2518","v":21.1}]
[null,"OBRA:","EXECUÇÃO DAS OBRAS E SERVIÇOS DE CONSTRUÇÃO DE PONTES E GALERIAS, INCLUINDO A CONCLUSÃO DE ESTRUTURAS JÁ INICIADAS, LOCALIZADAS NA ÁREA DA BARRAGEM DE APROVEITAMENTO MÚLTIPLO JEQUITAÍ I, NO MUNICÍPIO DE FRANCISCO DUMONT, NO ESTADO DE MINAS GERAIS - ITEM 1: PONTES A e B"]
[null,"Custo Unitário de Referência",null,null,"Minas Gerais"]
[{"$nulls":4}," Abril/2025 ",null,null,"Produção da equipe ",99.6,{"$f":"VLOOKUP(A2481,ORÇAMENTO!A:L,7,0)","v":"ton"}]
[null,"4011464","CONCRETO ASFÁLTICO FAIXA C - MASSA COMERCIAL",{"$nulls":5},"Valores em reais (R$)"]
[null,"A - EQUIPAMENTOS",null,"Quantidade","Utilização",null,"Custo Horário",null,null,"Custo"]
[{"$nulls":4},"Operativa","Improdutiva","Produtivo","Improdutivo",null,"Horário Total"]
[null,"E9762","Rolo compactador de pneus autopropelido de 27 t - 85 kW",1,0.71,0.28999999999999998,331.78800000000001,164.60919999999999,null,{"$f":"D2488*(E2488*G2488+F2488*H2488)","v":283.30614800000001}]
[null,"E9681","Rolo compactador liso tandem vibratório autopropelido de 10,4 t - 82 kW",1,0.82,0.18,359.5138,146.84549999999999,null,{"$f":"D2489*(E2489*G2489+F2489*H2489)","v":321.23350599999998}]
[null,"E9545","Vibroacabadora de asfalto sobre esteiras - 97 kW",1,1,0,509.91320000000002,223.8082,null,509.91320000000002]
[{"$nulls":7},"Custo horário total de equipamentos",null,{"$f":"SUM(J2488:J2490)","v":1114.4528539999999}]
[null,"B - MÃO DE OBRA",null,"Quantidade","Unidade",null,"Custo Horário","Custo Horário Total"]
[null,"P9824","Servente",8,"h",null,21.684899999999999,null,null,{"$f":"D2493*G2493","v":173.47919999999999}]
[null,"-",0,null,0,null,0,null,null,{"$f":"D2494*G2494","v":0}]
[null,null,null,"Custo horário total de mão de obra",{"$nulls":5},{"$f":"SUM(J2493:J2494)","v":173.47919999999999}]
[null,null,null,"Custo horário total de execução",{"$nulls":5},{"$f":"J2491+J2495","v":1287.9320539999999}]
[null,null,null,"Custo unitário de execução",{"$nulls":5},{"$f":"J2496/I2484","v":12.931044718875501}]
[{"$nulls":7},"Custo do FIC",null,3.49E-2]
[{"$nulls":7},"Custo do FIT",null,0]
[null,"C - MATERIAL",null,"Quantidade","Unidade",null,"Preço Unitário","Custo Unitário"]
[null,"M0785","Massa asfáltica comercial",1,"t",null,null,"FORNECIMENTO COM BDI DIFERENCIADO",null,{"$f":"D2501*G2501","v":0}]
[null,"-",0,null," - ",null,0,null,null,{"$f":"D2502*G2502","v":0}]
[null,null,null,"Custo unitário total de material",{"$nulls":5},{"$f":"SUM(J2501:J2502)","v":0}]
[null,"D - ATIVIDADES AUXILIARES",null,"Quantidade","Unidade",null,"Custo Unitário","Custo Unitário"]
[null,"-",0,null,0,null,0,null,null,{"$f":"D2505*G2505","v":0}]
[null,"-",0,null,0,null,0,null,null,{"$f":"D2506*G2506","v":0}]
[null,null,null,"Custo total de atividades auxiliares",{"$nulls":5},{"$f":"SUM(J2505:J2506)","v":0}]
[{"$nulls":7},"Subtotal",null,{"$f":"J2497+J2503+J2507+J2498+J2499","v":12.965944718875502}]
[null,"E - TEMPO FIXO",null,"Código","Quantidade","Unidade",null,"Custo Unitário","Custo Unitário"]
[null,"M0785","Massa asfáltica comercial",5914649,1,"t",null,8.14,null,{"$f":"ROUNDDOWN(E2510*H2510,4)","v":8.14}]
[null,"-",0,"-",null,0,null,0,null,{"$f":"ROUNDDOWN(E2511*H2511,4)","v":0}]
[null,null,null,"Custo unitário total de tempo fixo",{"$nulls":5},{"$f":"SUM(J2510:J2511)","v":8.14}]
[null,"F - MOMENTO DE TRANSPORTE",null,"Quantidade","Unidade","DMT",null,null,null,"Custo Unitário"]
[{"$nulls":5},"LN","RP","P"]
[null,"-",0,null,"tkm"]
[null,"-",0,null,"tkm"]
[null,null,null,"Custo unitário total de transporte"]
[{"$nulls":5},"Custo unitário direto total",null,null,null,{"$f":"TRUNC(J2508+J2512,2)","v":21.1}]
[null,"Obs."]
[]
[77,"1ª/GRD",{"$nulls":8},{"$f":"J2557","v":28.49}]
[null,"OBRA:","EXECUÇÃO DAS OBRAS E SERVIÇOS DE CONSTRUÇÃO DE PONTES E GALERIAS, INCLUINDO A CONCLUSÃO DE ESTRUTURAS JÁ INICIADAS, LOCALIZADAS NA ÁREA DA BARRAGEM DE APROVEITAMENTO MÚLTIPLO JEQUITAÍ I, NO MUNICÍPIO DE FRANCISCO DUMONT, NO ESTADO DE MINAS GERAIS - ITEM 1: PONTES A e B"]
[null,"Custo Unitário de Referência",null,null,"Minas Gerais"]
[{"$nulls":4}," Abril/2025 ",null,null,"Produção da equipe ",8.6026900000000008,{"$f":"VLOOKUP(A2521,ORÇAMENTO!A:L,7,0)","v":"ton"}]
[null,"5914610","CARGA, MANOBRA E DESCARGA DE MISTURA BETUMINOSA A QUENTE EM CAMINHÃO COM CAÇAMBA TÉRMICA - CARGA EM USINA DE ASFALTO E DESCARGA MANUAL",{"$nulls":5},"Valores em reais (R$)"]
[null,"A - EQUIPAMENTOS",null,"Quantidade","Utilização",null,"Custo Horário",null,null,"Custo"]
[{"$nulls":4},"Operativa","Improdutiva","Produtivo","Improdutivo",null,"Horário Total"]
[null,"E9520","Caminhão com caçamba térmica com capacidade de 6 m³ - 136 kW",1,1,0,201.7756,79.827600000000004,null,{"$f":"D2528*(E2528*G2528+F2528*H2528)","v":201.7756}]
[null,"-",0,null,null,null,0,0,null,{"$f":"D2529*(E2529*G2529+F2529*H2529)","v":0}]
[{"$nulls":7},"Custo horário total de equipamentos",null,{"$f":"SUM(J2528:J2529)","v":201.7756}]
[null,"B - MÃO DE OBRA",null,"Quantidade","Unidade",null,"Custo Horário","Custo Horário Total"]
[null,"P9824","Servente",2,"h",null,21.684899999999999,null,null,{"$f":"D2532*G2532","v":43.369799999999998}]
[null,"-",0,null,0,null,0,null,null,{"$f":"D2533*G2533","v":0}]
[null,null,null,"Custo horário total de mão de obra",{"$nulls":5},{"$f":"SUM(J2532:J2533)","v":43.369799999999998}]
[null,null,null,"Custo horário total de execução",{"$nulls":5},{"$f":"J2530+J2534","v":245.1454}]
[null,null,null,"Custo unitário de execução",{"$nulls":5},{"$f":"J2535/I2524","v":28.496365671667814}]
[{"$nulls":7},"Custo do FIC",null,0]
[{"$nulls":7},"Custo do FIT",null,0]
[null,"C - MATERIAL",null,"Quantidade","Unidade",null,"Preço Unitário","Custo Unitário"]
[null,"-",0,null," - ",null,0,null,null,{"$f":"D2540*G2540","v":0}]
[null,"-",0,null," - ",null,0,null,null,{"$f":"D2541*G2541","v":0}]
[null,null,null,"Custo unitário total de material",{"$nulls":5},{"$f":"SUM(J2540:J2541)","v":0}]
[null,"D - ATIVIDADES AUXILIARES",null,"Quantidade","Unidade",null,"Custo Unitário","Custo Unitário"]
[null,"-",0,null,0,null,0,null,null,{"$f":"D2544*G2544","v":0}]
[null,"-",0,null,0,null,0,null,null,{"$f":"D2545*G2545","v":0}]
[null,null,null,"Custo total de atividades auxiliares",{"$nulls":5},{"$f":"SUM(J2544:J2545)","v":0}]
[{"$nulls":7},"Subtotal",null,{"$f":"J2536+J2542+J2546+J2537+J2538","v":28.496365671667814}]
[null,"E - TEMPO FIXO",null,"Código","Quantidade","Unidade",null,"Custo Unitário","Custo Unitário"]
[null,"-",0,"-",null,0,null,0,null,{"$f":"ROUNDDOWN(E2549*H2549,4)","v":0}]
[null,"-",0,"-",null,0,null,0,null,{"$f":"ROUNDDOWN(E2550*H2550,4)","v":0}]
[null,null,null,"Custo unitário total de tempo fixo",{"$nulls":5},{"$f":"SUM(J2549:J2550)","v":0}]
[null,"F - MOMENTO DE TRANSPORTE",null,"Quantidade","Unidade","DMT",null,null,null,"Custo Unitário"]
[{"$nulls":5},"LN","RP","P"]
[null,"-",0,null,"tkm"]
[null,"-",0,null,"tkm"]
[null,null,null,"Custo unitário total de transporte"]
[{"$nulls":5},"Custo unitário direto total",null,null,null,{"$f":"TRUNC(J2547+J2551,2)","v":28.49}]
[null,"Obs."]
[]
[78,"1ª/GRD",{"$nulls":8},{"$f":"J2596","v":0.9}]
[null,"OBRA:","EXECUÇÃO DAS OBRAS E SERVIÇOS DE CONSTRUÇÃO DE PONTES E GALERIAS, INCLUINDO A CONCLUSÃO DE ESTRUTURAS JÁ INICIADAS, LOCALIZADAS NA ÁREA DA BARRAGEM DE APROVEITAMENTO MÚLTIPLO JEQUITAÍ I, NO MUNICÍPIO DE FRANCISCO DUMONT, NO ESTADO DE MINAS GERAIS - ITEM 1: PONTES A e B"]
[null,"Custo Unitário de Referência",null,null,"Minas Gerais"]
[{"$nulls":4}," Abril/2025 ",null,null,"Produção da equipe ",224.1,{"$f":"VLOOKUP(A2560,ORÇAMENTO!A:L,7,0)","v":"txkm"}]
[null,"5914612","TRANSPORTE DE MISTURA BETUMINOSA A QUENTE COM CAMINHÃO CAÇAMBA TÉRMICA - RODOVIA PAVIMENTADA",{"$nulls":5},"Valores em reais (R$)"]
[null,"A - EQUIPAMENTOS",null,"Quantidade","Utilização",null,"Custo Horário",null,null,"Custo"]
[{"$nulls":4},"Operativa","Improdutiva","Produtivo","Improdutivo",null,"Horário Total"]
[null,"E9520","Caminhão com caçamba térmica com capacidade de 6 m³ - 136 kW",1,1,0,201.7756,79.827600000000004,null,{"$f":"D2567*(E2567*G2567+F2567*H2567)","v":201.7756}]
[null,"-",0,null,null,null,0,0,null,{"$f":"D2568*(E2568*G2568+F2568*H2568)","v":0}]
[{"$nulls":7},"Custo horário total de equipamentos",null,{"$f":"SUM(J2567:J2568)","v":201.7756}]
[null,"B - MÃO DE OBRA",null,"Quantidade","Unidade",null,"Custo Horário","Custo Horário Total"]
[null,"-",0,null,0,null,0,null,null,{"$f":"D2571*G2571","v":0}]
[null,"-",0,null,0,null,0,null,null,{"$f":"D2572*G2572","v":0}]
[null,null,null,"Custo horário total de mão de obra",{"$nulls":5},{"$f":"SUM(J2571:J2572)","v":0}]
[null,null,null,"Custo horário total de execução",{"$nulls":5},{"$f":"J2569+J2573","v":201.7756}]
[null,null,null,"Custo unitário de execução",{"$nulls":5},{"$f":"J2574/I2563","v":0.90038197233377959}]
[{"$nulls":7},"Custo do FIC",null,0]
[{"$nulls":7},"Custo do FIT",null,0]
[null,"C - MATERIAL",null,"Quantidade","Unidade",null,"Preço Unitário","Custo Unitário"]
[null,"-",0,null," - ",null,0,null,null,{"$f":"D2579*G2579","v":0}]
[null,"-",0,null," - ",null,0,null,null,{"$f":"D2580*G2580","v":0}]
[null,null,null,"Custo unitário total de material",{"$nulls":5},{"$f":"SUM(J2579:J2580)","v":0}]
[null,"D - ATIVIDADES AUXILIARES",null,"Quantidade","Unidade",null,"Custo Unitário","Custo Unitário"]
[null,"-",0,null,0,null,0,null,null,{"$f":"D2583*G2583","v":0}]
[null,"-",0,null,0,null,0,null,null,{"$f":"D2584*G2584","v":0}]
[null,null,null,"Custo total de atividades auxiliares",{"$nulls":5},{"$f":"SUM(J2583:J2584)","v":0}]
[{"$nulls":7},"Subtotal",null,{"$f":"J2575+J2581+J2585+J2576+J2577","v":0.90038197233377959}]
[null,"E - TEMPO FIXO",null,"Código","Quantidade","Unidade",null,"Custo Unitário","Custo Unitário"]
[null,"-",0,"-",null,0,null,0,null,{"$f":"ROUNDDOWN(E2588*H2588,4)","v":0}]
[null,"-",0,"-",null,0,null,0,null,{"$f":"ROUNDDOWN(E2589*H2589,4)","v":0}]
[null,null,null,"Custo unitário total de tempo fixo",{"$nulls":5},{"$f":"SUM(J2588:J2589)","v":0}]
[null,"F - MOMENTO DE TRANSPORTE",null,"Quantidade","Unidade","DMT",null,null,null,"Custo Unitário"]
[{"$nulls":5},"LN","RP","P"]
[null,"-",0,null,"tkm"]
[null,"-",0,null,"tkm"]
[null,null,null,"Custo unitário total de transporte"]
[{"$nulls":5},"Custo unitário direto total",null,null,null,{"$f":"TRUNC(J2586+J2590,2)","v":0.9}]
[null,"Obs."]
[]
[79,"1ª/GRD",{"$nulls":8},{"$f":"J2635","v":1.1000000000000001}]
[null,"OBRA:","EXECUÇÃO DAS OBRAS E SERVIÇOS DE CONSTRUÇÃO DE PONTES E GALERIAS, INCLUINDO A CONCLUSÃO DE ESTRUTURAS JÁ INICIADAS, LOCALIZADAS NA ÁREA DA BARRAGEM DE APROVEITAMENTO MÚLTIPLO JEQUITAÍ I, NO MUNICÍPIO DE FRANCISCO DUMONT, NO ESTADO DE MINAS GERAIS - ITEM 1: PONTES A e B"]
[null,"Custo Unitário de Referência",null,null,"Minas Gerais"]
[{"$nulls":4}," Abril/2025 ",null,null,"Produção da equipe ",186.75,{"$f":"VLOOKUP(A2599,ORÇAMENTO!A:L,7,0)","v":"txkm"}]
[null,"5914613","TRANSPORTE DE MISTURA BETUMINOSA A QUENTE COM CAMINHÃO CAÇAMBA TÉRMICA - RODOVIA EM REVESTIMENTO PRIMÁRIO",{"$nulls":5},"Valores em reais (R$)"]
[null,"A - EQUIPAMENTOS",null,"Quantidade","Utilização",null,"Custo Horário",null,null,"Custo"]
[{"$nulls":4},"Operativa","Improdutiva","Produtivo","Improdutivo",null,"Horário Total"]
[null,"E9520","Caminhão com caçamba térmica com capacidade de 6 m³ - 136 kW",1,1,0,201.7756,79.827600000000004,null,{"$f":"D2606*(E2606*G2606+F2606*H2606)","v":201.7756}]
[null,"-",0,null,null,null,0,0,null,{"$f":"D2607*(E2607*G2607+F2607*H2607)","v":0}]
[{"$nulls":7},"Custo horário total de equipamentos",null,{"$f":"SUM(J2606:J2607)","v":201.7756}]
[null,"B - MÃO DE OBRA",null,"Quantidade","Unidade",null,"Custo Horário","Custo Horário Total"]
[null,"-",0,null,0,null,0,null,null,{"$f":"D2610*G2610","v":0}]
[null,"-",0,null,0,null,0,null,null,{"$f":"D2611*G2611","v":0}]
[null,null,null,"Custo horário total de mão de obra",{"$nulls":5},{"$f":"SUM(J2610:J2611)","v":0}]
[null,null,null,"Custo horário total de execução",{"$nulls":5},{"$f":"J2608+J2612","v":201.7756}]
[null,null,null,"Custo unitário de execução",{"$nulls":5},{"$f":"J2613/I2602","v":1.0804583668005354}]
[{"$nulls":7},"Custo do FIC",null,2.1999999999999999E-2]
[{"$nulls":7},"Custo do FIT",null,0]
[null,"C - MATERIAL",null,"Quantidade","Unidade",null,"Preço Unitário","Custo Unitário"]
[null,"-",0,null," - ",null,0,null,null,{"$f":"D2618*G2618","v":0}]
[null,"-",0,null," - ",null,0,null,null,{"$f":"D2619*G2619","v":0}]
[null,null,null,"Custo unitário total de material",{"$nulls":5},{"$f":"SUM(J2618:J2619)","v":0}]
[null,"D - ATIVIDADES AUXILIARES",null,"Quantidade","Unidade",null,"Custo Unitário","Custo Unitário"]
[null,"-",0,null,0,null,0,null,null,{"$f":"D2622*G2622","v":0}]
[null,"-",0,null,0,null,0,null,null,{"$f":"D2623*G2623","v":0}]
[null,null,null,"Custo total de atividades auxiliares",{"$nulls":5},{"$f":"SUM(J2622:J2623)","v":0}]
[{"$nulls":7},"Subtotal",null,{"$f":"J2614+J2620+J2624+J2615+J2616","v":1.1024583668005354}]
[null,"E - TEMPO FIXO",null,"Código","Quantidade","Unidade",null,"Custo Unitário","Custo Unitário"]
[null,"-",0,"-",null,0,null,0,null,{"$f":"ROUNDDOWN(E2627*H2627,4)","v":0}]
[null,"-",0,"-",null,0,null,0,null,{"$f":"ROUNDDOWN(E2628*H2628,4)","v":0}]
[null,null,null,"Custo unitário total de tempo fixo",{"$nulls":5},{"$f":"SUM(J2627:J2628)","v":0}]
[null,"F - MOMENTO DE TRANSPORTE",null,"Quantidade","Unidade","DMT",null,null,null,"Custo Unitário"]
[{"$nulls":5},"LN","RP","P"]
[null,"-",0,null,"tkm"]
[null,"-",0,null,"tkm"]
[null,null,null,"Custo unitário total de transporte"]
[{"$nulls":5},"Custo unitário direto total",null,null,null,{"$f":"TRUNC(J2625+J2629,2)","v":1.1000000000000001}]
[null,"Obs."]
[]
[80,"1ª/GRD",{"$nulls":8},{"$f":"J2674","v":2.2400000000000002}]
[null,"OBRA:","EXECUÇÃO DAS OBRAS E SERVIÇOS DE CONSTRUÇÃO DE PONTES E GALERIAS, INCLUINDO A CONCLUSÃO DE ESTRUTURAS JÁ INICIADAS, LOCALIZADAS NA ÁREA DA BARRAGEM DE APROVEITAMENTO MÚLTIPLO JEQUITAÍ I, NO MUNICÍPIO DE FRANCISCO DUMONT, NO ESTADO DE MINAS GERAIS - ITEM 1: PONTES A e B"]
[null,"Custo Unitário de Referência",null,null,"Minas Gerais"]
[{"$nulls":4}," Abril/2025 ",null,null,"Produção da equipe ",149.4,{"$f":"VLOOKUP(A2638,ORÇAMENTO!A:L,7,0)","v":"txkm"}]
[null,"5914622","TRANSPORTE DE MATERIAL BETUMINOSO COM CAMINHÃO TANQUE DISTRIBUIDOR - RODOVIA PAVIMENTADA",{"$nulls":5},"Valores em reais (R$)"]
[null,"A - EQUIPAMENTOS",null,"Quantidade","Utilização",null,"Custo Horário",null,null,"Custo"]
[{"$nulls":4},"Operativa","Improdutiva","Produtivo","Improdutivo",null,"Horário Total"]
[null,"E9509","Caminhão tanque distribuidor de asfalto com capacidade de 6.000 l - 7 kW/136 kW",1,1,0,334.7824,110.0958,null,{"$f":"D2645*(E2645*G2645+F2645*H2645)","v":334.7824}]
[null,"-",0,null,null,null,0,0,null,{"$f":"D2646*(E2646*G2646+F2646*H2646)","v":0}]
[{"$nulls":7},"Custo horário total de equipamentos",null,{"$f":"SUM(J2645:J2646)","v":334.7824}]
[null,"B - MÃO DE OBRA",null,"Quantidade","Unidade",null,"Custo Horário","Custo Horário Total"]
[null,"-",0,null,0,null,0,null,null,{"$f":"D2649*G2649","v":0}]
[null,"-",0,null,0,null,0,null,null,{"$f":"D2650*G2650","v":0}]
[null,null,null,"Custo horário total de mão de obra",{"$nulls":5},{"$f":"SUM(J2649:J2650)","v":0}]
[null,null,null,"Custo horário total de execução",{"$nulls":5},{"$f":"J2647+J2651","v":334.7824}]
[null,null,null,"Custo unitário de execução",{"$nulls":5},{"$f":"J2652/I2641","v":2.2408460508701471}]
[{"$nulls":7},"Custo do FIC",null,0]
[{"$nulls":7},"Custo do FIT",null,0]
[null,"C - MATERIAL",null,"Quantidade","Unidade",null,"Preço Unitário","Custo Unitário"]
[null,"-",0,null," - ",null,0,null,null,{"$f":"D2657*G2657","v":0}]
[null,"-",0,null," - ",null,0,null,null,{"$f":"D2658*G2658","v":0}]
[null,null,null,"Custo unitário total de material",{"$nulls":5},{"$f":"SUM(J2657:J2658)","v":0}]
[null,"D - ATIVIDADES AUXILIARES",null,"Quantidade","Unidade",null,"Custo Unitário","Custo Unitário"]
[null,"-",0,null,0,null,0,null,null,{"$f":"D2661*G2661","v":0}]
[null,"-",0,null,0,null,0,null,null,{"$f":"D2662*G2662","v":0}]
[null,null,null,"Custo total de atividades auxiliares",{"$nulls":5},{"$f":"SUM(J2661:J2662)","v":0}]
[{"$nulls":7},"Subtotal",null,{"$f":"J2653+J2659+J2663+J2654+J2655","v":2.2408460508701471}]
[null,"E - TEMPO FIXO",null,"Código","Quantidade","Unidade",null,"Custo Unitário","Custo Unitário"]
[null,"-",0,"-",null,0,null,0,null,{"$f":"ROUNDDOWN(E2666*H2666,4)","v":0}]
[null,"-",0,"-",null,0,null,0,null,{"$f":"ROUNDDOWN(E2667*H2667,4)","v":0}]
[null,null,null,"Custo unitário total de tempo fixo",{"$nulls":5},{"$f":"SUM(J2666:J2667)","v":0}]
[null,"F - MOMENTO DE TRANSPORTE",null,"Quantidade","Unidade","DMT",null,null,null,"Custo Unitário"]
[{"$nulls":5},"LN","RP","P"]
[null,"-",0,null,"tkm"]
[null,"-",0,null,"tkm"]
[null,null,null,"Custo unitário total de transporte"]
[{"$nulls":5},"Custo unitário direto total",null,null,null,{"$f":"TRUNC(J2664+J2668,2)","v":2.2400000000000002}]
[null,"Obs."]
[]
[81,"1ª/GRD",{"$nulls":8},{"$f":"J2713","v":2.73}]
[null,"OBRA:","EXECUÇÃO DAS OBRAS E SERVIÇOS DE CONSTRUÇÃO DE PONTES E GALERIAS, INCLUINDO A CONCLUSÃO DE ESTRUTURAS JÁ INICIADAS, LOCALIZADAS NA ÁREA DA BARRAGEM DE APROVEITAMENTO MÚLTIPLO JEQUITAÍ I, NO MUNICÍPIO DE FRANCISCO DUMONT, NO ESTADO DE MINAS GERAIS - ITEM 1: PONTES A e B"]
[null,"Custo Unitário de Referência",null,null,"Minas Gerais"]
[{"$nulls":4}," Abril/2025 ",null,null,"Produção da equipe ",124.5,{"$f":"VLOOKUP(A2677,ORÇAMENTO!A:L,7,0)","v":"txkm"}]
[null,"5914621","TRANSPORTE DE MATERIAL BETUMINOSO COM CAMINHÃO TANQUE DISTRIBUIDOR - RODOVIA EM REVESTIMENTO PRIMÁRIO",{"$nulls":5},"Valores em reais (R$)"]
[null,"A - EQUIPAMENTOS",null,"Quantidade","Utilização",null,"Custo Horário",null,null,"Custo"]
[{"$nulls":4},"Operativa","Improdutiva","Produtivo","Improdutivo",null,"Horário Total"]
[null,"E9509","Caminhão tanque distribuidor de asfalto com capacidade de 6.000 l - 7 kW/136 kW",1,1,0,334.7824,110.0958,null,{"$f":"D2684*(E2684*G2684+F2684*H2684)","v":334.7824}]
[null,"-",0,null,null,null,0,0,null,{"$f":"D2685*(E2685*G2685+F2685*H2685)","v":0}]
[{"$nulls":7},"Custo horário total de equipamentos",null,{"$f":"SUM(J2684:J2685)","v":334.7824}]
[null,"B - MÃO DE OBRA",null,"Quantidade","Unidade",null,"Custo Horário","Custo Horário Total"]
[null,"-",0,null,0,null,0,null,null,{"$f":"D2688*G2688","v":0}]
[null,"-",0,null,0,null,0,null,null,{"$f":"D2689*G2689","v":0}]
[null,null,null,"Custo horário total de mão de obra",{"$nulls":5},{"$f":"SUM(J2688:J2689)","v":0}]
[null,null,null,"Custo horário total de execução",{"$nulls":5},{"$f":"J2686+J2690","v":334.7824}]
[null,null,null,"Custo unitário de execução",{"$nulls":5},{"$f":"J2691/I2680","v":2.6890152610441769}]
[{"$nulls":7},"Custo do FIC",null,4.3900000000000002E-2]
[{"$nulls":7},"Custo do FIT",null,0]
[null,"C - MATERIAL",null,"Quantidade","Unidade",null,"Preço Unitário","Custo Unitário"]
[null,"-",0,null," - ",null,0,null,null,{"$f":"D2696*G2696","v":0}]
[null,"-",0,null," - ",null,0,null,null,{"$f":"D2697*G2697","v":0}]
[null,null,null,"Custo unitário total de material",{"$nulls":5},{"$f":"SUM(J2696:J2697)","v":0}]
[null,"D - ATIVIDADES AUXILIARES",null,"Quantidade","Unidade",null,"Custo Unitário","Custo Unitário"]
[null,"-",0,null,0,null,0,null,null,{"$f":"D2700*G2700","v":0}]
[null,"-",0,null,0,null,0,null,null,{"$f":"D2701*G2701","v":0}]
[null,null,null,"Custo total de atividades auxiliares",{"$nulls":5},{"$f":"SUM(J2700:J2701)","v":0}]
[{"$nulls":7},"Subtotal",null,{"$f":"J2692+J2698+J2702+J2693+J2694","v":2.7329152610441767}]
[null,"E - TEMPO FIXO",null,"Código","Quantidade","Unidade",null,"Custo Unitário","Custo Unitário"]
[null,"-",0,"-",null,0,null,0,null,{"$f":"ROUNDDOWN(E2705*H2705,4)","v":0}]
[null,"-",0,"-",null,0,null,0,null,{"$f":"ROUNDDOWN(E2706*H2706,4)","v":0}]
[null,null,null,"Custo unitário total de tempo fixo",{"$nulls":5},{"$f":"SUM(J2705:J2706)","v":0}]
[null,"F - MOMENTO DE TRANSPORTE",null,"Quantidade","Unidade","DMT",null,null,null,"Custo Unitário"]
[{"$nulls":5},"LN","RP","P"]
[null,"-",0,null,"tkm"]
[null,"-",0,null,"tkm"]
[null,null,null,"Custo unitário total de transporte"]
[{"$nulls":5},"Custo unitário direto total",null,null,null,{"$f":"TRUNC(J2703+J2707,2)","v":2.73}]
[null,"Obs."]
[]
[82,"1ª/GRD",{"$nulls":8},{"$f":"J2752","v":0.68}]
[null,"OBRA:","EXECUÇÃO DAS OBRAS E SERVIÇOS DE CONSTRUÇÃO DE PONTES E GALERIAS, INCLUINDO A CONCLUSÃO DE ESTRUTURAS JÁ INICIADAS, LOCALIZADAS NA ÁREA DA BARRAGEM DE APROVEITAMENTO MÚLTIPLO JEQUITAÍ I, NO MUNICÍPIO DE FRANCISCO DUMONT, NO ESTADO DE MINAS GERAIS - ITEM 1: PONTES A e B"]
[null,"Custo Unitário de Referência",null,null,"Minas Gerais"]
[{"$nulls":4}," Abril/2025 ",null,null,"Produção da equipe ",470.61,{"$f":"VLOOKUP(A2716,ORÇAMENTO!A:L,7,0)","v":"txkm"}]
[null,"5915321","TRANSPORTE COM CAMINHÃO BASCULANTE - RODOVIA PAVIMENTADA",{"$nulls":5},"Valores em reais (R$)"]
[null,"A - EQUIPAMENTOS",null,"Quantidade","Utilização",null,"Custo Horário",null,null,"Custo"]
[{"$nulls":4},"Operativa","Improdutiva","Produtivo","Improdutivo",null,"Horário Total"]
[null,"E9667","Caminhão basculante com capacidade de 14 m³ - 210 kW",1,1,0,322.66559999999998,97.340599999999995,null,{"$f":"D2723*(E2723*G2723+F2723*H2723)","v":322.66559999999998}]
[null,"-",0,null,null,null,0,0,null,{"$f":"D2724*(E2724*G2724+F2724*H2724)","v":0}]
[{"$nulls":7},"Custo horário total de equipamentos",null,{"$f":"SUM(J2723:J2724)","v":322.66559999999998}]
[null,"B - MÃO DE OBRA",null,"Quantidade","Unidade",null,"Custo Horário","Custo Horário Total"]
[null,"-",0,null,0,null,0,null,null,{"$f":"D2727*G2727","v":0}]
[null,"-",0,null,0,null,0,null,null,{"$f":"D2728*G2728","v":0}]
[null,null,null,"Custo horário total de mão de obra",{"$nulls":5},{"$f":"SUM(J2727:J2728)","v":0}]
[null,null,null,"Custo horário total de execução",{"$nulls":5},{"$f":"J2725+J2729","v":322.66559999999998}]
[null,null,null,"Custo unitário de execução",{"$nulls":5},{"$f":"J2730/I2719","v":0.68563268948811107}]
[{"$nulls":7},"Custo do FIC",null,0]
[{"$nulls":7},"Custo do FIT",null,0]
[null,"C - MATERIAL",null,"Quantidade","Unidade",null,"Preço Unitário","Custo Unitário"]
[null,"-",0,null," - ",null,0,null,null,{"$f":"D2735*G2735","v":0}]
[null,"-",0,null," - ",null,0,null,null,{"$f":"D2736*G2736","v":0}]
[null,null,null,"Custo unitário total de material",{"$nulls":5},{"$f":"SUM(J2735:J2736)","v":0}]
[null,"D - ATIVIDADES AUXILIARES",null,"Quantidade","Unidade",null,"Custo Unitário","Custo Unitário"]
[null,"-",0,null,0,null,0,null,null,{"$f":"D2739*G2739","v":0}]
[null,"-",0,null,0,null,0,null,null,{"$f":"D2740*G2740","v":0}]
[null,null,null,"Custo total de atividades auxiliares",{"$nulls":5},{"$f":"SUM(J2739:J2740)","v":0}]
[{"$nulls":7},"Subtotal",null,{"$f":"J2731+J2737+J2741+J2732+J2733","v":0.68563268948811107}]
[null,"E - TEMPO FIXO",null,"Código","Quantidade","Unidade",null,"Custo Unitário","Custo Unitário"]
[null,"-",0,"-",null,0,null,0,null,{"$f":"ROUNDDOWN(E2744*H2744,4)","v":0}]
[null,"-",0,"-",null,0,null,0,null,{"$f":"ROUNDDOWN(E2745*H2745,4)","v":0}]
[null,null,null,"Custo unitário total de tempo fixo",{"$nulls":5},{"$f":"SUM(J2744:J2745)","v":0}]
[null,"F - MOMENTO DE TRANSPORTE",null,"Quantidade","Unidade","DMT",null,null,null,"Custo Unitário"]
[{"$nulls":5},"LN","RP","P"]
[null,"-",0,null,"tkm"]
[null,"-",0,null,"tkm"]
[null,null,null,"Custo unitário total de transporte"]
[{"$nulls":5},"Custo unitário direto total",null,null,null,{"$f":"TRUNC(J2742+J2746,2)","v":0.68}]
[null,"Obs."]
[]
[83,"1ª/GRD",{"$nulls":8},{"$f":"J2791","v":0.75}]
[null,"OBRA:","EXECUÇÃO DAS OBRAS E SERVIÇOS DE CONSTRUÇÃO DE PONTES E GALERIAS, INCLUINDO A CONCLUSÃO DE ESTRUTURAS JÁ INICIADAS, LOCALIZADAS NA ÁREA DA BARRAGEM DE APROVEITAMENTO MÚLTIPLO JEQUITAÍ I, NO MUNICÍPIO DE FRANCISCO DUMONT, NO ESTADO DE MINAS GERAIS - ITEM 1: PONTES A e B"]
[null,"Custo Unitário de Referência",null,null,"Minas Gerais"]
[{"$nulls":4}," Abril/2025 ",null,null,"Produção da equipe ",435.75,{"$f":"VLOOKUP(A2755,ORÇAMENTO!A:L,7,0)","v":"txkm"}]
[null,"5915320","TRANSPORTE COM CAMINHÃO BASCULANTE - RODOVIA EM REVESTIMENTO PRIMÁRIO",{"$nulls":5},"Valores em reais (R$)"]
[null,"A - EQUIPAMENTOS",null,"Quantidade","Utilização",null,"Custo Horário",null,null,"Custo"]
[{"$nulls":4},"Operativa","Improdutiva","Produtivo","Improdutivo",null,"Horário Total"]
[null,"E9667","Caminhão basculante com capacidade de 14 m³ - 210 kW",1,1,0,322.66559999999998,97.340599999999995,null,{"$f":"D2762*(E2762*G2762+F2762*H2762)","v":322.66559999999998}]
[null,"-",0,null,null,null,0,0,null,{"$f":"D2763*(E2763*G2763+F2763*H2763)","v":0}]
[{"$nulls":7},"Custo horário total de equipamentos",null,{"$f":"SUM(J2762:J2763)","v":322.66559999999998}]
[null,"B - MÃO DE OBRA",null,"Quantidade","Unidade",null,"Custo Horário","Custo Horário Total"]
[null,"-",0,null,0,null,0,null,null,{"$f":"D2766*G2766","v":0}]
[null,"-",0,null,0,null,0,null,null,{"$f":"D2767*G2767","v":0}]
[null,null,null,"Custo horário total de mão de obra",{"$nulls":5},{"$f":"SUM(J2766:J2767)","v":0}]
[null,null,null,"Custo horário total de execução",{"$nulls":5},{"$f":"J2764+J2768","v":322.66559999999998}]
[null,null,null,"Custo unitário de execução",{"$nulls":5},{"$f":"J2769/I2758","v":0.74048330464716006}]
[{"$nulls":7},"Custo do FIC",null,1.4999999999999999E-2]
[{"$nulls":7},"Custo do FIT",null,0]
[null,"C - MATERIAL",null,"Quantidade","Unidade",null,"Preço Unitário","Custo Unitário"]
[null,"-",0,null," - ",null,0,null,null,{"$f":"D2774*G2774","v":0}]
[null,"-",0,null," - ",null,0,null,null,{"$f":"D2775*G2775","v":0}]
[null,null,null,"Custo unitário total de material",{"$nulls":5},{"$f":"SUM(J2774:J2775)","v":0}]
[null,"D - ATIVIDADES AUXILIARES",null,"Quantidade","Unidade",null,"Custo Unitário","Custo Unitário"]
[null,"-",0,null,0,null,0,null,null,{"$f":"D2778*G2778","v":0}]
[null,"-",0,null,0,null,0,null,null,{"$f":"D2779*G2779","v":0}]
[null,null,null,"Custo total de atividades auxiliares",{"$nulls":5},{"$f":"SUM(J2778:J2779)","v":0}]
[{"$nulls":7},"Subtotal",null,{"$f":"J2770+J2776+J2780+J2771+J2772","v":0.75548330464716007}]
[null,"E - TEMPO FIXO",null,"Código","Quantidade","Unidade",null,"Custo Unitário","Custo Unitário"]
[null,"-",0,"-",null,0,null,0,null,{"$f":"ROUNDDOWN(E2783*H2783,4)","v":0}]
[null,"-",0,"-",null,0,null,0,null,{"$f":"ROUNDDOWN(E2784*H2784,4)","v":0}]
[null,null,null,"Custo unitário total de tempo fixo",{"$nulls":5},{"$f":"SUM(J2783:J2784)","v":0}]
[null,"F - MOMENTO DE TRANSPORTE",null,"Quantidade","Unidade","DMT",null,null,null,"Custo Unitário"]
[{"$nulls":5},"LN","RP","P"]
[null,"-",0,null,"tkm"]
[null,"-",0,null,"tkm"]
[null,null,null,"Custo unitário total de transporte"]
[{"$nulls":5},"Custo unitário direto total",null,null,null,{"$f":"TRUNC(J2781+J2785,2)","v":0.75}]
[null,"Obs."]
[]
[]
[85,"1ª/GRD",{"$nulls":8},{"$f":"J2837","v":23}]
[null,"OBRA:","EXECUÇÃO DAS OBRAS E SERVIÇOS DE CONSTRUÇÃO DE PONTES E GALERIAS, INCLUINDO A CONCLUSÃO DE ESTRUTURAS JÁ INICIADAS, LOCALIZADAS NA ÁREA DA BARRAGEM DE APROVEITAMENTO MÚLTIPLO JEQUITAÍ I, NO MUNICÍPIO DE FRANCISCO DUMONT, NO ESTADO DE MINAS GERAIS - ITEM 1: PONTES A e B"]
[null,"Custo Unitário de Referência",null,null,"Minas Gerais"]
[{"$nulls":4}," Abril/2025 ",null,null,"Produção da equipe ",10,{"$f":"VLOOKUP(A2795,ORÇAMENTO!A:L,7,0)","v":"m"}]
[null,3713608,"CERCA COM 4 FIOS DE ARAME FARPADO E MOURÃO DE MADEIRA A CADA 2,5M, ESTICADOR A CADA 50M",{"$nulls":5},"Valores em reais (R$)"]
[null,"A - EQUIPAMENTOS",null,"Quantidade","Utilização",null,"Custo Horário",null,null,"Custo"]
[{"$nulls":4},"Operativa","Improdutiva","Produtivo","Improdutivo",null,"Horário Total"]
[null,"-",0,null,null,null,0,0,null,{"$f":"D2802*(E2802*G2802+F2802*H2802)","v":0}]
[null,"-",0,null,null,null,0,0,null,{"$f":"D2803*(E2803*G2803+F2803*H2803)","v":0}]
[{"$nulls":7},"Custo horário total de equipamentos",null,{"$f":"SUM(J2802:J2803)","v":0}]
[null,"B - MÃO DE OBRA",null,"Quantidade","Unidade",null,"Custo Horário","Custo Horário Total"]
[null,"P9824","Servente",4,"h",null,21.684899999999999,null,null,{"$f":"D2806*G2806","v":86.739599999999996}]
[null,"-",0,null,0,null,0,null,null,{"$f":"D2807*G2807","v":0}]
[null,null,null,"Custo horário total de mão de obra",{"$nulls":5},{"$f":"SUM(J2806:J2807)","v":86.739599999999996}]
[null,null,null,"Custo horário total de execução",{"$nulls":5},{"$f":"J2804+J2808","v":86.739599999999996}]
[null,null,null,"Custo unitário de execução",{"$nulls":5},{"$f":"J2809/I2798","v":8.6739599999999992}]
[{"$nulls":7},"Custo do FIC",null,0]
[{"$nulls":7},"Custo do FIT",null,0]
[null,"C - MATERIAL",null,"Quantidade","Unidade",null,"Preço Unitário","Custo Unitário"]
[null,"M0069","Arame farpado em aço galvanizado - D = 1,60 mm",4,"m",null,0.81479999999999997,null,null,{"$f":"D2814*G2814","v":3.2591999999999999}]
[null,"M0745","Grampo em aço galvanizado para cerca - C = 25,4 mm e E = 3,76 mm (1\" x 9 BWG)",8.2500000000000004E-3,"kg",null,16.972799999999999,null,null,{"$f":"D2815*G2815","v":0.1400256}]
[null,"M1638","Mourão de madeira - H = 2,10 m e D = 0,10 m",0.42,"un",null,23.2027,null,null,9.7451340000000002]
[null,"M1639","Mourão de madeira - H = 2,20 m e D = 0,15 m",0.02,"un",null,46.0289,null,null,0.92057800000000001]
[null,null,null,"Custo unitário total de material",{"$nulls":5},{"$f":"SUM(J2814:J2817)","v":14.0649376}]
[null,"D - ATIVIDADES AUXILIARES",null,"Quantidade","Unidade",null,"Custo Unitário","Custo Unitário"]
[null,"-",0,null,0,null,0,null,null,{"$f":"D2820*G2820","v":0}]
[null,"-",0,null,0,null,0,null,null,{"$f":"D2821*G2821","v":0}]
[null,null,null,"Custo total de atividades auxiliares",{"$nulls":5},{"$f":"SUM(J2820:J2821)","v":0}]
[{"$nulls":7},"Subtotal",null,{"$f":"J2810+J2818+J2822+J2811+J2812","v":22.738897600000001}]
[null,"E - TEMPO FIXO",null,"Código","Quantidade","Unidade",null,"Custo Unitário","Custo Unitário"]
[null,"M0069","Arame farpado em aço galvanizado - D = 1,60 mm",5914655,2.0000000000000001E-4,"t",null,33.92,null,{"$f":"ROUNDDOWN(E2825*H2825,4)","v":6.7000000000000002E-3}]
[null,"M0745","Grampo em aço galvanizado para cerca - C = 25,4 mm e E = 3,76 mm (1\" x 9 BWG)",5914655,1.0000000000000001E-5,"t",null,33.92,null,{"$f":"ROUNDDOWN(E2826*H2826,4)","v":2.9999999999999997E-4}]
[null,"M1638","Mourão de madeira - H = 2,10 m e D = 0,10 m",5914655,6.9300000000000004E-3,"t",null,33.92,null,0.23499999999999999]
[null,"M1639","Mourão de madeira - H = 2,20 m e D = 0,15 m",5914655,7.7999999999999999E-4,"t",null,33.92,null,2.64E-2]
[null,null,null,"Custo unitário total de tempo fixo",{"$nulls":5},{"$f":"SUM(J2825:J2828)","v":0.26839999999999997}]
[null,"F - MOMENTO DE TRANSPORTE",null,"Quantidade","Unidade","DMT",null,null,null,"Custo Unitário"]
[{"$nulls":5},"LN","RP","P"]
[null,"M0069","Arame farpado em aço galvanizado - D = 1,60 mm",2.0000000000000001E-4,"tkm"]
[null,"M0745","Grampo em aço galvanizado para cerca - C = 25,4 mm e E = 3,76 mm (1\" x 9 BWG)",1.0000000000000001E-5,"tkm"]
[null,"M1638","Mourão de madeira - H = 2,10 m e D = 0,10 m",6.9300000000000004E-3,"tkm"]
[null,"M1639","Mourão de madeira - H = 2,20 m e D = 0,15 m",7.7999999999999999E-4,"tkm"]
[null,null,null,"Custo unitário total de transporte"]
[{"$nulls":5},"Custo unitário direto total",null,null,null,{"$f":"TRUNC(J2823+J2829,2)","v":23}]
[null,"Obs."]
[]
[86,"1ª/GRD",{"$nulls":8},{"$f":"J2876","v":331.88}]
[null,"OBRA:","EXECUÇÃO DAS OBRAS E SERVIÇOS DE CONSTRUÇÃO DE PONTES E GALERIAS, INCLUINDO A CONCLUSÃO DE ESTRUTURAS JÁ INICIADAS, LOCALIZADAS NA ÁREA DA BARRAGEM DE APROVEITAMENTO MÚLTIPLO JEQUITAÍ I, NO MUNICÍPIO DE FRANCISCO DUMONT, NO ESTADO DE MINAS GERAIS - ITEM 1: PONTES A e B"]
[null,"Custo Unitário de Referência",null,null,"Minas Gerais"]
[{"$nulls":4}," Abril/2025 ",null,null,"Produção da equipe ",66.400000000000006,{"$f":"VLOOKUP(A2840,ORÇAMENTO!A:L,7,0)","v":"m"}]
[null,3713604,"DEFENSA SEMIMALEÁVEL SIMPLES - FORNECIMENTO E IMPLANTAÇÃO",{"$nulls":5},"Valores em reais (R$)"]
[null,"A - EQUIPAMENTOS",null,"Quantidade","Utilização",null,"Custo Horário",null,null,"Custo"]
[{"$nulls":4},"Operativa","Improdutiva","Produtivo","Improdutivo",null,"Horário Total"]
[null,"E9082","Bate-estaca hidráulico para defensas montado em caminhão guindauto com capacidade de 6,2 t e carroceria de 5 t - 152 kW",1,1,0,395.358,155.6985,null,{"$f":"D2847*(E2847*G2847+F2847*H2847)","v":395.358}]
[null,"-",0,null,null,null,0,0,null,{"$f":"D2848*(E2848*G2848+F2848*H2848)","v":0}]
[{"$nulls":7},"Custo horário total de equipamentos",null,{"$f":"SUM(J2847:J2848)","v":395.358}]
[null,"B - MÃO DE OBRA",null,"Quantidade","Unidade",null,"Custo Horário","Custo Horário Total"]
[null,"P9801","Ajudante",3,"h",null,23.715,null,null,{"$f":"D2851*G2851","v":71.144999999999996}]
[null,"P9830","Montador",1,"h",null,38.192900000000002,null,null,{"$f":"D2852*G2852","v":38.192900000000002}]
[null,null,null,"Custo horário total de mão de obra",{"$nulls":5},{"$f":"SUM(J2851:J2852)","v":109.33789999999999}]
[null,null,null,"Custo horário total de execução",{"$nulls":5},{"$f":"J2849+J2853","v":504.69589999999999}]
[null,null,null,"Custo unitário de execução",{"$nulls":5},{"$f":"J2854/I2843","v":7.600841867469879}]
[{"$nulls":7},"Custo do FIC",null,0]
[{"$nulls":7},"Custo do FIT",null,0]
[null,"C - MATERIAL",null,"Quantidade","Unidade",null,"Preço Unitário","Custo Unitário"]
[null,"M1968","Defensa metálica semimaleável simples",0.25,"un",null,1295.6512,null,null,{"$f":"D2859*G2859","v":323.9128}]
[null,"-",0,null," - ",null,0,null,null,{"$f":"D2860*G2860","v":0}]
[null,null,null,"Custo unitário total de material",{"$nulls":5},{"$f":"SUM(J2859:J2860)","v":323.9128}]
[null,"D - ATIVIDADES AUXILIARES",null,"Quantidade","Unidade",null,"Custo Unitário","Custo Unitário"]
[null,"-",0,null,0,null,0,null,null,{"$f":"D2863*G2863","v":0}]
[null,"-",0,null,0,null,0,null,null,{"$f":"D2864*G2864","v":0}]
[null,null,null,"Custo total de atividades auxiliares",{"$nulls":5},{"$f":"SUM(J2863:J2864)","v":0}]
[{"$nulls":7},"Subtotal",null,{"$f":"J2855+J2861+J2865+J2856+J2857","v":331.51364186746986}]
[null,"E - TEMPO FIXO",null,"Código","Quantidade","Unidade",null,"Custo Unitário","Custo Unitário"]
[null,"M1968","Defensa metálica semimaleável simples",5915373,1.9359999999999999E-2,"t",null,19.12,null,{"$f":"ROUNDDOWN(E2868*H2868,4)","v":0.37009999999999998}]
[null,"-",0,"-",null,0,null,0,null,{"$f":"ROUNDDOWN(E2869*H2869,4)","v":0}]
[null,null,null,"Custo unitário total de tempo fixo",{"$nulls":5},{"$f":"SUM(J2868:J2869)","v":0.37009999999999998}]
[null,"F - MOMENTO DE TRANSPORTE",null,"Quantidade","Unidade","DMT",null,null,null,"Custo Unitário"]
[{"$nulls":5},"LN","RP","P"]
[null,"M1968","Defensa metálica semimaleável simples",1.9359999999999999E-2,"tkm"]
[null,"-",0,null,"tkm"]
[null,null,null,"Custo unitário total de transporte"]
[{"$nulls":5},"Custo unitário direto total",null,null,null,{"$f":"TRUNC(J2866+J2870,2)","v":331.88}]
[null,"Obs."]
[]
[87,"1ª/GRD",{"$nulls":8},{"$f":"J2915","v":392.66}]
[null,"OBRA:","EXECUÇÃO DAS OBRAS E SERVIÇOS DE CONSTRUÇÃO DE PONTES E GALERIAS, INCLUINDO A CONCLUSÃO DE ESTRUTURAS JÁ INICIADAS, LOCALIZADAS NA ÁREA DA BARRAGEM DE APROVEITAMENTO MÚLTIPLO JEQUITAÍ I, NO MUNICÍPIO DE FRANCISCO DUMONT, NO ESTADO DE MINAS GERAIS - ITEM 1: PONTES A e B"]
[null,"Custo Unitário de Referência",null,null,"Minas Gerais"]
[{"$nulls":4}," Abril/2025 ",null,null,"Produção da equipe ",7.38,{"$f":"VLOOKUP(A2879,ORÇAMENTO!A:L,7,0)","v":"m"}]
[null,3713605,"ANCORAGEM DE DEFENSA SEMIMALEÁVEL SIMPLES - FORNECIMENTO E IMPLANTAÇÃO",{"$nulls":5},"Valores em reais (R$)"]
[null,"A - EQUIPAMENTOS",null,"Quantidade","Utilização",null,"Custo Horário",null,null,"Custo"]
[{"$nulls":4},"Operativa","Improdutiva","Produtivo","Improdutivo",null,"Horário Total"]
[null,"E9082","Bate-estaca hidráulico para defensas montado em caminhão guindauto com capacidade de 6,2 t e carroceria de 5 t - 152 kW",1,1,0,395.358,155.6985,null,{"$f":"D2886*(E2886*G2886+F2886*H2886)","v":395.358}]
[null,"-",0,null,null,null,0,0,null,{"$f":"D2887*(E2887*G2887+F2887*H2887)","v":0}]
[{"$nulls":7},"Custo horário total de equipamentos",null,{"$f":"SUM(J2886:J2887)","v":395.358}]
[null,"B - MÃO DE OBRA",null,"Quantidade","Unidade",null,"Custo Horário","Custo Horário Total"]
[null,"P9801","Ajudante",3,"h",null,23.715,null,null,{"$f":"D2890*G2890","v":71.144999999999996}]
[null,"P9830","Montador",1,"h",null,38.192900000000002,null,null,{"$f":"D2891*G2891","v":38.192900000000002}]
[null,null,null,"Custo horário total de mão de obra",{"$nulls":5},{"$f":"SUM(J2890:J2891)","v":109.33789999999999}]
[null,null,null,"Custo horário total de execução",{"$nulls":5},{"$f":"J2888+J2892","v":504.69589999999999}]
[null,null,null,"Custo unitário de execução",{"$nulls":5},{"$f":"J2893/I2882","v":68.386978319783196}]
[{"$nulls":7},"Custo do FIC",null,0]
[{"$nulls":7},"Custo do FIT",null,0]
[null,"C - MATERIAL",null,"Quantidade","Unidade",null,"Preço Unitário","Custo Unitário"]
[null,"M1968","Defensa metálica semimaleável simples",0.25,"un",null,1295.6512,null,null,{"$f":"D2898*G2898","v":323.9128}]
[null,"-",0,null," - ",null,0,null,null,{"$f":"D2899*G2899","v":0}]
[null,null,null,"Custo unitário total de material",{"$nulls":5},{"$f":"SUM(J2898:J2899)","v":323.9128}]
[null,"D - ATIVIDADES AUXILIARES",null,"Quantidade","Unidade",null,"Custo Unitário","Custo Unitário"]
[null,"-",0,null,0,null,0,null,null,{"$f":"D2902*G2902","v":0}]
[null,"-",0,null,0,null,0,null,null,{"$f":"D2903*G2903","v":0}]
[null,null,null,"Custo total de atividades auxiliares",{"$nulls":5},{"$f":"SUM(J2902:J2903)","v":0}]
[{"$nulls":7},"Subtotal",null,{"$f":"J2894+J2900+J2904+J2895+J2896","v":392.29977831978317}]
[null,"E - TEMPO FIXO",null,"Código","Quantidade","Unidade",null,"Custo Unitário","Custo Unitário"]
[null,"M1968","Defensa metálica semimaleável simples",5915373,1.9359999999999999E-2,"t",null,19.12,null,{"$f":"ROUNDDOWN(E2907*H2907,4)","v":0.37009999999999998}]
[null,"-",0,"-",null,0,null,0,null,{"$f":"ROUNDDOWN(E2908*H2908,4)","v":0}]
[null,null,null,"Custo unitário total de tempo fixo",{"$nulls":5},{"$f":"SUM(J2907:J2908)","v":0.37009999999999998}]
[null,"F - MOMENTO DE TRANSPORTE",null,"Quantidade","Unidade","DMT",null,null,null,"Custo Unitário"]
[{"$nulls":5},"LN","RP","P"]
[null,"M1968","Defensa metálica semimaleável simples",1.9359999999999999E-2,"tkm"]
[null,"-",0,null,"tkm"]
[null,null,null,"Custo unitário total de transporte"]
[{"$nulls":5},"Custo unitário direto total",null,null,null,{"$f":"TRUNC(J2905+J2909,2)","v":392.66}]
[null,"Obs."]
[]
[88,"1ª/GRD",{"$nulls":8},{"$f":"J2954","v":501.13}]
[null,"OBRA:","EXECUÇÃO DAS OBRAS E SERVIÇOS DE CONSTRUÇÃO DE PONTES E GALERIAS, INCLUINDO A CONCLUSÃO DE ESTRUTURAS JÁ INICIADAS, LOCALIZADAS NA ÁREA DA BARRAGEM DE APROVEITAMENTO MÚLTIPLO JEQUITAÍ I, NO MUNICÍPIO DE FRANCISCO DUMONT, NO ESTADO DE MINAS GERAIS - ITEM 1: PONTES A e B"]
[null,"Custo Unitário de Referência",null,null,"Minas Gerais"]
[{"$nulls":4}," Abril/2025 ",null,null,"Produção da equipe ",2,{"$f":"VLOOKUP(A2918,ORÇAMENTO!A:L,7,0)","v":"unid."}]
[null,"3713690","TERMINAL DE ANCORAGEM DE DEFENSA METÁLICA EM BARREIRA DE CONCRETO, TIPO D - FORNECIMENTO E IMPLANTAÇÃO",{"$nulls":5},"Valores em reais (R$)"]
[null,"A - EQUIPAMENTOS",null,"Quantidade","Utilização",null,"Custo Horário",null,null,"Custo"]
[{"$nulls":4},"Operativa","Improdutiva","Produtivo","Improdutivo",null,"Horário Total"]
[null,"-",0,null,null,null,0,0,null,{"$f":"D2925*(E2925*G2925+F2925*H2925)","v":0}]
[null,"-",0,null,null,null,0,0,null,{"$f":"D2926*(E2926*G2926+F2926*H2926)","v":0}]
[{"$nulls":7},"Custo horário total de equipamentos",null,{"$f":"SUM(J2925:J2926)","v":0}]
[null,"B - MÃO DE OBRA",null,"Quantidade","Unidade",null,"Custo Horário","Custo Horário Total"]
[null,"P9801","Ajudante",1,"h",null,23.715,null,null,{"$f":"D2929*G2929","v":23.715}]
[null,"P9830","Montador",1,"h",null,38.192900000000002,null,null,{"$f":"D2930*G2930","v":38.192900000000002}]
[null,null,null,"Custo horário total de mão de obra",{"$nulls":5},{"$f":"SUM(J2929:J2930)","v":61.907899999999998}]
[null,null,null,"Custo horário total de execução",{"$nulls":5},{"$f":"J2927+J2931","v":61.907899999999998}]
[null,null,null,"Custo unitário de execução",{"$nulls":5},{"$f":"J2932/I2921","v":30.953949999999999}]
[{"$nulls":7},"Custo do FIC",null,0]
[{"$nulls":7},"Custo do FIT",null,0]
[null,"C - MATERIAL",null,"Quantidade","Unidade",null,"Preço Unitário","Custo Unitário"]
[null,"M1977","Terminal de ancoragem de defensa metálica em barreira rígida (tipo D)",1,"un",null,386.91449999999998,null,null,{"$f":"D2937*G2937","v":386.91449999999998}]
[null,"-",0,null," - ",null,0,null,null,{"$f":"D2938*G2938","v":0}]
[null,null,null,"Custo unitário total de material",{"$nulls":5},{"$f":"SUM(J2937:J2938)","v":386.91449999999998}]
[null,"D - ATIVIDADES AUXILIARES",null,"Quantidade","Unidade",null,"Custo Unitário","Custo Unitário"]
[null,3807865,"Chumbador de expansão controlada por torque para concreto D = 20 mm - fornecimento e instalação",5,"un",null,16.59,null,null,{"$f":"D2941*G2941","v":82.95}]
[null,"-",0,null,0,null,0,null,null,{"$f":"D2942*G2942","v":0}]
[null,null,null,"Custo total de atividades auxiliares",{"$nulls":5},{"$f":"SUM(J2941:J2942)","v":82.95}]
[{"$nulls":7},"Subtotal",null,{"$f":"J2933+J2939+J2943+J2934+J2935","v":500.81844999999998}]
[null,"E - TEMPO FIXO",null,"Código","Quantidade","Unidade",null,"Custo Unitário","Custo Unitário"]
[null,"M1977","Terminal de ancoragem de defensa metálica em barreira rígida (tipo D)",5914655,9.2999999999999992E-3,"t",null,33.92,null,{"$f":"ROUNDDOWN(E2946*H2946,4)","v":0.31540000000000001}]
[null,"-",0,"-",null,0,null,0,null,{"$f":"ROUNDDOWN(E2947*H2947,4)","v":0}]
[null,null,null,"Custo unitário total de tempo fixo",{"$nulls":5},{"$f":"SUM(J2946:J2947)","v":0.31540000000000001}]
[null,"F - MOMENTO DE TRANSPORTE",null,"Quantidade","Unidade","DMT",null,null,null,"Custo Unitário"]
[{"$nulls":5},"LN","RP","P"]
[null,"M1977","Terminal de ancoragem de defensa metálica em barreira rígida (tipo D)",9.2999999999999992E-3,"tkm"]
[null,"-",0,null,"tkm"]
[null,null,null,"Custo unitário total de transporte"]
[{"$nulls":5},"Custo unitário direto total",null,null,null,{"$f":"TRUNC(J2944+J2948,2)","v":501.13}]
[null,"Obs."]
[]
[89,"1ª/GRD",{"$nulls":8},{"$f":"J2993","v":73.77}]
[null,"OBRA:","EXECUÇÃO DAS OBRAS E SERVIÇOS DE CONSTRUÇÃO DE PONTES E GALERIAS, INCLUINDO A CONCLUSÃO DE ESTRUTURAS JÁ INICIADAS, LOCALIZADAS NA ÁREA DA BARRAGEM DE APROVEITAMENTO MÚLTIPLO JEQUITAÍ I, NO MUNICÍPIO DE FRANCISCO DUMONT, NO ESTADO DE MINAS GERAIS - ITEM 1: PONTES A e B"]
[null,"Custo Unitário de Referência",null,null,"Minas Gerais"]
[{"$nulls":4}," Abril/2025 ",null,null,"Produção da equipe ",3,{"$f":"VLOOKUP(A2957,ORÇAMENTO!A:L,7,0)","v":"unid."}]
[null,"5213477a","PLACA DELINEADORA EM AÇO - 80MM X 72MM - PELÍCULA RETROREFLETIVA TIPO I + IV - FORNECIMENTO E IMPLANTAÇÃO",{"$nulls":5},"Valores em reais (R$)"]
[null,"A - EQUIPAMENTOS",null,"Quantidade","Utilização",null,"Custo Horário",null,null,"Custo"]
[{"$nulls":4},"Operativa","Improdutiva","Produtivo","Improdutivo",null,"Horário Total"]
[null,"E9687","Caminhão carroceria com capacidade de 5 t - 120 kW",1,0.3,0.7,172.44059999999999,68.639300000000006,null,{"$f":"D2964*(E2964*G2964+F2964*H2964)","v":99.779689999999988}]
[null,"-",0,null,null,null,0,0,null,{"$f":"D2965*(E2965*G2965+F2965*H2965)","v":0}]
[{"$nulls":7},"Custo horário total de equipamentos",null,{"$f":"SUM(J2964:J2965)","v":99.779689999999988}]
[null,"B - MÃO DE OBRA",null,"Quantidade","Unidade",null,"Custo Horário","Custo Horário Total"]
[null,"P9830","Montador",1,"h",null,38.192900000000002,null,null,{"$f":"D2968*G2968","v":38.192900000000002}]
[null,"P9824","Servente",2,"h",null,21.684899999999999,null,null,{"$f":"D2969*G2969","v":43.369799999999998}]
[null,null,null,"Custo horário total de mão de obra",{"$nulls":5},{"$f":"SUM(J2968:J2969)","v":81.562700000000007}]
[null,null,null,"Custo horário total de execução",{"$nulls":5},{"$f":"J2966+J2970","v":181.34238999999999}]
[null,null,null,"Custo unitário de execução",{"$nulls":5},{"$f":"J2971/I2960","v":60.447463333333332}]
[{"$nulls":7},"Custo do FIC",null,0]
[{"$nulls":7},"Custo do FIT",null,0]
[null,"C - MATERIAL",null,"Quantidade","Unidade",null,"Preço Unitário","Custo Unitário"]
[null,"-",0,null," - ",null,0,null,null,{"$f":"D2976*G2976","v":0}]
[null,"-",0,null," - ",null,0,null,null,{"$f":"D2977*G2977","v":0}]
[null,null,null,"Custo unitário total de material",{"$nulls":5},{"$f":"SUM(J2976:J2977)","v":0}]
[null,"D - ATIVIDADES AUXILIARES",null,"Quantidade","Unidade",null,"Custo Unitário","Custo Unitário"]
[null,5213421,"Placa em aço nº 16 galvanizado com película retrorrefletiva tipo I + IV - confecção",3.4041599999999998E-2,"m²",null,391.5,null,null,{"$f":"D2980*G2980","v":13.3272864}]
[null,"-",0,null,0,null,0,null,null,{"$f":"D2981*G2981","v":0}]
[null,null,null,"Custo total de atividades auxiliares",{"$nulls":5},{"$f":"SUM(J2980:J2981)","v":13.3272864}]
[{"$nulls":7},"Subtotal",null,{"$f":"J2972+J2978+J2982+J2973+J2974","v":73.774749733333337}]
[null,"E - TEMPO FIXO",null,"Código","Quantidade","Unidade",null,"Custo Unitário","Custo Unitário"]
[null,"-",0,"-",null,0,null,0,null,{"$f":"ROUNDDOWN(E2985*H2985,4)","v":0}]
[null,"-",0,"-",null,0,null,0,null,{"$f":"ROUNDDOWN(E2986*H2986,4)","v":0}]
[null,null,null,"Custo unitário total de tempo fixo",{"$nulls":5},{"$f":"SUM(J2985:J2986)","v":0}]
[null,"F - MOMENTO DE TRANSPORTE",null,"Quantidade","Unidade","DMT",null,null,null,"Custo Unitário"]
[{"$nulls":5},"LN","RP","P"]
[null,"-",0,null,"tkm"]
[null,"-",0,null,"tkm"]
[null,null,null,"Custo unitário total de transporte"]
[{"$nulls":5},"Custo unitário direto total",null,null,null,{"$f":"TRUNC(J2983+J2987,2)","v":73.77}]
[null,"Obs."]
[]
[90,"1ª/GRD",{"$nulls":8},{"$f":"J3032","v":583.76}]
[null,"OBRA:","EXECUÇÃO DAS OBRAS E SERVIÇOS DE CONSTRUÇÃO DE PONTES E GALERIAS, INCLUINDO A CONCLUSÃO DE ESTRUTURAS JÁ INICIADAS, LOCALIZADAS NA ÁREA DA BARRAGEM DE APROVEITAMENTO MÚLTIPLO JEQUITAÍ I, NO MUNICÍPIO DE FRANCISCO DUMONT, NO ESTADO DE MINAS GERAIS - ITEM 1: PONTES A e B"]
[null,"Custo Unitário de Referência",null,null,"Minas Gerais"]
[{"$nulls":4}," Abril/2025 ",null,null,"Produção da equipe ",3,{"$f":"VLOOKUP(A2996,ORÇAMENTO!A:L,7,0)","v":"m²"}]
[null,"5213572","PLACA EM AÇO Nº 16 GALVANIZADO COM PELÍCULA RETRORREFLETIVA TIPO III + III - FORNECIMENTO E INSTALAÇÃO",{"$nulls":5},"Valores em reais (R$)"]
[null,"A - EQUIPAMENTOS",null,"Quantidade","Utilização",null,"Custo Horário",null,null,"Custo"]
[{"$nulls":4},"Operativa","Improdutiva","Produtivo","Improdutivo",null,"Horário Total"]
[null,"E9687","Caminhão carroceria com capacidade de 5 t - 120 kW",1,0.3,0.7,172.44059999999999,68.639300000000006,null,{"$f":"D3003*(E3003*G3003+F3003*H3003)","v":99.779689999999988}]
[null,"-",0,null,null,null,0,0,null,{"$f":"D3004*(E3004*G3004+F3004*H3004)","v":0}]
[{"$nulls":7},"Custo horário total de equipamentos",null,{"$f":"SUM(J3003:J3004)","v":99.779689999999988}]
[null,"B - MÃO DE OBRA",null,"Quantidade","Unidade",null,"Custo Horário","Custo Horário Total"]
[null,"P9830","Montador",1,"h",null,38.192900000000002,null,null,{"$f":"D3007*G3007","v":38.192900000000002}]
[null,"P9824","Servente",2,"h",null,21.684899999999999,null,null,{"$f":"D3008*G3008","v":43.369799999999998}]
[null,null,null,"Custo horário total de mão de obra",{"$nulls":5},{"$f":"SUM(J3007:J3008)","v":81.562700000000007}]
[null,null,null,"Custo horário total de execução",{"$nulls":5},{"$f":"J3005+J3009","v":181.34238999999999}]
[null,null,null,"Custo unitário de execução",{"$nulls":5},{"$f":"J3010/I2999","v":60.447463333333332}]
[{"$nulls":7},"Custo do FIC",null,0]
[{"$nulls":7},"Custo do FIT",null,0]
[null,"C - MATERIAL",null,"Quantidade","Unidade",null,"Preço Unitário","Custo Unitário"]
[null,"-",0,null," - ",null,0,null,null,{"$f":"D3015*G3015","v":0}]
[null,"-",0,null," - ",null,0,null,null,{"$f":"D3016*G3016","v":0}]
[null,null,null,"Custo unitário total de material",{"$nulls":5},{"$f":"SUM(J3015:J3016)","v":0}]
[null,"D - ATIVIDADES AUXILIARES",null,"Quantidade","Unidade",null,"Custo Unitário","Custo Unitário"]
[null,5213418,"Placa em aço nº 16 galvanizado com película retrorrefletiva tipo III + III - confecção",1,"m²",null,523.32000000000005,null,null,{"$f":"D3019*G3019","v":523.32000000000005}]
[null,"-",0,null,0,null,0,null,null,{"$f":"D3020*G3020","v":0}]
[null,null,null,"Custo total de atividades auxiliares",{"$nulls":5},{"$f":"SUM(J3019:J3020)","v":523.32000000000005}]
[{"$nulls":7},"Subtotal",null,{"$f":"J3011+J3017+J3021+J3012+J3013","v":583.76746333333335}]
[null,"E - TEMPO FIXO",null,"Código","Quantidade","Unidade",null,"Custo Unitário","Custo Unitário"]
[null,"-",0,"-",null,0,null,0,null,{"$f":"ROUNDDOWN(E3024*H3024,4)","v":0}]
[null,"-",0,"-",null,0,null,0,null,{"$f":"ROUNDDOWN(E3025*H3025,4)","v":0}]
[null,null,null,"Custo unitário total de tempo fixo",{"$nulls":5},{"$f":"SUM(J3024:J3025)","v":0}]
[null,"F - MOMENTO DE TRANSPORTE",null,"Quantidade","Unidade","DMT",null,null,null,"Custo Unitário"]
[{"$nulls":5},"LN","RP","P"]
[null,"-",0,null,"tkm"]
[null,"-",0,null,"tkm"]
[null,null,null,"Custo unitário total de transporte"]
[{"$nulls":5},"Custo unitário direto total",null,null,null,{"$f":"TRUNC(J3022+J3026,2)","v":583.76}]
[null,"Obs."]
[]
[91,"1ª/GRD",{"$nulls":8},{"$f":"J3076","v":134.74}]
[null,"OBRA:","EXECUÇÃO DAS OBRAS E SERVIÇOS DE CONSTRUÇÃO DE PONTES E GALERIAS, INCLUINDO A CONCLUSÃO DE ESTRUTURAS JÁ INICIADAS, LOCALIZADAS NA ÁREA DA BARRAGEM DE APROVEITAMENTO MÚLTIPLO JEQUITAÍ I, NO MUNICÍPIO DE FRANCISCO DUMONT, NO ESTADO DE MINAS GERAIS - ITEM 1: PONTES A e B"]
[null,"Custo Unitário de Referência",null,null,"Minas Gerais"]
[{"$nulls":4}," Abril/2025 ",null,null,"Produção da equipe ",4,{"$f":"VLOOKUP(A3035,ORÇAMENTO!A:L,7,0)","v":"unid."}]
[null,"5216111","SUPORTE PARA PLACA DE SINALIZAÇÃO EM MADEIRA DE LEI TRATADA 8 X 8CM - FORNECIMENTO E INSTALAÇÃO",{"$nulls":5},"Valores em reais (R$)"]
[null,"A - EQUIPAMENTOS",null,"Quantidade","Utilização",null,"Custo Horário",null,null,"Custo"]
[{"$nulls":4},"Operativa","Improdutiva","Produtivo","Improdutivo",null,"Horário Total"]
[null,"E9687","Caminhão carroceria com capacidade de 5 t - 120 kW",1,0.3,0.7,172.44059999999999,68.639300000000006,null,{"$f":"D3042*(E3042*G3042+F3042*H3042)","v":99.779689999999988}]
[null,"-",0,null,null,null,0,0,null,{"$f":"D3043*(E3043*G3043+F3043*H3043)","v":0}]
[{"$nulls":7},"Custo horário total de equipamentos",null,{"$f":"SUM(J3042:J3043)","v":99.779689999999988}]
[null,"B - MÃO DE OBRA",null,"Quantidade","Unidade",null,"Custo Horário","Custo Horário Total"]
[null,"P9808","Carpinteiro",1,"h",null,27.647099999999998,null,null,{"$f":"D3046*G3046","v":27.647099999999998}]
[null,"P9822","Pintor",0.5,"h",null,35.187199999999997,null,null,{"$f":"D3047*G3047","v":17.593599999999999}]
[null,"P9824","Servente",1,"h",null,21.684899999999999,null,null,{"$f":"D3048*G3048","v":21.684899999999999}]
[null,null,null,"Custo horário total de mão de obra",{"$nulls":5},{"$f":"SUM(J3046:J3048)","v":66.925600000000003}]
[null,null,null,"Custo horário total de execução",{"$nulls":5},{"$f":"J3044+J3049","v":166.70528999999999}]
[null,null,null,"Custo unitário de execução",{"$nulls":5},{"$f":"J3050/I3038","v":41.676322499999998}]
[{"$nulls":7},"Custo do FIC",null,0]
[{"$nulls":7},"Custo do FIT",null,0]
[null,"C - MATERIAL",null,"Quantidade","Unidade",null,"Preço Unitário","Custo Unitário"]
[null,"M0789","Conjunto para fixação de placas em aço galvanizado composto por barra chata, abraçadeira, parafusos, porcas e arruelas",0.69699999999999995,"kg",null,35.537799999999997,null,null,{"$f":"D3055*G3055","v":24.769846599999997}]
[null,"M1662","Suporte em madeira de eucalipto tratado - seção de 8 x 8 cm",3,"m",null,17.920000000000002,null,null,{"$f":"D3056*G3056","v":53.760000000000005}]
[null,"M2128","Tinta esmalte sintético acetinado",0.25622,"l",null,34.098700000000001,null,null,{"$f":"D3057*G3057","v":8.7367689140000007}]
[null,null,null,"Custo unitário total de material",{"$nulls":5},{"$f":"SUM(J3055:J3057)","v":87.266615513999994}]
[null,"D - ATIVIDADES AUXILIARES",null,"Quantidade","Unidade",null,"Custo Unitário","Custo Unitário"]
[null,1106165,"Concreto ciclópico fck = 20 MPa - confecção em betoneira e lançamento manual - areia, brita e pedra de mão comerciais",3.7499999999999999E-3,"m³",null,431.03,null,null,{"$f":"D3060*G3060","v":1.6163624999999999}]
[null,4805750,"Escavação manual em material de 1ª categoria na profundidade de até 1 m",5.6550000000000003E-2,"m³",null,44.69,null,null,{"$f":"D3061*G3061","v":2.5272195000000002}]
[null,4815671,"Reaterro e compactação com soquete vibratório",5.28E-2,"m³",null,18.47,null,null,{"$f":"D3062*G3062","v":0.97521599999999997}]
[null,null,null,"Custo total de atividades auxiliares",{"$nulls":5},{"$f":"SUM(J3060:J3062)","v":5.118798}]
[{"$nulls":7},"Subtotal",null,{"$f":"J3051+J3058+J3063+J3052+J3053","v":134.06173601399999}]
[null,"E - TEMPO FIXO",null,"Código","Quantidade","Unidade",null,"Custo Unitário","Custo Unitário"]
[null,"M0789","Conjunto para fixação de placas em aço galvanizado composto por barra chata, abraçadeira, parafusos, porcas e arruelas",5914655,6.9999999999999999E-4,"kg",null,33.92,null,{"$f":"ROUNDDOWN(E3066*H3066,4)","v":2.3699999999999999E-2}]
[null,"M1662","Suporte em madeira de eucalipto tratado - seção de 8 x 8 cm",5914655,1.9199999999999998E-2,"m",null,33.92,null,{"$f":"ROUNDDOWN(E3067*H3067,4)","v":0.6512}]
[null,"M2128","Tinta esmalte sintético acetinado",5914655,3.5E-4,"l",null,33.92,null,1.18E-2]
[null,null,null,"Custo unitário total de tempo fixo",{"$nulls":5},{"$f":"SUM(J3066:J3068)","v":0.68670000000000009}]
[null,"F - MOMENTO DE TRANSPORTE",null,"Quantidade","Unidade","DMT",null,null,null,"Custo Unitário"]
[{"$nulls":5},"LN","RP","P"]
[null,"M0789","Conjunto para fixação de placas em aço galvanizado composto por barra chata, abraçadeira, parafusos, porcas e arruelas",6.9999999999999999E-4,"tkm"]
[null,"M1662","Suporte em madeira de eucalipto tratado - seção de 8 x 8 cm",1.9199999999999998E-2,"tkm"]
[null,"M2128","Tinta esmalte sintético acetinado",3.5E-4,"tkm"]
[null,null,null,"Custo unitário total de transporte"]
[{"$nulls":5},"Custo unitário direto total",null,null,null,{"$f":"TRUNC(J3064+J3069,2)","v":134.74}]
[null,"Obs."]
[]
[92,"1ª/GRD",{"$nulls":8},{"$f":"J3116","v":47.07}]
[null,"OBRA:","EXECUÇÃO DAS OBRAS E SERVIÇOS DE CONSTRUÇÃO DE PONTES E GALERIAS, INCLUINDO A CONCLUSÃO DE ESTRUTURAS JÁ INICIADAS, LOCALIZADAS NA ÁREA DA BARRAGEM DE APROVEITAMENTO MÚLTIPLO JEQUITAÍ I, NO MUNICÍPIO DE FRANCISCO DUMONT, NO ESTADO DE MINAS GERAIS - ITEM 1: PONTES A e B"]
[null,"Custo Unitário de Referência",null,null,"Minas Gerais"]
[{"$nulls":4}," Abril/2025 ",null,null,"Produção da equipe ",95.4,{"$f":"VLOOKUP(A3079,ORÇAMENTO!A:L,7,0)","v":"m²"}]
[null,"5213408","PINTURA DE FAIXA COM TERMOPLÁSTICO POR ASPERSÃO - ESPESSURA 1,5MM",{"$nulls":5},"Valores em reais (R$)"]
[null,"A - EQUIPAMENTOS",null,"Quantidade","Utilização",null,"Custo Horário",null,null,"Custo"]
[{"$nulls":4},"Operativa","Improdutiva","Produtivo","Improdutivo",null,"Horário Total"]
[null,"E9645","Caminhão demarcador de faixas com sistema de pintura a quente - 5 kW/30,10 kW/136 kW",1,1,0,688.70680000000004,305.58449999999999,null,{"$f":"D3086*(E3086*G3086+F3086*H3086)","v":688.70680000000004}]
[null,"-",0,null,null,null,0,0,null,{"$f":"D3087*(E3087*G3087+F3087*H3087)","v":0}]
[{"$nulls":7},"Custo horário total de equipamentos",null,{"$f":"SUM(J3086:J3087)","v":688.70680000000004}]
[null,"B - MÃO DE OBRA",null,"Quantidade","Unidade",null,"Custo Horário","Custo Horário Total"]
[null,"P9853","Pré-marcador",1,"h",null,23.580200000000001,null,null,{"$f":"D3090*G3090","v":23.580200000000001}]
[null,"P9824","Servente",5,"h",null,21.684899999999999,null,null,{"$f":"D3091*G3091","v":108.42449999999999}]
[null,null,null,"Custo horário total de mão de obra",{"$nulls":5},{"$f":"SUM(J3090:J3091)","v":132.00469999999999}]
[null,null,null,"Custo horário total de execução",{"$nulls":5},{"$f":"J3088+J3092","v":820.7115}]
[null,null,null,"Custo unitário de execução",{"$nulls":5},{"$f":"J3093/I3082","v":8.6028459119496858}]
[{"$nulls":7},"Custo do FIC",null,0]
[{"$nulls":7},"Custo do FIT",null,0]
[null,"C - MATERIAL",null,"Quantidade","Unidade",null,"Preço Unitário","Custo Unitário"]
[null,"M2040","Massa termoplástica para aspersão",3.0750000000000002,"kg",null,11.3744,null,null,{"$f":"D3098*G3098","v":34.976280000000003}]
[null,"M2038","Microesferas refletivas de vidro tipo II-A",0.4,"kg",null,8.3902999999999999,null,null,{"$f":"D3099*G3099","v":3.3561200000000002}]
[null,"M2044","Tinta à base de resina acrílica emulsionada em água para pré-marcação viária",9.7000000000000005E-4,"l",null,20.158799999999999,null,null,1.9554036E-2]
[null,null,null,"Custo unitário total de material",{"$nulls":5},{"$f":"SUM(J3098:J3100)","v":38.351954036000002}]
[null,"D - ATIVIDADES AUXILIARES",null,"Quantidade","Unidade",null,"Custo Unitário","Custo Unitário"]
[null,"-",0,null,0,null,0,null,null,{"$f":"D3103*G3103","v":0}]
[null,"-",0,null,0,null,0,null,null,{"$f":"D3104*G3104","v":0}]
[null,null,null,"Custo total de atividades auxiliares",{"$nulls":5},{"$f":"SUM(J3103:J3104)","v":0}]
[{"$nulls":7},"Subtotal",null,{"$f":"J3094+J3101+J3105+J3095+J3096","v":46.954799947949688}]
[null,"E - TEMPO FIXO",null,"Código","Quantidade","Unidade",null,"Custo Unitário","Custo Unitário"]
[null,"M2040","Massa termoplástica para aspersão",5914655,3.0799999999999998E-3,"t",null,33.92,null,{"$f":"ROUNDDOWN(E3108*H3108,4)","v":0.10440000000000001}]
[null,"M2038","Microesferas refletivas de vidro tipo II-A",5914655,4.0000000000000002E-4,"t",null,33.92,null,{"$f":"ROUNDDOWN(E3109*H3109,4)","v":1.35E-2}]
[null,null,null,"Custo unitário total de tempo fixo",{"$nulls":5},{"$f":"SUM(J3108:J3109)","v":0.1179}]
[null,"F - MOMENTO DE TRANSPORTE",null,"Quantidade","Unidade","DMT",null,null,null,"Custo Unitário"]
[{"$nulls":5},"LN","RP","P"]
[null,"M2040","Massa termoplástica para aspersão",3.0799999999999998E-3,"tkm"]
[null,"M2038","Microesferas refletivas de vidro tipo II-A",4.0000000000000002E-4,"tkm"]
[null,null,null,"Custo unitário total de transporte"]
[{"$nulls":5},"Custo unitário direto total",null,null,null,{"$f":"TRUNC(J3106+J3110,2)","v":47.07}]
[null,"Obs."]
[]
[95,"1ª/GRD",{"$nulls":8},{"$f":"J3158","v":27.93}]
[null,"OBRA:","EXECUÇÃO DAS OBRAS E SERVIÇOS DE CONSTRUÇÃO DE PONTES E GALERIAS, INCLUINDO A CONCLUSÃO DE ESTRUTURAS JÁ INICIADAS, LOCALIZADAS NA ÁREA DA BARRAGEM DE APROVEITAMENTO MÚLTIPLO JEQUITAÍ I, NO MUNICÍPIO DE FRANCISCO DUMONT, NO ESTADO DE MINAS GERAIS - ITEM 1: PONTES A e B"]
[null,"Custo Unitário de Referência",null,null,"Minas Gerais"]
[{"$nulls":4}," Abril/2025 ",null,null,"Produção da equipe ",10,{"$f":"VLOOKUP(A3119,ORÇAMENTO!A:L,7,0)","v":"m"}]
[null,"5213840","DISPOSITIVO DE DIRECIONAMENTO OU BLOQUEIO COM TELA PLÁSTICA E SUPORTE FIXO - CONFECÇÃO",{"$nulls":5},"Valores em reais (R$)"]
[null,"A - EQUIPAMENTOS",null,"Quantidade","Utilização",null,"Custo Horário",null,null,"Custo"]
[{"$nulls":4},"Operativa","Improdutiva","Produtivo","Improdutivo",null,"Horário Total"]
[null,"E9066","Grupo gerador - 14 kVA",0.22311,1,0,21.014500000000002,6.157,null,{"$f":"D3126*(E3126*G3126+F3126*H3126)","v":4.6885450950000003}]
[null,"E9535","Serra circular com bancada - D = 30 cm - 4 kW",0.22311,1,0,27.200299999999999,26.836200000000002,null,{"$f":"D3127*(E3127*G3127+F3127*H3127)","v":6.068658933}]
[{"$nulls":7},"Custo horário total de equipamentos",null,{"$f":"SUM(J3126:J3127)","v":10.757204028}]
[null,"B - MÃO DE OBRA",null,"Quantidade","Unidade",null,"Custo Horário","Custo Horário Total"]
[null,"P9801","Ajudante",1,"h",null,23.715,null,null,{"$f":"D3130*G3130","v":23.715}]
[null,"P9808","Carpinteiro",1,"h",null,27.647099999999998,null,null,{"$f":"D3131*G3131","v":27.647099999999998}]
[null,null,null,"Custo horário total de mão de obra",{"$nulls":5},{"$f":"SUM(J3130:J3131)","v":51.362099999999998}]
[null,null,null,"Custo horário total de execução",{"$nulls":5},{"$f":"J3128+J3132","v":62.119304028000002}]
[null,null,null,"Custo unitário de execução",{"$nulls":5},{"$f":"J3133/I3122","v":6.2119304028000002}]
[{"$nulls":7},"Custo do FIC",null,0]
[{"$nulls":7},"Custo do FIT",null,0]
[null,"C - MATERIAL",null,"Quantidade","Unidade",null,"Preço Unitário","Custo Unitário"]
[null,"M0284","Caibro de pinho - L = 7,5 cm e E = 7,5 cm",2.3222200000000002,"m",null,8.3402999999999992,null,null,{"$f":"D3138*G3138","v":19.368011465999999}]
[null,"M1205","Prego de ferro",2.222E-2,"kg",null,15.2544,null,null,{"$f":"D3139*G3139","v":0.33895276800000002}]
[null,"M0053","Tela plástica em polipropileno na cor laranja para tapume - L = 1,2 m",0.875,"m",null,1.79,null,null,{"$f":"D3140*G3140","v":1.5662500000000001}]
[null,null,null,"Custo unitário total de material",{"$nulls":5},{"$f":"SUM(J3138:J3140)","v":21.273214233999997}]
[null,"D - ATIVIDADES AUXILIARES",null,"Quantidade","Unidade",null,"Custo Unitário","Custo Unitário"]
[null,"-",0,null,0,null,0,null,null,{"$f":"D3143*G3143","v":0}]
[null,"-",0,null,0,null,0,null,null,{"$f":"D3144*G3144","v":0}]
[null,null,null,"Custo total de atividades auxiliares",{"$nulls":5},{"$f":"SUM(J3143:J3144)","v":0}]
[{"$nulls":7},"Subtotal",null,{"$f":"J3134+J3141+J3145+J3135+J3136","v":27.485144636799998}]
[null,"E - TEMPO FIXO",null,"Código","Quantidade","Unidade",null,"Custo Unitário","Custo Unitário"]
[null,"M0284","Caibro de pinho - L = 7,5 cm e E = 7,5 cm",5914655,1.306E-2,"t",null,33.92,null,{"$f":"ROUNDDOWN(E3148*H3148,4)","v":0.44290000000000002}]
[null,"M1205","Prego de ferro",5914655,2.0000000000000002E-5,"t",null,33.92,null,{"$f":"ROUNDDOWN(E3149*H3149,4)","v":5.9999999999999995E-4}]
[null,"M0053","Tela plástica em polipropileno na cor laranja para tapume - L = 1,2 m",5914655,1.2999999999999999E-4,"t",null,33.92,null,4.4000000000000003E-3]
[null,null,null,"Custo unitário total de tempo fixo",{"$nulls":5},{"$f":"SUM(J3148:J3150)","v":0.44790000000000002}]
[null,"F - MOMENTO DE TRANSPORTE",null,"Quantidade","Unidade","DMT",null,null,null,"Custo Unitário"]
[{"$nulls":5},"LN","RP","P"]
[null,"M0284","Caibro de pinho - L = 7,5 cm e E = 7,5 cm",1.306E-2,"tkm"]
[null,"M1205","Prego de ferro",2.0000000000000002E-5,"tkm"]
[null,"M0053","Tela plástica em polipropileno na cor laranja para tapume - L = 1,2 m",1.2999999999999999E-4,"tkm"]
[null,null,null,"Custo unitário total de transporte"]
[{"$nulls":5},"Custo unitário direto total",null,null,null,{"$f":"TRUNC(J3146+J3151,2)","v":27.93}]
[null,"Obs."]
[]
[119,"1ª/GRD",{"$nulls":8},{"$f":"J3197","v":5.45}]
[null,"OBRA:","EXECUÇÃO DAS OBRAS E SERVIÇOS DE CONSTRUÇÃO DE PONTES E GALERIAS, INCLUINDO A CONCLUSÃO DE ESTRUTURAS JÁ INICIADAS, LOCALIZADAS NA ÁREA DA BARRAGEM DE APROVEITAMENTO MÚLTIPLO JEQUITAÍ I, NO MUNICÍPIO DE FRANCISCO DUMONT, NO ESTADO DE MINAS GERAIS - ITEM 1: PONTES A e B"]
[null,"Custo Unitário de Referência",null,null,"Minas Gerais"]
[{"$nulls":4}," Abril/2025 ",null,null,"Produção da equipe ",1,{"$f":"VLOOKUP(A3161,ORÇAMENTO!A:L,7,0)","v":"kg"}]
[null,"0407819a","ARMAÇÃO EM AÇO CA-50 - EXCLUSIVE FORNECIMENTO, CORTE E DOBRA",{"$nulls":5},"Valores em reais (R$)"]
[null,"A - EQUIPAMENTOS",null,"Quantidade","Utilização",null,"Custo Horário",null,null,"Custo"]
[{"$nulls":4},"Operativa","Improdutiva","Produtivo","Improdutivo",null,"Horário Total"]
[null,"-",0,1,1,0,0,0,null,{"$f":"D3168*(E3168*G3168+F3168*H3168)","v":0}]
[null,"-",0,null,null,null,0,0,null,{"$f":"D3169*(E3169*G3169+F3169*H3169)","v":0}]
[{"$nulls":7},"Custo horário total de equipamentos",null,{"$f":"SUM(J3168:J3169)","v":0}]
[null,"B - MÃO DE OBRA",null,"Quantidade","Unidade",null,"Custo Horário","Custo Horário Total"]
[null,"P9801","Ajudante",0.09,"h",null,23.715,null,null,{"$f":"D3172*G3172","v":2.13435}]
[null,"P9805","Armador",0.09,"h",null,35.150199999999998,null,null,{"$f":"D3173*G3173","v":3.1635179999999998}]
[null,null,null,"Custo horário total de mão de obra",{"$nulls":5},{"$f":"SUM(J3172:J3173)","v":5.2978679999999994}]
[null,null,null,"Custo horário total de execução",{"$nulls":5},{"$f":"J3170+J3174","v":5.2978679999999994}]
[null,null,null,"Custo unitário de execução",{"$nulls":5},{"$f":"J3175/I3164","v":5.2978679999999994}]
[{"$nulls":7},"Custo do FIC",null,0]
[{"$nulls":7},"Custo do FIT",null,0]
[null,"C - MATERIAL",null,"Quantidade","Unidade",null,"Preço Unitário","Custo Unitário"]
[null,"M0004","Aço CA 50",0,"kg",null,6.2323000000000004,"MATERIAL DISPONÍVEL NO LOCAL",null,{"$f":"D3180*G3180","v":0}]
[null,"M0075","Arame liso recozido em aço-carbono - D = 1,24 mm (18 BWG)",1.4999999999999999E-2,"kg",null,10.790100000000001,null,null,{"$f":"D3181*G3181","v":0.16185150000000001}]
[null,null,null,"Custo unitário total de material",{"$nulls":5},{"$f":"SUM(J3180:J3181)","v":0.16185150000000001}]
[null,"D - ATIVIDADES AUXILIARES",null,"Quantidade","Unidade",null,"Custo Unitário","Custo Unitário"]
[null,"-",0,null,0,null,0,null,null,{"$f":"D3184*G3184","v":0}]
[null,"-",0,null,0,null,0,null,null,{"$f":"D3185*G3185","v":0}]
[null,null,null,"Custo total de atividades auxiliares",{"$nulls":5},{"$f":"SUM(J3184:J3185)","v":0}]
[{"$nulls":7},"Subtotal",null,{"$f":"J3176+J3182+J3186+J3177+J3178","v":5.4597194999999994}]
[null,"E - TEMPO FIXO",null,"Código","Quantidade","Unidade",null,"Custo Unitário","Custo Unitário"]
[null,"M0004","Aço CA 50","-",1.1000000000000001E-3,"t",null,0,null,{"$f":"ROUNDDOWN(E3189*H3189,4)","v":0}]
[null,"M0075","Arame liso recozido em aço-carbono - D = 1,24 mm (18 BWG)","-",2.0000000000000002E-5,"t",null,0,null,{"$f":"ROUNDDOWN(E3190*H3190,4)","v":0}]
[null,null,null,"Custo unitário total de tempo fixo",{"$nulls":5},{"$f":"SUM(J3189:J3190)","v":0}]
[null,"F - MOMENTO DE TRANSPORTE",null,"Quantidade","Unidade","DMT",null,null,null,"Custo Unitário"]
[{"$nulls":5},"LN","RP","P"]
[null,"M0004","Aço CA 50",1.1000000000000001E-3,"tkm"]
[null,"M0075","Arame liso recozido em aço-carbono - D = 1,24 mm (18 BWG)",2.0000000000000002E-5,"tkm"]
[null,null,null,"Custo unitário total de transporte"]
[{"$nulls":5},"Custo unitário direto total",null,null,null,{"$f":"TRUNC(J3187+J3191,2)","v":5.45}]
[null,"Obs."]
[]
[120,"1ª/GRD",{"$nulls":8},{"$f":"J3236","v":1.35}]
[null,"OBRA:","EXECUÇÃO DAS OBRAS E SERVIÇOS DE CONSTRUÇÃO DE PONTES E GALERIAS, INCLUINDO A CONCLUSÃO DE ESTRUTURAS JÁ INICIADAS, LOCALIZADAS NA ÁREA DA BARRAGEM DE APROVEITAMENTO MÚLTIPLO JEQUITAÍ I, NO MUNICÍPIO DE FRANCISCO DUMONT, NO ESTADO DE MINAS GERAIS - ITEM 1: PONTES A e B"]
[null,"Custo Unitário de Referência",null,null,"Minas Gerais"]
[{"$nulls":4}," Abril/2025 ",null,null,"Produção da equipe ",220.14,{"$f":"VLOOKUP(A3200,ORÇAMENTO!A:L,7,0)","v":"txkm"}]
[null,"5914583","TRANSPORTE COM CAMINHÃO CARROCERIA COM GUINDAUTO DE 10 t.m - RODOVIA PAVIMENTADA",{"$nulls":5},"Valores em reais (R$)"]
[null,"A - EQUIPAMENTOS",null,"Quantidade","Utilização",null,"Custo Horário",null,null,"Custo"]
[{"$nulls":4},"Operativa","Improdutiva","Produtivo","Improdutivo",null,"Horário Total"]
[null,"E9690","Caminhão guindauto com cesto aéreo simples e capacidade de elevação de 5,7 t e carroceria de 8,5 t - 136 kW",1,1,0,298.78370000000001,99.075000000000003,null,{"$f":"D3207*(E3207*G3207+F3207*H3207)","v":298.78370000000001}]
[null,"-",0,null,null,null,0,0,null,{"$f":"D3208*(E3208*G3208+F3208*H3208)","v":0}]
[{"$nulls":7},"Custo horário total de equipamentos",null,{"$f":"SUM(J3207:J3208)","v":298.78370000000001}]
[null,"B - MÃO DE OBRA",null,"Quantidade","Unidade",null,"Custo Horário","Custo Horário Total"]
[null,"-",0,null,0,null,0,null,null,{"$f":"D3211*G3211","v":0}]
[null,"-",0,null,0,null,0,null,null,{"$f":"D3212*G3212","v":0}]
[null,null,null,"Custo horário total de mão de obra",{"$nulls":5},{"$f":"SUM(J3211:J3212)","v":0}]
[null,null,null,"Custo horário total de execução",{"$nulls":5},{"$f":"J3209+J3213","v":298.78370000000001}]
[null,null,null,"Custo unitário de execução",{"$nulls":5},{"$f":"J3214/I3203","v":1.3572440265285728}]
[{"$nulls":7},"Custo do FIC",null,0]
[{"$nulls":7},"Custo do FIT",null,0]
[null,"C - MATERIAL",null,"Quantidade","Unidade",null,"Preço Unitário","Custo Unitário"]
[null,"-",0,null," - ",null,0,null,null,{"$f":"D3219*G3219","v":0}]
[null,"-",0,null," - ",null,0,null,null,{"$f":"D3220*G3220","v":0}]
[null,null,null,"Custo unitário total de material",{"$nulls":5},{"$f":"SUM(J3219:J3220)","v":0}]
[null,"D - ATIVIDADES AUXILIARES",null,"Quantidade","Unidade",null,"Custo Unitário","Custo Unitário"]
[null,"-",0,null,0,null,0,null,null,{"$f":"D3223*G3223","v":0}]
[null,"-",0,null,0,null,0,null,null,{"$f":"D3224*G3224","v":0}]
[null,null,null,"Custo total de atividades auxiliares",{"$nulls":5},{"$f":"SUM(J3223:J3224)","v":0}]
[{"$nulls":7},"Subtotal",null,{"$f":"J3215+J3221+J3225+J3216+J3217","v":1.3572440265285728}]
[null,"E - TEMPO FIXO",null,"Código","Quantidade","Unidade",null,"Custo Unitário","Custo Unitário"]
[null,"-",0,"-",null,0,null,0,null,{"$f":"ROUNDDOWN(E3228*H3228,4)","v":0}]
[null,"-",0,"-",null,0,null,0,null,{"$f":"ROUNDDOWN(E3229*H3229,4)","v":0}]
[null,null,null,"Custo unitário total de tempo fixo",{"$nulls":5},{"$f":"SUM(J3228:J3229)","v":0}]
[null,"F - MOMENTO DE TRANSPORTE",null,"Quantidade","Unidade","DMT",null,null,null,"Custo Unitário"]
[{"$nulls":5},"LN","RP","P"]
[null,"-",0,null,"tkm"]
[null,"-",0,null,"tkm"]
[null,null,null,"Custo unitário total de transporte"]
[{"$nulls":5},"Custo unitário direto total",null,null,null,{"$f":"TRUNC(J3226+J3230,2)","v":1.35}]
[null,"Obs."]
[]
[121,"1ª/GRD",{"$nulls":8},{"$f":"J3275","v":2.0699999999999998}]
[null,"OBRA:","EXECUÇÃO DAS OBRAS E SERVIÇOS DE CONSTRUÇÃO DE PONTES E GALERIAS, INCLUINDO A CONCLUSÃO DE ESTRUTURAS JÁ INICIADAS, LOCALIZADAS NA ÁREA DA BARRAGEM DE APROVEITAMENTO MÚLTIPLO JEQUITAÍ I, NO MUNICÍPIO DE FRANCISCO DUMONT, NO ESTADO DE MINAS GERAIS - ITEM 1: PONTES A e B"]
[null,"Custo Unitário de Referência",null,null,"Minas Gerais"]
[{"$nulls":4}," Abril/2025 ",null,null,"Produção da equipe ",146.76,{"$f":"VLOOKUP(A3239,ORÇAMENTO!A:L,7,0)","v":"txkm"}]
[null,"5914581","TRANSPORTE COM CAMINHÃO CARROCERIA COM GUINDAUTO DE 10 t.m - RODOVIA LEITO NATURAL",{"$nulls":5},"Valores em reais (R$)"]
[null,"A - EQUIPAMENTOS",null,"Quantidade","Utilização",null,"Custo Horário",null,null,"Custo"]
[{"$nulls":4},"Operativa","Improdutiva","Produtivo","Improdutivo",null,"Horário Total"]
[null,"E9690","Caminhão guindauto com cesto aéreo simples e capacidade de elevação de 5,7 t e carroceria de 8,5 t - 136 kW",1,1,0,298.78370000000001,99.075000000000003,null,{"$f":"D3246*(E3246*G3246+F3246*H3246)","v":298.78370000000001}]
[null,"-",0,null,null,null,0,0,null,{"$f":"D3247*(E3247*G3247+F3247*H3247)","v":0}]
[{"$nulls":7},"Custo horário total de equipamentos",null,{"$f":"SUM(J3246:J3247)","v":298.78370000000001}]
[null,"B - MÃO DE OBRA",null,"Quantidade","Unidade",null,"Custo Horário","Custo Horário Total"]
[null,"-",0,null,0,null,0,null,null,{"$f":"D3250*G3250","v":0}]
[null,"-",0,null,0,null,0,null,null,{"$f":"D3251*G3251","v":0}]
[null,null,null,"Custo horário total de mão de obra",{"$nulls":5},{"$f":"SUM(J3250:J3251)","v":0}]
[null,null,null,"Custo horário total de execução",{"$nulls":5},{"$f":"J3248+J3252","v":298.78370000000001}]
[null,null,null,"Custo unitário de execução",{"$nulls":5},{"$f":"J3253/I3242","v":2.0358660397928592}]
[{"$nulls":7},"Custo do FIC",null,3.9300000000000002E-2]
[{"$nulls":7},"Custo do FIT",null,0]
[null,"C - MATERIAL",null,"Quantidade","Unidade",null,"Preço Unitário","Custo Unitário"]
[null,"-",0,null," - ",null,0,null,null,{"$f":"D3258*G3258","v":0}]
[null,"-",0,null," - ",null,0,null,null,{"$f":"D3259*G3259","v":0}]
[null,null,null,"Custo unitário total de material",{"$nulls":5},{"$f":"SUM(J3258:J3259)","v":0}]
[null,"D - ATIVIDADES AUXILIARES",null,"Quantidade","Unidade",null,"Custo Unitário","Custo Unitário"]
[null,"-",0,null,0,null,0,null,null,{"$f":"D3262*G3262","v":0}]
[null,"-",0,null,0,null,0,null,null,{"$f":"D3263*G3263","v":0}]
[null,null,null,"Custo total de atividades auxiliares",{"$nulls":5},{"$f":"SUM(J3262:J3263)","v":0}]
[{"$nulls":7},"Subtotal",null,{"$f":"J3254+J3260+J3264+J3255+J3256","v":2.0751660397928591}]
[null,"E - TEMPO FIXO",null,"Código","Quantidade","Unidade",null,"Custo Unitário","Custo Unitário"]
[null,"-",0,"-",null,0,null,0,null,{"$f":"ROUNDDOWN(E3267*H3267,4)","v":0}]
[null,"-",0,"-",null,0,null,0,null,{"$f":"ROUNDDOWN(E3268*H3268,4)","v":0}]
[null,null,null,"Custo unitário total de tempo fixo",{"$nulls":5},{"$f":"SUM(J3267:J3268)","v":0}]
[null,"F - MOMENTO DE TRANSPORTE",null,"Quantidade","Unidade","DMT",null,null,null,"Custo Unitário"]
[{"$nulls":5},"LN","RP","P"]
[null,"-",0,null,"tkm"]
[null,"-",0,null,"tkm"]
[null,null,null,"Custo unitário total de transporte"]
[{"$nulls":5},"Custo unitário direto total",null,null,null,{"$f":"TRUNC(J3265+J3269,2)","v":2.0699999999999998}]
[null,"Obs."]
[]
[126,"1ª/GRD",{"$nulls":8},{"$f":"J3315","v":2465.69}]
[null,"OBRA:","EXECUÇÃO DAS OBRAS E SERVIÇOS DE CONSTRUÇÃO DE PONTES E GALERIAS, INCLUINDO A CONCLUSÃO DE ESTRUTURAS JÁ INICIADAS, LOCALIZADAS NA ÁREA DA BARRAGEM DE APROVEITAMENTO MÚLTIPLO JEQUITAÍ I, NO MUNICÍPIO DE FRANCISCO DUMONT, NO ESTADO DE MINAS GERAIS - ITEM 1: PONTES A e B"]
[null,"Custo Unitário de Referência",null,null,"Minas Gerais"]
[{"$nulls":4}," Abril/2025 ",null,null,"Produção da equipe ",1,{"$f":"VLOOKUP(A3278,ORÇAMENTO!A:L,7,0)","v":"ton"}]
[null,"FORN.0001","EMULSÃO ASFÁLTICA PARA IMPRIMAÇÃO (EAI)",{"$nulls":5},"Valores em reais (R$)"]
[null,"A - EQUIPAMENTOS",null,"Quantidade","Utilização",null,"Custo Horário",null,null,"Custo"]
[{"$nulls":4},"Operativa","Improdutiva","Produtivo","Improdutivo",null,"Horário Total"]
[null,"-",0,1,1,0,0,0,null,{"$f":"D3285*(E3285*G3285+F3285*H3285)","v":0}]
[null,"-",0,null,null,null,0,0,null,{"$f":"D3286*(E3286*G3286+F3286*H3286)","v":0}]
[{"$nulls":7},"Custo horário total de equipamentos",null,{"$f":"SUM(J3285:J3286)","v":0}]
[null,"B - MÃO DE OBRA",null,"Quantidade","Unidade",null,"Custo Horário","Custo Horário Total"]
[null,"-",0,null,0,null,0,null,null,{"$f":"D3289*G3289","v":0}]
[null,"-",0,null,0,null,0,null,null,{"$f":"D3290*G3290","v":0}]
[null,null,null,"Custo horário total de mão de obra",{"$nulls":5},{"$f":"SUM(J3289:J3290)","v":0}]
[null,null,null,"Custo horário total de execução",{"$nulls":5},{"$f":"J3287+J3291","v":0}]
[null,null,null,"Custo unitário de execução",{"$nulls":5},{"$f":"J3292/I3281","v":0}]
[{"$nulls":7},"Custo do FIC",null,0]
[{"$nulls":7},"Custo do FIT",null,0]
[null,"C - MATERIAL",null,"Quantidade","Unidade",null,"Preço Unitário","Custo Unitário"]
[null,"ANP.001","Emulsão asfáltica para imprimação - EAI - Valor ANP (ref: 01/2026)",1,"t",null,1961.5999859270555,null,null,{"$f":"D3297*G3297","v":1961.5999859270555}]
[null,"-",0,null," - ",null,0,null,null,{"$f":"D3298*G3298","v":0}]
[null,null,null,"Custo unitário total de material",{"$nulls":5},{"$f":"SUM(J3297:J3298)","v":1961.5999859270555}]
[null,"D - ATIVIDADES AUXILIARES",null,"Quantidade","Unidade",null,"Custo Unitário","Custo Unitário"]
[null,"ICMS","ICMS - Custo de incidência de imposto sobre a mercadoria",1,"unid",null,430.6,null,null,{"$f":"D3301*G3301","v":430.6}]
[null,"PIS","PIS - Custo de incidência de imposto sobre a mercadoria",1,"unid",null,60.67,null,null,{"$f":"D3302*G3302","v":60.67}]
[null,"COFINS","COFINS - Custo de incidência de imposto sobre a mercadoria",1,"unid",null,12.83,null,null,12.83]
[null,null,null,"Custo total de atividades auxiliares",{"$nulls":5},{"$f":"SUM(J3301:J3303)","v":504.1}]
[{"$nulls":7},"Subtotal",null,{"$f":"J3293+J3299+J3304+J3294+J3295","v":2465.6999859270554}]
[null,"E - TEMPO FIXO",null,"Código","Quantidade","Unidade",null,"Custo Unitário","Custo Unitário"]
[null,"-",0,"-",null,0,null,0,null,{"$f":"ROUNDDOWN(E3307*H3307,4)","v":0}]
[null,"-",0,"-",null,0,null,0,null,{"$f":"ROUNDDOWN(E3308*H3308,4)","v":0}]
[null,null,null,"Custo unitário total de tempo fixo",{"$nulls":5},{"$f":"SUM(J3307:J3308)","v":0}]
[null,"F - MOMENTO DE TRANSPORTE",null,"Quantidade","Unidade","DMT",null,null,null,"Custo Unitário"]
[{"$nulls":5},"LN","RP","P"]
[null,"-",0,null,"tkm"]
[null,"-",0,null,"tkm"]
[null,null,null,"Custo unitário total de transporte"]
[{"$nulls":5},"Custo unitário direto total",null,null,null,{"$f":"TRUNC(J3305+J3309,2)","v":2465.69}]
[null,"Obs."]
[]
[127,"1ª/GRD",{"$nulls":8},{"$f":"J3355","v":2953.58}]
[null,"OBRA:","EXECUÇÃO DAS OBRAS E SERVIÇOS DE CONSTRUÇÃO DE PONTES E GALERIAS, INCLUINDO A CONCLUSÃO DE ESTRUTURAS JÁ INICIADAS, LOCALIZADAS NA ÁREA DA BARRAGEM DE APROVEITAMENTO MÚLTIPLO JEQUITAÍ I, NO MUNICÍPIO DE FRANCISCO DUMONT, NO ESTADO DE MINAS GERAIS - ITEM 1: PONTES A e B"]
[null,"Custo Unitário de Referência",null,null,"Minas Gerais"]
[{"$nulls":4}," Abril/2025 ",null,null,"Produção da equipe ",1,{"$f":"VLOOKUP(A3318,ORÇAMENTO!A:L,7,0)","v":"ton"}]
[null,"FORN.0002","EMULSÃO ASFÁLTICA TIPO RR-1C",{"$nulls":5},"Valores em reais (R$)"]
[null,"A - EQUIPAMENTOS",null,"Quantidade","Utilização",null,"Custo Horário",null,null,"Custo"]
[{"$nulls":4},"Operativa","Improdutiva","Produtivo","Improdutivo",null,"Horário Total"]
[null,"-",0,1,1,0,0,0,null,{"$f":"D3325*(E3325*G3325+F3325*H3325)","v":0}]
[null,"-",0,null,null,null,0,0,null,{"$f":"D3326*(E3326*G3326+F3326*H3326)","v":0}]
[{"$nulls":7},"Custo horário total de equipamentos",null,{"$f":"SUM(J3325:J3326)","v":0}]
[null,"B - MÃO DE OBRA",null,"Quantidade","Unidade",null,"Custo Horário","Custo Horário Total"]
[null,"-",0,null,0,null,0,null,null,{"$f":"D3329*G3329","v":0}]
[null,"-",0,null,0,null,0,null,null,{"$f":"D3330*G3330","v":0}]
[null,null,null,"Custo horário total de mão de obra",{"$nulls":5},{"$f":"SUM(J3329:J3330)","v":0}]
[null,null,null,"Custo horário total de execução",{"$nulls":5},{"$f":"J3327+J3331","v":0}]
[null,null,null,"Custo unitário de execução",{"$nulls":5},{"$f":"J3332/I3321","v":0}]
[{"$nulls":7},"Custo do FIC",null,0]
[{"$nulls":7},"Custo do FIT",null,0]
[null,"C - MATERIAL",null,"Quantidade","Unidade",null,"Preço Unitário","Custo Unitário"]
[null,"ANP.002","Emulsão asfáltica para pintura de ligação tipo RR-1C - Valor ANP (ref: 08/2025)",1,"t",null,2408.851047573135,null,null,{"$f":"D3337*G3337","v":2408.851047573135}]
[null,"-",0,null," - ",null,0,null,null,{"$f":"D3338*G3338","v":0}]
[null,null,null,"Custo unitário total de material",{"$nulls":5},{"$f":"SUM(J3337:J3338)","v":2408.851047573135}]
[null,"D - ATIVIDADES AUXILIARES",null,"Quantidade","Unidade",null,"Custo Unitário","Custo Unitário"]
[null,"ICMS","ICMS - Custo de incidência de imposto sobre a mercadoria",1,"unid",null,528.77,null,null,{"$f":"D3341*G3341","v":528.77}]
[null,"PIS","PIS - Custo de incidência de imposto sobre a mercadoria",1,"unid",null,74.5]
[null,"COFINS","COFINS - Custo de incidência de imposto sobre a mercadoria",1,"unid",null,15.96,null,null,{"$f":"D3343*G3343","v":15.96}]
[null,null,null,"Custo total de atividades auxiliares",{"$nulls":5},{"$f":"SUM(J3341:J3343)","v":544.73}]
[{"$nulls":7},"Subtotal",null,{"$f":"J3333+J3339+J3344+J3334+J3335","v":2953.581047573135}]
[null,"E - TEMPO FIXO",null,"Código","Quantidade","Unidade",null,"Custo Unitário","Custo Unitário"]
[null,"-",0,"-",null,0,null,0,null,{"$f":"ROUNDDOWN(E3347*H3347,4)","v":0}]
[null,"-",0,"-",null,0,null,0,null,{"$f":"ROUNDDOWN(E3348*H3348,4)","v":0}]
[null,null,null,"Custo unitário total de tempo fixo",{"$nulls":5},{"$f":"SUM(J3347:J3348)","v":0}]
[null,"F - MOMENTO DE TRANSPORTE",null,"Quantidade","Unidade","DMT",null,null,null,"Custo Unitário"]
[{"$nulls":5},"LN","RP","P"]
[null,"-",0,null,"tkm"]
[null,"-",0,null,"tkm"]
[null,null,null,"Custo unitário total de transporte"]
[{"$nulls":5},"Custo unitário direto total",null,null,null,{"$f":"TRUNC(J3345+J3349,2)","v":2953.58}]
[null,"Obs."]
[]
[128,"1ª/GRD",{"$nulls":8},{"$f":"J3394","v":693.6}]
[null,"OBRA:","EXECUÇÃO DAS OBRAS E SERVIÇOS DE CONSTRUÇÃO DE PONTES E GALERIAS, INCLUINDO A CONCLUSÃO DE ESTRUTURAS JÁ INICIADAS, LOCALIZADAS NA ÁREA DA BARRAGEM DE APROVEITAMENTO MÚLTIPLO JEQUITAÍ I, NO MUNICÍPIO DE FRANCISCO DUMONT, NO ESTADO DE MINAS GERAIS - ITEM 1: PONTES A e B"]
[null,"Custo Unitário de Referência",null,null,"Minas Gerais"]
[{"$nulls":4}," Abril/2025 ",null,null,"Produção da equipe ",1,{"$f":"VLOOKUP(A3358,ORÇAMENTO!A:L,7,0)","v":"ton"}]
[null,"FORN.0003","CONCRETO BETUMINOSO USINADO A QUENTE - FAIXA C - COMERCIAL",{"$nulls":5},"Valores em reais (R$)"]
[null,"A - EQUIPAMENTOS",null,"Quantidade","Utilização",null,"Custo Horário",null,null,"Custo"]
[{"$nulls":4},"Operativa","Improdutiva","Produtivo","Improdutivo",null,"Horário Total"]
[null,"-",0,1,1,0,0,0,null,{"$f":"D3365*(E3365*G3365+F3365*H3365)","v":0}]
[null,"-",0,null,null,null,0,0,null,{"$f":"D3366*(E3366*G3366+F3366*H3366)","v":0}]
[{"$nulls":7},"Custo horário total de equipamentos",null,{"$f":"SUM(J3365:J3366)","v":0}]
[null,"B - MÃO DE OBRA",null,"Quantidade","Unidade",null,"Custo Horário","Custo Horário Total"]
[null,"-",0,null,0,null,0,null,null,{"$f":"D3369*G3369","v":0}]
[null,"-",0,null,0,null,0,null,null,{"$f":"D3370*G3370","v":0}]
[null,null,null,"Custo horário total de mão de obra",{"$nulls":5},{"$f":"SUM(J3369:J3370)","v":0}]
[null,null,null,"Custo horário total de execução",{"$nulls":5},{"$f":"J3367+J3371","v":0}]
[null,null,null,"Custo unitário de execução",{"$nulls":5},{"$f":"J3372/I3361","v":0}]
[{"$nulls":7},"Custo do FIC",null,0]
[{"$nulls":7},"Custo do FIT",null,0]
[null,"C - MATERIAL",null,"Quantidade","Unidade",null,"Preço Unitário","Custo Unitário"]
[null,"COT.CBUQ","Massa asfáltica comercial - Cotação em Montes Claros",1.02,"t",null,680,null,null,{"$f":"D3377*G3377","v":693.6}]
[null,"-",0,null," - ",null,0,null,null,{"$f":"D3378*G3378","v":0}]
[null,null,null,"Custo unitário total de material",{"$nulls":5},{"$f":"SUM(J3377:J3378)","v":693.6}]
[null,"D - ATIVIDADES AUXILIARES",null,"Quantidade","Unidade",null,"Custo Unitário","Custo Unitário"]
[null,"-",0,null,0,null,0,null,null,{"$f":"D3381*G3381","v":0}]
[null,"-",0,null,0,null,0,null,null,{"$f":"D3382*G3382","v":0}]
[null,null,null,"Custo total de atividades auxiliares",{"$nulls":5},{"$f":"SUM(J3381:J3382)","v":0}]
[{"$nulls":7},"Subtotal",null,{"$f":"J3373+J3379+J3383+J3374+J3375","v":693.6}]
[null,"E - TEMPO FIXO",null,"Código","Quantidade","Unidade",null,"Custo Unitário","Custo Unitário"]
[null,"-",0,"-",null,0,null,0,null,{"$f":"ROUNDDOWN(E3386*H3386,4)","v":0}]
[null,"-",0,"-",null,0,null,0,null,{"$f":"ROUNDDOWN(E3387*H3387,4)","v":0}]
[null,null,null,"Custo unitário total de tempo fixo",{"$nulls":5},{"$f":"SUM(J3386:J3387)","v":0}]
[null,"F - MOMENTO DE TRANSPORTE",null,"Quantidade","Unidade","DMT",null,null,null,"Custo Unitário"]
[{"$nulls":5},"LN","RP","P"]
[null,"-",0,null,"tkm"]
[null,"-",0,null,"tkm"]
[null,null,null,"Custo unitário total de transporte"]
[{"$nulls":5},"Custo unitário direto total",null,null,null,{"$f":"TRUNC(J3384+J3388,2)","v":693.6}]
[null,"Obs."]
[]
[132,"1ª/GRD",{"$nulls":8},{"$f":"J3437","v":15.35}]
[null,"OBRA:","EXECUÇÃO DAS OBRAS E SERVIÇOS DE CONSTRUÇÃO DE PONTES E GALERIAS, INCLUINDO A CONCLUSÃO DE ESTRUTURAS JÁ INICIADAS, LOCALIZADAS NA ÁREA DA BARRAGEM DE APROVEITAMENTO MÚLTIPLO JEQUITAÍ I, NO MUNICÍPIO DE FRANCISCO DUMONT, NO ESTADO DE MINAS GERAIS - ITEM 1: PONTES A e B"]
[null,"Custo Unitário de Referência",null,null,"Minas Gerais"]
[{"$nulls":4}," Abril/2025 ",null,null,"Produção da equipe ",134.56,{"$f":"VLOOKUP(A3397,ORÇAMENTO!A:L,7,0)","v":"m³"}]
[null,"4011211","REFORÇO DO SUBLEITO COM MATERIAL DE JAZIDA - 100% PROCTOR INTERMEDIÁRIO",{"$nulls":5},"Valores em reais (R$)"]
[null,"A - EQUIPAMENTOS",null,"Quantidade","Utilização",null,"Custo Horário",null,null,"Custo"]
[{"$nulls":4},"Operativa","Improdutiva","Produtivo","Improdutivo",null,"Horário Total"]
[null,"E9571","Caminhão tanque com capacidade de 10.000 l - 188 kW",1,0.74,0.26,358.54259999999999,97.3673,null,{"$f":"D3404*(E3404*G3404+F3404*H3404)","v":290.637022}]
[null,"E9518","Grade de 24 discos rebocável de D = 60 cm (24\")",1,0.41,0.59000000000000008,4.9439000000000002,3.4428000000000001,null,{"$f":"D3405*(E3405*G3405+F3405*H3405)","v":4.0582510000000003}]
[null,"E9524","Motoniveladora - 93 kW",1,0.59,0.41000000000000003,342.05520000000001,150.57470000000001,null,263.54819500000002]
[null,"E9762","Rolo compactador de pneus autopropelido de 27 t - 85 kW",1,0.96,4.0000000000000036E-2,331.78800000000001,164.60919999999999,null,325.10084799999998]
[null,"E9685","Rolo compactador pé de carneiro vibratório autopropelido por pneus de 11,6 t - 82 kW",1,1,0,248.25219999999999,114.1401,null,248.25219999999999]
[null,"E9577","Trator agrícola sobre pneus - 77 kW",1,0.41,0.59000000000000008,178.655,70.547200000000004,null,114.871398]
[{"$nulls":7},"Custo horário total de equipamentos",null,{"$f":"SUM(J3404:J3409)","v":1246.4679139999998}]
[null,"B - MÃO DE OBRA",null,"Quantidade","Unidade",null,"Custo Horário","Custo Horário Total"]
[null,"P9824","Servente",1,"h",null,21.684899999999999,null,null,{"$f":"D3412*G3412","v":21.684899999999999}]
[null,"-",0,null,0,null,0,null,null,{"$f":"D3413*G3413","v":0}]
[null,null,null,"Custo horário total de mão de obra",{"$nulls":5},{"$f":"SUM(J3412:J3413)","v":21.684899999999999}]
[null,null,null,"Custo horário total de execução",{"$nulls":5},{"$f":"J3410+J3414","v":1268.1528139999998}]
[null,null,null,"Custo unitário de execução",{"$nulls":5},{"$f":"J3415/I3400","v":9.4244412455410203}]
[{"$nulls":7},"Custo do FIC",null,0.19120000000000001]
[{"$nulls":7},"Custo do FIT",null,0]
[null,"C - MATERIAL",null,"Quantidade","Unidade",null,"Preço Unitário","Custo Unitário"]
[null,"-",0,null," - ",null,0,null,null,{"$f":"D3420*G3420","v":0}]
[null,"-",0,null," - ",null,0,null,null,{"$f":"D3421*G3421","v":0}]
[null,null,null,"Custo unitário total de material",{"$nulls":5},{"$f":"SUM(J3420:J3421)","v":0}]
[null,"D - ATIVIDADES AUXILIARES",null,"Quantidade","Unidade",null,"Custo Unitário","Custo Unitário"]
[null,4016096,"Escavação e carga de material de jazida com escavadeira hidráulica de 1,56 m³",1.1002700000000001,"m³",null,1.62,null,null,{"$f":"D3424*G3424","v":1.7824374000000003}]
[null,"-",0,null,0,null,0,null,null,{"$f":"D3425*G3425","v":0}]
[null,null,null,"Custo total de atividades auxiliares",{"$nulls":5},{"$f":"SUM(J3424:J3425)","v":1.7824374000000003}]
[{"$nulls":7},"Subtotal",null,{"$f":"J3416+J3422+J3426+J3417+J3418","v":11.398078645541021}]
[null,"E - TEMPO FIXO",null,"Código","Quantidade","Unidade",null,"Custo Unitário","Custo Unitário"]
[null,4016096,"Escavação e carga de material de jazida com escavadeira hidráulica de 1,56 m³",5914354,2.0630099999999998,"m³",null,1.92,null,{"$f":"ROUNDDOWN(E3429*H3429,4)","v":3.9609000000000001}]
[null,"-",0,"-",null,0,null,0,null,{"$f":"ROUNDDOWN(E3430*H3430,4)","v":0}]
[null,null,null,"Custo unitário total de tempo fixo",{"$nulls":5},{"$f":"SUM(J3429:J3430)","v":3.9609000000000001}]
[null,"F - MOMENTO DE TRANSPORTE",null,"Quantidade","Unidade","DMT",null,null,null,"Custo Unitário"]
[{"$nulls":5},"LN","RP","P"]
[null,"-",0,null,"tkm"]
[null,"-",0,null,"tkm"]
[null,null,null,"Custo unitário total de transporte"]
[{"$nulls":5},"Custo unitário direto total",null,null,null,{"$f":"TRUNC(J3427+J3431,2)","v":15.35}]
[null,"Obs."]
[]
[133,"1ª/GRD",{"$nulls":8},{"$f":"J3476","v":21.2}]
[null,"OBRA:","EXECUÇÃO DAS OBRAS E SERVIÇOS DE CONSTRUÇÃO DE PONTES E GALERIAS, INCLUINDO A CONCLUSÃO DE ESTRUTURAS JÁ INICIADAS, LOCALIZADAS NA ÁREA DA BARRAGEM DE APROVEITAMENTO MÚLTIPLO JEQUITAÍ I, NO MUNICÍPIO DE FRANCISCO DUMONT, NO ESTADO DE MINAS GERAIS - ITEM 1: PONTES A e B"]
[null,"Custo Unitário de Referência",null,null,"Minas Gerais"]
[{"$nulls":4}," Abril/2025 ",null,null,"Produção da equipe ",20.8,{"$f":"VLOOKUP(A3440,ORÇAMENTO!A:L,7,0)","v":"ton"}]
[null,"5915015","CARGA, MANOBRA E DESCARGA DE MATERIAIS DIVERSOS EM CAMINHÃO CARROCERIA COM GUINDAUTO",{"$nulls":5},"Valores em reais (R$)"]
[null,"A - EQUIPAMENTOS",null,"Quantidade","Utilização",null,"Custo Horário",null,null,"Custo"]
[{"$nulls":4},"Operativa","Improdutiva","Produtivo","Improdutivo",null,"Horário Total"]
[null,"E9041","Caminhão guindauto com capacidade de elevação de 11,9 t e carroceria de 11,5 t - 188 kW",1,1,0,397.6644,122.861,null,{"$f":"D3447*(E3447*G3447+F3447*H3447)","v":397.6644}]
[null,"-",0,null,null,null,0,0,null,{"$f":"D3448*(E3448*G3448+F3448*H3448)","v":0}]
[{"$nulls":7},"Custo horário total de equipamentos",null,{"$f":"SUM(J3447:J3448)","v":397.6644}]
[null,"B - MÃO DE OBRA",null,"Quantidade","Unidade",null,"Custo Horário","Custo Horário Total"]
[null,"P9824","Servente",2,"h",null,21.684899999999999,null,null,{"$f":"D3451*G3451","v":43.369799999999998}]
[null,"-",0,null,0,null,0,null,null,{"$f":"D3452*G3452","v":0}]
[null,null,null,"Custo horário total de mão de obra",{"$nulls":5},{"$f":"SUM(J3451:J3452)","v":43.369799999999998}]
[null,null,null,"Custo horário total de execução",{"$nulls":5},{"$f":"J3449+J3453","v":441.0342}]
[null,null,null,"Custo unitário de execução",{"$nulls":5},{"$f":"J3454/I3443","v":21.203567307692307}]
[{"$nulls":7},"Custo do FIC",null,0]
[{"$nulls":7},"Custo do FIT",null,0]
[null,"C - MATERIAL",null,"Quantidade","Unidade",null,"Preço Unitário","Custo Unitário"]
[null,"-",0,null," - ",null,0,null,null,{"$f":"D3459*G3459","v":0}]
[null,"-",0,null," - ",null,0,null,null,{"$f":"D3460*G3460","v":0}]
[null,null,null,"Custo unitário total de material",{"$nulls":5},{"$f":"SUM(J3459:J3460)","v":0}]
[null,"D - ATIVIDADES AUXILIARES",null,"Quantidade","Unidade",null,"Custo Unitário","Custo Unitário"]
[null,"-",0,null,0,null,0,null,null,{"$f":"D3463*G3463","v":0}]
[null,"-",0,null,0,null,0,null,null,{"$f":"D3464*G3464","v":0}]
[null,null,null,"Custo total de atividades auxiliares",{"$nulls":5},{"$f":"SUM(J3463:J3464)","v":0}]
[{"$nulls":7},"Subtotal",null,{"$f":"J3455+J3461+J3465+J3456+J3457","v":21.203567307692307}]
[null,"E - TEMPO FIXO",null,"Código","Quantidade","Unidade",null,"Custo Unitário","Custo Unitário"]
[null,"-",0,"-",null,0,null,0,null,{"$f":"ROUNDDOWN(E3468*H3468,4)","v":0}]
[null,"-",0,"-",null,0,null,0,null,{"$f":"ROUNDDOWN(E3469*H3469,4)","v":0}]
[null,null,null,"Custo unitário total de tempo fixo",{"$nulls":5},{"$f":"SUM(J3468:J3469)","v":0}]
[null,"F - MOMENTO DE TRANSPORTE",null,"Quantidade","Unidade","DMT",null,null,null,"Custo Unitário"]
[{"$nulls":5},"LN","RP","P"]
[null,"-",0,null,"tkm"]
[null,"-",0,null,"tkm"]
[null,null,null,"Custo unitário total de transporte"]
[{"$nulls":5},"Custo unitário direto total",null,null,null,{"$f":"TRUNC(J3466+J3470,2)","v":21.2}]
[null,"Obs."]

{"sheet":"AUX-VEIC","index":2,"n_rows":61,"n_cols":3,"rows_kept":61,"cut":false,"hidden":false,"merged":[[52,19,52,26],[4,0,4,2],[6,0,6,2],[7,0,7,1],[7,4,7,7],[8,0,8,2],[52,8,52,18]]}
[]
[]
[]
[]
["Composição de Preços de Locação de Veículo tipo pick-up"]
[null,"Data de atualização:","2026-02-11"]
["CODEVASF "]
["OBS:               Preço sem BDI e sem motorista                                                                   BDI="]
["Veículo tipo pick-up, cabine dupla - 2.0 16V 4x4 diesel Aut."]
[null,"Custo Mensal (R$):",4448.0572095749767]
[null,"Custo Diária (R$):",202.1844186170444]
[null,"Custo Horário (R$):",25.27305232713055]
["A","Depreciação mensal do equipamento"]
["A1","Preço de Aquisição ",209327.5]
["A2","Tempo previsto de vida útil (meses)",36]
["A3","Previsão de recup. Na venda do bem usado",0.7]
["A4","Custo mensal [A1-(A3xA1)]/A2",1744.3958333333333]
["B","Juros pelo Capital empregado"]
["B1","Taxa mensal de Juros *",1.1641575009651461E-2]
["B2","Juros s/depreciação/aluguel (B1xA4)",20.307514940273467]
["C","Conservação e manutenção **",0.75]
["C1","Taxa de gastos s/a deprec. Inc. seguros (%)",0.75]
["C2","Incidência mensal (C1xA4)",1308.296875]
["D","Combustível"]
["D1","Média mensal de quilômetro por veículo",2000]
["D2","Preço do litro de combustível",6.12]
["D3","Quilômetros rodados com um litro combustivel",10]
["D4","Combustivel    (D1/D3)*D2",1224]
["E","Lubrificantes"]
["E1","Quilometragem do Contrato (D1*12)",72000]
["E2","Franquia por troca de óleo (km)",10000]
["E3","Preço do litro de óleo",38.935000000000002]
["E4","Quantidade de litros de óleo por troca",5]
["E5","Quantidade de dias do Contrato",1095]
["E6","Lubrificantes  E = (E1*E3*E4*30)/E2*E5",38.40164383561644]
["F","Pneus"]
["F1","Quilometragem do Contrato ",72000]
["F2","Vida do Pneu em quilômetros",45000]
["F3","Quantidade de pneus",5]
["F4","Preço do Pneu",513.99]
["F5","Quantidade de dias do contrato ",1095]
["F6","Pneus = (F1*F3*F4*30)/(F2*F5)",112.65534246575342]
["G","Motorista"]
["G1","Salário com encargos sociais",5276.8743149542925]
["H","Custo Mensal"," "]
[null,"Sem Motorista (A4+B2+C2+D4+E6+F6)",4448.0572095749767]
[null,"Com Motorista (A4+B2+C2+D4+E6+F6+G1)",9724.9315245292692]
["I","Custo Direto p/ km Rodado"]
[null,"Sem Motorista",2.2240286047874882]
[null,"Com Motorista",4.8624657622646348]
["J","Preço cobrado sem BDI",4448.0572095749767]
["J1","Sem Motorista",4448.0572095749767]
["J2","Com Motorista",9724.9315245292692]
[]
[null,"OBSERVAÇÕES:"]
["*","Calculado com base na taxa SELIC JANEIRO/2026:",0.14899999999999999]
[null," Taxa de Juros Selic — Português (Brasil) (www.gov.br) "]
["**","Conservação e manutenção - é calculado com o uso de um coeficiente multiplicador \"k\", conforme tabela abaixo, sobre a "]
[null,"depreciação mensal do equipamento (Item A da planilha de composição de preços). Os valores de K são fornecidos por"]
[null," fabricantes. "]
[null,"Metodologia conforme a bibliografia \"Como Preparar Orçamentos de Obras\", 3 edição, Aldo Dórea Mattos, 2019."]

{"sheet":"BDI","index":3,"n_rows":63,"n_cols":3,"rows_kept":63,"cut":false,"hidden":false,"merged":[[1,0,1,3],[2,0,2,3],[3,0,3,3],[66,0,66,2],[4,0,4,2],[5,0,5,2],[49,0,49,3],[64,0,64,1],[17,0,17,2],[50,1,50,2],[63,0,63,1],[48,0,48,2]]}
[]
["OBRA:  CONSTRUÇÃO DE PONTES E GALERIAS, INCLUINDO A CONCLUSÃO DE ESTRUTURAS JÁ INICIADAS,\n              LOCALIZADAS NA ÁREA DA BARRAGEM DE APROVEITAMENTO MÚLTIPLO JEQUITAÍ I"]
["LOCAL:  Francisco Dumont - MG"]
["DATA BASE:  Novembro / 2025"]
["DETALHAMENTO DO BDI  - SEM DESONERAÇÃO"]
["EXECUÇÃO DAS OBRAS E SERVIÇOS DE CONSTRUÇÃO DE PONTES E GALERIAS, INCLUINDO A CONCLUSÃO DE ESTRUTURAS JÁ INICIADAS, LOCALIZADAS NA ÁREA DA BARRAGEM DE APROVEITAMENTO MÚLTIPLO JEQUITAÍ I, NO MUNICÍPIO DE FRANCISCO DUMONT, NO ESTADO DE MINAS GERAIS - ITEM 1: PONTES A e B"]
["DESCRIÇÃO DOS SERVIÇOS","PREÇO DE VENDA (%)","CUSTO DIRETO (%)"]
["ADMINISTRAÇÃO CENTRAL",null,0.06]
["DESPESA FINANCEIRAS",1.0200000000000001E-2]
["SEGUROS E GARANTIAS CONTRATUAIS",2.5000000000000001E-3]
["RISCOS",5.0000000000000001E-3]
["LUCRO OPERACIONAL",null,7.0000000000000007E-2]
["PIS",6.4999999999999997E-3]
["COFINS",0.03]
["ISSQN",0.05]
["Contribuição Previdenciaria",0]
[null,"BDI",0.26140000000000002]
["Observação: O percentual de ISSQN aqui utilizado consiste apenas em um referencial médio. O valor real do ISSQN a ser adotado deve ser aquele proveniente das alíquotas dos municípios situados na área de influência das obras."]
[null," "]
{"$rows_empty":29}
["DETALHAMENTO DO BDI DIFERENCIADO  - SEM DESONERAÇÃO"]
["EXECUÇÃO DAS OBRAS E SERVIÇOS DE CONSTRUÇÃO DE PONTES E GALERIAS, INCLUINDO A CONCLUSÃO DE ESTRUTURAS JÁ INICIADAS, LOCALIZADAS NA ÁREA DA BARRAGEM DE APROVEITAMENTO MÚLTIPLO JEQUITAÍ I, NO MUNICÍPIO DE FRANCISCO DUMONT, NO ESTADO DE MINAS GERAIS - ITEM 1: PONTES A e B"]
[]
["DESCRIÇÃO DOS SERVIÇOS","PREÇO DE VENDA (%)","CUSTO DIRETO (%)"]
["ADMINISTRAÇÃO CENTRAL",null,3.7699999999999997E-2]
["DESPESA FINANCEIRAS",1.0200000000000001E-2]
["SEGUROS E GARANTIAS CONTRATUAIS",2.5000000000000001E-3]
["RISCOS",5.0000000000000001E-3]
["LUCRO OPERACIONAL",null,0.05]
["PIS",6.4999999999999997E-3]
["COFINS",0.03]
["ISSQN",0]
["Contribuição Previdenciaria",0]
[null,"BDI",0.15]
["Fonte da composição, valores de referência e fórmula do BDI:  Instrução Normativa N° 62/DNIT SEDE"]

{"sheet":"CRONOG","index":4,"n_rows":49,"n_cols":14,"rows_kept":49,"cut":false,"hidden":false,"merged":[[37,1,38,1],[37,2,38,2],[29,1,30,1],[29,2,30,2],[31,1,32,1],[31,2,32,2],[33,1,34,1],[33,2,34,2],[13,1,14,1],[13,2,14,2],[17,1,18,1],[17,2,18,2],[19,1,20,1],[19,2,20,2],[41,1,42,1],[41,2,42,2],[45,1,46,2],[17,0,18,0],[19,0,20,0],[21,0,22,0],[23,0,24,0],[25,0,26,0],[21,1,22,1],[21,2,22,2],[23,1,24,1],[23,2,24,2],[25,1,26,1],[25,2,26,2],[35,1,36,1],[35,2,36,2],[48,1,52,13],[43,0,44,0],[43,1,44,1],[43,2,44,2],[27,0,28,0],[27,1,28,1],[27,2,28,2],[39,0,40,0],[39,1,40,1],[39,2,40,2],[31,0,32,0],[33,0,34,0],[35,0,36,0],[37,0,38,0],[29,0,30,0],[41,0,42,0],[5,0,6,0],[5,1,6,1],[5,2,6,2],[15,0,16,0],[15,1,16,1],[15,2,16,2],[7,0,8,0],[9,0,10,0],[11,0,12,0],[13,0,14,0],[7,1,8,1],[7,2,8,2],[9,1,10,1],[9,2,10,2],[11,1,12,1],[11,2,12,2],[3,1,3,13],[0,1,0,13],[1,1,2,1],[1,2,2,4],[1,6,1,13],[2,6,2,13]]}
[null,"CRONOGRAMA FÍSICO-FINANCEIRO"]
[null,"OBRA: ","EXECUÇÃO DAS OBRAS E SERVIÇOS DE CONSTRUÇÃO DE PONTES E GALERIAS, INCLUINDO A CONCLUSÃO DE ESTRUTURAS JÁ INICIADAS, LOCALIZADAS NA ÁREA DA BARRAGEM DE APROVEITAMENTO MÚLTIPLO JEQUITAÍ I, NO MUNICÍPIO DE FRANCISCO DUMONT, NO ESTADO DE MINAS GERAIS - ITEM 1: PONTES A e B",null,null,"VALOR:",5740065.7800000003]
[{"$nulls":5},"PRAZO: ","240 DIAS "]
[]
[null,"ITEM","ETAPAS/DESCRIÇAO","FISICO/  FINANCEIRO","TOTAL    ETAPAS","MÊS 1","MÊS 2","MÊS 3","MÊS 4","MÊS 5","MÊS 6","MÊS 7","MÊS 8","TOTAL"]
["A","1","MOBILIZAÇÃO E SERVIÇOS PRELIMINARES","FISICO ",0.22789999999999999,0.1607571250440549,0.18000996156807161,0.24548575832150255,0.17921471039970888,0.1140457268848426,7.3315107409862329E-2,2.4438371684988153E-2,2.2733246332071126E-2,1.0000000076451021]
[null,null,null,"FINANCEIRO",1308027,210274.66,235457.89,321102,234417.68,149174.89000000001,95898.14,31966.05,29735.7,1308027.01]
["A1","1.1","CANTEIRO DE OBRAS  ","FISICO ",0.18559999999999999,0.1,0.13,0.27,0.22,0.14000000000000001,0.09,0.03,0.02,1]
[null,null,null,"FINANCEIRO",1065534.9100000001,106553.49,138519.54,287694.43,234417.68,149174.89000000001,95898.14,31966.05,21310.7,1065534.92]
["A2","1.2","TRANSPORTE DE EQUIPAMENTOS","FISICO ",2.8999999999999998E-3,0.5,{"$nulls":6},0.5,1]
[null,null,null,"FINANCEIRO",16850,8425,0,0,0,0,0,0,8425,16850]
["A3","1.3","SERVIÇOS PRELIMINARES","FISICO ",2.7699999999999999E-2,0.6,0.4,{"$nulls":6},1]
[null,null,null,"FINANCEIRO",158826.95000000001,95296.17,63530.78,0,0,0,0,0,0,158826.95000000001]
["A4","1.4","PLANO DE RIGGING","FISICO ",1.1599999999999999E-2,null,0.5,0.5,{"$nulls":5},1]
[null,null,null,"FINANCEIRO",66815.14,0,33407.57,33407.57,0,0,0,0,0,66815.14]
["B","2","PONTE A","FISICO ",0.37030000000000002,6.9914353022411446E-2,0.1605774809912473,0.18132625593767171,0.15110521171299376,0.15463951175214713,9.419742800798922E-2,0.12276308948549224,6.547667379524548E-2,1.0000000047051982]
[null,null,null,"FINANCEIRO",2125309.0899999994,148589.60999999999,341276.78,385374.34,321145.28000000003,328656.76,200198.65000000002,260909.51,139158.16999999998,2125309.1]
["B1","2.1","OBRAS DE ARTE CORRENTE E DRENAGEM","FISICO ",4.0500000000000001E-2,{"$nulls":4},0.25,0.25,0.25,0.25,1]
[null,null,null,"FINANCEIRO",232621.68,0,0,0,0,58155.42,58155.42,58155.42,58155.42,232621.68]
["B2","2.2","ESTRUTURAS","FISICO ",0.2238,0.1,0.25,0.3,0.25,0.1,null,null,null,0.99999999999999989]
[null,null,null,"FINANCEIRO",1284581.1299999997,128458.11,321145.28000000003,385374.34,321145.28000000003,128458.11,0,0,0,1284581.1200000001]
["B3","2.3","TERRAPLANAGEM E PAVIMENTAÇÃO ASFÁLTICA","FISICO ",7.0699999999999999E-2,{"$nulls":4},0.35,0.35,0.3,null,1]
[null,null,null,"FINANCEIRO",405837.8,0,0,0,0,142043.23000000001,142043.23000000001,121751.34,0,405837.80000000005]
["B4","2.4","SINALIZAÇÃO E OBRAS COMPLEMENTARES","FISICO ",2.8199999999999999E-2,{"$nulls":6},0.5,0.5,1]
[null,null,null,"FINANCEIRO",162005.49,0,0,0,0,0,0,81002.75,81002.75,162005.5]
["B5","2.5","SINALIZAÇÃO DE OBRA","FISICO ",7.0000000000000001E-3,0.5,0.5,{"$nulls":6},1]
[null,null,null,"FINANCEIRO",40262.99,20131.5,20131.5,0,0,0,0,0,0,40263]
["C","3","PONTE B","FISICO ",0.26450000000000001,8.3124933937530385E-2,0.19001244063861686,0.21377501340217295,0.17814584450181079,0.14094222776810894,6.968388996738463E-2,7.5637539014027241E-2,4.8678110770348219E-2,1]
[null,null,null,"FINANCEIRO",1518354.53,126213.12,288506.25,324586.26,270488.55,214000.27000000002,105804.85,114844.6,73910.63,1518354.5300000003]
["C1","3.1","OBRAS DE ARTE CORRENTE E DRENAGEM","FISICO ",4.0500000000000001E-2,{"$nulls":4},0.25,0.25,0.25,0.25,1]
[null,null,null,"FINANCEIRO",232194.19999999998,0,0,0,0,58048.55,58048.55,58048.55,58048.55,232194.2]
["C2","3.2","ESTRUTURAS","FISICO ",0.1885,0.1,0.25,0.3,0.25,0.1,null,null,null,0.99999999999999989]
[null,null,null,"FINANCEIRO",1081954.21,108195.42,270488.55,324586.26,270488.55,108195.42,0,0,0,1081954.2]
["C3","3.3","TERRAPLANAGEM E PAVIMENTAÇÃO ASFÁLTICA","FISICO ",2.3800000000000002E-2,{"$nulls":4},0.35,0.35,0.3,null,1]
[null,null,null,"FINANCEIRO",136446.58000000002,0,0,0,0,47756.3,47756.3,40933.97,0,136446.57]
["C4","3.4","SINALIZAÇÃO E OBRAS COMPLEMENTARES","FISICO ",5.4999999999999997E-3,{"$nulls":6},0.5,0.5,1]
[null,null,null,"FINANCEIRO",31724.15,0,0,0,0,0,0,15862.08,15862.08,31724.16]
["C5","3.5","SINALIZAÇÃO DE OBRA","FISICO ",6.3E-3,0.5,0.5,{"$nulls":6},1]
[null,null,null,"FINANCEIRO",36035.39,18017.7,18017.7,0,0,0,0,0,0,36035.4]
["D","4","FORNECIMENTO DE MATERIAIS BETUMINOSOS E MASSA ASFÁLTICA (BDI DIFERENCIADO)","FISICO ",0.13730000000000001,0,0,0,0,0,0,1,0,1]
[null,null,null,"FINANCEIRO",788375.15999999992,0,0,0,0,0,0,788375.15999999992,0,788375.15999999992]
["D1","4.1","EMULSÕES ASFÁLTICAS","FISICO ",4.2900000000000001E-2,{"$nulls":6},1,null,1]
[null,null,null,"FINANCEIRO",245979.96000000002,0,0,0,0,0,0,245979.96,0,245979.96]
["D2","4.2","MASSA ASFÁLTICA","FISICO ",9.4500000000000001E-2,{"$nulls":6},1,null,1]
[null,null,null,"FINANCEIRO",542395.19999999995,0,0,0,0,0,0,542395.19999999995,0,542395.19999999995]
[null,"TOTAL",null,"FISICO ",0.71853209394287076,8.10346948668655E-2,0.14454298506579741,0.1722443570903954,0.13799619078754319,0.11557411186771188,6.7139754264557303E-2,0.19981392925340394,4.0561751537835734E-2,0.95890777473411037]
[null,null,null,"FINANCEIRO",5986045.7399999993,485077.39,865240.92,1031062.6000000001,826051.51,691831.92,401901.64,1196095.3199999998,242804.5,5740065.7399999993]
[]
[null,"OBSERVAÇÕES:"]